{"text_format":"1","workbook":"xlsx","n_sheets":7,"sheets":["ТКП","1632-2021-3.4-КЖ ","1632-2021-3.4-КМ ","1632-2021-3.4-АР ","Смета_1632-2021-3.4-КЖ","Смета_1632-2021-3.4-КМ","Смета_1632-2021-3.4-АР"],"not_rendered":{"charts":0,"images":0,"macros":1,"external_links":0,"defined_names":12,"comments":0,"pivot_tables":0},"unopened":[],"bounds":{"document_bytes":16777216,"sheet_cells":100000,"rows_first":2000,"rows_last":500,"rows_between":2000,"halvings":0,"cell_chars":16384,"cell_head_chars":4096},"cells_cut":0,"cells_raw":0,"read":"whole","date_system":"1900"}

{"sheet":"ТКП","index":0,"n_rows":72,"n_cols":5,"rows_kept":72,"cut":false,"hidden":false,"merged":[[56,3,56,4],[58,0,58,4],[59,0,59,4],[60,0,60,4],[19,0,53,0],[19,1,53,1],[19,2,53,2],[19,3,53,4],[54,3,54,4],[55,3,55,4],[18,3,18,4],[0,0,0,1],[0,3,0,4],[1,0,1,1],[1,2,1,4],[2,0,2,1],[4,0,4,1],[5,0,5,1],[7,3,7,4],[15,3,15,4],[16,3,16,4],[17,3,17,4]]}
[null,null,null,"Коммерческое предложение к Документации о закупке № ____"]
["Наименование закупки: ",null,"Выполнение комплекса работ по строительству здания Ангар ТМЦ на объекте «Терминал по перевалке минеральных удобрений в МТП Усть-Луга. Береговые объекты терминала» "]
["Исх. № ______________ от __.__.2025г."]
[]
["Наименование Участника:"]
["ИНН Участника "]
[]
["№ п/п","Наименование","Требование ООО «ЕТУ»","Предложение Участника, руб без НДС"]
[null,null,null,"Материалы","Работы"]
[1,"Выполнение комплекса работ","Объем и состав работ в соответствии с ТЗ"]
[2,"Итоговая стоимость строительно-монтажных работ:"]
["2.1","1632-2021-3.4-КЖ ",null,{"$f":"'1632-2021-3.4-КЖ '!I193","v":7090085.6799999997},{"$f":"'1632-2021-3.4-КЖ '!G193","v":6800068.5999999996}]
["2.2","1632-2021-3.4-КМ ",null,{"$f":"'1632-2021-3.4-КМ '!I233","v":4766621.2699999996},{"$f":"'1632-2021-3.4-КМ '!G233","v":8268087.9500000002}]
["2.3","1632-2021-3.4-АР ",null,{"$f":"'1632-2021-3.4-АР '!I143","v":4324323.01},{"$f":"'1632-2021-3.4-АР '!G143","v":3780842.08}]
[null,null,null,{"$f":"SUM(D10:D14)","v":16181029.960000001},{"$f":"SUM(E10:E14)","v":18848998.629999999}]
[3,"НДС",0.2,{"$f":"(D15+E15)*0.2","v":7006005.7199999997}]
[4,"Итоговая стоимость СМР, руб с НДС",null,{"$f":"D15+E15+D16","v":42036034.310000002}]
[5,"Договорной коэффициент к сметной стоимости* ","Кд - договорной коэффициент начисляется для приведения итоговой сметной стоимости к стоимости Договора. \nКоэффициент применяется при расчете стоимости строительно-монтажных работ, за исключением стоимости материально-технических ресурсов. Коэффициент фиксируется при направлении ТКП и дальнейшей корректировке не подлежит.\n"]
[6,"Срок выполнения работ","не более 120 календарных дней с даты заключения договора ","Участником указывается согласие или встречные условия"]
[7,"Порядок оплаты","Допускается авансирование работ в объеме до 50% стоимости договора, с целью мобилизации, закупки/поставки материалов. Авансирование осуществляется при предоставлении Подрядчиком Банковской гарантии возврата авансового платежа в размере аванса.  Текст банковской гарантии и банк согласовывается с Заказчиком заранее.\nЕсли сумма аванса не превышает 5 000 000 руб. допускается авансирование без предоставления банковской гарантии, при согласовании Заказчика.\n В случае авансирования Заказчик оплачивает Подрядчику аванс в течении 10 (десяти) рабочих дней от даты подписания Договора при условии предоставления Подрядчиком счета и оригинала, согласованной с Заказчиком безотзывной банковской гарантии возврата авансового платежа.\nРасчеты за фактически выполненный Подрядчиком и принятый Заказчиком объем Работ по договору осуществляется ежемесячно в установленном порядке в течение 10 (десяти) рабочих дней с момента получения от Подрядчика счета на оплату и подписанных Сторонами без замечаний Актов о приемке выполненных работ (Форма № КС-2), Справок о стоимости выполненных работ и затрат (Форма № КС-3), полного комплекта исполнительной документации и иных необходимых документов, предусмотренных Договором, при условии предоставления счета/счет-фактуры.\nОплата выполненных Работ осуществляется Заказчиком  с удержанием денежных средств в размере 5% от стоимости выполненных Работ (гарантийное удержание) и за вычетом авансового платежа в размере ___% от стоимости выполненных за месяц Работ.\nПодрядчик обязан использовать аванс только для оплаты поставок конструкций, материалов и оборудования, а также для оплаты расходов, связанных с мобилизацией и выполнением строительных работ, предусмотренных условиями настоящего Договора. \nОкончательный расчет за выполненные Работы по Объекту производится Заказчиком после завершения всех предусмотренных Договором Работ и устранения выявленных дефектов, передачи Заказчику по акту полного комплекта исполнительной документации, в срок не позднее 10 (десяти) банковских дней с момента подписания Сторонами акт приема-передачи результата выполненных работ.","Участником указывается % аванса и согласие или встречные условия"]
[]
[]
[]
[]
[]
[]
[]
[]
[]
[]
[]
[]
[]
[]
[]
[]
[]
[]
[]
[]
[]
[]
[]
[]
[]
[]
[]
[]
[]
[]
[]
[]
[]
[]
[8,"Гарантия на выполненные работы","Гарантийный срок на результат работы Подрядчика устанавливается не менее 36  месяцев предусмотренного Договором.","Участником указывается согласие или встречные условия"]
[9,"Согласие с условиями договора"]
[10,"Контактное лицо (ФИО, должность, телефон, e-mail)"]
[]
["Настоящее Предложение имеет правовой статус оферты и действует до \"  \" _____ 202_г."]
["Итоговая стоимость фиксируется в Договоре и должна включать весь комплекс работ \"под ключ\", при этом закрытие актов выполненных работ будет производиться по ценообразованию, закрепленному в Договоре"]
["* в случае, если при согласовании сметы будет выявлено, что Кд не соответствует итоговой стоимости СМР, Кд устанавливается по согласованной с Заказчиком смете по описанной в ТЗ и Договоре методике расчета"]
[]
[]
[]
["(Должность уполномоченного представителя Участника)",null,null,null,"(Подпись)"]
[]
[]
["Примечание - коммерческое предложение необходимо оформить:"]
["- на фирменном бланке;"]
["- присвоить ему номер;"]
["- указать дату;"]
["- за подписью уполномоченного лица;"]

{"sheet":"1632-2021-3.4-КЖ ","index":1,"n_rows":193,"n_cols":14,"rows_kept":193,"cut":false,"hidden":false,"merged":[[8,2,8,6],[1,0,1,9],[4,0,4,9],[6,0,6,9],[7,0,7,9],[2,0,2,9],[5,0,5,9]]}
[]
["Терминал по перевалке минеральных удобрений в морском торговом порту Усть-Луга. Береговые объекты терминала"]
["(наименование стройки)"]
[]
["ЛОКАЛЬНАЯ СМЕТА № 1632-2021-3.4-КЖ_01.05.060-П-01-01"]
["(локальная смета)"]
["на Конструкции железобетонные, 07.06.060 Ангар для хранения ТМЦ (код SAP 01.05.019) код ГП 3.4"]
["(наименование работ и затрат, наименование объекта)"]
[null,"Основание:","1632-2021-3.4-КЖ",null,null,null,null,null,null,null,"","","",""]
[]
["№ п/п","Обоснование","Наименование работ и затрат","Ед. изм.","Кол-во","Цена за ед.измерения работ, руб. с НДС","Всего, стоимость работ,руб. с НДС","Цена за ед.измерения материалов, руб. с НДС","Всего, стоимость материалов, руб. с НДС","Итого, руб. с НДС"]
["1","2","3","4","5",6,7,8,9,10]
["Раздел 1. Земляные работы"]
["1","ТЕР01-01-003-08","Разработка грунта в отвал экскаваторами «драглайн» или «обратная лопата» с ковшом вместимостью: 0,65 (0,5-1) м3, группа грунтов  2","1000 м3 грунта",0.94557999999999998,115532.04,141977.03,{"$f":"I14/E14","v":0},0,{"$f":"G14+I14","v":141977.03}]
["2","ТЕР01-01-013-08","Разработка грунта с погрузкой на автомобили-самосвалы экскаваторами с ковшом вместимостью: 0,65 (0,5-1) м3, группа грунтов  2","1000 м3 грунта",0.34239999999999998,154690.54,68835.88,{"$f":"I15/E15","v":134.26},45.97,{"$f":"G15+I15","v":68881.850000000006}]
[null,"408-0015","Щебень из природного камня для строительных работ марка: 800, фракция 20-40 мм","м3","0,04\n0,0137",null,0,null,null,0]
["3","ТЕР01-02-057-02","Разработка грунта вручную в траншеях глубиной до 2 м без креплений с откосами, группа грунтов: 2//подчистка дна котлована с выкидкой к ковшу экскаватора","100 м3 грунта",0.05,300873.59999999998,19551.11,0,0,19551.11]
["4","ТССЦпг-03-21-01-190","Перевозка грузов автомобилями-самосвалами грузоподъемностью 10 т, работающих вне карьера, на расстояние: до 190 км I класс груза","1 т груза",616.32000000000005,0,0,0,0,0]
["Обратная засыпка местным грунтом",null,null,null,null,null,0,null,null,0]
["5","ТЕР01-02-005-01","Уплотнение грунта пневматическими трамбовками, группа грунтов: 1-2","100 м3 уплотненного грунта",9.5058000000000007,32803.14,405248.57,0,0,405248.57]
["6","ТЕР01-01-033-04","Засыпка траншей и котлованов с перемещением грунта до 5 м бульдозерами мощностью: 79 кВт (108 л.с.), группа грунтов 1","1000 м3 грунта",0.95057999999999998,12023.49,14853.77,0,0,14853.77]
["Уплотнение основания по фундамент до к=0,98 (ОП п.12, л.1)",null,null,null,null,null,0,null,null,0]
["7","ТЕР01-02-001-06","Уплотнение грунта прицепными катками на пневмоколесном ходу 25 т на первый проход по одному следу при толщине слоя: 60 см\nСНиП III-8-76 прил. 3: грунт несвязный, К=0,98, 8 проходов\nОП п.13, л.3 п.4","1000 м3 уплотненного грунта",0.33900000000000002,{"$f":"G23/E23","v":19308.759999999998},6545.67,0,0,6545.67]
["К=6 (7 проходов) ПЗ=7 (ОЗП=7; ЭМ=7 к расх.; ЗПМ=7; МАТ=7 к расх.; ТЗ=7; ТЗМ=7)",null,null,null,null,null,0,null,null,0]
["8","ТЕР01-02-001-12","На каждый последующий проход по одному следу добавлять: к расценке 01-02-001-06\nК=7","1000 м3 уплотненного грунта",0.33900000000000002,17670.97,7785.34,0,0,7785.34]
["Раздел 2. Фундамент ленточный (1632-2021-3.4-КЖ)",null,null,null,null,null,0,null,null,0]
["9","ТЕР08-01-002-02","Устройство основания под фундаменты: щебеночного","1 м3 основания",63.7,7072,585463.4,4.13,262.89,585726.29]
[null,"411-0001","Вода","м3","0,15\n9,555",null,0,null,null,0]
["10","ТССЦ-408-0015","Щебень из природного камня для строительных работ марка: 800, фракция 20-40 мм","м3",82.81,0,0,3394.18,281071.95,281071.95]
["11","ТЕР06-01-001-01","Устройство бетонной подготовки","100 м3 бетона, бутобетона и железобетона в деле",0.28299999999999997,401460.67,147654.54,25913.96,7333.65,154988.19]
[null,"101-1668","Рогожа","м2","250\n70,75",null,0,null,null,0]
[null,"411-0001","Вода","м3","0,2\n0,0566",null,0,null,null,0]
["12","ТСЭМ-110053","Автобетоносмесители: 4 м3","маш.-ч",3.516,4891.91,22353.46,0,0,22353.46]
["13","Прайс","Бетон тяжелый, класс: В7,5 (М100)","м3",28.866,null,0,8152.46,235328.95,235328.95]
["14","ТЕР06-01-013-01","Устройство подливки толщиной  20 мм // подливка толщ. 80мм","100 м2 подливки под оборудование",0.04,97794,5083.8100000000004,2729.5,109.18,5192.99]
[null,"101-1805","Гвозди строительные","т","0,002\n0,0001",null,0,null,null,0]
[null,"102-0053","Доски обрезные хвойных пород длиной: 4-6,5 м, шириной 75-150 мм, толщиной 25 мм, III сорта","м3","0,1\n0,004",null,0,null,null,0]
[null,"102-0061","Доски обрезные хвойных пород длиной: 4-6,5 м, шириной 75-150 мм, толщиной 44 мм и более, III сорта","м3","0,04\n0,0016",null,0,null,null,0]
["15","Прайс","Бетон тяжелый, класс: В30 (М400) W6","м3",8.1600000000000006E-2,null,0,9929.17,810.22,810.22]
["16","ТЕР06-01-013-02","На каждые 10 мм изменения толщины добавлять или исключать к расценке 06-01-013-01 (до 80 мм)","100 м2 подливки под оборудование",0.04,168149.5,8741.24,4022.25,160.88999999999999,8902.1299999999992]
[null,"101-1805","Гвозди строительные","т","0,006\n0,0002",null,0,null,null,0]
[null,"102-0053","Доски обрезные хвойных пород длиной: 4-6,5 м, шириной 75-150 мм, толщиной 25 мм, III сорта","м3","0,12\n0,0048",null,0,null,null,0]
[null,"102-0061","Доски обрезные хвойных пород длиной: 4-6,5 м, шириной 75-150 мм, толщиной 44 мм и более, III сорта","м3","0,06\n0,0024",null,0,null,null,0]
["17","Прайс","Бетон тяжелый, класс: В30 (М400) W6","м3",0.24479999999999999,null,0,9936.68,2432.5,2432.5]
["18","ТЕР06-01-001-22","Устройство ленточных фундаментов: железобетонных при ширине по верху до 1000 мм","100 м3 бетона, бутобетона и железобетона в деле",2.4300000000000002,1069943.6000000001,3378971.44,61661.02,149836.28,3528807.72]
[null,"101-0797","Проволока горячекатаная в мотках, диаметром 6,3-6,5 мм","т","0,0303\n0,0736",null,0,null,null,0]
[null,"101-1513","Электроды диаметром: 4 мм Э42","т","0,13\n0,3159",null,0,null,null,0]
[null,"101-1668","Рогожа","м2","88,2\n214,3",null,0,null,null,0]
[null,"101-1805","Гвозди строительные","т","0,013\n0,0316",null,0,null,null,0]
[null,"102-0053","Доски обрезные хвойных пород длиной: 4-6,5 м, шириной 75-150 мм, толщиной 25 мм, III сорта","м3","0,14\n0,3402",null,0,null,null,0]
[null,"102-0061","Доски обрезные хвойных пород длиной: 4-6,5 м, шириной 75-150 мм, толщиной 44 мм и более, III сорта","м3","0,47\n1,142",null,0,null,null,0]
[null,"203-0511","Щиты: из досок толщиной 25 мм","м2","39,2\n95,26",null,0,null,null,0]
[null,"405-0253","Известь строительная: негашеная комовая, сорт I","т","0,025\n0,0608",null,0,null,null,0]
[null,"411-0001","Вода","м3","0,283\n0,6877",null,0,null,null,0]
["19","ТСЭМ-110053","Автобетоносмесители: 4 м3","маш.-ч",34.267499999999998,4891.92,217860.78,0,0,217860.78]
["20","Прайс","Бетон тяжелый, класс: В30 (М400) W8","м3",246.64500000000001,null,0,9696.85,2391678.73,2391678.73]
["21","Прайс","Горячекатанная арматурная сталь класса А500 С, диаметром: 12 мм","т",7.6692400000000003,null,0,73024.66,560043.65,560043.65]
["22","Прайс","Горячекатанная арматурная сталь класса А500 С, диаметром: 25 мм","т",2.7916799999999999,null,0,71828.09,200521.05,200521.05]
["23","Прайс","Горячекатанная арматурная сталь класса А500 С, диаметром: 16 мм","т",12.803319999999999,null,0,71828.09,919638.08,919638.08]
["24","Прайс","Горячекатанная арматурная сталь класса А500 С, диаметром: 20 мм","т",1.8348599999999999,null,0,71828.100000000006,131794.5,131794.5]
["25","Прайс","Горячекатаная арматурная сталь гладкая класса А-I, диаметром: 10 мм","т",1.2345999999999999,null,0,77814.740000000005,96070.080000000002,96070.080000000002]
["26","Прайс","Горячекатаная арматурная сталь гладкая класса А-I, диаметром: 6 мм","т",0.29260000000000003,null,0,80208.850000000006,23469.11,23469.11]
["27","ТССЦ-204-0041","Надбавки к ценам заготовок за сборку и сварку каркасов и сеток: плоских, диаметром 25-28 мм","т",2.7916799999999999,0,0,10298.94,28751.35,28751.35]
["28","ТССЦ-204-0040","Надбавки к ценам заготовок за сборку и сварку каркасов и сеток: плоских, диаметром 20-22 мм","т",1.8348599999999999,0,0,11065.11,20302.93,20302.93]
["29","ТССЦ-204-0039","Надбавки к ценам заготовок за сборку и сварку каркасов и сеток: плоских, диаметром 16-18 мм","т",3.9268800000000001,0,0,12463.39,48942.23,48942.23]
["30","ТССЦ-204-0037","Надбавки к ценам заготовок за сборку и сварку каркасов и сеток: плоских, диаметром 12 мм","т",0.15429999999999999,0,0,14914.91,2301.37,2301.37]
["31","ТССЦ-204-0036","Надбавки к ценам заготовок за сборку и сварку каркасов и сеток: плоских, диаметром 10 мм","т",0.32472000000000001,0,0,15829.08,5140.0200000000004,5140.0200000000004]
["32","ТССЦ-204-0034","Надбавки к ценам заготовок за сборку и сварку каркасов и сеток: плоских, диаметром 5-6 мм","т",0.29260000000000003,0,0,27626.560000000001,8083.53,8083.53]
["33","ТССЦ-204-0048","Надбавки к ценам заготовок за сборку и сварку каркасов и сеток: пространственных, диаметром 10 мм","т",0.90988000000000002,0,0,24726.34,22498,22498]
["34","ТЕР26-01-041-01","Изоляция изделиями из пенопласта на битуме холодных поверхностей: стен и колонн прямоугольных","1 м3 изоляции",0.4,41818.300000000003,21739.22,3411.83,1364.73,23103.95]
[null,"101-0079","Битумы нефтяные строительные для кровельных мастик марки: БНМ-55/60","т","0,07\n0,028",null,0,null,null,0]
[null,"101-1805","Гвозди строительные","т","0,0039\n0,0016",null,0,null,null,0]
[null,"101-2066","Болты анкерные оцинкованные","кг","2\n0,8",null,0,null,null,0]
[null,"102-0025","Бруски обрезные хвойных пород длиной: 4-6,5 м, шириной 75-150 мм, толщиной 40-75 мм, III сорта","м3","0,05\n0,02",null,0,null,null,0]
["35","Прайс","Пенополистирол экструдированный ТЕХНОНИКОЛЬ т=50мм (вес 30кг/м3)","м3",0.39200000000000002,null,0,12489.29,4895.8,4895.8]
["36","ТЕР10-01-012-04","Обшивка каркасных стен: досками под штукатурку// прим. футеровка стен досками","100 м2 обшивки стен (за вычетом проемов)",2.7879999999999998,46952.59,170125.62,28390.65,79153.119999999995,249278.74]
[null,"101-0181","Гвозди строительные с плоской головкой: 1,8х60 мм","т","0,006\n0,0167",null,0,null,null,0]
[null,"101-0195","Гвозди толевые круглые: 3,0х40 мм","т","0,0022\n0,0061",null,0,null,null,0]
[null,"101-0851","Пергамин кровельный марки: П-350","м2","105\n292,7",null,0,null,null,{"$f":"G79+I79","v":0}]
[null,"102-0069","Доски необрезные хвойных пород длиной: 4-6,5 м, все ширины, толщиной 19-22 мм, III сорта","м3","2\n5,576",null,0,null,null,0]
["Анкерные болты",null,null,null,null,null,0,null,null,0]
["37","ТЕР06-01-015-03","Установка анкерных болтов: при бетонировании со связями из арматуры","1 т",0.26400000000000001,278437.27,95531.95,{"$f":"I82/E82","v":7084.85},1870.4,97402.35]
[null,"101-1513","Электроды диаметром: 4 мм Э42","т","0,002\n0,0005",null,0,null,null,0]
[null,"201-0798","Кондуктор инвентарный металлический","шт.","0,01\n0,0026",null,0,null,null,0]
[null,"204-0005","Горячекатаная арматурная сталь гладкая класса А-I, диаметром: 14 мм","т","0,09\n0,0238",null,0,null,null,0]
["38","ТЦ_01.7.15.01_78_7734683882 _24.06.2022_2","Болт 1.1 М24х1000","шт.",64,0,0,497.12,31815.54,31815.54]
["39","ТССЦ-101-2578","Болты с гайками и шайбами для санитарно-технических работ диаметром: 24 мм","т",9.9389999999999999E-3,0,0,181973.04,1808.63,1808.63]
["Закладная деталь",null,null,null,null,null,0,null,null,0]
["40","ТЕРм38-01-006-08","Сборка с помощью лебедок ручных (с установкой и снятием их в процессе работы) или вручную (мелких деталей): стремянки, связи, кронштейны, тормозные конструкции и пр.","1 т конструкций",0.10128,301567.34000000003,39694.04,3418.35,346.21,40040.25]
[null,"101-0324","Кислород технический: газообразный","м3","0,6\n0,0608",null,0,null,null,0]
[null,"101-1521","Электроды диаметром: 5 мм Э42","т","0,019\n0,0019",null,0,null,null,0]
[null,"101-2278","Пропан-бутан, смесь техническая","кг","0,2\n0,0203",null,0,null,null,0]
[null,"999-9950","Вспомогательные ненормируемые ресурсы (2% от Оплаты труда рабочих)","руб","46,36\n4,695",null,0,null,null,0]
["41","ТЕР06-01-092-11","Установка закладных деталей при массе элементов: до 5 кг","1 т арматуры, закладных деталей",0.10128,175513.63,23102.12,638.33000000000004,64.650000000000006,23166.77]
[null,"101-0816","Проволока светлая диаметром: 1,1 мм","т","0,006\n0,0006",null,0,null,null,0]
["42","Прайс","Горячекатанная арматурная сталь класса А500 С, диаметром: 12 мм","т",2.5919999999999999E-2,null,0,73047.45,1893.39,1893.39]
["43","Прайс","Прокат листовой 10мм","т",7.5359999999999996E-2,null,0,130045.51,9800.23,9800.23]
["Антикоррозионная обработка деталей",null,null,null,null,null,0,null,null,0]
["44","ТЕР13-03-002-04","Огрунтовка металлических поверхностей за один раз: грунтовкой ГФ-021","100 м2 окрашиваемой поверхности",2.9371000000000001E-2,12814.68,489.15,440.23,12.93,502.08]
[null,"113-0077","Ксилол нефтяной марки А","т","0,002\n0,0001",null,0,null,null,0]
["45","Прайс","Грунтовка: ГФ-021 красно-коричневая","кг",0.35245199999999999,null,0,403.52,142.22,142.22]
["За два раза ПЗ=2 (ОЗП=2; ЭМ=2 к расх.; ЗПМ=2; МАТ=2 к расх.; ТЗ=2; ТЗМ=2)",null,null,null,null,null,0,null,null,0]
["46","ТЕР13-03-004-26","Окраска металлических огрунтованных поверхностей: эмалью ПФ-115 (за 2 раза) К=2","100 м2 окрашиваемой поверхности",2.9371000000000001E-2,15798.24,603.04,244.46,7.18,610.22]
[null,"101-1292","Уайт-спирит","т","0,0028\n0,0001",null,0,null,null,0]
["47","Прайс","Эмаль ПФ-115 серая","кг",1.116098,null,0,505.84,564.57000000000005,564.57000000000005]
["Раздел 3. Плита пола",null,null,null,null,null,0,null,null,0]
["48","ТЕР08-01-002-02","Устройство основания под фундаменты: щебеночного","1 м3 основания",111.4,7072,1023871.56,4.1100000000000003,458.26,1024329.82]
[null,"411-0001","Вода","м3","0,15\n16,71",null,0,null,null,0]
["49","ТССЦ-408-0015","Щебень из природного камня для строительных работ марка: 800, фракция 20-40 мм","м3",144.82,0,0,3394.17,491544.07,491544.07]
["50","ТЕР06-01-001-01","Устройство бетонной подготовки","100 м3 бетона, бутобетона и железобетона в деле",0.51600000000000001,401455.02,269217.90999999997,25911.01,13370.08,282587.99]
[null,"101-1668","Рогожа","м2","250\n129",null,0,null,null,0]
[null,"411-0001","Вода","м3","0,2\n0,1032",null,0,null,null,0]
["51","ТСЭМ-110053","Автобетоносмесители: 4 м3","маш.-ч",6.4080000000000004,4891.8900000000003,40739.57,0,0,40739.57]
["52","Прайс","Бетон тяжелый, класс: В7,5 (М100)","м3",52.631999999999998,null,0,8152.47,429080.92,429080.92]
["53","ТЕР26-01-041-01","Изоляция изделиями из пенопласта на битуме холодных поверхностей: стен и колонн прямоугольных","1 м3 изоляции",1,41815,54344.3,3413.27,3413.27,57757.57]
[null,"101-0079","Битумы нефтяные строительные для кровельных мастик марки: БНМ-55/60","т","0,07\n0,07",null,0,null,null,0]
[null,"101-1805","Гвозди строительные","т","0,0039\n0,0039",null,0,null,null,0]
[null,"101-2066","Болты анкерные оцинкованные","кг","2\n2",null,0,null,null,0]
[null,"102-0025","Бруски обрезные хвойных пород длиной: 4-6,5 м, шириной 75-150 мм, толщиной 40-75 мм, III сорта","м3","0,05\n0,05",null,0,null,null,0]
["54","Прайс","Пенополистирол экструдированный ТЕХНОНИКОЛЬ т=50мм (вес 30кг/м3)","м3",0.98,null,0,12489.3,12239.51,12239.51]
["55","ТЕР06-01-001-16","Устройство фундаментных плит железобетонных: плоских","100 м3 бетона, бутобетона и железобетона в деле",1.0229999999999999,553907.65,736428.12,7828.77,8008.83,744436.95]
[null,"101-0797","Проволока горячекатаная в мотках, диаметром 6,3-6,5 мм","т","0,0102\n0,0104",null,0,null,null,0]
[null,"101-1513","Электроды диаметром: 4 мм Э42","т","0,005\n0,0051",null,0,null,null,0]
[null,"101-1668","Рогожа","м2","30\n30,69",null,0,null,null,0]
[null,"101-1805","Гвозди строительные","т","0,002\n0,002",null,0,null,null,0]
[null,"102-0061","Доски обрезные хвойных пород длиной: 4-6,5 м, шириной 75-150 мм, толщиной 44 мм и более, III сорта","м3","0,04\n0,0409",null,0,null,null,0]
[null,"203-0512","Щиты: из досок толщиной 40 мм","м2","3,6\n3,683",null,0,null,null,0]
[null,"405-0253","Известь строительная: негашеная комовая, сорт I","т","0,01\n0,0102",null,0,null,null,0]
[null,"411-0001","Вода","м3","0,73\n0,7468",null,0,null,null,0]
["56","ТСЭМ-110053","Автобетоносмесители: 4 м3","маш.-ч",13.797000000000001,4891.93,87716.74,0,0,87716.74]
["57","Прайс","Бетон тяжелый, класс: В30 (М400) W8","м3",103.83450000000001,null,0,9696.85,1006867.55,1006867.55]
["58","Прайс","Горячекатанная арматурная сталь класса А500 С, диаметром: 12 мм","т",10.30626,null,0,73024.73,752611.9,752611.9]
["59","Прайс","Горячекатаная арматурная сталь гладкая класса А-I, диаметром: 10 мм","т",0.43680000000000002,null,0,77813.759999999995,33989.050000000003,33989.050000000003]
["60","Прайс","Горячекатаная арматурная сталь гладкая класса А-I, диаметром: 20 мм","т",0.29759999999999998,null,0,76018.080000000002,22622.98,22622.98]
["61","ТССЦ-204-0037","Надбавки к ценам заготовок за сборку и сварку каркасов и сеток: плоских, диаметром 12 мм","т",1.10544,0,0,14910.9,16483.11,16483.11]
["62","ТССЦ-204-0048","Надбавки к ценам заготовок за сборку и сварку каркасов и сеток: пространственных, диаметром 10 мм","т",0.43680000000000002,0,0,24725.43,10800.07,10800.07]
["Раздел 4. Пандус и площадка",null,null,null,null,null,0,null,null,0]
["Пандус",null,null,null,null,null,0,null,null,0]
["63","ТЕР06-01-001-01","Устройство бетонной подготовки","100 м3 бетона, бутобетона и железобетона в деле",3.7199999999999997E-2,401426.34,19407.349999999999,25950.81,965.37,20372.72]
[null,"101-1668","Рогожа","м2","250\n9,3",null,0,null,null,0]
[null,"411-0001","Вода","м3","0,2\n0,0074",null,0,null,null,0]
["64","ТСЭМ-110053","Автобетоносмесители: 4 м3","маш.-ч",0.46200000000000002,4891.1499999999996,2936.77,0,0,2936.77]
["65","Прайс","Бетон тяжелый, класс: В7,5 (М100)","м3",3.7944,null,0,{"$f":"I143/E143","v":8152.41},30933.49,{"$f":"G143+I143","v":30933.49}]
["66","ТЕР06-01-001-16","Устройство фундаментных плит железобетонных: плоских","100 м3 бетона, бутобетона и железобетона в деле",9.4600000000000004E-2,553926.74,68102.149999999994,7820.61,739.83,68841.98]
[null,"101-0797","Проволока горячекатаная в мотках, диаметром 6,3-6,5 мм","т","0,0102\n0,001",null,0,null,null,0]
[null,"101-1513","Электроды диаметром: 4 мм Э42","т","0,005\n0,0005",null,0,null,null,0]
[null,"101-1668","Рогожа","м2","30\n2,838",null,0,null,null,0]
[null,"101-1805","Гвозди строительные","т","0,002\n0,0002",null,0,null,null,0]
[null,"102-0061","Доски обрезные хвойных пород длиной: 4-6,5 м, шириной 75-150 мм, толщиной 44 мм и более, III сорта","м3","0,04\n0,0038",null,0,null,null,0]
[null,"203-0512","Щиты: из досок толщиной 40 мм","м2","3,6\n0,3406",null,0,null,null,0]
[null,"405-0253","Известь строительная: негашеная комовая, сорт I","т","0,01\n0,0009",null,0,null,null,0]
[null,"411-0001","Вода","м3","0,73\n0,0691",null,0,null,null,0]
["67","ТСЭМ-110053","Автобетоносмесители: 4 м3","маш.-ч",1.278,4890.83,8123.27,0,0,8123.27]
["68","Прайс","Бетон тяжелый, класс: В30 (М400) W8","м3",9.6019000000000005,null,0,9696.82,93107.89,93107.89]
["69","Прайс","Горячекатанная арматурная сталь класса А500 С, диаметром: 12 мм","т",1.3727199999999999,null,0,73024.25,100241.85,100241.85]
["Площадка",null,null,null,null,null,0,null,null,0]
["70","ТЕР06-01-001-01","Устройство бетонной подготовки","100 м3 бетона, бутобетона и железобетона в деле",3.2000000000000002E-3,401340.63,1669.09,26037.5,83.32,1752.41]
[null,"101-1668","Рогожа","м2","250\n0,8",null,0,null,null,0]
[null,"411-0001","Вода","м3","0,2\n0,0006",null,0,null,null,0]
["71","ТСЭМ-110053","Автобетоносмесители: 4 м3","маш.-ч",4.2000000000000003E-2,4891.1899999999996,266.98,0,0,266.98]
["72","Прайс","Бетон тяжелый, класс: В7,5 (М100)","м3",0.32640000000000002,null,0,8151.07,2660.51,2660.51]
["73","ТЕР06-01-001-16","Устройство фундаментных плит железобетонных: плоских","100 м3 бетона, бутобетона и железобетона в деле",9.4600000000000004E-2,553926.74,68102.149999999994,7820.61,739.83,68841.98]
[null,"101-0797","Проволока горячекатаная в мотках, диаметром 6,3-6,5 мм","т","0,0102\n0,001",null,0,null,null,0]
[null,"101-1513","Электроды диаметром: 4 мм Э42","т","0,005\n0,0005",null,0,null,null,0]
[null,"101-1668","Рогожа","м2","30\n2,838",null,0,null,null,0]
[null,"101-1805","Гвозди строительные","т","0,002\n0,0002",null,0,null,null,0]
[null,"102-0061","Доски обрезные хвойных пород длиной: 4-6,5 м, шириной 75-150 мм, толщиной 44 мм и более, III сорта","м3","0,04\n0,0038",null,0,null,null,0]
[null,"203-0512","Щиты: из досок толщиной 40 мм","м2","3,6\n0,3406",null,0,null,null,0]
[null,"405-0253","Известь строительная: негашеная комовая, сорт I","т","0,01\n0,0009",null,0,null,null,0]
[null,"411-0001","Вода","м3","0,73\n0,0691",null,0,null,null,0]
["74","ТСЭМ-110053","Автобетоносмесители: 4 м3","маш.-ч",1.278,4890.83,8123.27,0,0,8123.27]
["75","Прайс","Бетон тяжелый, класс: В30 (М400) W8","м3",9.6019000000000005,null,0,9696.82,93107.89,93107.89]
["76","Прайс","Горячекатанная арматурная сталь класса А500 С, диаметром: 12 мм","т",0.10152,null,0,73030.929999999993,7414.1,7414.1]
["77","ТССЦ-204-0037","Надбавки к ценам заготовок за сборку и сварку каркасов и сеток: плоских, диаметром 12 мм","т",2.844E-2,0,0,14901.2,423.79,423.79]
["Раздел 5. Гидроизоляционные работы",null,null,null,null,null,0,null,null,0]
["78","ТЕР08-01-003-07","Гидроизоляция боковая обмазочная битумная в 2 слоя по выровненной поверхности бутовой кладки, кирпичу, бетону","100 м2 изолируемой поверхности",4.8479999999999999,52865.06,333080.12,13242.56,64199.95,397280.07]
[null,"101-0073","Битумы нефтяные строительные марки: БН-90/10","т","0,016\n0,0776",null,0,null,null,0]
[null,"101-0322","Керосин для технических целей марок КТ-1, КТ-2","т","0,024\n0,1164",null,0,null,null,0]
[null,"101-0594","Мастика битумная кровельная горячая","т","0,24\n1,164",null,0,null,null,0]
[null,"101-1757","Ветошь","кг","0,1\n0,4848",null,0,null,null,0]
["79","ТЕР13-03-003-14","Окраска огрунтованных бетонных и оштукатуренных поверхностей: лаком ХП-734","100 м2 окрашиваемой поверхности",1.92,15255.24,38066.03,11736.41,22533.91,60599.94]
[null,"113-0077","Ксилол нефтяной марки А","т","0,005\n0,0096",null,0,null,null,0]
[null,"113-0086","Лак ХП-734, марки А, сорт I","т","0,032\n0,0614",null,0,null,null,0]
["80","ТЕР13-03-003-15","Окраска огрунтованных бетонных и оштукатуренных поверхностей: эмалью ХП-799","100 м2 окрашиваемой поверхности",1.92,6727.15,17675.759999999998,9834.4599999999991,18882.169999999998,36557.93]
[null,"113-0077","Ксилол нефтяной марки А","т","0,004\n0,0077",null,0,null,null,0]
[null,"113-0249","Эмаль ХП-799","т","0,029\n0,0557",null,0,null,null,0]
["Раздел 6. Доставка материалов на объект",null,null,null,null,null,0,null,null,0]
["Перевозка материалов ( металл 140 км. ОП \"МКМ-СПб\")",null,null,null,null,null,0,null,null,0]
["81",null,"Металлопрокат, трубопрокат и металлоконструкции","т",0.34929900000000003,0,0,0,0,0]
["82","ТССЦпг-03-02-01-140","Перевозка строительных грузов (кроме массовых навалочных, перевозимых автомобилями-самосвалами, а также бетонных и железобетонных изделий, стеновых и перегородочных материалов, лесоматериалов круглых и пиломатериалов, включенных в таблицу 03-01), бортовым автомобилем грузоподъемностью 5 т, на расстояние до 140 км I класс груза","1 т груза",0.34929900000000003,0,0,201.52,70.39,70.39]
["84","ТССЦпг-01-01-02-015","Разгрузочные работы при автомобильных перевозках: металлических конструкций массой до 1 т","1 т груза",0.34929900000000003,0,0,407.16,142.22,142.22]
[null,null,"Всего, руб. с НДС",null,null,null,{"$f":"SUM(G14:G191)","v":8160082.3200000003},null,{"$f":"SUM(I14:I191)","v":8508102.8200000003},{"$f":"SUM(J14:J191)","v":16668185.140000001}]
[null,null,"Всего, руб. без НДС",null,null,null,{"$f":"G192/1.2","v":6800068.5999999996},null,{"$f":"I192/1.2","v":7090085.6799999997},{"$f":"J192/1.2","v":13890154.279999999}]

{"sheet":"1632-2021-3.4-КМ ","index":2,"n_rows":233,"n_cols":42,"rows_kept":233,"cut":false,"hidden":false,"merged":[[1,0,1,9],[2,0,2,9],[7,0,7,9],[8,2,8,6],[6,0,6,9],[4,0,4,9],[5,0,5,9]]}
[]
["Терминал по перевалке минеральных удобрений в морском торговом порту Усть-Луга. Береговые объекты терминала",null,null,null,null,null,null,null,null,null,"","","","","","","","","","","",""]
["(наименование стройки)"]
[]
["ЛОКАЛЬНАЯ СМЕТА № 1632-2021-3.4-КМ_01.05.060-П-01-04"]
["(локальная смета)"]
["на Конструкции металлические, 07.06.060 Ангар для хранения ТМЦ (код SAP 01.05.019) код ГП 3.4",null,null,null,null,null,null,null,null,null,null,null,null,null,null,null,null,null,null,null,null,null,"на Конструкции металлические, 07.06.060 Ангар для хранения ТМЦ (код SAP 01.05.019) код ГП 3.4","","","","","","","","","","","","","",""]
["(наименование работ и затрат, наименование объекта)"]
[null,"Основание:","1632-2021-3.4-КМ_0_D_RU_IFR",null,null,null,null,null,null,null,null,null,null,null,null,null,null,null,null,null,null,null,null,null,null,null,null,null,null,null,null,null,null,null,null,null,null,"1632-2021-3.4-КМ_0_D_RU_IFR","","","",""]
[]
["№ п/п","Обоснование","Наименование работ и затрат","Ед. изм.","Кол-во","Цена за ед.измерения работ, руб. с НДС","Всего, стоимость работ,руб. с НДС","Цена за ед.измерения материалов, руб. с НДС","Всего, стоимость материалов, руб. с НДС","Итого, руб. с НДС"]
["1","2","3","4","5",6,7,8,9,10]
["Раздел 1. Колонны"]
["1","ТЕР09-03-002-01","Монтаж колонн одноэтажных и многоэтажных зданий и крановых эстакад высотой: до 25 м цельного сечения массой до 1,0 т","1 т конструкций",4.6813500000000001,33960.9,158982.87,653.94000000000005,3061.31,{"$f":"G14+I14","v":162044.18}]
[null,"101-0309","Канаты пеньковые пропитанные","т","0,0001\n0,0005",null,null,null,null,0]
[null,"101-0324","Кислород технический: газообразный","м3","0,7\n3,277",null,null,null,null,0]
[null,"101-0797","Проволока горячекатаная в мотках, диаметром 6,3-6,5 мм","т","0,00003\n0,0001",null,null,null,null,0]
[null,"101-1019","Швеллеры № 40 из стали марки: Ст0","т","0,00194\n0,0091",null,null,null,null,0]
[null,"101-1513","Электроды диаметром: 4 мм Э42","т","0,0004\n0,0019",null,null,null,null,0]
[null,"101-1714","Болты с гайками и шайбами строительные","т","0,00015\n0,0007",null,null,null,null,0]
[null,"101-1805","Гвозди строительные","т","0,00001\n0",null,null,null,null,0]
[null,"101-2278","Пропан-бутан, смесь техническая","кг","0,21\n0,9831",null,null,null,null,0]
[null,"101-2467","Растворитель марки: Р-4","т","0,0006\n0,0028",null,null,null,null,0]
[null,"102-0023","Бруски обрезные хвойных пород длиной: 4-6,5 м, шириной 75-150 мм, толщиной 40-75 мм, I сорта","м3","0,00103\n0,0048",null,null,null,null,0]
[null,"113-0021","Грунтовка: ГФ-021 красно-коричневая","т","0,00031\n0,0015",null,null,null,null,0]
[null,"201-0756","Отдельные конструктивные элементы зданий и сооружений с преобладанием: горячекатаных профилей, средняя масса сборочной единицы от 0,1 до 0,5 т","т","0,0004\n0,0019",null,null,null,null,0]
[null,"508-0097","Канат двойной свивки типа ТК, конструкции 6х19(1+6+12)+1 о.с., оцинкованный из проволок марки В, маркировочная группа: 1770 н/мм2, диаметром 5,5 мм","10 м","0,0187\n0,0875",null,null,null,null,0]
["2","ТЕРм38-01-002-03","Монорельсы, балки и другие аналогичные конструкции промышленных зданий, сборка с помощью: лебедок электрических (с установкой и снятием их в процессе работы)","1 т конструкций",4.6813500000000001,66109.429999999993,309481.40000000002,671.12,3141.76,312623.15999999997]
[null,"101-0324","Кислород технический: газообразный","м3","0,6\n2,809",null,null,null,null,0]
[null,"101-1521","Электроды диаметром: 5 мм Э42","т","0,0032\n0,015",null,null,null,null,0]
[null,"101-2278","Пропан-бутан, смесь техническая","кг","0,2\n0,9363",null,null,null,null,0]
[null,"999-9950","Вспомогательные ненормируемые ресурсы (2% от Оплаты труда рабочих)","руб","10,14\n47,47",null,null,null,null,0]
["3","Прайс","Профиль гн. 180*6","т",2.4967199999999998,null,null,128402.87,320586.02,320586.02]
["4","Прайс","Уголок не равнополочный 160*100*12","т",0.10403,null,null,143614.73000000001,14940.24,14940.24]
["5","Прайс","Уголок не равнополочный 140*90*8","т",0.20805999999999999,null,null,139175.14000000001,28956.78,28956.78]
["6","Прайс","Уголок не равнополочный 100*63*8 (прим. 100*63*6)","т",0.10403,null,null,118661.73,12344.38,12344.38]
["7","Прайс","Прокат листовой 20мм","т",0.10403,null,null,106979.14,11129.04,11129.04]
["8","Прайс","Прокат листовой 16мм","т",0.41611999999999999,null,null,103816.9,43200.29,43200.29]
["9","Прайс","Прокат листовой 10мм","т",0.41611999999999999,null,null,94506.1,39325.879999999997,39325.879999999997]
["Перевозка материалов ( металл 140 км. ОП \"МКМ-СПб\")",null,null,null,null,null,null,null,null,0]
["10",null,"металлопрокат, трубопрокат и металлоконструкции","т",4.6813500000000001,0,0,0,0,0]
["11","ТССЦпг-03-02-01-140","Перевозка строительных грузов (кроме массовых навалочных, перевозимых автомобилями-самосвалами, а также бетонных и железобетонных изделий, стеновых и перегородочных материалов, лесоматериалов круглых и пиломатериалов, включенных в таблицу 03-01), бортовым автомобилем грузоподъемностью 5 т, на расстояние до 140 км I класс груза","1 т груза",4.6813500000000001,0,0,200.08,936.64,936.64]
["12","ТССЦпг-01-01-02-015","Разгрузочные работы при автомобильных перевозках: металлических конструкций массой до 1 т","1 т груза",4.6813500000000001,0,0,405.68,1899.13,1899.13]
["Раздел 2. Фермы",null,null,null,null,null,null,null,null,0]
["13","ТЕР09-03-012-01","Монтаж стропильных и подстропильных ферм на высоте до 25 м пролетом: до 24 м массой до 3,0 т","1 т конструкций",6.3458300000000003,73404.94,465815.25,1679.05,10654.98,476470.23]
[null,"101-0309","Канаты пеньковые пропитанные","т","0,0001\n0,0006",null,null,null,null,0]
[null,"101-0324","Кислород технический: газообразный","м3","0,72\n4,569",null,null,null,null,0]
[null,"101-0797","Проволока горячекатаная в мотках, диаметром 6,3-6,5 мм","т","0,00003\n0,0002",null,null,null,null,0]
[null,"101-1019","Швеллеры № 40 из стали марки: Ст0","т","0,00194\n0,0123",null,null,null,null,0]
[null,"101-1513","Электроды диаметром: 4 мм Э42","т","0,0027\n0,0171",null,null,null,null,0]
[null,"101-1714","Болты с гайками и шайбами строительные","т","0,0019\n0,0121",null,null,null,null,0]
[null,"101-1805","Гвозди строительные","т","0,00001\n0,0001",null,null,null,null,0]
[null,"101-2278","Пропан-бутан, смесь техническая","кг","0,22\n1,396",null,null,null,null,0]
[null,"101-2467","Растворитель марки: Р-4","т","0,0006\n0,0038",null,null,null,null,0]
[null,"102-0023","Бруски обрезные хвойных пород длиной: 4-6,5 м, шириной 75-150 мм, толщиной 40-75 мм, I сорта","м3","0,00103\n0,0065",null,null,null,null,0]
[null,"113-0021","Грунтовка: ГФ-021 красно-коричневая","т","0,00031\n0,002",null,null,null,null,0]
[null,"201-0756","Отдельные конструктивные элементы зданий и сооружений с преобладанием: горячекатаных профилей, средняя масса сборочной единицы от 0,1 до 0,5 т","т","0,002\n0,0127",null,null,null,null,0]
[null,"508-0097","Канат двойной свивки типа ТК, конструкции 6х19(1+6+12)+1 о.с., оцинкованный из проволок марки В, маркировочная группа: 1770 н/мм2, диаметром 5,5 мм","10 м","0,0187\n0,1187",null,null,null,null,0]
["14","ТЕРм38-01-003-03","Решетчатые конструкции (стойки, опоры, фермы и пр.), сборка с помощью: лебедок электрических (с установкой и снятием их в процессе работы)","1 т конструкций",6.3458300000000003,250098.63,1587083.4,3971.14,25200.17,1612283.57]
[null,"101-0324","Кислород технический: газообразный","м3","2,6\n16,5",null,null,null,null,0]
[null,"101-1521","Электроды диаметром: 5 мм Э42","т","0,0215\n0,1364",null,null,null,null,0]
[null,"101-2278","Пропан-бутан, смесь техническая","кг","0,5\n3,173",null,null,null,null,0]
[null,"999-9950","Вспомогательные ненормируемые ресурсы (2% от Оплаты труда рабочих)","руб","42,32\n268,6",null,null,null,null,0]
["2 920,87 = 8 047,73 - 1,032 x 4 967,89",null,null,null,null,null,null,null,null,0]
["15","Прайс","Профиль гн. 140*6","т",3.5370200000000001,null,null,120369.56,425749.54,425749.54]
["16","Прайс","Профиль гн. 120*5","т",0.62417999999999996,null,null,113869.94,71075.34,71075.34]
["17","Прайс","Профиль гн. 100*5","т",1.45642,null,null,109780.46,159886.46,159886.46]
["18","Прайс","Уголок не равнополочный 140*90*8","т",0.10403,null,null,139168.22,14477.67,14477.67]
["19","Прайс","Уголок не равнополочный 100*63*8 (прим. 100*63*6)","т",0.20805999999999999,null,null,118668.61,24690.19,24690.19]
["20","Прайс","Прокат листовой 16мм","т",0.31208999999999998,null,null,103816.91,32400.22,32400.22]
["21","Прайс","Прокат листовой 10мм","т",0.10403,null,null,94509.56,9831.83,9831.83]
["22","Прайс","Прокат листовой 4мм","т",0.10403,null,null,76433.429999999993,7951.37,7951.37]
["Перевозка материалов ( металл 140 км. ОП \"МКМ-СПб\")",null,null,null,null,null,null,null,null,0]
["23",null,"металлопрокат, трубопрокат и металлоконструкции","т",6.3458300000000003,0,0,0,0,0]
["24","ТССЦпг-03-02-01-140","Перевозка строительных грузов (кроме массовых навалочных, перевозимых автомобилями-самосвалами, а также бетонных и железобетонных изделий, стеновых и перегородочных материалов, лесоматериалов круглых и пиломатериалов, включенных в таблицу 03-01), бортовым автомобилем грузоподъемностью 5 т, на расстояние до 140 км I класс груза","1 т груза",6.3458300000000003,0,0,200.12,1269.92,1269.92]
["25","ТССЦпг-01-01-02-015","Разгрузочные работы при автомобильных перевозках: металлических конструкций массой до 1 т","1 т груза",6.3458300000000003,0,0,405.67,2574.3200000000002,2574.3200000000002]
["Раздел 3. Балки и прогоны",null,null,null,null,null,null,null,null,{"$f":"G77+I77","v":0}]
["26","ТЕР09-03-002-12","Монтаж балок, ригелей перекрытия, покрытия и под установку оборудования многоэтажных зданий при высоте здания: до 25 м","1 т конструкций",6.2417999999999996,59872.17,373710.08000000002,1828.33,11412.05,385122.13]
[null,"101-0309","Канаты пеньковые пропитанные","т","0,0001\n0,0006",null,null,null,null,0]
[null,"101-0324","Кислород технический: газообразный","м3","1,95\n12,17",null,null,null,null,0]
[null,"101-0797","Проволока горячекатаная в мотках, диаметром 6,3-6,5 мм","т","0,00003\n0,0002",null,null,null,null,0]
[null,"101-1019","Швеллеры № 40 из стали марки: Ст0","т","0,00194\n0,0121",null,null,null,null,0]
[null,"101-1513","Электроды диаметром: 4 мм Э42","т","0,0031\n0,0193",null,null,null,null,0]
[null,"101-1714","Болты с гайками и шайбами строительные","т","0,0031\n0,0193",null,null,null,null,0]
[null,"101-1805","Гвозди строительные","т","0,00001\n0,0001",null,null,null,null,0]
[null,"101-2278","Пропан-бутан, смесь техническая","кг","0,59\n3,683",null,null,null,null,0]
[null,"101-2467","Растворитель марки: Р-4","т","0,0006\n0,0037",null,null,null,null,0]
[null,"102-0023","Бруски обрезные хвойных пород длиной: 4-6,5 м, шириной 75-150 мм, толщиной 40-75 мм, I сорта","м3","0,00103\n0,0064",null,null,null,null,0]
[null,"113-0021","Грунтовка: ГФ-021 красно-коричневая","т","0,00031\n0,0019",null,null,null,null,0]
[null,"201-0756","Отдельные конструктивные элементы зданий и сооружений с преобладанием: горячекатаных профилей, средняя масса сборочной единицы от 0,1 до 0,5 т","т","0,0005\n0,0031",null,null,null,null,0]
[null,"508-0097","Канат двойной свивки типа ТК, конструкции 6х19(1+6+12)+1 о.с., оцинкованный из проволок марки В, маркировочная группа: 1770 н/мм2, диаметром 5,5 мм","10 м","0,0187\n0,1167",null,null,null,null,0]
["27","ТЕРм38-01-002-03","Монорельсы, балки и другие аналогичные конструкции промышленных зданий, сборка с помощью: лебедок электрических (с установкой и снятием их в процессе работы)","1 т конструкций",6.2417999999999996,66109.97,412645.22,671.12,4189.01,416834.23]
[null,"101-0324","Кислород технический: газообразный","м3","0,6\n3,745",null,null,null,null,0]
[null,"101-1521","Электроды диаметром: 5 мм Э42","т","0,0032\n0,02",null,null,null,null,0]
[null,"101-2278","Пропан-бутан, смесь техническая","кг","0,2\n1,248",null,null,null,null,0]
[null,"999-9950","Вспомогательные ненормируемые ресурсы (2% от Оплаты труда рабочих)","руб","10,14\n63,29",null,null,null,null,0]
["856,30 = 5 265,27 - 1,02 x 4 322,52",null,null,null,null,null,null,null,null,0]
["28","Прайс","Швеллер 20П","т",4.9934399999999997,null,null,107663.03,537608.86,537608.86]
["29","Прайс","Двутавр 25Б1","т",1.0403,null,null,113715.27,118298,118298]
["30","Прайс","Уголок не равнополочный 140*90*8","т",0.10403,null,null,139168.22,14477.67,14477.67]
["31","Прайс","Прокат листовой 8мм","т",0.10403,null,null,93156.3,9691.0499999999993,9691.0499999999993]
["Перевозка материалов ( металл 140 км. ОП \"МКМ-СПб\")",null,null,null,null,null,null,null,null,0]
["32",null,"металлопрокат, трубопрокат и металлоконструкции","т",6.2417999999999996,0,0,0,0,0]
["33","ТССЦпг-03-02-01-140","Перевозка строительных грузов (кроме массовых навалочных, перевозимых автомобилями-самосвалами, а также бетонных и железобетонных изделий, стеновых и перегородочных материалов, лесоматериалов круглых и пиломатериалов, включенных в таблицу 03-01), бортовым автомобилем грузоподъемностью 5 т, на расстояние до 140 км I класс груза","1 т груза",6.2417999999999996,0,0,200.23,1249.81,1249.81]
["34","ТССЦпг-01-01-02-015","Разгрузочные работы при автомобильных перевозках: металлических конструкций массой до 1 т","1 т груза",6.2417999999999996,0,0,405.53,2531.2199999999998,2531.2199999999998]
["Раздел 4. Связи и распорки",null,null,null,null,null,null,null,null,0]
["35","ТЕР09-03-014-01","Монтаж связей и распорок из одиночных и парных уголков, гнутосварных профилей для пролетов: до 24 м при высоте здания до  25 м","1 т конструкций",4.1612,149641.75,622689.24,4739.29,19721.12,642410.36]
[null,"101-0309","Канаты пеньковые пропитанные","т","0,0001\n0,0004",null,null,null,null,0]
[null,"101-0324","Кислород технический: газообразный","м3","1,2\n4,993",null,null,null,null,0]
[null,"101-0797","Проволока горячекатаная в мотках, диаметром 6,3-6,5 мм","т","0,00003\n0,0001",null,null,null,null,0]
[null,"101-1019","Швеллеры № 40 из стали марки: Ст0","т","0,00194\n0,0081",null,null,null,null,0]
[null,"101-1513","Электроды диаметром: 4 мм Э42","т","0,00044\n0,0018",null,null,null,null,0]
[null,"101-1714","Болты с гайками и шайбами строительные","т","0,021\n0,0874",null,null,null,null,0]
[null,"101-1805","Гвозди строительные","т","0,00001\n0",null,null,null,null,0]
[null,"101-2278","Пропан-бутан, смесь техническая","кг","0,36\n1,498",null,null,null,null,0]
[null,"101-2467","Растворитель марки: Р-4","т","0,0006\n0,0025",null,null,null,null,0]
[null,"102-0023","Бруски обрезные хвойных пород длиной: 4-6,5 м, шириной 75-150 мм, толщиной 40-75 мм, I сорта","м3","0,00103\n0,0043",null,null,null,null,0]
[null,"113-0021","Грунтовка: ГФ-021 красно-коричневая","т","0,00031\n0,0013",null,null,null,null,0]
[null,"201-0756","Отдельные конструктивные элементы зданий и сооружений с преобладанием: горячекатаных профилей, средняя масса сборочной единицы от 0,1 до 0,5 т","т","0,0002\n0,0008",null,null,null,null,0]
[null,"508-0097","Канат двойной свивки типа ТК, конструкции 6х19(1+6+12)+1 о.с., оцинкованный из проволок марки В, маркировочная группа: 1770 н/мм2, диаметром 5,5 мм","10 м","0,0187\n0,0778",null,null,null,null,0]
["36","ТЕРм38-01-003-03","Решетчатые конструкции (стойки, опоры, фермы и пр.), сборка с помощью: лебедок электрических (с установкой и снятием их в процессе работы)","1 т конструкций",4.1612,250097.86,1040707.2,3971.5,16526.21,1057233.4099999999]
[null,"101-0324","Кислород технический: газообразный","м3","2,6\n10,82",null,null,null,null,0]
[null,"101-1521","Электроды диаметром: 5 мм Э42","т","0,0215\n0,0895",null,null,null,null,0]
[null,"101-2278","Пропан-бутан, смесь техническая","кг","0,5\n2,081",null,null,null,null,0]
[null,"999-9950","Вспомогательные ненормируемые ресурсы (2% от Оплаты труда рабочих)","руб","42,32\n176,1",null,null,null,null,0]
["37","Прайс","Профиль гн. 120*5","т",0.93627000000000005,null,null,113869.93,106613,106613]
["38","Прайс","Профиль гн. 100*5","т",3.0168699999999999,null,null,109780.53,331193.59999999998,331193.59999999998]
["39","Прайс","Прокат листовой 8мм","т",0.10403,null,null,93156.3,9691.0499999999993,9691.0499999999993]
["40","Прайс","Прокат листовой 4мм","т",0.10403,null,null,76433.429999999993,7951.37,7951.37]
["Перевозка материалов ( металл 140 км. ОП \"МКМ-СПб\")",null,null,null,null,null,null,null,null,0]
["41",null,"металлопрокат, трубопрокат и металлоконструкции","т",4.1612,0,0,0,0,0]
["42","ТССЦпг-03-02-01-140","Перевозка строительных грузов (кроме массовых навалочных, перевозимых автомобилями-самосвалами, а также бетонных и железобетонных изделий, стеновых и перегородочных материалов, лесоматериалов круглых и пиломатериалов, включенных в таблицу 03-01), бортовым автомобилем грузоподъемностью 5 т, на расстояние до 140 км I класс груза","1 т груза",4.1612,0,0,200.23,833.21,833.21]
["43","ТССЦпг-01-01-02-015","Разгрузочные работы при автомобильных перевозках: металлических конструкций массой до 1 т","1 т груза",4.1612,0,0,405.64,1687.96,1687.96]
["Итого по разделу 4 Связи и распорки",null,null,null,null,null,null,null,null,0]
["Раздел 5. Фахверк",null,null,null,null,null,null,null,null,0]
["Таб.9-43. Монтаж фахверка – 10 кг/т м/к",null,null,null,null,null,null,null,null,0]
["44","ТЕР09-04-006-01","Монтаж фахверка","1 т конструкций",8.4264299999999999,83547.850000000006,704010.14,2960.26,24944.46,728954.6]
[null,"101-0309","Канаты пеньковые пропитанные","т","0,0001\n0,0008",null,null,null,null,0]
[null,"101-0324","Кислород технический: газообразный","м3","2,6\n21,91",null,null,null,null,0]
[null,"101-0797","Проволока горячекатаная в мотках, диаметром 6,3-6,5 мм","т","0,00003\n0,0003",null,null,null,null,0]
[null,"101-1019","Швеллеры № 40 из стали марки: Ст0","т","0,00194\n0,0163",null,null,null,null,{"$f":"G141+I141","v":0}]
[null,"101-1515","Электроды диаметром: 4 мм Э46","т","0,016\n0,1348",null,null,null,null,0]
[null,"101-1805","Гвозди строительные","т","0,00001\n0,0001",null,null,null,null,0]
[null,"101-2278","Пропан-бутан, смесь техническая","кг","0,78\n6,573",null,null,null,null,0]
[null,"101-2467","Растворитель марки: Р-4","т","0,0006\n0,0051",null,null,null,null,0]
[null,"113-0021","Грунтовка: ГФ-021 красно-коричневая","т","0,00031\n0,0026",null,null,null,null,0]
[null,"201-0756","Отдельные конструктивные элементы зданий и сооружений с преобладанием: горячекатаных профилей, средняя масса сборочной единицы от 0,1 до 0,5 т","т","0,001\n0,0084",null,null,null,null,0]
[null,"508-0097","Канат двойной свивки типа ТК, конструкции 6х19(1+6+12)+1 о.с., оцинкованный из проволок марки В, маркировочная группа: 1770 н/мм2, диаметром 5,5 мм","10 м","0,0187\n0,1576",null,null,null,null,0]
["45","ТССЦ-110-0009","Болты сборочные с гайками и шайбами по классу прочности: 10.9","т",8.4264000000000006E-2,0,0,266840.76,22485.07,22485.07]
["46","ТЕРм38-01-003-03","Решетчатые конструкции (стойки, опоры, фермы и пр.), сборка с помощью: лебедок электрических (с установкой и снятием их в процессе работы)","1 т конструкций",8.4264299999999999,250098.7,2107439.16,3971.23,33463.269999999997,2140902.4300000002]
[null,"101-0324","Кислород технический: газообразный","м3","2,6\n21,91",null,null,null,null,0]
[null,"101-1521","Электроды диаметром: 5 мм Э42","т","0,0215\n0,1812",null,null,null,null,0]
[null,"101-2278","Пропан-бутан, смесь техническая","кг","0,5\n4,213",null,null,null,null,0]
[null,"999-9950","Вспомогательные ненормируемые ресурсы (2% от Оплаты труда рабочих)","руб","42,32\n356,6",null,null,null,null,0]
["47","Прайс","Профиль гн. 140*6","т",6.4498600000000001,null,null,120369.57,776366.89,776366.89]
["48","Прайс","Швеллер  14П","т",0.52015,null,null,100093.97,52063.88,52063.88]
["49","Прайс","Уголок не равнополочный 140*90*8","т",1.2483599999999999,null,null,139173.98000000001,173739.23,173739.23]
["50","Прайс","Прокат листовой 6мм","т",0.10403,null,null,91043.45,9471.25,9471.25]
["51","Прайс","Прокат листовой 4мм","т",0.10403,null,null,76433.429999999993,7951.37,7951.37]
["Перевозка материалов ( металл 140 км. ОП \"МКМ-СПб\")",null,null,null,null,null,null,null,null,0]
["52",null,"металлопрокат, трубопрокат и металлоконструкции","т",8.4264299999999999,0,0,0,0,0]
["53","ТССЦпг-03-02-01-140","Перевозка строительных грузов (кроме массовых навалочных, перевозимых автомобилями-самосвалами, а также бетонных и железобетонных изделий, стеновых и перегородочных материалов, лесоматериалов круглых и пиломатериалов, включенных в таблицу 03-01), бортовым автомобилем грузоподъемностью 5 т, на расстояние до 140 км I класс груза","1 т груза",8.4264299999999999,0,0,200.15,1686.52,1686.52]
["54","ТССЦпг-01-01-02-015","Разгрузочные работы при автомобильных перевозках: металлических конструкций массой до 1 т","1 т груза",8.4264299999999999,0,0,405.58,3417.58,3417.58]
["Итого по разделу 5 Фахверк",null,null,null,null,null,null,null,null,0]
["Раздел 6. Профилированный настил",null,null,null,null,null,null,null,null,0]
["55","ТЕР09-04-006-02","Монтаж ограждающих конструкций стен: из профилированного листа при высоте здания до 30 м","100 м2",4.5,304593.90000000002,1370672.54,6600.52,29702.35,1400374.89]
[null,"101-0309","Канаты пеньковые пропитанные","т","0,00015\n0,0007",null,null,null,null,0]
[null,"101-0324","Кислород технический: газообразный","м3","2,98\n13,41",null,null,null,null,0]
[null,"101-0797","Проволока горячекатаная в мотках, диаметром 6,3-6,5 мм","т","0,00004\n0,0002",null,null,null,null,0]
[null,"101-1019","Швеллеры № 40 из стали марки: Ст0","т","0,00297\n0,0134",null,null,null,null,0]
[null,"101-1513","Электроды диаметром: 4 мм Э42","т","0,0034\n0,0153",null,null,null,null,0]
[null,"101-1714","Болты с гайками и шайбами строительные","т","0,007\n0,0315",null,null,null,null,0]
[null,"101-1805","Гвозди строительные","т","0,00002\n0,0001",null,null,null,null,0]
[null,"101-2278","Пропан-бутан, смесь техническая","кг","0,903\n4,064",null,null,null,null,0]
[null,"101-2467","Растворитель марки: Р-4","т","0,00009\n0,0004",null,null,null,null,0]
[null,"102-0023","Бруски обрезные хвойных пород длиной: 4-6,5 м, шириной 75-150 мм, толщиной 40-75 мм, I сорта","м3","0,0013\n0,0059",null,null,null,null,0]
[null,"113-0021","Грунтовка: ГФ-021 красно-коричневая","т","0,00047\n0,0021",null,null,null,null,0]
[null,"201-0756","Отдельные конструктивные элементы зданий и сооружений с преобладанием: горячекатаных профилей, средняя масса сборочной единицы от 0,1 до 0,5 т","т","0,019\n0,0855",null,null,null,null,0]
[null,"508-0097","Канат двойной свивки типа ТК, конструкции 6х19(1+6+12)+1 о.с., оцинкованный из проволок марки В, маркировочная группа: 1770 н/мм2, диаметром 5,5 мм","10 м","0,016\n0,072",null,null,null,null,0]
["56","ТССЦ-201-0382","Конструкции: стальные нащельников и деталей обрамления","т",0.2601,0,0,200544.25,52161.56,52161.56]
["57","ТССЦ-101-1810","Винты самонарезающие: для крепления профилированного настила и панелей к несущим конструкциям","т",0.16200000000000001,0,0,285866.98,46310.45,46310.45]
["58","Прайс","Профиль HC35-1000-0,7","т",3.774,null,null,190108.83,717470.71999999997,717470.71999999997]
["59","ТЕР09-04-002-01","Монтаж кровельного покрытия: из профилированного листа при высоте здания до 25 м","100 м2 покрытия",5.4,87296.7,424261.84,3381.24,18258.7,442520.54]
[null,"101-0309","Канаты пеньковые пропитанные","т","0,00015\n0,0008",null,null,null,null,0]
[null,"101-0324","Кислород технический: газообразный","м3","1,4\n7,56",null,null,null,null,0]
[null,"101-0797","Проволока горячекатаная в мотках, диаметром 6,3-6,5 мм","т","0,00004\n0,0002",null,null,null,null,0]
[null,"101-1019","Швеллеры № 40 из стали марки: Ст0","т","0,00297\n0,016",null,null,null,null,0]
[null,"101-1513","Электроды диаметром: 4 мм Э42","т","0,00061\n0,0033",null,null,null,null,0]
[null,"101-1714","Болты с гайками и шайбами строительные","т","0,0022\n0,0119",null,null,null,null,0]
[null,"101-2278","Пропан-бутан, смесь техническая","кг","0,42\n2,268",null,null,null,null,0]
[null,"101-2467","Растворитель марки: Р-4","т","0,00009\n0,0005",null,null,null,null,0]
[null,"102-0023","Бруски обрезные хвойных пород длиной: 4-6,5 м, шириной 75-150 мм, толщиной 40-75 мм, I сорта","м3","0,0013\n0,007",null,null,null,null,0]
[null,"113-0021","Грунтовка: ГФ-021 красно-коричневая","т","0,00047\n0,0025",null,null,null,null,0]
[null,"201-0756","Отдельные конструктивные элементы зданий и сооружений с преобладанием: горячекатаных профилей, средняя масса сборочной единицы от 0,1 до 0,5 т","т","0,011\n0,0594",null,null,null,null,0]
[null,"508-0097","Канат двойной свивки типа ТК, конструкции 6х19(1+6+12)+1 о.с., оцинкованный из проволок марки В, маркировочная группа: 1770 н/мм2, диаметром 5,5 мм","10 м","0,016\n0,0864",null,null,null,null,0]
["60","Прайс","Профиль H57-750-0,8","т",6.5279999999999996,null,null,153670.53,1003161.22,1003161.22]
["61","ТССЦ-101-1810","Винты самонарезающие: для крепления профилированного настила и панелей к несущим конструкциям","т",0.19439999999999999,0,0,285863.99,55571.96,55571.96]
["Перевозка материалов ( металл 140 км. ОП \"МКМ-СПб\")",null,null,null,null,null,null,null,null,0]
["62",null,"металлопрокат, трубопрокат и металлоконструкции","т",10.6584,0,0,0,0,0]
["63","ТССЦпг-03-02-01-140","Перевозка строительных грузов (кроме массовых навалочных, перевозимых автомобилями-самосвалами, а также бетонных и железобетонных изделий, стеновых и перегородочных материалов, лесоматериалов круглых и пиломатериалов, включенных в таблицу 03-01), бортовым автомобилем грузоподъемностью 5 т, на расстояние до 140 км I класс груза","1 т груза",10.6584,0,0,200.29,2134.73,2134.73]
["64","ТССЦпг-01-01-02-015","Разгрузочные работы при автомобильных перевозках: металлических конструкций массой до 1 т","1 т груза",10.6584,0,0,405.56,4322.6099999999997,4322.6099999999997]
["Итого по разделу 6 Профилированный настил",null,null,null,null,null,null,null,null,0]
["Раздел 7. Конструкции под вент. оборудование",null,null,null,null,null,null,null,null,0]
["65","ТЕРм08-01-087-03","Металлические конструкции","1 т",0.31208999999999998,149603.32,39686.25,9067.99,2830.03,42516.28]
[null,"101-1306","Портландцемент общестроительного назначения бездобавочный, марки: 500","т","0,18\n0,0562",null,null,null,null,{"$f":"G205+I205","v":0}]
[null,"101-1728","Дюбели распорные с гайкой","100 шт.","0,8\n0,2497",null,null,null,null,0]
[null,"101-1924","Электроды диаметром: 4 мм Э42А","кг","4,2\n1,311",null,null,null,null,0]
[null,"101-1977","Болты с гайками и шайбами строительные","кг","27\n8,426",null,null,null,null,0]
[null,"408-0141","Песок природный для строительных: растворов средний","м3","0,15\n0,0468",null,null,null,null,0]
[null,"999-9950","Вспомогательные ненормируемые ресурсы (2% от Оплаты труда рабочих)","руб","22,69\n7,081",null,null,null,null,0]
["66","ТЕРм38-01-004-05","Сборка с помощью лебедок электрических (с установкой и снятием их в процессе работы): площадки для обслуживания оборудования и трубопроводов","1 т конструкций",0.31208999999999998,262423.76,{"$f":"81899.83","v":81899.83},3235.93,1009.9,82909.73]
[null,"101-0324","Кислород технический: газообразный","м3","0,9\n0,2809",null,null,null,null,0]
[null,"101-1521","Электроды диаметром: 5 мм Э42","т","0,0179\n0,0056",null,null,null,null,0]
[null,"101-2278","Пропан-бутан, смесь техническая","кг","0,2\n0,0624",null,null,null,null,0]
[null,"999-9950","Вспомогательные ненормируемые ресурсы (2% от Оплаты труда рабочих)","руб","42,08\n13,13",null,null,null,null,0]
["67","Прайс","Уголок не равнополочный 100*63*8 (прим. 100*63*6)","т",0.10403,null,null,118661.73,12344.38,12344.38]
["68","Прайс","Прокат листовой 6мм","т",0.10403,null,null,91043.45,9471.25,9471.25]
["69","Прайс","Прокат листовой 4мм","т",0.10403,null,null,76433.429999999993,7951.37,7951.37]
["Перевозка материалов ( металл 140 км. ОП \"МКМ-СПб\")",null,null,null,null,null,null,null,null,0]
["70",null,"металлопрокат, трубопрокат и металлоконструкции","т",0.31208999999999998,0,0,0,0,0]
["71","ТССЦпг-03-02-01-140","Перевозка строительных грузов (кроме массовых навалочных, перевозимых автомобилями-самосвалами, а также бетонных и железобетонных изделий, стеновых и перегородочных материалов, лесоматериалов круглых и пиломатериалов, включенных в таблицу 03-01), бортовым автомобилем грузоподъемностью 5 т, на расстояние до 140 км I класс груза","1 т груза",0.31208999999999998,0,0,202.54,63.21,63.21]
["72","ТССЦпг-01-01-02-015","Разгрузочные работы при автомобильных перевозках: металлических конструкций массой до 1 т","1 т груза",0.31208999999999998,0,0,405.08,126.42,126.42]
["Итого по разделу 7 Конструкции под вент. оборудование",null,null,null,null,null,null,null,null,0]
["Раздел 8. Антикоррозионная обработка",null,null,null,null,null,null,null,null,0]
["73","ТЕР13-03-002-04","Огрунтовка металлических поверхностей за один раз: грунтовкой ГФ-021","100 м2 окрашиваемой поверхности",7.7759999999999998,12829.48,{"$f":"99762.04","v":99762.04},428.79,3334.26,103096.3]
[null,"113-0077","Ксилол нефтяной марки А","т","0,002\n0,0156",null,null,null,null,0]
["74","Прайс","Грунтовка: ГФ-021 красно-коричневая","кг",93.311999999999998,null,null,403.94,37692.51,37692.51]
["75","ТЕР13-03-004-26","Окраска металлических огрунтованных поверхностей: эмалью ПФ-115 (за 2 раза) К=2","100 м2 окрашиваемой поверхности",7.7759999999999998,15799.78,{"$f":"122859.08","v":122859.08},268.06,2084.4499999999998,124943.53]
[null,"101-1292","Уайт-спирит","т","0,0028\n0,0218",null,null,null,null,0]
["За два раза ПЗ=2 (ОЗП=2; ЭМ=2 к расх.; ЗПМ=2; МАТ=2 к расх.; ТЗ=2; ТЗМ=2)",null,null,null,null,null,null,null,null,0]
["76","Прайс","Эмаль ПФ-115 серая","кг",295.488,null,null,505.59,149395.25,149395.25]
[null,null,"Всего, руб. с НДС",null,null,null,{"$f":"SUM(G14:G231)","v":9921705.5399999991},null,{"$f":"SUM(I14:I231)","v":5719945.5199999996},{"$f":"SUM(J14:J231)","v":15641651.060000001}]
[null,null,"Всего, руб. без НДС",null,null,null,{"$f":"G232/1.2","v":8268087.9500000002},null,{"$f":"I232/1.2","v":4766621.2699999996},{"$f":"J232/1.2","v":13034709.220000001}]

{"sheet":"1632-2021-3.4-АР ","index":3,"n_rows":143,"n_cols":50,"rows_kept":143,"cut":false,"hidden":false,"merged":[[1,0,1,8],[2,0,2,8],[8,2,8,6],[6,0,6,8],[4,0,4,8],[5,0,5,8],[7,0,7,8]]}
[]
["Терминал по перевалке минеральных удобрений в морском торговом порту Усть-Луга. Береговые объекты терминала",null,null,null,null,null,null,null,null,null,null,null,null,null,null,null,null,"","","","","","","","","","","","",""]
["(наименование стройки)"]
[]
["ЛОКАЛЬНАЯ СМЕТА № 1632-2021-3.4-АР_01.05.060-П-00-00"]
["(локальная смета)"]
["на Архитектурные решения, 07.06.060 Ангар для хранения ТМЦ (код SAP 01.05.019) код ГП 3.4",null,null,null,null,null,null,null,null,null,null,null,null,null,null,null,null,null,null,null,null,null,null,null,null,null,null,null,null,null,"на Архитектурные решения, 07.06.060 Ангар для хранения ТМЦ (код SAP 01.05.019) код ГП 3.4","","","","","","","","","","","","","",""]
["(наименование работ и затрат, наименование объекта)"]
[null,"Основание:","1632-2021-3.4-АР_0_0_RU_IFС",null,null,null,null,null,null,null,null,null,null,null,null,null,null,null,null,null,null,null,null,null,null,null,null,null,null,null,null,null,null,null,null,null,null,null,null,null,null,null,null,null,null,"1632-2021-3.4-АР_0_0_RU_IFС","","","",""]
[]
["№ п/п","Обоснование","Наименование работ и затрат","Ед. изм.","Кол-во","Цена за ед.измерения работ, руб. с НДС","Всего, стоимость работ,руб. с НДС","Цена за ед.измерения материалов, руб. с НДС","Всего, стоимость материалов, руб. с НДС","Итого, руб. с НДС"]
[1,2,3,4,5,"6","7","8","9","10"]
["Раздел 1. Кровля"]
["Устройство кровли из профлиста см. в разделе КМ"]
["1","ТЕР12-01-009-02","Устройство желобов: подвесных","100 м желобов",0.61099999999999999,65795,40200.75,21889.35,13374.39,{"$f":"G15+I15","v":53575.14}]
[null,"101-0173","Гвозди проволочные оцинкованные для асбестоцементной кровли: 4,5х120 мм","т","0,0038\n0,0023",null,null,null,null,{"$f":"G16+I16","v":0}]
[null,"101-0788","Поковки оцинкованные, масса: 2,825 кг","т","0,169\n0,1033",null,null,null,null,0]
["2","ТЦ_12.1.01.00_78_7804606806_25.01.2024_02","Желоб водосточный D185х3000","шт",20,0,0,0,34873.980000000003,34873.980000000003]
["3","ТЕР12-01-008-01","Устройство обделок на фасадах (наружные подоконники, пояски, балконы и др.): включая водосточные трубы, с изготовлением элементов труб// прим.","100 м2фасада (без вычета проемов)",6.9984000000000002,27777.55,194398.43,2212.61,15484.7,209883.13]
[null,"101-0195","Гвозди толевые круглые: 3,0х40 мм","т","0,0014\n0,0098",null,null,null,null,0]
[null,"101-0788","Поковки оцинкованные, масса: 2,825 кг","т","0,0112\n0,0784",null,null,null,null,0]
[null,"101-0795","Проволока канатная оцинкованная, диаметром: 3 мм","т","0,0039\n0,0273",null,null,null,null,0]
["4","ТЕР12-01-008-02","Устройство обделок на фасадах (наружные подоконники, пояски, балконы и др.): без водосточных труб","100 м2фасада (без вычета проемов)",-6.9984000000000002,10154.91,-71068.149999999994,164.63,-1152.1199999999999,-72220.27]
[null,"101-0195","Гвозди толевые круглые: 3,0х40 мм","т","0,0014\n-0,0098",null,null,null,null,0]
["5","ТЦ_12.1.01.00_78_7804606806_25.01.2024_02","Труба водосточная D150х3000мм","шт",15,0,0,0,31887.360000000001,31887.360000000001]
["6","ТЦ_12.1.01.00_78_7804606806_25.01.2024_02","Воронки выпускные D185/150","шт",4,0,0,0,3296.91,3296.91]
["7","ТЕР12-01-012-01","Ограждение кровель перилами // прим.","100 м ограждения",0.61099999999999999,16110.18,9843.32,402.05,245.65,10088.969999999999]
[null,"101-1529","Электроды диаметром: 6 мм Э42","т","0,0005\n0,0003",null,null,null,null,0]
[null,"101-1851","Резина прессованная","кг","0,52\n0,3177",null,null,null,null,0]
["8","ТЦ_12.1.01.00_78_7804606806_25.01.2024_02","Снегозадержатель трубчатый (L=3 м. в комплекте с креплением)","шт",20,0,0,0,49110.3,49110.3]
["Раздел 2. Окна",null,null,null,null,null,null,null,null,0]
["9","ТЕР09-04-010-02","Монтаж витражей, витрин: с одинарным остеклением в одноэтажных зданиях","1 т конструкций",0.20899999999999999,951388.88,198840.28,2831.88,591.86,199432.14]
[null,"101-0309","Канаты пеньковые пропитанные","т","0,0001\n0",null,null,null,null,0]
[null,"101-0324","Кислород технический: газообразный","м3","1,95\n0,4076",null,null,null,null,0]
[null,"101-0797","Проволока горячекатаная в мотках, диаметром 6,3-6,5 мм","т","0,00003\n0",null,null,null,null,0]
[null,"101-1019","Швеллеры № 40 из стали марки: Ст0","т","0,00194\n0,0004",null,null,null,null,0]
[null,"101-1515","Электроды диаметром: 4 мм Э46","т","0,017\n0,0036",null,null,null,null,0]
[null,"101-1805","Гвозди строительные","т","0,00001\n0",null,null,null,null,0]
[null,"101-2278","Пропан-бутан, смесь техническая","кг","0,6\n0,1254",null,null,null,null,0]
[null,"101-2467","Растворитель марки: Р-4","т","0,0006\n0,0001",null,null,null,null,0]
[null,"102-0023","Бруски обрезные хвойных пород длиной: 4-6,5 м, шириной 75-150 мм, толщиной 40-75 мм, I сорта","м3","0,00103\n0,0002",null,null,null,null,0]
[null,"113-0021","Грунтовка: ГФ-021 красно-коричневая","т","0,00031\n0,0001",null,null,null,null,0]
[null,"508-0097","Канат двойной свивки типа ТК, конструкции 6х19(1+6+12)+1 о.с., оцинкованный из проволок марки В, маркировочная группа: 1770 н/мм2, диаметром 5,5 мм","10 м","0,0187\n0,0039",null,null,null,null,0]
["10","ТЦ_09.1.01.01_78_7820318146_25.01.2024_02","Витражи из алюминиевого комбинированного профиля","м2",38,0,0,0,441264.4,441264.4]
["Раздел 3. Дверные проемы и ворота",null,null,null,null,null,null,null,null,0]
["11","ТЕР09-04-012-01","Установка металлических дверных блоков в готовые проемы","1 м2 проема",3.69,6003.58,22153.22,327.41000000000003,1208.1500000000001,23361.37]
[null,"101-1513","Электроды диаметром: 4 мм Э42","т","0,0001\n0,0004",null,null,null,null,0]
[null,"101-1921","Пена монтажная: для герметизации стыков в баллончике емкостью 0,85 л","шт.","0,1\n0,369",null,null,null,null,0]
[null,"204-0062","Детали закладные и накладные изготовленные: без применения сварки, гнутья, сверления (пробивки) отверстий поставляемые отдельно","т","0,003\n0,0111",null,null,null,null,0]
["12","ТЦ_07.1.01.03_66_665801467545_25.01.2024_02","ДСН, Оп, Прг, Пр, Н, М2 (дверь стальная, наружная, однопольная, с порогом 50мм(h), правого открывания наружу, класс прочности - 2)  900х2050","шт",2,0,0,0,81363.990000000005,81363.990000000005]
["Ворота",null,null,null,null,null,null,null,null,0]
["13","ТЕР09-04-011-01","Монтаж каркасов ворот большепролетных зданий, ангаров и др. без механизмов открывания","1 т конструкций",0.73,174276.6,127221.92,8951.9500000000007,6534.92,133756.84]
[null,"101-0309","Канаты пеньковые пропитанные","т","0,0001\n0,0001",null,null,null,null,0]
[null,"101-0324","Кислород технический: газообразный","м3","1,95\n1,424",null,null,null,null,0]
[null,"101-0797","Проволока горячекатаная в мотках, диаметром 6,3-6,5 мм","т","0,00003\n0",null,null,null,null,0]
[null,"101-1019","Швеллеры № 40 из стали марки: Ст0","т","0,00194\n0,0014",null,null,null,null,0]
[null,"101-1515","Электроды диаметром: 4 мм Э46","т","0,023\n0,0168",null,null,null,null,0]
[null,"101-1805","Гвозди строительные","т","0,00001\n0",null,null,null,null,0]
[null,"101-2278","Пропан-бутан, смесь техническая","кг","0,59\n0,4307",null,null,null,null,0]
[null,"101-2467","Растворитель марки: Р-4","т","0,0006\n0,0004",null,null,null,null,0]
[null,"102-0023","Бруски обрезные хвойных пород длиной: 4-6,5 м, шириной 75-150 мм, толщиной 40-75 мм, I сорта","м3","0,00103\n0,0008",null,null,null,null,0]
[null,"113-0021","Грунтовка: ГФ-021 красно-коричневая","т","0,00031\n0,0002",null,null,null,null,0]
[null,"201-0756","Отдельные конструктивные элементы зданий и сооружений с преобладанием: горячекатаных профилей, средняя масса сборочной единицы от 0,1 до 0,5 т","т","0,026\n0,019",null,null,null,null,0]
[null,"508-0097","Канат двойной свивки типа ТК, конструкции 6х19(1+6+12)+1 о.с., оцинкованный из проволок марки В, маркировочная группа: 1770 н/мм2, диаметром 5,5 мм","10 м","0,0187\n0,0137",null,null,null,null,0]
["14","ТЕРм11-05-001-01","Механизм исполнительный, масса: до 20 кг","1 шт.",2,2196.5,4393.01,107.74,215.48,4608.49]
[null,"101-2039","Болты с гайками и шайбами оцинкованные, диаметр: 12 мм","кг","0,32\n0,64",null,null,null,null,0]
[null,"999-9950","Вспомогательные ненормируемые ресурсы (2% от Оплаты труда рабочих)","руб","0,19\n0,38",null,null,null,null,0]
["15","ТЦ_08.1.06.01_54_5404314837_28.06.2024_02","Ворота складчатые, металлические  5000х4500мм (вес 13,5 кг/м2)","шт",2,0,0,0,1444142.62,1444142.62]
["Раздел 4. Полы",null,null,null,null,null,null,null,null,0]
["16","ТЕР11-01-011-03","Устройство стяжек: бетонных толщиной 20 мм","100 м2 стяжки",5.6020000000000003,83767.820000000007,469267.31,94.11,527.22,469794.53]
[null,"411-0001","Вода","м3","3,5\n19,61",null,null,null,null,0]
["17","ТЕР11-01-011-04","Устройство стяжек: на каждые 5 мм изменения толщины стяжки добавлять или исключать к расценке 11-01-011-03 // до толщ. 30 мм","100 м2 стяжки",5.6020000000000003,3227.01,18077.689999999999,0,0,18077.689999999999]
["18","ТЦ_59.1.04.01_78_4707009037_08.02.2024_02","Бетон  В30","м3",17.141999999999999,0,0,0,170334.58,170334.58]
["19","ТЕР11-01-020-03","Устройство покрытий поливинилацетатных: толщиной 3 мм // прим. покрытие полимерное","100 м2 покрытия",5.6020000000000003,180032.34,1008541.14,147311.96,825241.59,1833782.73]
[null,"101-0430","Краски масляные и алкидные земляные, готовые к применению: сурик железный МА-15, ПФ-14","т","0,0002\n0,0011",null,null,null,null,0]
[null,"101-0433","Краски масляные и алкидные земляные, готовые к применению: охра МА-15","т","0,0068\n0,0381",null,null,null,null,0]
[null,"101-1305","Портландцемент общестроительного назначения бездобавочный, марки: 400","т","0,013\n0,0728",null,null,null,null,0]
[null,"101-1591","Смола каменноугольная для дорожного строительства","т","0,036\n0,2017",null,null,null,null,0]
[null,"101-2293","Кислота ортофосфорная: техническая, сорт I","т","0,0078\n0,0437",null,null,null,null,0]
[null,"101-2358","Дисперсия поливинилацетатная непластифицированная марки Д50Н","кг","219\n1227",null,null,null,null,{"$f":"G80+I80","v":0}]
[null,"113-0306","Маршалит","т","0,272\n1,524",null,null,null,null,0]
[null,"408-0122","Песок природный для строительных: работ средний","м3","0,0173\n0,0969",null,null,null,null,0]
[null,"411-0001","Вода","м3","0,135\n0,7563",null,null,null,null,0]
["20","ТЕР11-01-020-04","Устройство покрытий поливинилацетатных: на каждый 1 мм изменения толщины добавлять или исключать к расценке 11-01-020-03","100 м2 покрытия",5.6020000000000003,248039.26,1389515.92,303391.25,1699597.8,3089113.72]
[null,"101-0433","Краски масляные и алкидные земляные, готовые к применению: охра МА-15","т","0,0161\n0,0902",null,null,null,null,0]
[null,"101-1591","Смола каменноугольная для дорожного строительства","т","0,084\n0,4706",null,null,null,null,0]
[null,"101-2293","Кислота ортофосфорная: техническая, сорт I","т","0,0182\n0,102",null,null,null,null,0]
[null,"101-2358","Дисперсия поливинилацетатная непластифицированная марки Д50Н","кг","448\n2510",null,null,null,null,0]
[null,"113-0306","Маршалит","т","0,616\n3,451",null,null,null,null,0]
[null,"411-0001","Вода","м3","0,189\n1,059",null,null,null,null,0]
["Раздел 5. Отделка",null,null,null,null,null,null,null,null,0]
["Цоколь",null,null,null,null,null,null,null,null,0]
["21","ТЕР13-06-003-01","Очистка поверхности щетками","1 м2 очищаемой поверхности",57.6,1713.7,98709.04,0,0,98709.04]
["22","ТЕР13-06-004-01","Обеспыливание поверхности","1 м2 обеспыливаемой поверхности",57.6,195.98,11288.5,0,0,11288.5]
["23","ТЕР13-03-003-14","Окраска огрунтованных бетонных и оштукатуренных поверхностей: лаком ХП-734","100 м2 окрашиваемой поверхности",0.57599999999999996,15253.49,8786.01,11736.91,6760.46,15546.47]
[null,"113-0077","Ксилол нефтяной марки А","т","0,005\n0,0029",null,null,null,null,0]
[null,"113-0086","Лак ХП-734, марки А, сорт I","т","0,032\n0,0184",null,null,null,null,0]
["24","ТЕР13-03-003-15","Окраска огрунтованных бетонных и оштукатуренных поверхностей: эмалью ХП-799","100 м2 окрашиваемой поверхности",0.57599999999999996,6721.41,3871.53,9836.4599999999991,5665.8,9537.33]
[null,"113-0077","Ксилол нефтяной марки А","т","0,004\n0,0023",null,null,null,null,0]
[null,"113-0249","Эмаль ХП-799","т","0,029\n0,0167",null,null,null,null,0]
["Окраска конструкций стен и потолков из профлиста, учтена в сметах к разделу КМ",null,null,null,null,null,null,null,null,0]
["Раздел 6. Отмостка",null,null,null,null,null,null,null,null,0]
["25","ТЕР27-04-001-04","Устройство подстилающих и выравнивающих слоев оснований: из щебня","100 м3 материала основания (в плотном теле)",8.6400000000000005E-2,206206.49,17816.240000000002,199.52,17.239999999999998,17833.48]
[null,"411-0001","Вода","м3","7\n0,6048",null,null,null,null,0]
["26","ТЦ_02.2.05.00_78_7811628889_18.07.2024_02","Щебень из природного камня для строительных работ марка: 800, фракция 20-40 мм","м3",10.8864,0,0,0,41703.39,41703.39]
["27","ТЕР27-04-001-01","Устройство подстилающих и выравнивающих слоев оснований: из песка","100 м3 материала основания (в плотном теле)",0.14399999999999999,132343.26,19057.43,139.66999999999999,20.11,19077.54]
[null,"411-0001","Вода","м3","5\n0,72",null,null,null,null,0]
["28","ТЦ_02.3.01.00_77_7734465669_15.02.2024_02","Песок средний для строительных работ","м3",15.84,0,0,0,10239.81,10239.81]
["29","ТЕР06-01-013-01","Устройство подливки толщиной  20 мм // прим. бетонное основание","100 м2 подливки под оборудование",0.96,97759.53,93849.15,2742.94,2633.22,96482.37]
[null,"101-1805","Гвозди строительные","т","0,002\n0,0019",null,null,null,null,0]
[null,"102-0053","Доски обрезные хвойных пород длиной: 4-6,5 м, шириной 75-150 мм, толщиной 25 мм, III сорта","м3","0,1\n0,096",null,null,null,null,0]
[null,"102-0061","Доски обрезные хвойных пород длиной: 4-6,5 м, шириной 75-150 мм, толщиной 44 мм и более, III сорта","м3","0,04\n0,0384",null,null,null,null,0]
["30","ТЕР06-01-013-02","На каждые 10 мм изменения толщины добавлять или исключать к расценке 06-01-013-01 // до 100 мм","100 м2 подливки под оборудование",0.96,224142.56,215176.86,5361.67,5147.2,220324.06]
[null,"101-1805","Гвозди строительные","т","0,008\n0,0077",null,null,null,null,0]
[null,"102-0053","Доски обрезные хвойных пород длиной: 4-6,5 м, шириной 75-150 мм, толщиной 25 мм, III сорта","м3","0,16\n0,1536",null,null,null,null,0]
[null,"102-0061","Доски обрезные хвойных пород длиной: 4-6,5 м, шириной 75-150 мм, толщиной 44 мм и более, III сорта","м3","0,08\n0,0768",null,null,null,null,0]
["31","ТЦ_59.1.04.01_78_4707009037_08.02.2024_02","Бетон  В15","м3",9.7919999999999998,0,0,0,86103.21,86103.21]
["32","ТЕР06-01-015-10","Армирование подстилающих слоев и набетонок","1 т",0.33310000000000001,27722.06,9234.2199999999993,3005.96,1001.28,10235.5]
[null,"101-0816","Проволока светлая диаметром: 1,1 мм","т","0,028\n0,0093",null,null,null,null,0]
["33","ТЦ_08.4.02.05_78_7816723705_16.02.2024_02","Сетка арм. 100х100 6Вр1","м2",96,0,0,0,57147.87,57147.87]
["34","ТЕР06-01-013-01","Устройство подливки толщиной  20 мм // прим. бетонное покрытие отмостки","100 м2 подливки под оборудование",0.96,97759.53,93849.15,2742.94,2633.22,96482.37]
[null,"101-1805","Гвозди строительные","т","0,002\n0,0019",null,null,null,null,0]
[null,"102-0053","Доски обрезные хвойных пород длиной: 4-6,5 м, шириной 75-150 мм, толщиной 25 мм, III сорта","м3","0,1\n0,096",null,null,null,null,0]
[null,"102-0061","Доски обрезные хвойных пород длиной: 4-6,5 м, шириной 75-150 мм, толщиной 44 мм и более, III сорта","м3","0,04\n0,0384",null,null,null,null,0]
["35","ТЕР06-01-013-02","На каждые 10 мм изменения толщины добавлять или исключать к расценке 06-01-013-01 // до 50-110 мм","100 м2 подливки под оборудование",0.96,168107.67,161383.35999999999,4020.88,3860.04,165243.4]
[null,"101-1805","Гвозди строительные","т","0,006\n0,0058",null,null,null,null,0]
[null,"102-0053","Доски обрезные хвойных пород длиной: 4-6,5 м, шириной 75-150 мм, толщиной 25 мм, III сорта","м3","0,12\n0,1152",null,null,null,null,0]
[null,"102-0061","Доски обрезные хвойных пород длиной: 4-6,5 м, шириной 75-150 мм, толщиной 44 мм и более, III сорта","м3","0,06\n0,0576",null,null,null,null,0]
["36","ТЦ_59.1.04.01_78_4707009037_08.02.2024_02","Бетон  В15","м3",7.8339999999999996,0,0,0,68886.02,68886.02]
["37","ТЕР11-01-015-07","Шлифовка бетонных или металлоцементных покрытий","100 м2 покрытия",0.96,{"$f":"G130/E130","v":178082.19},170958.9,179.57,172.39,171131.29]
[null,"101-2109","Карборунд","кг","2\n1,92",null,null,null,null,0]
[null,"411-0001","Вода","м3","2\n1,92",null,null,null,null,0]
["38","ТЕР11-01-015-08","Железнение цементных покрытий","100 м2 покрытия",0.96,26260.65,25210.22,537.21,515.73,25725.95]
[null,"101-1305","Портландцемент общестроительного назначения бездобавочный, марки: 400","т","0,06\n0,0576",null,null,null,null,0]
[null,"411-0001","Вода","м3","0,2\n0,192",null,null,null,null,0]
["39","ТЕР27-02-010-02","Установка бортовых камней бетонных: при других видах покрытий","100 м бортового камня",0.96,{"$f":"G136/E136","v":204619.83},196435.04,50918.64,48881.89,245316.93]
[null,"101-1805","Гвозди строительные","т","0,001\n0,001",null,null,null,null,0]
[null,"102-0038","Брусья необрезные хвойных пород длиной: 4-6,5 м, все ширины, толщиной 100, 125 мм, IV сорта","м3","0,17\n0,1632",null,null,null,null,0]
[null,"401-0006","Бетон тяжелый, класс: В15 (М200)","м3","5,9\n5,664",null,null,null,null,0]
[null,"402-0004","Раствор готовый кладочный цементный марки: 100","м3","0,06\n0,0576",null,null,null,null,0]
["40","ТЦ_04.13.00.00_78_7842083836_15.02.2024_02","Камни бортовые БР100.20.8","шт",96,0,0,0,29654.95,29654.95]
[null,null,"Всего, руб. с НДС",null,null,null,{"$f":"SUM(G13:G141)","v":4537010.49},null,{"$f":"SUM(I13:I141)","v":5189187.6100000003},{"$f":"SUM(J13:J141)","v":9726198.0999999996}]
[null,null,"Всего, руб. без НДС",null,null,null,{"$f":"G142/1.2","v":3780842.08},null,{"$f":"I142/1.2","v":4324323.01},{"$f":"J142/1.2","v":8105165.0800000001}]

{"sheet":"Смета_1632-2021-3.4-КЖ","index":4,"n_rows":471,"n_cols":76,"rows_kept":471,"cut":false,"hidden":false,"merged":[[1,0,1,14],[2,0,2,14],[4,0,4,14],[5,0,5,14],[6,0,6,14],[7,0,7,14],[19,8,19,10],[19,11,20,11],[19,12,19,14],[21,2,21,4],[22,0,22,14],[23,2,23,4],[8,2,8,6],[15,5,15,14],[18,0,20,0],[18,1,20,1],[18,2,20,4],[18,5,20,5],[18,6,20,6],[18,7,18,10],[18,11,18,14],[19,7,20,7],[34,2,34,14],[35,2,35,14],[36,2,36,14],[39,2,39,4],[40,2,40,14],[41,2,41,14],[24,2,24,14],[25,2,25,14],[28,2,28,4],[29,2,29,14],[30,2,30,14],[33,2,33,4],[50,2,50,14],[53,0,53,14],[54,2,54,4],[55,2,55,14],[56,2,56,14],[59,2,59,4],[42,0,42,14],[43,2,43,4],[44,2,44,14],[45,2,45,14],[48,2,48,4],[49,2,49,14],[68,2,68,14],[69,2,69,14],[70,2,70,14],[73,2,73,4],[74,2,74,14],[75,2,75,4],[60,2,60,14],[61,2,61,14],[62,2,62,14],[65,0,65,10],[66,0,66,14],[67,2,67,4],[86,2,86,4],[87,2,87,14],[88,2,88,14],[89,2,89,4],[90,2,90,14],[91,2,91,14],[76,2,76,14],[77,2,77,14],[78,2,78,14],[81,2,81,4],[82,2,82,14],[83,2,83,14],[100,2,100,14],[101,2,101,14],[102,2,102,14],[105,2,105,4],[106,2,106,14],[107,2,107,14],[92,2,92,14],[95,2,95,4],[96,2,96,14],[97,2,97,14],[98,2,98,4],[99,2,99,14],[116,2,116,14],[119,2,119,4],[120,2,120,14],[121,2,121,14],[122,2,122,4],[123,2,123,14],[108,2,108,4],[109,2,109,14],[110,2,110,14],[111,2,111,14],[114,2,114,4],[115,2,115,14],[130,2,130,14],[131,2,131,4],[132,2,132,14],[133,2,133,14],[134,2,134,4],[135,2,135,14],[124,2,124,14],[125,2,125,4],[126,2,126,14],[127,2,127,14],[128,2,128,4],[129,2,129,14],[142,2,142,4],[143,2,143,14],[144,2,144,4],[145,2,145,14],[146,2,146,4],[147,2,147,14],[136,2,136,14],[137,2,137,4],[138,2,138,14],[139,2,139,14],[140,2,140,4],[141,2,141,14],[154,2,154,4],[155,2,155,14],[156,2,156,14],[157,2,157,14],[160,2,160,4],[161,2,161,14],[148,2,148,4],[149,2,149,14],[150,2,150,4],[151,2,151,14],[152,2,152,4],[153,2,153,14],[170,2,170,14],[171,2,171,14],[172,2,172,14],[175,2,175,4],[176,2,176,14],[177,2,177,14],[162,2,162,14],[163,2,163,4],[164,2,164,14],[165,2,165,14],[168,0,168,14],[169,2,169,4],[184,2,184,14],[187,2,187,4],[188,2,188,14],[189,2,189,14],[190,2,190,14],[193,2,193,4],[178,2,178,4],[179,2,179,14],[180,0,180,14],[181,2,181,4],[182,2,182,14],[183,2,183,14],[200,2,200,4],[201,2,201,14],[202,2,202,14],[203,2,203,14],[206,2,206,4],[207,2,207,14],[194,2,194,14],[195,2,195,14],[196,2,196,4],[197,2,197,14],[198,2,198,14],[199,0,199,14],[216,2,216,4],[217,2,217,14],[218,2,218,14],[219,0,219,10],[220,0,220,14],[221,2,221,4],[208,2,208,14],[209,2,209,4],[210,2,210,14],[211,2,211,14],[212,2,212,14],[213,2,213,14],[230,2,230,14],[231,2,231,14],[232,2,232,14],[235,2,235,4],[236,2,236,14],[237,2,237,14],[222,2,222,14],[223,2,223,14],[224,2,224,14],[227,2,227,4],[228,2,228,14],[229,2,229,4],[246,2,246,14],[249,2,249,4],[250,2,250,14],[251,2,251,14],[252,2,252,4],[253,2,253,14],[240,2,240,4],[241,2,241,14],[242,2,242,14],[243,2,243,4],[244,2,244,14],[245,2,245,14],[264,2,264,14],[265,2,265,14],[266,2,266,4],[267,2,267,14],[268,2,268,14],[269,2,269,4],[254,2,254,14],[255,2,255,14],[258,2,258,4],[259,2,259,14],[260,2,260,14],[263,2,263,4],[276,2,276,14],[277,2,277,4],[278,2,278,14],[279,0,279,10],[280,0,280,14],[281,0,281,14],[270,2,270,14],[271,2,271,14],[272,2,272,4],[273,2,273,14],[274,2,274,14],[275,2,275,4],[290,2,290,14],[293,2,293,4],[294,2,294,14],[295,2,295,14],[296,2,296,4],[297,2,297,14],[282,2,282,4],[283,2,283,14],[284,2,284,14],[285,2,285,14],[288,2,288,4],[289,2,289,14],[308,2,308,14],[309,2,309,14],[310,2,310,4],[311,2,311,14],[312,2,312,14],[313,0,313,14],[298,2,298,14],[299,2,299,14],[302,2,302,4],[303,2,303,14],[304,2,304,14],[307,2,307,4],[322,2,322,14],[325,2,325,4],[326,2,326,14],[327,2,327,14],[328,2,328,4],[329,2,329,14],[314,2,314,4],[315,2,315,14],[316,2,316,14],[317,2,317,14],[320,2,320,4],[321,2,321,14],[340,2,340,14],[341,2,341,14],[342,2,342,4],[343,2,343,14],[344,2,344,14],[345,2,345,4],[330,2,330,14],[331,2,331,14],[334,2,334,4],[335,2,335,14],[336,2,336,14],[339,2,339,4],[354,2,354,4],[355,2,355,14],[356,2,356,14],[359,2,359,4],[360,2,360,14],[361,2,361,14],[346,2,346,14],[347,0,347,10],[348,0,348,14],[349,2,349,4],[350,2,350,14],[351,2,351,14],[370,2,370,14],[371,2,371,4],[372,2,372,14],[373,0,373,10],[374,0,374,10],[375,0,375,10],[364,0,364,10],[365,0,365,14],[366,0,366,14],[367,2,367,4],[368,2,368,14],[369,2,369,4],[382,0,382,10],[383,0,383,10],[384,0,384,10],[385,0,385,10],[386,0,386,10],[387,0,387,10],[376,0,376,10],[377,0,377,10],[378,0,378,10],[379,0,379,10],[380,0,380,10],[381,0,381,10],[394,0,394,10],[395,0,395,10],[396,0,396,10],[397,0,397,10],[398,0,398,10],[399,0,399,10],[388,0,388,10],[389,0,389,10],[390,0,390,10],[391,0,391,10],[392,0,392,10],[393,0,393,10],[406,0,406,10],[407,0,407,10],[408,0,408,10],[409,0,409,10],[410,0,410,10],[411,0,411,10],[400,0,400,10],[401,0,401,10],[402,0,402,10],[403,0,403,10],[404,0,404,10],[405,0,405,10],[418,0,418,10],[419,0,419,10],[420,0,420,10],[421,0,421,10],[422,0,422,10],[423,0,423,10],[412,0,412,10],[413,0,413,10],[414,0,414,10],[415,0,415,10],[416,0,416,10],[417,0,417,10],[430,0,430,10],[431,0,431,10],[432,0,432,10],[433,0,433,10],[434,0,434,10],[435,0,435,10],[424,0,424,10],[425,0,425,10],[426,0,426,10],[427,0,427,10],[428,0,428,10],[429,0,429,10],[442,0,442,10],[443,0,443,10],[444,0,444,10],[445,0,445,10],[446,0,446,10],[447,0,447,10],[436,0,436,10],[437,0,437,10],[438,0,438,10],[439,0,439,10],[440,0,440,10],[441,0,441,10],[454,0,454,10],[455,0,455,10],[456,0,456,10],[457,0,457,10],[458,0,458,10],[459,0,459,10],[448,0,448,10],[449,0,449,10],[450,0,450,10],[451,0,451,10],[452,0,452,10],[453,0,453,10],[466,0,466,10],[467,0,467,10],[468,0,468,10],[469,0,469,10],[470,0,470,10],[473,8,473,10],[460,0,460,10],[461,0,461,10],[462,0,462,10],[463,0,463,10],[464,0,464,10],[465,0,465,10]]}
[]
["Терминал по перевалке минеральных удобрений в морском торговом порту Усть-Луга. Береговые объекты терминала",null,null,null,null,null,null,null,null,null,null,null,null,null,null,null,null,null,"Терминал по перевалке минеральных удобрений в морском торговом порту Усть-Луга. Береговые объекты терминала","","","","","","","","","","","","","",""]
["(наименование стройки)"]
[]
["ЛОКАЛЬНАЯ СМЕТА № 1632-2021-3.4-КЖ_01.05.060-П-01-01"]
["(локальная смета)"]
["на Конструкции железобетонные, 07.06.060 Ангар для хранения ТМЦ (код SAP 01.05.019) код ГП 3.4",null,null,null,null,null,null,null,null,null,null,null,null,null,null,null,null,null,null,null,null,null,null,null,null,null,null,null,null,null,null,null,null,"на Конструкции железобетонные, 07.06.060 Ангар для хранения ТМЦ (код SAP 01.05.019) код ГП 3.4","","","","","","","","","","","","","",""]
["(наименование работ и затрат, наименование объекта)"]
[null,"Основание:","1632-2021-3.4-КЖ",null,null,null,null,null,null,null,null,null,null,null,null,null,null,null,null,null,null,null,null,null,null,null,null,null,null,null,null,null,null,null,null,null,null,null,null,null,null,null,null,null,null,null,null,null,"1632-2021-3.4-КЖ","","","",""]
[null,"Сметная стоимость",null,null,16667295.49,"руб."]
[null,"   строительных работ",null,null,11620926.92,"руб."]
[null,"   монтажных работ",null,null,21502.27,"руб."]
[null,"Средства на оплату труда",null,null,1536066.61,"руб."]
[null,"Сметная трудоемкость",null,null,2694.13,"чел.час"]
[null,"Трудозатраты механизаторов",null,null,323,"чел.час"]
[null,"Составлен(а) в текущих (прогнозных) ценах по состоянию на ",null,null,null,null,null,null,null,null,null,null,null,null,null,null,null,null,null,null,null,null,null,null,null,null,null,null,null,null,null,null,null,null,null,null,null,null,null,null,null,null,null,null,null,null,null,null,null,null,null,null,null,"","","","","","","","","",""]
[]
[]
["№ п/п","Обоснование","Наименование работ и затрат",null,null,"Единица измерения","Кол-во","Стоимость единицы, руб.",null,null,null,"Общая стоимость, руб."]
[null,null,null,null,null,null,null,"Всего","В том числе",null,null,"Всего","В том числе"]
[null,null,null,null,null,null,null,null,"Осн.З/п","Эк.Маш","З/пМех",null,"Осн.З/п","Эк.Маш","З/пМех"]
[1,2,3,null,null,4,5,6,7,8,9,10,11,12,13]
["Раздел 1. Земляные работы",null,null,null,null,null,null,null,null,null,null,null,null,null,null,null,null,null,null,null,null,null,null,null,null,null,null,null,null,null,null,null,null,null,null,null,null,null,null,null,null,null,null,null,null,null,null,null,null,null,null,null,null,null,null,null,null,null,null,null,null,null,null,"Раздел 1. Земляные работы"]
["1","ТЕР01-01-003-08\nПриказ Администрации ЛО от 20.10.15 №28","Разработка грунта в отвал экскаваторами «драглайн» или «обратная лопата» с ковшом вместимостью: 0,65 (0,5-1) м3, группа грунтов  2",null,null,"1000 м3 грунта",0.94557999999999998,47468.59,5187.08,42281.51,18691.88,44885.35,4904.8,39980.550000000003,17674.669999999998,null,null,null,null,null,null,null,null,null,null,null,null,null,null,null,null,null,null,null,null,null,null,null,null,null,null,null,null,null,null,null,null,null,null,null,null,null,null,null,null,null,null,null,null,null,null,null,null,null,"Разработка грунта в отвал экскаваторами «драглайн» или «обратная лопата» с ковшом вместимостью: 0,65 (0,5-1) м3, группа грунтов  2"]
[null,"421/пр_2020_прил.10_т.1_п.2_гр.3"," Производство работ осуществляется на территории действующего предприятия с наличием в зоне производства работ одного или нескольких из следующих факторов:\n- разветвленной сети транспортных и инженерных коммуникаций;\n- стесненных условий для складирования материалов;\n- действующего технологического оборудования;\n- движения технологического транспорта ОЗП=1,15; ЭМ=1,15 к расх.; ЗПМ=1,15; ТЗ=1,15; ТЗМ=1,15",null,null,null,null,null,null,null,null,null,null,null,null,null,null,null,null,null,null,null,null,null,null,null,null,null,null,null,null,null,null,null,null,null,null,null,null,null,null,null,null,null,null,null,null,null,null,null,null,null,null,null,null,null,null,null,null,null,null,null,null,null,null," Производство работ осуществляется на территории действующего предприятия с наличием в зоне производства работ одного или нескольких из следующих факторов:\n- разветвленной сети транспортных и инженерных коммуникаций;\n- стесненных условий для складирования материалов;\n- действующего технологического оборудования;\n- движения технологического транспорта ОЗП=1,15; ЭМ=1,15 к расх.; ЗПМ=1,15; ТЗ=1,15; ТЗМ=1,15"]
[null,"1","ИНДЕКС К ПОЗИЦИИ: II кв. 2025 г. Минстрой письмо №29761-ИФ/09 от 23.05.2025 г. (ПРОЧИЕ, ТЕР-2001) ОЗП=29,1; ЭМ=11,55; ЗПМ=29,1; МАТ=8,66",null,null,null,null,null,null,null,null,null,null,null,null,null,null,null,null,null,null,null,null,null,null,null,null,null,null,null,null,null,null,null,null,null,null,null,null,null,null,null,null,null,null,null,null,null,null,null,null,null,null,null,null,null,null,null,null,null,null,null,null,null,null,null,"ИНДЕКС К ПОЗИЦИИ: II кв. 2025 г. Минстрой письмо №29761-ИФ/09 от 23.05.2025 г. (ПРОЧИЕ, ТЕР-2001) ОЗП=29,1; ЭМ=11,55; ЗПМ=29,1; МАТ=8,66"]
[null,null,null,null,"Накладные расходы 92% ФОТ (от 22 579,47)",null,null,null,null,null,null,20773.11]
[null,null,null,null,"Сметная прибыль 46% ФОТ (от 22 579,47)",null,null,null,null,null,null,10386.56]
["2","ТЕР01-01-013-08\nПриказ Администрации ЛО от 20.10.15 №28","Разработка грунта с погрузкой на автомобили-самосвалы экскаваторами с ковшом вместимостью: 0,65 (0,5-1) м3, группа грунтов  2",null,null,"1000 м3 грунта",0.34239999999999998,62493.97,5647.22,56752.27,27163.54,21397.94,1933.61,19431.98,9300.7999999999993,null,null,null,null,null,null,null,null,null,null,null,null,null,null,null,null,null,null,null,null,null,null,null,null,null,null,null,null,null,null,null,null,null,null,null,null,null,null,null,null,null,null,null,null,null,null,null,null,null,"Разработка грунта с погрузкой на автомобили-самосвалы экскаваторами с ковшом вместимостью: 0,65 (0,5-1) м3, группа грунтов  2"]
[null,"421/пр_2020_прил.10_т.1_п.2_гр.3"," Производство работ осуществляется на территории действующего предприятия с наличием в зоне производства работ одного или нескольких из следующих факторов:\n- разветвленной сети транспортных и инженерных коммуникаций;\n- стесненных условий для складирования материалов;\n- действующего технологического оборудования;\n- движения технологического транспорта ОЗП=1,15; ЭМ=1,15 к расх.; ЗПМ=1,15; ТЗ=1,15; ТЗМ=1,15",null,null,null,null,null,null,null,null,null,null,null,null,null,null,null,null,null,null,null,null,null,null,null,null,null,null,null,null,null,null,null,null,null,null,null,null,null,null,null,null,null,null,null,null,null,null,null,null,null,null,null,null,null,null,null,null,null,null,null,null,null,null," Производство работ осуществляется на территории действующего предприятия с наличием в зоне производства работ одного или нескольких из следующих факторов:\n- разветвленной сети транспортных и инженерных коммуникаций;\n- стесненных условий для складирования материалов;\n- действующего технологического оборудования;\n- движения технологического транспорта ОЗП=1,15; ЭМ=1,15 к расх.; ЗПМ=1,15; ТЗ=1,15; ТЗМ=1,15"]
[null,"1","ИНДЕКС К ПОЗИЦИИ: II кв. 2025 г. Минстрой письмо №29761-ИФ/09 от 23.05.2025 г. (ПРОЧИЕ, ТЕР-2001) ОЗП=29,1; ЭМ=11,55; ЗПМ=29,1; МАТ=8,66",null,null,null,null,null,null,null,null,null,null,null,null,null,null,null,null,null,null,null,null,null,null,null,null,null,null,null,null,null,null,null,null,null,null,null,null,null,null,null,null,null,null,null,null,null,null,null,null,null,null,null,null,null,null,null,null,null,null,null,null,null,null,null,"ИНДЕКС К ПОЗИЦИИ: II кв. 2025 г. Минстрой письмо №29761-ИФ/09 от 23.05.2025 г. (ПРОЧИЕ, ТЕР-2001) ОЗП=29,1; ЭМ=11,55; ЗПМ=29,1; МАТ=8,66"]
[null,null,null,null,"Накладные расходы 92% ФОТ (от 11 234,41)",null,null,null,null,null,null,10335.66]
[null,null,null,null,"Сметная прибыль 46% ФОТ (от 11 234,41)",null,null,null,null,null,null,5167.83]
["3","ТЕР01-02-057-02\nПриказ Администрации ЛО от 20.10.15 №28","Разработка грунта вручную в траншеях глубиной до 2 м без креплений с откосами, группа грунтов: 2//подчистка дна котлована с выкидкой к ковшу экскаватора",null,null,"100 м3 грунта",0.05,91466.27,91466.27,null,null,4573.3100000000004,4573.3100000000004,null,null,null,null,null,null,null,null,null,null,null,null,null,null,null,null,null,null,null,null,null,null,null,null,null,null,null,null,null,null,null,null,null,null,null,null,null,null,null,null,null,null,null,null,null,null,null,null,null,null,null,"Разработка грунта вручную в траншеях глубиной до 2 м без креплений с откосами, группа грунтов: 2//подчистка дна котлована с выкидкой к ковшу экскаватора"]
[null,"Прил.1.12 п.3.187"," Доработка вручную, зачистка дна и стенок с выкидкой грунта в котлованах и траншеях, разработанных механизированным способом ОЗП=1,2; ТЗ=1,2",null,null,null,null,null,null,null,null,null,null,null,null,null,null,null,null,null,null,null,null,null,null,null,null,null,null,null,null,null,null,null,null,null,null,null,null,null,null,null,null,null,null,null,null,null,null,null,null,null,null,null,null,null,null,null,null,null,null,null,null,null,null," Доработка вручную, зачистка дна и стенок с выкидкой грунта в котлованах и траншеях, разработанных механизированным способом ОЗП=1,2; ТЗ=1,2"]
[null,"421/пр_2020_прил.10_т.1_п.2_гр.3"," Производство работ осуществляется на территории действующего предприятия с наличием в зоне производства работ одного или нескольких из следующих факторов:\n- разветвленной сети транспортных и инженерных коммуникаций;\n- стесненных условий для складирования материалов;\n- действующего технологического оборудования;\n- движения технологического транспорта ОЗП=1,15; ЭМ=1,15 к расх.; ЗПМ=1,15; ТЗ=1,15; ТЗМ=1,15",null,null,null,null,null,null,null,null,null,null,null,null,null,null,null,null,null,null,null,null,null,null,null,null,null,null,null,null,null,null,null,null,null,null,null,null,null,null,null,null,null,null,null,null,null,null,null,null,null,null,null,null,null,null,null,null,null,null,null,null,null,null," Производство работ осуществляется на территории действующего предприятия с наличием в зоне производства работ одного или нескольких из следующих факторов:\n- разветвленной сети транспортных и инженерных коммуникаций;\n- стесненных условий для складирования материалов;\n- действующего технологического оборудования;\n- движения технологического транспорта ОЗП=1,15; ЭМ=1,15 к расх.; ЗПМ=1,15; ТЗ=1,15; ТЗМ=1,15"]
[null,"1","ИНДЕКС К ПОЗИЦИИ: II кв. 2025 г. Минстрой письмо №29761-ИФ/09 от 23.05.2025 г. (ПРОЧИЕ, ТЕР-2001) ОЗП=29,1; ЭМ=11,55; ЗПМ=29,1; МАТ=8,66",null,null,null,null,null,null,null,null,null,null,null,null,null,null,null,null,null,null,null,null,null,null,null,null,null,null,null,null,null,null,null,null,null,null,null,null,null,null,null,null,null,null,null,null,null,null,null,null,null,null,null,null,null,null,null,null,null,null,null,null,null,null,null,"ИНДЕКС К ПОЗИЦИИ: II кв. 2025 г. Минстрой письмо №29761-ИФ/09 от 23.05.2025 г. (ПРОЧИЕ, ТЕР-2001) ОЗП=29,1; ЭМ=11,55; ЗПМ=29,1; МАТ=8,66"]
[null,null,null,null,"Накладные расходы 89% ФОТ (от 4 573,31)",null,null,null,null,null,null,4070.25]
[null,null,null,null,"Сметная прибыль 40% ФОТ (от 4 573,31)",null,null,null,null,null,null,1829.32]
["4","ТССЦпг-03-21-01-190\nПриказ Администрации ЛО от 20.10.15 №28","Перевозка грузов автомобилями-самосвалами грузоподъемностью 10 т, работающих вне карьера, на расстояние: до 190 км I класс груза",null,null,"1 т груза",616.32000000000005,2189.85,null,2189.85,null,1349648.35,null,1349648.35,null,null,null,null,null,null,null,null,null,null,null,null,null,null,null,null,null,null,null,null,null,null,null,null,null,null,null,null,null,null,null,null,null,null,null,null,null,null,null,null,null,null,null,null,null,null,null,null,null,null,"Перевозка грузов автомобилями-самосвалами грузоподъемностью 10 т, работающих вне карьера, на расстояние: до 190 км I класс груза"]
[null,"421/пр_2020_прил.10_т.1_п.2_гр.3"," Производство работ осуществляется на территории действующего предприятия с наличием в зоне производства работ одного или нескольких из следующих факторов:\n- разветвленной сети транспортных и инженерных коммуникаций;\n- стесненных условий для складирования материалов;\n- действующего технологического оборудования;\n- движения технологического транспорта ОЗП=1,15; ЭМ=1,15 к расх.; ЗПМ=1,15; ТЗ=1,15; ТЗМ=1,15",null,null,null,null,null,null,null,null,null,null,null,null,null,null,null,null,null,null,null,null,null,null,null,null,null,null,null,null,null,null,null,null,null,null,null,null,null,null,null,null,null,null,null,null,null,null,null,null,null,null,null,null,null,null,null,null,null,null,null,null,null,null," Производство работ осуществляется на территории действующего предприятия с наличием в зоне производства работ одного или нескольких из следующих факторов:\n- разветвленной сети транспортных и инженерных коммуникаций;\n- стесненных условий для складирования материалов;\n- действующего технологического оборудования;\n- движения технологического транспорта ОЗП=1,15; ЭМ=1,15 к расх.; ЗПМ=1,15; ТЗ=1,15; ТЗМ=1,15"]
[null,"3","ИНДЕКС К ПОЗИЦИИ: II кв. 2025 г. Минстрой письмо №29761-ИФ/09 от 23.05.2025 г. (авт_САМОСВ) ЭМ=17,63",null,null,null,null,null,null,null,null,null,null,null,null,null,null,null,null,null,null,null,null,null,null,null,null,null,null,null,null,null,null,null,null,null,null,null,null,null,null,null,null,null,null,null,null,null,null,null,null,null,null,null,null,null,null,null,null,null,null,null,null,null,null,null,"ИНДЕКС К ПОЗИЦИИ: II кв. 2025 г. Минстрой письмо №29761-ИФ/09 от 23.05.2025 г. (авт_САМОСВ) ЭМ=17,63"]
["Обратная засыпка местным грунтом",null,null,null,null,null,null,null,null,null,null,null,null,null,null,null,null,null,null,null,null,null,null,null,null,null,null,null,null,null,null,null,null,null,null,null,null,null,null,null,null,null,null,null,null,null,null,null,null,null,null,null,null,null,null,null,null,null,null,null,null,null,null,null,null,null,null,"Обратная засыпка местным грунтом"]
["5","ТЕР01-02-005-01\nПриказ Администрации ЛО от 20.10.15 №28","Уплотнение грунта пневматическими трамбовками, группа грунтов: 1-2",null,null,"100 м3 уплотненного грунта",9.5058000000000007,10914.12,6780.34,4133.78,1857.64,103747.44,64452.56,39294.879999999997,17658.349999999999,null,null,null,null,null,null,null,null,null,null,null,null,null,null,null,null,null,null,null,null,null,null,null,null,null,null,null,null,null,null,null,null,null,null,null,null,null,null,null,null,null,null,null,null,null,null,null,null,null,"Уплотнение грунта пневматическими трамбовками, группа грунтов: 1-2"]
[null,"421/пр_2020_прил.10_т.1_п.2_гр.3"," Производство работ осуществляется на территории действующего предприятия с наличием в зоне производства работ одного или нескольких из следующих факторов:\n- разветвленной сети транспортных и инженерных коммуникаций;\n- стесненных условий для складирования материалов;\n- действующего технологического оборудования;\n- движения технологического транспорта ОЗП=1,15; ЭМ=1,15 к расх.; ЗПМ=1,15; ТЗ=1,15; ТЗМ=1,15",null,null,null,null,null,null,null,null,null,null,null,null,null,null,null,null,null,null,null,null,null,null,null,null,null,null,null,null,null,null,null,null,null,null,null,null,null,null,null,null,null,null,null,null,null,null,null,null,null,null,null,null,null,null,null,null,null,null,null,null,null,null," Производство работ осуществляется на территории действующего предприятия с наличием в зоне производства работ одного или нескольких из следующих факторов:\n- разветвленной сети транспортных и инженерных коммуникаций;\n- стесненных условий для складирования материалов;\n- действующего технологического оборудования;\n- движения технологического транспорта ОЗП=1,15; ЭМ=1,15 к расх.; ЗПМ=1,15; ТЗ=1,15; ТЗМ=1,15"]
[null,"1","ИНДЕКС К ПОЗИЦИИ: II кв. 2025 г. Минстрой письмо №29761-ИФ/09 от 23.05.2025 г. (ПРОЧИЕ, ТЕР-2001) ОЗП=29,1; ЭМ=11,55; ЗПМ=29,1; МАТ=8,66",null,null,null,null,null,null,null,null,null,null,null,null,null,null,null,null,null,null,null,null,null,null,null,null,null,null,null,null,null,null,null,null,null,null,null,null,null,null,null,null,null,null,null,null,null,null,null,null,null,null,null,null,null,null,null,null,null,null,null,null,null,null,null,"ИНДЕКС К ПОЗИЦИИ: II кв. 2025 г. Минстрой письмо №29761-ИФ/09 от 23.05.2025 г. (ПРОЧИЕ, ТЕР-2001) ОЗП=29,1; ЭМ=11,55; ЗПМ=29,1; МАТ=8,66"]
[null,null,null,null,"Накладные расходы 92% ФОТ (от 82 110,91)",null,null,null,null,null,null,75542.039999999994]
[null,null,null,null,"Сметная прибыль 46% ФОТ (от 82 110,91)",null,null,null,null,null,null,37771.019999999997]
["6","ТЕР01-01-033-04\nПриказ Администрации ЛО от 20.10.15 №28","Засыпка траншей и котлованов с перемещением грунта до 5 м бульдозерами мощностью: 79 кВт (108 л.с.), группа грунтов 1",null,null,"1000 м3 грунта",0.95057999999999998,4404.34,null,4404.34,2873.3,4186.68,null,4186.68,2731.3,null,null,null,null,null,null,null,null,null,null,null,null,null,null,null,null,null,null,null,null,null,null,null,null,null,null,null,null,null,null,null,null,null,null,null,null,null,null,null,null,null,null,null,null,null,null,null,null,null,"Засыпка траншей и котлованов с перемещением грунта до 5 м бульдозерами мощностью: 79 кВт (108 л.с.), группа грунтов 1"]
[null,"421/пр_2020_прил.10_т.1_п.2_гр.3"," Производство работ осуществляется на территории действующего предприятия с наличием в зоне производства работ одного или нескольких из следующих факторов:\n- разветвленной сети транспортных и инженерных коммуникаций;\n- стесненных условий для складирования материалов;\n- действующего технологического оборудования;\n- движения технологического транспорта ОЗП=1,15; ЭМ=1,15 к расх.; ЗПМ=1,15; ТЗ=1,15; ТЗМ=1,15",null,null,null,null,null,null,null,null,null,null,null,null,null,null,null,null,null,null,null,null,null,null,null,null,null,null,null,null,null,null,null,null,null,null,null,null,null,null,null,null,null,null,null,null,null,null,null,null,null,null,null,null,null,null,null,null,null,null,null,null,null,null," Производство работ осуществляется на территории действующего предприятия с наличием в зоне производства работ одного или нескольких из следующих факторов:\n- разветвленной сети транспортных и инженерных коммуникаций;\n- стесненных условий для складирования материалов;\n- действующего технологического оборудования;\n- движения технологического транспорта ОЗП=1,15; ЭМ=1,15 к расх.; ЗПМ=1,15; ТЗ=1,15; ТЗМ=1,15"]
[null,"1","ИНДЕКС К ПОЗИЦИИ: II кв. 2025 г. Минстрой письмо №29761-ИФ/09 от 23.05.2025 г. (ПРОЧИЕ, ТЕР-2001) ОЗП=29,1; ЭМ=11,55; ЗПМ=29,1; МАТ=8,66",null,null,null,null,null,null,null,null,null,null,null,null,null,null,null,null,null,null,null,null,null,null,null,null,null,null,null,null,null,null,null,null,null,null,null,null,null,null,null,null,null,null,null,null,null,null,null,null,null,null,null,null,null,null,null,null,null,null,null,null,null,null,null,"ИНДЕКС К ПОЗИЦИИ: II кв. 2025 г. Минстрой письмо №29761-ИФ/09 от 23.05.2025 г. (ПРОЧИЕ, ТЕР-2001) ОЗП=29,1; ЭМ=11,55; ЗПМ=29,1; МАТ=8,66"]
[null,null,null,null,"Накладные расходы 92% ФОТ (от 2 731,30)",null,null,null,null,null,null,2512.8000000000002]
[null,null,null,null,"Сметная прибыль 46% ФОТ (от 2 731,30)",null,null,null,null,null,null,1256.4000000000001]
["Уплотнение основания по фундамент до к=0,98 (ОП п.12, л.1)",null,null,null,null,null,null,null,null,null,null,null,null,null,null,null,null,null,null,null,null,null,null,null,null,null,null,null,null,null,null,null,null,null,null,null,null,null,null,null,null,null,null,null,null,null,null,null,null,null,null,null,null,null,null,null,null,null,null,null,null,null,null,null,null,null,null,"Уплотнение основания по фундамент до к=0,98 (ОП п.12, л.1)"]
["7","ТЕР01-02-001-06\nПриказ Администрации ЛО от 20.10.15 №28","Уплотнение грунта прицепными катками на пневмоколесном ходу 25 т на первый проход по одному следу при толщине слоя: 60 см\nСНиП III-8-76 прил. 3: грунт несвязный, К=0,98, 8 проходов\nОП п.13, л.3 п.4",null,null,"1000 м3 уплотненного грунта",0.33900000000000002,5574,null,5574,3455.26,1889.59,null,1889.59,1171.33,null,null,null,null,null,null,null,null,null,null,null,null,null,null,null,null,null,null,null,null,null,null,null,null,null,null,null,null,null,null,null,null,null,null,null,null,null,null,null,null,null,null,null,null,null,null,null,null,null,"Уплотнение грунта прицепными катками на пневмоколесном ходу 25 т на первый проход по одному следу при толщине слоя: 60 см\nСНиП III-8-76 прил. 3: грунт несвязный, К=0,98, 8 проходов\nОП п.13, л.3 п.4"]
[null,"421/пр_2020_прил.10_т.1_п.2_гр.3"," Производство работ осуществляется на территории действующего предприятия с наличием в зоне производства работ одного или нескольких из следующих факторов:\n- разветвленной сети транспортных и инженерных коммуникаций;\n- стесненных условий для складирования материалов;\n- действующего технологического оборудования;\n- движения технологического транспорта ОЗП=1,15; ЭМ=1,15 к расх.; ЗПМ=1,15; ТЗ=1,15; ТЗМ=1,15",null,null,null,null,null,null,null,null,null,null,null,null,null,null,null,null,null,null,null,null,null,null,null,null,null,null,null,null,null,null,null,null,null,null,null,null,null,null,null,null,null,null,null,null,null,null,null,null,null,null,null,null,null,null,null,null,null,null,null,null,null,null," Производство работ осуществляется на территории действующего предприятия с наличием в зоне производства работ одного или нескольких из следующих факторов:\n- разветвленной сети транспортных и инженерных коммуникаций;\n- стесненных условий для складирования материалов;\n- действующего технологического оборудования;\n- движения технологического транспорта ОЗП=1,15; ЭМ=1,15 к расх.; ЗПМ=1,15; ТЗ=1,15; ТЗМ=1,15"]
[null,"1","ИНДЕКС К ПОЗИЦИИ: II кв. 2025 г. Минстрой письмо №29761-ИФ/09 от 23.05.2025 г. (ПРОЧИЕ, ТЕР-2001) ОЗП=29,1; ЭМ=11,55; ЗПМ=29,1; МАТ=8,66",null,null,null,null,null,null,null,null,null,null,null,null,null,null,null,null,null,null,null,null,null,null,null,null,null,null,null,null,null,null,null,null,null,null,null,null,null,null,null,null,null,null,null,null,null,null,null,null,null,null,null,null,null,null,null,null,null,null,null,null,null,null,null,"ИНДЕКС К ПОЗИЦИИ: II кв. 2025 г. Минстрой письмо №29761-ИФ/09 от 23.05.2025 г. (ПРОЧИЕ, ТЕР-2001) ОЗП=29,1; ЭМ=11,55; ЗПМ=29,1; МАТ=8,66"]
[null,null,null,null,"Накладные расходы 92% ФОТ (от 1 171,33)",null,null,null,null,null,null,1077.6199999999999]
[null,null,null,null,"Сметная прибыль 46% ФОТ (от 1 171,33)",null,null,null,null,null,null,538.80999999999995]
["8","ТЕР01-02-001-12\nПриказ Администрации ЛО от 20.10.15 №28","На каждый последующий проход по одному следу добавлять: к расценке 01-02-001-06\nК=7",null,null,"1000 м3 уплотненного грунта",0.33900000000000002,7394.5,null,7394.5,3555.99,2506.7399999999998,null,2506.7399999999998,1205.48,null,null,null,null,null,null,null,null,null,null,null,null,null,null,null,null,null,null,null,null,null,null,null,null,null,null,null,null,null,null,null,null,null,null,null,null,null,null,null,null,null,null,null,null,null,null,null,null,null,"На каждый последующий проход по одному следу добавлять: к расценке 01-02-001-06\nК=7"]
[null,null," К=6 (7 проходов) ПЗ=7 (ОЗП=7; ЭМ=7 к расх.; ЗПМ=7; МАТ=7 к расх.; ТЗ=7; ТЗМ=7)",null,null,null,null,null,null,null,null,null,null,null,null,null,null,null,null,null,null,null,null,null,null,null,null,null,null,null,null,null,null,null,null,null,null,null,null,null,null,null,null,null,null,null,null,null,null,null,null,null,null,null,null,null,null,null,null,null,null,null,null,null,null," К=6 (7 проходов) ПЗ=7 (ОЗП=7; ЭМ=7 к расх.; ЗПМ=7; МАТ=7 к расх.; ТЗ=7; ТЗМ=7)"]
[null,"421/пр_2020_прил.10_т.1_п.2_гр.3"," Производство работ осуществляется на территории действующего предприятия с наличием в зоне производства работ одного или нескольких из следующих факторов:\n- разветвленной сети транспортных и инженерных коммуникаций;\n- стесненных условий для складирования материалов;\n- действующего технологического оборудования;\n- движения технологического транспорта ОЗП=1,15; ЭМ=1,15 к расх.; ЗПМ=1,15; ТЗ=1,15; ТЗМ=1,15",null,null,null,null,null,null,null,null,null,null,null,null,null,null,null,null,null,null,null,null,null,null,null,null,null,null,null,null,null,null,null,null,null,null,null,null,null,null,null,null,null,null,null,null,null,null,null,null,null,null,null,null,null,null,null,null,null,null,null,null,null,null," Производство работ осуществляется на территории действующего предприятия с наличием в зоне производства работ одного или нескольких из следующих факторов:\n- разветвленной сети транспортных и инженерных коммуникаций;\n- стесненных условий для складирования материалов;\n- действующего технологического оборудования;\n- движения технологического транспорта ОЗП=1,15; ЭМ=1,15 к расх.; ЗПМ=1,15; ТЗ=1,15; ТЗМ=1,15"]
[null,"1","ИНДЕКС К ПОЗИЦИИ: II кв. 2025 г. Минстрой письмо №29761-ИФ/09 от 23.05.2025 г. (ПРОЧИЕ, ТЕР-2001) ОЗП=29,1; ЭМ=11,55; ЗПМ=29,1; МАТ=8,66",null,null,null,null,null,null,null,null,null,null,null,null,null,null,null,null,null,null,null,null,null,null,null,null,null,null,null,null,null,null,null,null,null,null,null,null,null,null,null,null,null,null,null,null,null,null,null,null,null,null,null,null,null,null,null,null,null,null,null,null,null,null,null,"ИНДЕКС К ПОЗИЦИИ: II кв. 2025 г. Минстрой письмо №29761-ИФ/09 от 23.05.2025 г. (ПРОЧИЕ, ТЕР-2001) ОЗП=29,1; ЭМ=11,55; ЗПМ=29,1; МАТ=8,66"]
[null,null,null,null,"Накладные расходы 92% ФОТ (от 1 205,48)",null,null,null,null,null,null,1109.04]
[null,null,null,null,"Сметная прибыль 46% ФОТ (от 1 205,48)",null,null,null,null,null,null,554.52]
["Итого по разделу 1 Земляные работы",null,null,null,null,null,null,null,null,null,null,1705760.37,null,null,null,null,null,null,null,null,null,null,null,null,null,null,null,null,null,null,null,null,null,null,null,null,null,null,null,null,null,null,null,null,null,null,null,null,null,null,null,null,null,null,null,null,null,null,null,null,null,null,null,null,null,null,null,null,"Итого по разделу 1 Земляные работы"]
["Раздел 2. Фундамент ленточный (1632-2021-3.4-КЖ)",null,null,null,null,null,null,null,null,null,null,null,null,null,null,null,null,null,null,null,null,null,null,null,null,null,null,null,null,null,null,null,null,null,null,null,null,null,null,null,null,null,null,null,null,null,null,null,null,null,null,null,null,null,null,null,null,null,null,null,null,null,null,"Раздел 2. Фундамент ленточный (1632-2021-3.4-КЖ)"]
["9","ТЕР08-01-002-02\nПриказ Администрации ЛО от 20.10.15 №28","Устройство основания под фундаменты: щебеночного",null,null,"1 м3 основания",63.7,2096.56,1243.22,850.48,337.33,133550.87,79193.11,54175.58,21487.919999999998,null,null,null,null,null,null,null,null,null,null,null,null,null,null,null,null,null,null,null,null,null,null,null,null,null,null,null,null,null,null,null,null,null,null,null,null,null,null,null,null,null,null,null,null,null,null,null,null,null,"Устройство основания под фундаменты: щебеночного"]
[null,null,"101,51 = 436,36 - 1,3 x 257,58",null,null,null,null,null,null,null,null,null,null,null,null,null,null,null,null,null,null,null,null,null,null,null,null,null,null,null,null,null,null,null,null,null,null,null,null,null,null,null,null,null,null,null,null,null,null,null,null,null,null,null,null,null,null,null,null,null,null,null,null,null,null,null,null,null,null,"101,51 = 436,36 - 1,3 x 257,58"]
[null,"421/пр_2020_прил.10_т.1_п.2_гр.3"," Производство работ осуществляется на территории действующего предприятия с наличием в зоне производства работ одного или нескольких из следующих факторов:\n- разветвленной сети транспортных и инженерных коммуникаций;\n- стесненных условий для складирования материалов;\n- действующего технологического оборудования;\n- движения технологического транспорта ОЗП=1,15; ЭМ=1,15 к расх.; ЗПМ=1,15; ТЗ=1,15; ТЗМ=1,15",null,null,null,null,null,null,null,null,null,null,null,null,null,null,null,null,null,null,null,null,null,null,null,null,null,null,null,null,null,null,null,null,null,null,null,null,null,null,null,null,null,null,null,null,null,null,null,null,null,null,null,null,null,null,null,null,null,null,null,null,null,null," Производство работ осуществляется на территории действующего предприятия с наличием в зоне производства работ одного или нескольких из следующих факторов:\n- разветвленной сети транспортных и инженерных коммуникаций;\n- стесненных условий для складирования материалов;\n- действующего технологического оборудования;\n- движения технологического транспорта ОЗП=1,15; ЭМ=1,15 к расх.; ЗПМ=1,15; ТЗ=1,15; ТЗМ=1,15"]
[null,"1","ИНДЕКС К ПОЗИЦИИ: II кв. 2025 г. Минстрой письмо №29761-ИФ/09 от 23.05.2025 г. (ПРОЧИЕ, ТЕР-2001) ОЗП=29,1; ЭМ=11,55; ЗПМ=29,1; МАТ=8,66",null,null,null,null,null,null,null,null,null,null,null,null,null,null,null,null,null,null,null,null,null,null,null,null,null,null,null,null,null,null,null,null,null,null,null,null,null,null,null,null,null,null,null,null,null,null,null,null,null,null,null,null,null,null,null,null,null,null,null,null,null,null,null,"ИНДЕКС К ПОЗИЦИИ: II кв. 2025 г. Минстрой письмо №29761-ИФ/09 от 23.05.2025 г. (ПРОЧИЕ, ТЕР-2001) ОЗП=29,1; ЭМ=11,55; ЗПМ=29,1; МАТ=8,66"]
[null,null,null,null,"Накладные расходы 110% ФОТ (от 100 681,03)",null,null,null,null,null,null,110749.13]
[null,null,null,null,"Сметная прибыль 69% ФОТ (от 100 681,03)",null,null,null,null,null,null,69469.91]
["10","ТССЦ-408-0015\nПриказ Администрации ЛО от 20.10.15 №28","Щебень из природного камня для строительных работ марка: 800, фракция 20-40 мм",null,null,"м3",82.81,2362.71,null,null,null,195656.02,null,null,null,null,null,null,null,null,null,null,null,null,null,null,null,null,null,null,null,null,null,null,null,null,null,null,null,null,null,null,null,null,null,null,null,null,null,null,null,null,null,null,null,null,null,null,null,null,null,null,null,null,"Щебень из природного камня для строительных работ марка: 800, фракция 20-40 мм"]
[null,"1","ИНДЕКС К ПОЗИЦИИ: II кв. 2025 г. Минстрой письмо №29761-ИФ/09 от 23.05.2025 г. (ПРОЧИЕ, ТЕР-2001) ОЗП=29,1; ЭМ=11,55; ЗПМ=29,1; МАТ=8,66",null,null,null,null,null,null,null,null,null,null,null,null,null,null,null,null,null,null,null,null,null,null,null,null,null,null,null,null,null,null,null,null,null,null,null,null,null,null,null,null,null,null,null,null,null,null,null,null,null,null,null,null,null,null,null,null,null,null,null,null,null,null,null,"ИНДЕКС К ПОЗИЦИИ: II кв. 2025 г. Минстрой письмо №29761-ИФ/09 от 23.05.2025 г. (ПРОЧИЕ, ТЕР-2001) ОЗП=29,1; ЭМ=11,55; ЗПМ=29,1; МАТ=8,66"]
["11","ТЕР06-01-001-01\nПриказ Администрации ЛО от 20.10.15 №28","Устройство бетонной подготовки",null,null,"100 м3 бетона, бутобетона и железобетона в деле",0.28299999999999997,131306.43,89090.52,24177.74,14776.14,37159.72,25212.62,6842.3,4181.6499999999996,null,null,null,null,null,null,null,null,null,null,null,null,null,null,null,null,null,null,null,null,null,null,null,null,null,null,null,null,null,null,null,null,null,null,null,null,null,null,null,null,null,null,null,null,null,null,null,null,null,"Устройство бетонной подготовки"]
[null,null,"6 565,40 = 40 889,42 - 102 x 336,51",null,null,null,null,null,null,null,null,null,null,null,null,null,null,null,null,null,null,null,null,null,null,null,null,null,null,null,null,null,null,null,null,null,null,null,null,null,null,null,null,null,null,null,null,null,null,null,null,null,null,null,null,null,null,null,null,null,null,null,null,null,null,null,null,null,null,"6 565,40 = 40 889,42 - 102 x 336,51"]
[null,"421/пр_2020_прил.10_т.1_п.2_гр.3"," Производство работ осуществляется на территории действующего предприятия с наличием в зоне производства работ одного или нескольких из следующих факторов:\n- разветвленной сети транспортных и инженерных коммуникаций;\n- стесненных условий для складирования материалов;\n- действующего технологического оборудования;\n- движения технологического транспорта ОЗП=1,15; ЭМ=1,15 к расх.; ЗПМ=1,15; ТЗ=1,15; ТЗМ=1,15",null,null,null,null,null,null,null,null,null,null,null,null,null,null,null,null,null,null,null,null,null,null,null,null,null,null,null,null,null,null,null,null,null,null,null,null,null,null,null,null,null,null,null,null,null,null,null,null,null,null,null,null,null,null,null,null,null,null,null,null,null,null," Производство работ осуществляется на территории действующего предприятия с наличием в зоне производства работ одного или нескольких из следующих факторов:\n- разветвленной сети транспортных и инженерных коммуникаций;\n- стесненных условий для складирования материалов;\n- действующего технологического оборудования;\n- движения технологического транспорта ОЗП=1,15; ЭМ=1,15 к расх.; ЗПМ=1,15; ТЗ=1,15; ТЗМ=1,15"]
[null,"1","ИНДЕКС К ПОЗИЦИИ: II кв. 2025 г. Минстрой письмо №29761-ИФ/09 от 23.05.2025 г. (ПРОЧИЕ, ТЕР-2001) ОЗП=29,1; ЭМ=11,55; ЗПМ=29,1; МАТ=8,66",null,null,null,null,null,null,null,null,null,null,null,null,null,null,null,null,null,null,null,null,null,null,null,null,null,null,null,null,null,null,null,null,null,null,null,null,null,null,null,null,null,null,null,null,null,null,null,null,null,null,null,null,null,null,null,null,null,null,null,null,null,null,null,"ИНДЕКС К ПОЗИЦИИ: II кв. 2025 г. Минстрой письмо №29761-ИФ/09 от 23.05.2025 г. (ПРОЧИЕ, ТЕР-2001) ОЗП=29,1; ЭМ=11,55; ЗПМ=29,1; МАТ=8,66"]
[null,null,null,null,"Накладные расходы 102% ФОТ (от 29 394,27)",null,null,null,null,null,null,29982.16]
[null,null,null,null,"Сметная прибыль 58% ФОТ (от 29 394,27)",null,null,null,null,null,null,17048.68]
["12","ТСЭМ-110053\nПриказ Администрации ЛО от 20.10.15 №28","Автобетоносмесители: 4 м3",null,null,"маш.-ч",3.516,2091.86,null,2091.86,820.9,7354.98,null,7354.98,2886.28,null,null,null,null,null,null,null,null,null,null,null,null,null,null,null,null,null,null,null,null,null,null,null,null,null,null,null,null,null,null,null,null,null,null,null,null,null,null,null,null,null,null,null,null,null,null,null,null,null,"Автобетоносмесители: 4 м3"]
[null,"421/пр_2020_прил.10_т.1_п.2_гр.3"," Производство работ осуществляется на территории действующего предприятия с наличием в зоне производства работ одного или нескольких из следующих факторов:\n- разветвленной сети транспортных и инженерных коммуникаций;\n- стесненных условий для складирования материалов;\n- действующего технологического оборудования;\n- движения технологического транспорта ОЗП=1,15; ЭМ=1,15 к расх.; ЗПМ=1,15; ТЗ=1,15; ТЗМ=1,15",null,null,null,null,null,null,null,null,null,null,null,null,null,null,null,null,null,null,null,null,null,null,null,null,null,null,null,null,null,null,null,null,null,null,null,null,null,null,null,null,null,null,null,null,null,null,null,null,null,null,null,null,null,null,null,null,null,null,null,null,null,null," Производство работ осуществляется на территории действующего предприятия с наличием в зоне производства работ одного или нескольких из следующих факторов:\n- разветвленной сети транспортных и инженерных коммуникаций;\n- стесненных условий для складирования материалов;\n- действующего технологического оборудования;\n- движения технологического транспорта ОЗП=1,15; ЭМ=1,15 к расх.; ЗПМ=1,15; ТЗ=1,15; ТЗМ=1,15"]
[null,"1","ИНДЕКС К ПОЗИЦИИ: II кв. 2025 г. Минстрой письмо №29761-ИФ/09 от 23.05.2025 г. (ПРОЧИЕ, ТЕР-2001) ОЗП=29,1; ЭМ=11,55; ЗПМ=29,1; МАТ=8,66",null,null,null,null,null,null,null,null,null,null,null,null,null,null,null,null,null,null,null,null,null,null,null,null,null,null,null,null,null,null,null,null,null,null,null,null,null,null,null,null,null,null,null,null,null,null,null,null,null,null,null,null,null,null,null,null,null,null,null,null,null,null,null,"ИНДЕКС К ПОЗИЦИИ: II кв. 2025 г. Минстрой письмо №29761-ИФ/09 от 23.05.2025 г. (ПРОЧИЕ, ТЕР-2001) ОЗП=29,1; ЭМ=11,55; ЗПМ=29,1; МАТ=8,66"]
[null,null,null,null,"Накладные расходы 102% ФОТ (от 2 886,28)",null,null,null,null,null,null,2944.01]
[null,null,null,null,"Сметная прибыль 58% ФОТ (от 2 886,28)",null,null,null,null,null,null,1674.04]
["13","Прайс","Бетон тяжелый, класс: В7,5 (М100)",null,null,"м3",28.866,"5 674,98\n(4050+1625)/ИндМ225",null,null,null,163813.97,null,null,null,null,null,null,null,null,null,null,null,null,null,null,null,null,null,null,null,null,null,null,null,null,null,null,null,null,null,null,null,null,null,null,null,null,null,null,null,null,null,null,null,null,null,null,null,null,null,null,null,null,"Бетон тяжелый, класс: В7,5 (М100)"]
[null,null,"Цена МАТ=(4050+1625)/ИндМ225",null,null,null,null,null,null,null,null,null,null,null,null,null,null,null,null,null,null,null,null,null,null,null,null,null,null,null,null,null,null,null,null,null,null,null,null,null,null,null,null,null,null,null,null,null,null,null,null,null,null,null,null,null,null,null,null,null,null,null,null,null,null,null,null,null,null,null,"Цена МАТ=(4050+1625)/ИндМ225"]
[null,"1","ИНДЕКС К ПОЗИЦИИ: II кв. 2025 г. Минстрой письмо №29761-ИФ/09 от 23.05.2025 г. (ПРОЧИЕ, ТЕР-2001) ОЗП=29,1; ЭМ=11,55; ЗПМ=29,1; МАТ=8,66",null,null,null,null,null,null,null,null,null,null,null,null,null,null,null,null,null,null,null,null,null,null,null,null,null,null,null,null,null,null,null,null,null,null,null,null,null,null,null,null,null,null,null,null,null,null,null,null,null,null,null,null,null,null,null,null,null,null,null,null,null,null,null,"ИНДЕКС К ПОЗИЦИИ: II кв. 2025 г. Минстрой письмо №29761-ИФ/09 от 23.05.2025 г. (ПРОЧИЕ, ТЕР-2001) ОЗП=29,1; ЭМ=11,55; ЗПМ=29,1; МАТ=8,66"]
["14","ТЕР06-01-013-01\nПриказ Администрации ЛО от 20.10.15 №28","Устройство подливки толщиной  20 мм // подливка толщ. 80мм",null,null,"100 м2 подливки под оборудование",0.04,28183.87,26044.47,229.79,65.59,1127.3499999999999,1041.78,9.19,2.62,null,null,null,null,null,null,null,null,null,null,null,null,null,null,null,null,null,null,null,null,null,null,null,null,null,null,null,null,null,null,null,null,null,null,null,null,null,null,null,null,null,null,null,null,null,null,null,null,null,"Устройство подливки толщиной  20 мм // подливка толщ. 80мм"]
[null,null,"1 016,07 = 1 940,48 - 2,04 x 453,14",null,null,null,null,null,null,null,null,null,null,null,null,null,null,null,null,null,null,null,null,null,null,null,null,null,null,null,null,null,null,null,null,null,null,null,null,null,null,null,null,null,null,null,null,null,null,null,null,null,null,null,null,null,null,null,null,null,null,null,null,null,null,null,null,null,null,"1 016,07 = 1 940,48 - 2,04 x 453,14"]
[null,"421/пр_2020_прил.10_т.1_п.2_гр.3"," Производство работ осуществляется на территории действующего предприятия с наличием в зоне производства работ одного или нескольких из следующих факторов:\n- разветвленной сети транспортных и инженерных коммуникаций;\n- стесненных условий для складирования материалов;\n- действующего технологического оборудования;\n- движения технологического транспорта ОЗП=1,15; ЭМ=1,15 к расх.; ЗПМ=1,15; ТЗ=1,15; ТЗМ=1,15",null,null,null,null,null,null,null,null,null,null,null,null,null,null,null,null,null,null,null,null,null,null,null,null,null,null,null,null,null,null,null,null,null,null,null,null,null,null,null,null,null,null,null,null,null,null,null,null,null,null,null,null,null,null,null,null,null,null,null,null,null,null," Производство работ осуществляется на территории действующего предприятия с наличием в зоне производства работ одного или нескольких из следующих факторов:\n- разветвленной сети транспортных и инженерных коммуникаций;\n- стесненных условий для складирования материалов;\n- действующего технологического оборудования;\n- движения технологического транспорта ОЗП=1,15; ЭМ=1,15 к расх.; ЗПМ=1,15; ТЗ=1,15; ТЗМ=1,15"]
[null,"1","ИНДЕКС К ПОЗИЦИИ: II кв. 2025 г. Минстрой письмо №29761-ИФ/09 от 23.05.2025 г. (ПРОЧИЕ, ТЕР-2001) ОЗП=29,1; ЭМ=11,55; ЗПМ=29,1; МАТ=8,66",null,null,null,null,null,null,null,null,null,null,null,null,null,null,null,null,null,null,null,null,null,null,null,null,null,null,null,null,null,null,null,null,null,null,null,null,null,null,null,null,null,null,null,null,null,null,null,null,null,null,null,null,null,null,null,null,null,null,null,null,null,null,null,"ИНДЕКС К ПОЗИЦИИ: II кв. 2025 г. Минстрой письмо №29761-ИФ/09 от 23.05.2025 г. (ПРОЧИЕ, ТЕР-2001) ОЗП=29,1; ЭМ=11,55; ЗПМ=29,1; МАТ=8,66"]
[null,null,null,null,"Накладные расходы 102% ФОТ (от 1 044,40)",null,null,null,null,null,null,1065.29]
[null,null,null,null,"Сметная прибыль 58% ФОТ (от 1 044,40)",null,null,null,null,null,null,605.75]
["15","Прайс","Бетон тяжелый, класс: В30 (М400) W6",null,null,"м3",8.1600000000000006E-2,"6 917,00\n(5292+1625)/ИндМ225",null,null,null,564.42999999999995,null,null,null,null,null,null,null,null,null,null,null,null,null,null,null,null,null,null,null,null,null,null,null,null,null,null,null,null,null,null,null,null,null,null,null,null,null,null,null,null,null,null,null,null,null,null,null,null,null,null,null,null,"Бетон тяжелый, класс: В30 (М400) W6"]
[null,null,"Цена МАТ=(5292+1625)/ИндМ225",null,null,null,null,null,null,null,null,null,null,null,null,null,null,null,null,null,null,null,null,null,null,null,null,null,null,null,null,null,null,null,null,null,null,null,null,null,null,null,null,null,null,null,null,null,null,null,null,null,null,null,null,null,null,null,null,null,null,null,null,null,null,null,null,null,null,null,"Цена МАТ=(5292+1625)/ИндМ225"]
[null,"1","ИНДЕКС К ПОЗИЦИИ: II кв. 2025 г. Минстрой письмо №29761-ИФ/09 от 23.05.2025 г. (ПРОЧИЕ, ТЕР-2001) ОЗП=29,1; ЭМ=11,55; ЗПМ=29,1; МАТ=8,66",null,null,null,null,null,null,null,null,null,null,null,null,null,null,null,null,null,null,null,null,null,null,null,null,null,null,null,null,null,null,null,null,null,null,null,null,null,null,null,null,null,null,null,null,null,null,null,null,null,null,null,null,null,null,null,null,null,null,null,null,null,null,null,"ИНДЕКС К ПОЗИЦИИ: II кв. 2025 г. Минстрой письмо №29761-ИФ/09 от 23.05.2025 г. (ПРОЧИЕ, ТЕР-2001) ОЗП=29,1; ЭМ=11,55; ЗПМ=29,1; МАТ=8,66"]
["16","ТЕР06-01-013-02\nПриказ Администрации ЛО от 20.10.15 №28","На каждые 10 мм изменения толщины добавлять или исключать к расценке 06-01-013-01 (до 80 мм)",null,null,"100 м2 подливки под оборудование",0.04,48068.09,44647.66,620.82000000000005,196.77,1922.72,1785.91,24.83,7.87,null,null,null,null,null,null,null,null,null,null,null,null,null,null,null,null,null,null,null,null,null,null,null,null,null,null,null,null,null,null,null,null,null,null,null,null,null,null,null,null,null,null,null,null,null,null,null,null,null,"На каждые 10 мм изменения толщины добавлять или исключать к расценке 06-01-013-01 (до 80 мм)"]
[null,null,"284,03 = 746,23 - 1,02 x 453,14",null,null,null,null,null,null,null,null,null,null,null,null,null,null,null,null,null,null,null,null,null,null,null,null,null,null,null,null,null,null,null,null,null,null,null,null,null,null,null,null,null,null,null,null,null,null,null,null,null,null,null,null,null,null,null,null,null,null,null,null,null,null,null,null,null,null,"284,03 = 746,23 - 1,02 x 453,14"]
[null,null," Кпз=(80-20)/10=6 ПЗ=6 (ОЗП=6; ЭМ=6 к расх.; ЗПМ=6; МАТ=6 к расх.; ТЗ=6; ТЗМ=6)",null,null,null,null,null,null,null,null,null,null,null,null,null,null,null,null,null,null,null,null,null,null,null,null,null,null,null,null,null,null,null,null,null,null,null,null,null,null,null,null,null,null,null,null,null,null,null,null,null,null,null,null,null,null,null,null,null,null,null,null,null,null," Кпз=(80-20)/10=6 ПЗ=6 (ОЗП=6; ЭМ=6 к расх.; ЗПМ=6; МАТ=6 к расх.; ТЗ=6; ТЗМ=6)"]
[null,"421/пр_2020_прил.10_т.1_п.2_гр.3"," Производство работ осуществляется на территории действующего предприятия с наличием в зоне производства работ одного или нескольких из следующих факторов:\n- разветвленной сети транспортных и инженерных коммуникаций;\n- стесненных условий для складирования материалов;\n- действующего технологического оборудования;\n- движения технологического транспорта ОЗП=1,15; ЭМ=1,15 к расх.; ЗПМ=1,15; ТЗ=1,15; ТЗМ=1,15",null,null,null,null,null,null,null,null,null,null,null,null,null,null,null,null,null,null,null,null,null,null,null,null,null,null,null,null,null,null,null,null,null,null,null,null,null,null,null,null,null,null,null,null,null,null,null,null,null,null,null,null,null,null,null,null,null,null,null,null,null,null," Производство работ осуществляется на территории действующего предприятия с наличием в зоне производства работ одного или нескольких из следующих факторов:\n- разветвленной сети транспортных и инженерных коммуникаций;\n- стесненных условий для складирования материалов;\n- действующего технологического оборудования;\n- движения технологического транспорта ОЗП=1,15; ЭМ=1,15 к расх.; ЗПМ=1,15; ТЗ=1,15; ТЗМ=1,15"]
[null,"1","ИНДЕКС К ПОЗИЦИИ: II кв. 2025 г. Минстрой письмо №29761-ИФ/09 от 23.05.2025 г. (ПРОЧИЕ, ТЕР-2001) ОЗП=29,1; ЭМ=11,55; ЗПМ=29,1; МАТ=8,66",null,null,null,null,null,null,null,null,null,null,null,null,null,null,null,null,null,null,null,null,null,null,null,null,null,null,null,null,null,null,null,null,null,null,null,null,null,null,null,null,null,null,null,null,null,null,null,null,null,null,null,null,null,null,null,null,null,null,null,null,null,null,null,"ИНДЕКС К ПОЗИЦИИ: II кв. 2025 г. Минстрой письмо №29761-ИФ/09 от 23.05.2025 г. (ПРОЧИЕ, ТЕР-2001) ОЗП=29,1; ЭМ=11,55; ЗПМ=29,1; МАТ=8,66"]
[null,null,null,null,"Накладные расходы 102% ФОТ (от 1 793,78)",null,null,null,null,null,null,1829.66]
[null,null,null,null,"Сметная прибыль 58% ФОТ (от 1 793,78)",null,null,null,null,null,null,1040.3900000000001]
["17","Прайс","Бетон тяжелый, класс: В30 (М400) W6",null,null,"м3",0.24479999999999999,"6 917,00\n(5292+1625)/ИндМ225",null,null,null,1693.28,null,null,null,null,null,null,null,null,null,null,null,null,null,null,null,null,null,null,null,null,null,null,null,null,null,null,null,null,null,null,null,null,null,null,null,null,null,null,null,null,null,null,null,null,null,null,null,null,null,null,null,null,"Бетон тяжелый, класс: В30 (М400) W6"]
[null,null,"Цена МАТ=(5292+1625)/ИндМ225",null,null,null,null,null,null,null,null,null,null,null,null,null,null,null,null,null,null,null,null,null,null,null,null,null,null,null,null,null,null,null,null,null,null,null,null,null,null,null,null,null,null,null,null,null,null,null,null,null,null,null,null,null,null,null,null,null,null,null,null,null,null,null,null,null,null,null,"Цена МАТ=(5292+1625)/ИндМ225"]
[null,"1","ИНДЕКС К ПОЗИЦИИ: II кв. 2025 г. Минстрой письмо №29761-ИФ/09 от 23.05.2025 г. (ПРОЧИЕ, ТЕР-2001) ОЗП=29,1; ЭМ=11,55; ЗПМ=29,1; МАТ=8,66",null,null,null,null,null,null,null,null,null,null,null,null,null,null,null,null,null,null,null,null,null,null,null,null,null,null,null,null,null,null,null,null,null,null,null,null,null,null,null,null,null,null,null,null,null,null,null,null,null,null,null,null,null,null,null,null,null,null,null,null,null,null,null,"ИНДЕКС К ПОЗИЦИИ: II кв. 2025 г. Минстрой письмо №29761-ИФ/09 от 23.05.2025 г. (ПРОЧИЕ, ТЕР-2001) ОЗП=29,1; ЭМ=11,55; ЗПМ=29,1; МАТ=8,66"]
["18","ТЕР06-01-001-22\nПриказ Администрации ЛО от 20.10.15 №28","Устройство ленточных фундаментов: железобетонных при ширине по верху до 1000 мм",null,null,"100 м3 бетона, бутобетона и железобетона в деле",2.4300000000000002,349031.02,250619.72,55488.44,23559.360000000001,848145.38,609005.92000000004,134836.91,57249.24,null,null,null,null,null,null,null,null,null,null,null,null,null,null,null,null,null,null,null,null,null,null,null,null,null,null,null,null,null,null,null,null,null,null,null,null,null,null,null,null,null,null,null,null,null,null,null,null,null,"Устройство ленточных фундаментов: железобетонных при ширине по верху до 1000 мм"]
[null,null,"16 623,02 = 105 250,48 - 6,6 x 5 079,72 - 101,5 x 542,87",null,null,null,null,null,null,null,null,null,null,null,null,null,null,null,null,null,null,null,null,null,null,null,null,null,null,null,null,null,null,null,null,null,null,null,null,null,null,null,null,null,null,null,null,null,null,null,null,null,null,null,null,null,null,null,null,null,null,null,null,null,null,null,null,null,null,"16 623,02 = 105 250,48 - 6,6 x 5 079,72 - 101,5 x 542,87"]
[null,"421/пр_2020_прил.10_т.1_п.2_гр.3"," Производство работ осуществляется на территории действующего предприятия с наличием в зоне производства работ одного или нескольких из следующих факторов:\n- разветвленной сети транспортных и инженерных коммуникаций;\n- стесненных условий для складирования материалов;\n- действующего технологического оборудования;\n- движения технологического транспорта ОЗП=1,15; ЭМ=1,15 к расх.; ЗПМ=1,15; ТЗ=1,15; ТЗМ=1,15",null,null,null,null,null,null,null,null,null,null,null,null,null,null,null,null,null,null,null,null,null,null,null,null,null,null,null,null,null,null,null,null,null,null,null,null,null,null,null,null,null,null,null,null,null,null,null,null,null,null,null,null,null,null,null,null,null,null,null,null,null,null," Производство работ осуществляется на территории действующего предприятия с наличием в зоне производства работ одного или нескольких из следующих факторов:\n- разветвленной сети транспортных и инженерных коммуникаций;\n- стесненных условий для складирования материалов;\n- действующего технологического оборудования;\n- движения технологического транспорта ОЗП=1,15; ЭМ=1,15 к расх.; ЗПМ=1,15; ТЗ=1,15; ТЗМ=1,15"]
[null,"1","ИНДЕКС К ПОЗИЦИИ: II кв. 2025 г. Минстрой письмо №29761-ИФ/09 от 23.05.2025 г. (ПРОЧИЕ, ТЕР-2001) ОЗП=29,1; ЭМ=11,55; ЗПМ=29,1; МАТ=8,66",null,null,null,null,null,null,null,null,null,null,null,null,null,null,null,null,null,null,null,null,null,null,null,null,null,null,null,null,null,null,null,null,null,null,null,null,null,null,null,null,null,null,null,null,null,null,null,null,null,null,null,null,null,null,null,null,null,null,null,null,null,null,null,"ИНДЕКС К ПОЗИЦИИ: II кв. 2025 г. Минстрой письмо №29761-ИФ/09 от 23.05.2025 г. (ПРОЧИЕ, ТЕР-2001) ОЗП=29,1; ЭМ=11,55; ЗПМ=29,1; МАТ=8,66"]
[null,null,null,null,"Накладные расходы 102% ФОТ (от 666 255,16)",null,null,null,null,null,null,679580.26]
[null,null,null,null,"Сметная прибыль 58% ФОТ (от 666 255,16)",null,null,null,null,null,null,386427.99]
["19","ТСЭМ-110053\nПриказ Администрации ЛО от 20.10.15 №28","Автобетоносмесители: 4 м3",null,null,"маш.-ч",34.267499999999998,2091.86,null,2091.86,820.9,71682.81,null,71682.81,28130.19,null,null,null,null,null,null,null,null,null,null,null,null,null,null,null,null,null,null,null,null,null,null,null,null,null,null,null,null,null,null,null,null,null,null,null,null,null,null,null,null,null,null,null,null,null,null,null,null,null,"Автобетоносмесители: 4 м3"]
[null,"421/пр_2020_прил.10_т.1_п.2_гр.3"," Производство работ осуществляется на территории действующего предприятия с наличием в зоне производства работ одного или нескольких из следующих факторов:\n- разветвленной сети транспортных и инженерных коммуникаций;\n- стесненных условий для складирования материалов;\n- действующего технологического оборудования;\n- движения технологического транспорта ОЗП=1,15; ЭМ=1,15 к расх.; ЗПМ=1,15; ТЗ=1,15; ТЗМ=1,15",null,null,null,null,null,null,null,null,null,null,null,null,null,null,null,null,null,null,null,null,null,null,null,null,null,null,null,null,null,null,null,null,null,null,null,null,null,null,null,null,null,null,null,null,null,null,null,null,null,null,null,null,null,null,null,null,null,null,null,null,null,null," Производство работ осуществляется на территории действующего предприятия с наличием в зоне производства работ одного или нескольких из следующих факторов:\n- разветвленной сети транспортных и инженерных коммуникаций;\n- стесненных условий для складирования материалов;\n- действующего технологического оборудования;\n- движения технологического транспорта ОЗП=1,15; ЭМ=1,15 к расх.; ЗПМ=1,15; ТЗ=1,15; ТЗМ=1,15"]
[null,"1","ИНДЕКС К ПОЗИЦИИ: II кв. 2025 г. Минстрой письмо №29761-ИФ/09 от 23.05.2025 г. (ПРОЧИЕ, ТЕР-2001) ОЗП=29,1; ЭМ=11,55; ЗПМ=29,1; МАТ=8,66",null,null,null,null,null,null,null,null,null,null,null,null,null,null,null,null,null,null,null,null,null,null,null,null,null,null,null,null,null,null,null,null,null,null,null,null,null,null,null,null,null,null,null,null,null,null,null,null,null,null,null,null,null,null,null,null,null,null,null,null,null,null,null,"ИНДЕКС К ПОЗИЦИИ: II кв. 2025 г. Минстрой письмо №29761-ИФ/09 от 23.05.2025 г. (ПРОЧИЕ, ТЕР-2001) ОЗП=29,1; ЭМ=11,55; ЗПМ=29,1; МАТ=8,66"]
[null,null,null,null,"Накладные расходы 102% ФОТ (от 28 130,19)",null,null,null,null,null,null,28692.79]
[null,null,null,null,"Сметная прибыль 58% ФОТ (от 28 130,19)",null,null,null,null,null,null,16315.51]
["20","Прайс","Бетон тяжелый, класс: В30 (М400) W8",null,null,"м3",246.64500000000001,"6 750,04\n(5125+1625)/ИндМ225",null,null,null,1664863.62,null,null,null,null,null,null,null,null,null,null,null,null,null,null,null,null,null,null,null,null,null,null,null,null,null,null,null,null,null,null,null,null,null,null,null,null,null,null,null,null,null,null,null,null,null,null,null,null,null,null,null,null,"Бетон тяжелый, класс: В30 (М400) W8"]
[null,null,"Цена МАТ=(5125+1625)/ИндМ225",null,null,null,null,null,null,null,null,null,null,null,null,null,null,null,null,null,null,null,null,null,null,null,null,null,null,null,null,null,null,null,null,null,null,null,null,null,null,null,null,null,null,null,null,null,null,null,null,null,null,null,null,null,null,null,null,null,null,null,null,null,null,null,null,null,null,null,"Цена МАТ=(5125+1625)/ИндМ225"]
[null,"1","ИНДЕКС К ПОЗИЦИИ: II кв. 2025 г. Минстрой письмо №29761-ИФ/09 от 23.05.2025 г. (ПРОЧИЕ, ТЕР-2001) ОЗП=29,1; ЭМ=11,55; ЗПМ=29,1; МАТ=8,66",null,null,null,null,null,null,null,null,null,null,null,null,null,null,null,null,null,null,null,null,null,null,null,null,null,null,null,null,null,null,null,null,null,null,null,null,null,null,null,null,null,null,null,null,null,null,null,null,null,null,null,null,null,null,null,null,null,null,null,null,null,null,null,"ИНДЕКС К ПОЗИЦИИ: II кв. 2025 г. Минстрой письмо №29761-ИФ/09 от 23.05.2025 г. (ПРОЧИЕ, ТЕР-2001) ОЗП=29,1; ЭМ=11,55; ЗПМ=29,1; МАТ=8,66"]
["21","Прайс","Горячекатанная арматурная сталь класса А500 С, диаметром: 12 мм",null,null,"т",7.6692400000000003,"50 832,99\n50833,00/ИндМ225",null,null,null,389850.4,null,null,null,null,null,null,null,null,null,null,null,null,null,null,null,null,null,null,null,null,null,null,null,null,null,null,null,null,null,null,null,null,null,null,null,null,null,null,null,null,null,null,null,null,null,null,null,null,null,null,null,null,"Горячекатанная арматурная сталь класса А500 С, диаметром: 12 мм"]
[null,null,"Цена МАТ=50833,00/ИндМ225",null,null,null,null,null,null,null,null,null,null,null,null,null,null,null,null,null,null,null,null,null,null,null,null,null,null,null,null,null,null,null,null,null,null,null,null,null,null,null,null,null,null,null,null,null,null,null,null,null,null,null,null,null,null,null,null,null,null,null,null,null,null,null,null,null,null,null,"Цена МАТ=50833,00/ИндМ225"]
[null,"1","ИНДЕКС К ПОЗИЦИИ: II кв. 2025 г. Минстрой письмо №29761-ИФ/09 от 23.05.2025 г. (ПРОЧИЕ, ТЕР-2001) ОЗП=29,1; ЭМ=11,55; ЗПМ=29,1; МАТ=8,66",null,null,null,null,null,null,null,null,null,null,null,null,null,null,null,null,null,null,null,null,null,null,null,null,null,null,null,null,null,null,null,null,null,null,null,null,null,null,null,null,null,null,null,null,null,null,null,null,null,null,null,null,null,null,null,null,null,null,null,null,null,null,null,"ИНДЕКС К ПОЗИЦИИ: II кв. 2025 г. Минстрой письмо №29761-ИФ/09 от 23.05.2025 г. (ПРОЧИЕ, ТЕР-2001) ОЗП=29,1; ЭМ=11,55; ЗПМ=29,1; МАТ=8,66"]
["22","Прайс","Горячекатанная арматурная сталь класса А500 С, диаметром: 25 мм",null,null,"т",2.7916799999999999,"49 999,98\n50000,00/ИндМ225",null,null,null,139583.94,null,null,null,null,null,null,null,null,null,null,null,null,null,null,null,null,null,null,null,null,null,null,null,null,null,null,null,null,null,null,null,null,null,null,null,null,null,null,null,null,null,null,null,null,null,null,null,null,null,null,null,null,"Горячекатанная арматурная сталь класса А500 С, диаметром: 25 мм"]
[null,null,"Цена МАТ=50000,00/ИндМ225",null,null,null,null,null,null,null,null,null,null,null,null,null,null,null,null,null,null,null,null,null,null,null,null,null,null,null,null,null,null,null,null,null,null,null,null,null,null,null,null,null,null,null,null,null,null,null,null,null,null,null,null,null,null,null,null,null,null,null,null,null,null,null,null,null,null,null,"Цена МАТ=50000,00/ИндМ225"]
[null,"1","ИНДЕКС К ПОЗИЦИИ: II кв. 2025 г. Минстрой письмо №29761-ИФ/09 от 23.05.2025 г. (ПРОЧИЕ, ТЕР-2001) ОЗП=29,1; ЭМ=11,55; ЗПМ=29,1; МАТ=8,66",null,null,null,null,null,null,null,null,null,null,null,null,null,null,null,null,null,null,null,null,null,null,null,null,null,null,null,null,null,null,null,null,null,null,null,null,null,null,null,null,null,null,null,null,null,null,null,null,null,null,null,null,null,null,null,null,null,null,null,null,null,null,null,"ИНДЕКС К ПОЗИЦИИ: II кв. 2025 г. Минстрой письмо №29761-ИФ/09 от 23.05.2025 г. (ПРОЧИЕ, ТЕР-2001) ОЗП=29,1; ЭМ=11,55; ЗПМ=29,1; МАТ=8,66"]
["23","Прайс","Горячекатанная арматурная сталь класса А500 С, диаметром: 16 мм",null,null,"т",12.803319999999999,"49 999,98\n50000,00/ИндМ225",null,null,null,640165.74,null,null,null,null,null,null,null,null,null,null,null,null,null,null,null,null,null,null,null,null,null,null,null,null,null,null,null,null,null,null,null,null,null,null,null,null,null,null,null,null,null,null,null,null,null,null,null,null,null,null,null,null,"Горячекатанная арматурная сталь класса А500 С, диаметром: 16 мм"]
[null,null,"Цена МАТ=50000,00/ИндМ225",null,null,null,null,null,null,null,null,null,null,null,null,null,null,null,null,null,null,null,null,null,null,null,null,null,null,null,null,null,null,null,null,null,null,null,null,null,null,null,null,null,null,null,null,null,null,null,null,null,null,null,null,null,null,null,null,null,null,null,null,null,null,null,null,null,null,null,"Цена МАТ=50000,00/ИндМ225"]
[null,"1","ИНДЕКС К ПОЗИЦИИ: II кв. 2025 г. Минстрой письмо №29761-ИФ/09 от 23.05.2025 г. (ПРОЧИЕ, ТЕР-2001) ОЗП=29,1; ЭМ=11,55; ЗПМ=29,1; МАТ=8,66",null,null,null,null,null,null,null,null,null,null,null,null,null,null,null,null,null,null,null,null,null,null,null,null,null,null,null,null,null,null,null,null,null,null,null,null,null,null,null,null,null,null,null,null,null,null,null,null,null,null,null,null,null,null,null,null,null,null,null,null,null,null,null,"ИНДЕКС К ПОЗИЦИИ: II кв. 2025 г. Минстрой письмо №29761-ИФ/09 от 23.05.2025 г. (ПРОЧИЕ, ТЕР-2001) ОЗП=29,1; ЭМ=11,55; ЗПМ=29,1; МАТ=8,66"]
["24","Прайс","Горячекатанная арматурная сталь класса А500 С, диаметром: 20 мм",null,null,"т",1.8348599999999999,"49 999,98\n50000,00/ИндМ225",null,null,null,91742.96,null,null,null,null,null,null,null,null,null,null,null,null,null,null,null,null,null,null,null,null,null,null,null,null,null,null,null,null,null,null,null,null,null,null,null,null,null,null,null,null,null,null,null,null,null,null,null,null,null,null,null,null,"Горячекатанная арматурная сталь класса А500 С, диаметром: 20 мм"]
[null,null,"Цена МАТ=50000,00/ИндМ225",null,null,null,null,null,null,null,null,null,null,null,null,null,null,null,null,null,null,null,null,null,null,null,null,null,null,null,null,null,null,null,null,null,null,null,null,null,null,null,null,null,null,null,null,null,null,null,null,null,null,null,null,null,null,null,null,null,null,null,null,null,null,null,null,null,null,null,"Цена МАТ=50000,00/ИндМ225"]
[null,"1","ИНДЕКС К ПОЗИЦИИ: II кв. 2025 г. Минстрой письмо №29761-ИФ/09 от 23.05.2025 г. (ПРОЧИЕ, ТЕР-2001) ОЗП=29,1; ЭМ=11,55; ЗПМ=29,1; МАТ=8,66",null,null,null,null,null,null,null,null,null,null,null,null,null,null,null,null,null,null,null,null,null,null,null,null,null,null,null,null,null,null,null,null,null,null,null,null,null,null,null,null,null,null,null,null,null,null,null,null,null,null,null,null,null,null,null,null,null,null,null,null,null,null,null,"ИНДЕКС К ПОЗИЦИИ: II кв. 2025 г. Минстрой письмо №29761-ИФ/09 от 23.05.2025 г. (ПРОЧИЕ, ТЕР-2001) ОЗП=29,1; ЭМ=11,55; ЗПМ=29,1; МАТ=8,66"]
["25","Прайс","Горячекатаная арматурная сталь гладкая класса А-I, диаметром: 10 мм",null,null,"т",1.2345999999999999,"54 167,00\n54167,00/ИндМ225",null,null,null,66874.58,null,null,null,null,null,null,null,null,null,null,null,null,null,null,null,null,null,null,null,null,null,null,null,null,null,null,null,null,null,null,null,null,null,null,null,null,null,null,null,null,null,null,null,null,null,null,null,null,null,null,null,null,"Горячекатаная арматурная сталь гладкая класса А-I, диаметром: 10 мм"]
[null,null,"Цена МАТ=54167,00/ИндМ225",null,null,null,null,null,null,null,null,null,null,null,null,null,null,null,null,null,null,null,null,null,null,null,null,null,null,null,null,null,null,null,null,null,null,null,null,null,null,null,null,null,null,null,null,null,null,null,null,null,null,null,null,null,null,null,null,null,null,null,null,null,null,null,null,null,null,null,"Цена МАТ=54167,00/ИндМ225"]
[null,"1","ИНДЕКС К ПОЗИЦИИ: II кв. 2025 г. Минстрой письмо №29761-ИФ/09 от 23.05.2025 г. (ПРОЧИЕ, ТЕР-2001) ОЗП=29,1; ЭМ=11,55; ЗПМ=29,1; МАТ=8,66",null,null,null,null,null,null,null,null,null,null,null,null,null,null,null,null,null,null,null,null,null,null,null,null,null,null,null,null,null,null,null,null,null,null,null,null,null,null,null,null,null,null,null,null,null,null,null,null,null,null,null,null,null,null,null,null,null,null,null,null,null,null,null,"ИНДЕКС К ПОЗИЦИИ: II кв. 2025 г. Минстрой письмо №29761-ИФ/09 от 23.05.2025 г. (ПРОЧИЕ, ТЕР-2001) ОЗП=29,1; ЭМ=11,55; ЗПМ=29,1; МАТ=8,66"]
["26","Прайс","Горячекатаная арматурная сталь гладкая класса А-I, диаметром: 6 мм",null,null,"т",0.29260000000000003,"55 833,01\n55833,00/ИндМ225",null,null,null,16336.74,null,null,null,null,null,null,null,null,null,null,null,null,null,null,null,null,null,null,null,null,null,null,null,null,null,null,null,null,null,null,null,null,null,null,null,null,null,null,null,null,null,null,null,null,null,null,null,null,null,null,null,null,"Горячекатаная арматурная сталь гладкая класса А-I, диаметром: 6 мм"]
[null,null,"Цена МАТ=55833,00/ИндМ225",null,null,null,null,null,null,null,null,null,null,null,null,null,null,null,null,null,null,null,null,null,null,null,null,null,null,null,null,null,null,null,null,null,null,null,null,null,null,null,null,null,null,null,null,null,null,null,null,null,null,null,null,null,null,null,null,null,null,null,null,null,null,null,null,null,null,null,"Цена МАТ=55833,00/ИндМ225"]
[null,"1","ИНДЕКС К ПОЗИЦИИ: II кв. 2025 г. Минстрой письмо №29761-ИФ/09 от 23.05.2025 г. (ПРОЧИЕ, ТЕР-2001) ОЗП=29,1; ЭМ=11,55; ЗПМ=29,1; МАТ=8,66",null,null,null,null,null,null,null,null,null,null,null,null,null,null,null,null,null,null,null,null,null,null,null,null,null,null,null,null,null,null,null,null,null,null,null,null,null,null,null,null,null,null,null,null,null,null,null,null,null,null,null,null,null,null,null,null,null,null,null,null,null,null,null,"ИНДЕКС К ПОЗИЦИИ: II кв. 2025 г. Минстрой письмо №29761-ИФ/09 от 23.05.2025 г. (ПРОЧИЕ, ТЕР-2001) ОЗП=29,1; ЭМ=11,55; ЗПМ=29,1; МАТ=8,66"]
["27","ТССЦ-204-0041\nПриказ Администрации ЛО от 20.10.15 №28","Надбавки к ценам заготовок за сборку и сварку каркасов и сеток: плоских, диаметром 25-28 мм",null,null,"т",2.7916799999999999,7169.27,null,null,null,20014.310000000001,null,null,null,null,null,null,null,null,null,null,null,null,null,null,null,null,null,null,null,null,null,null,null,null,null,null,null,null,null,null,null,null,null,null,null,null,null,null,null,null,null,null,null,null,null,null,null,null,null,null,null,null,"Надбавки к ценам заготовок за сборку и сварку каркасов и сеток: плоских, диаметром 25-28 мм"]
[null,"1","ИНДЕКС К ПОЗИЦИИ: II кв. 2025 г. Минстрой письмо №29761-ИФ/09 от 23.05.2025 г. (ПРОЧИЕ, ТЕР-2001) ОЗП=29,1; ЭМ=11,55; ЗПМ=29,1; МАТ=8,66",null,null,null,null,null,null,null,null,null,null,null,null,null,null,null,null,null,null,null,null,null,null,null,null,null,null,null,null,null,null,null,null,null,null,null,null,null,null,null,null,null,null,null,null,null,null,null,null,null,null,null,null,null,null,null,null,null,null,null,null,null,null,null,"ИНДЕКС К ПОЗИЦИИ: II кв. 2025 г. Минстрой письмо №29761-ИФ/09 от 23.05.2025 г. (ПРОЧИЕ, ТЕР-2001) ОЗП=29,1; ЭМ=11,55; ЗПМ=29,1; МАТ=8,66"]
["28","ТССЦ-204-0040\nПриказ Администрации ЛО от 20.10.15 №28","Надбавки к ценам заготовок за сборку и сварку каркасов и сеток: плоских, диаметром 20-22 мм",null,null,"т",1.8348599999999999,7702.64,null,null,null,14133.27,null,null,null,null,null,null,null,null,null,null,null,null,null,null,null,null,null,null,null,null,null,null,null,null,null,null,null,null,null,null,null,null,null,null,null,null,null,null,null,null,null,null,null,null,null,null,null,null,null,null,null,null,"Надбавки к ценам заготовок за сборку и сварку каркасов и сеток: плоских, диаметром 20-22 мм"]
[null,"1","ИНДЕКС К ПОЗИЦИИ: II кв. 2025 г. Минстрой письмо №29761-ИФ/09 от 23.05.2025 г. (ПРОЧИЕ, ТЕР-2001) ОЗП=29,1; ЭМ=11,55; ЗПМ=29,1; МАТ=8,66",null,null,null,null,null,null,null,null,null,null,null,null,null,null,null,null,null,null,null,null,null,null,null,null,null,null,null,null,null,null,null,null,null,null,null,null,null,null,null,null,null,null,null,null,null,null,null,null,null,null,null,null,null,null,null,null,null,null,null,null,null,null,null,"ИНДЕКС К ПОЗИЦИИ: II кв. 2025 г. Минстрой письмо №29761-ИФ/09 от 23.05.2025 г. (ПРОЧИЕ, ТЕР-2001) ОЗП=29,1; ЭМ=11,55; ЗПМ=29,1; МАТ=8,66"]
["29","ТССЦ-204-0039\nПриказ Администрации ЛО от 20.10.15 №28","Надбавки к ценам заготовок за сборку и сварку каркасов и сеток: плоских, диаметром 16-18 мм",null,null,"т",3.9268800000000001,8675.93,null,null,null,34069.339999999997,null,null,null,null,null,null,null,null,null,null,null,null,null,null,null,null,null,null,null,null,null,null,null,null,null,null,null,null,null,null,null,null,null,null,null,null,null,null,null,null,null,null,null,null,null,null,null,null,null,null,null,null,"Надбавки к ценам заготовок за сборку и сварку каркасов и сеток: плоских, диаметром 16-18 мм"]
[null,"1","ИНДЕКС К ПОЗИЦИИ: II кв. 2025 г. Минстрой письмо №29761-ИФ/09 от 23.05.2025 г. (ПРОЧИЕ, ТЕР-2001) ОЗП=29,1; ЭМ=11,55; ЗПМ=29,1; МАТ=8,66",null,null,null,null,null,null,null,null,null,null,null,null,null,null,null,null,null,null,null,null,null,null,null,null,null,null,null,null,null,null,null,null,null,null,null,null,null,null,null,null,null,null,null,null,null,null,null,null,null,null,null,null,null,null,null,null,null,null,null,null,null,null,null,"ИНДЕКС К ПОЗИЦИИ: II кв. 2025 г. Минстрой письмо №29761-ИФ/09 от 23.05.2025 г. (ПРОЧИЕ, ТЕР-2001) ОЗП=29,1; ЭМ=11,55; ЗПМ=29,1; МАТ=8,66"]
["30","ТССЦ-204-0037\nПриказ Администрации ЛО от 20.10.15 №28","Надбавки к ценам заготовок за сборку и сварку каркасов и сеток: плоских, диаметром 12 мм",null,null,"т",0.15429999999999999,10379.18,null,null,null,1601.51,null,null,null,null,null,null,null,null,null,null,null,null,null,null,null,null,null,null,null,null,null,null,null,null,null,null,null,null,null,null,null,null,null,null,null,null,null,null,null,null,null,null,null,null,null,null,null,null,null,null,null,null,"Надбавки к ценам заготовок за сборку и сварку каркасов и сеток: плоских, диаметром 12 мм"]
[null,"1","ИНДЕКС К ПОЗИЦИИ: II кв. 2025 г. Минстрой письмо №29761-ИФ/09 от 23.05.2025 г. (ПРОЧИЕ, ТЕР-2001) ОЗП=29,1; ЭМ=11,55; ЗПМ=29,1; МАТ=8,66",null,null,null,null,null,null,null,null,null,null,null,null,null,null,null,null,null,null,null,null,null,null,null,null,null,null,null,null,null,null,null,null,null,null,null,null,null,null,null,null,null,null,null,null,null,null,null,null,null,null,null,null,null,null,null,null,null,null,null,null,null,null,null,"ИНДЕКС К ПОЗИЦИИ: II кв. 2025 г. Минстрой письмо №29761-ИФ/09 от 23.05.2025 г. (ПРОЧИЕ, ТЕР-2001) ОЗП=29,1; ЭМ=11,55; ЗПМ=29,1; МАТ=8,66"]
["31","ТССЦ-204-0036\nПриказ Администрации ЛО от 20.10.15 №28","Надбавки к ценам заготовок за сборку и сварку каркасов и сеток: плоских, диаметром 10 мм",null,null,"т",0.32472000000000001,11017.86,null,null,null,3577.72,null,null,null,null,null,null,null,null,null,null,null,null,null,null,null,null,null,null,null,null,null,null,null,null,null,null,null,null,null,null,null,null,null,null,null,null,null,null,null,null,null,null,null,null,null,null,null,null,null,null,null,null,"Надбавки к ценам заготовок за сборку и сварку каркасов и сеток: плоских, диаметром 10 мм"]
[null,"1","ИНДЕКС К ПОЗИЦИИ: II кв. 2025 г. Минстрой письмо №29761-ИФ/09 от 23.05.2025 г. (ПРОЧИЕ, ТЕР-2001) ОЗП=29,1; ЭМ=11,55; ЗПМ=29,1; МАТ=8,66",null,null,null,null,null,null,null,null,null,null,null,null,null,null,null,null,null,null,null,null,null,null,null,null,null,null,null,null,null,null,null,null,null,null,null,null,null,null,null,null,null,null,null,null,null,null,null,null,null,null,null,null,null,null,null,null,null,null,null,null,null,null,null,"ИНДЕКС К ПОЗИЦИИ: II кв. 2025 г. Минстрой письмо №29761-ИФ/09 от 23.05.2025 г. (ПРОЧИЕ, ТЕР-2001) ОЗП=29,1; ЭМ=11,55; ЗПМ=29,1; МАТ=8,66"]
["32","ТССЦ-204-0034\nПриказ Администрации ЛО от 20.10.15 №28","Надбавки к ценам заготовок за сборку и сварку каркасов и сеток: плоских, диаметром 5-6 мм",null,null,"т",0.29260000000000003,19229.36,null,null,null,5626.51,null,null,null,null,null,null,null,null,null,null,null,null,null,null,null,null,null,null,null,null,null,null,null,null,null,null,null,null,null,null,null,null,null,null,null,null,null,null,null,null,null,null,null,null,null,null,null,null,null,null,null,null,"Надбавки к ценам заготовок за сборку и сварку каркасов и сеток: плоских, диаметром 5-6 мм"]
[null,"1","ИНДЕКС К ПОЗИЦИИ: II кв. 2025 г. Минстрой письмо №29761-ИФ/09 от 23.05.2025 г. (ПРОЧИЕ, ТЕР-2001) ОЗП=29,1; ЭМ=11,55; ЗПМ=29,1; МАТ=8,66",null,null,null,null,null,null,null,null,null,null,null,null,null,null,null,null,null,null,null,null,null,null,null,null,null,null,null,null,null,null,null,null,null,null,null,null,null,null,null,null,null,null,null,null,null,null,null,null,null,null,null,null,null,null,null,null,null,null,null,null,null,null,null,"ИНДЕКС К ПОЗИЦИИ: II кв. 2025 г. Минстрой письмо №29761-ИФ/09 от 23.05.2025 г. (ПРОЧИЕ, ТЕР-2001) ОЗП=29,1; ЭМ=11,55; ЗПМ=29,1; МАТ=8,66"]
["33","ТССЦ-204-0048\nПриказ Администрации ЛО от 20.10.15 №28","Надбавки к ценам заготовок за сборку и сварку каркасов и сеток: пространственных, диаметром 10 мм",null,null,"т",0.90988000000000002,17211.919999999998,null,null,null,15660.78,null,null,null,null,null,null,null,null,null,null,null,null,null,null,null,null,null,null,null,null,null,null,null,null,null,null,null,null,null,null,null,null,null,null,null,null,null,null,null,null,null,null,null,null,null,null,null,null,null,null,null,null,"Надбавки к ценам заготовок за сборку и сварку каркасов и сеток: пространственных, диаметром 10 мм"]
[null,"1","ИНДЕКС К ПОЗИЦИИ: II кв. 2025 г. Минстрой письмо №29761-ИФ/09 от 23.05.2025 г. (ПРОЧИЕ, ТЕР-2001) ОЗП=29,1; ЭМ=11,55; ЗПМ=29,1; МАТ=8,66",null,null,null,null,null,null,null,null,null,null,null,null,null,null,null,null,null,null,null,null,null,null,null,null,null,null,null,null,null,null,null,null,null,null,null,null,null,null,null,null,null,null,null,null,null,null,null,null,null,null,null,null,null,null,null,null,null,null,null,null,null,null,null,"ИНДЕКС К ПОЗИЦИИ: II кв. 2025 г. Минстрой письмо №29761-ИФ/09 от 23.05.2025 г. (ПРОЧИЕ, ТЕР-2001) ОЗП=29,1; ЭМ=11,55; ЗПМ=29,1; МАТ=8,66"]
["34","ТЕР26-01-041-01\nПриказ Администрации ЛО от 20.10.15 №28","Изоляция изделиями из пенопласта на битуме холодных поверхностей: стен и колонн прямоугольных",null,null,"1 м3 изоляции",0.4,14376.59,11255.28,746.48,null,5750.64,4502.1099999999997,298.58999999999997,null,null,null,null,null,null,null,null,null,null,null,null,null,null,null,null,null,null,null,null,null,null,null,null,null,null,null,null,null,null,null,null,null,null,null,null,null,null,null,null,null,null,null,null,null,null,null,null,null,null,"Изоляция изделиями из пенопласта на битуме холодных поверхностей: стен и колонн прямоугольных"]
[null,null,"666,76 = 1 559,17 - 0,98 x 910,62",null,null,null,null,null,null,null,null,null,null,null,null,null,null,null,null,null,null,null,null,null,null,null,null,null,null,null,null,null,null,null,null,null,null,null,null,null,null,null,null,null,null,null,null,null,null,null,null,null,null,null,null,null,null,null,null,null,null,null,null,null,null,null,null,null,null,"666,76 = 1 559,17 - 0,98 x 910,62"]
[null,"421/пр_2020_прил.10_т.1_п.2_гр.3"," Производство работ осуществляется на территории действующего предприятия с наличием в зоне производства работ одного или нескольких из следующих факторов:\n- разветвленной сети транспортных и инженерных коммуникаций;\n- стесненных условий для складирования материалов;\n- действующего технологического оборудования;\n- движения технологического транспорта ОЗП=1,15; ЭМ=1,15 к расх.; ЗПМ=1,15; ТЗ=1,15; ТЗМ=1,15",null,null,null,null,null,null,null,null,null,null,null,null,null,null,null,null,null,null,null,null,null,null,null,null,null,null,null,null,null,null,null,null,null,null,null,null,null,null,null,null,null,null,null,null,null,null,null,null,null,null,null,null,null,null,null,null,null,null,null,null,null,null," Производство работ осуществляется на территории действующего предприятия с наличием в зоне производства работ одного или нескольких из следующих факторов:\n- разветвленной сети транспортных и инженерных коммуникаций;\n- стесненных условий для складирования материалов;\n- действующего технологического оборудования;\n- движения технологического транспорта ОЗП=1,15; ЭМ=1,15 к расх.; ЗПМ=1,15; ТЗ=1,15; ТЗМ=1,15"]
[null,"1","ИНДЕКС К ПОЗИЦИИ: II кв. 2025 г. Минстрой письмо №29761-ИФ/09 от 23.05.2025 г. (ПРОЧИЕ, ТЕР-2001) ОЗП=29,1; ЭМ=11,55; ЗПМ=29,1; МАТ=8,66",null,null,null,null,null,null,null,null,null,null,null,null,null,null,null,null,null,null,null,null,null,null,null,null,null,null,null,null,null,null,null,null,null,null,null,null,null,null,null,null,null,null,null,null,null,null,null,null,null,null,null,null,null,null,null,null,null,null,null,null,null,null,null,"ИНДЕКС К ПОЗИЦИИ: II кв. 2025 г. Минстрой письмо №29761-ИФ/09 от 23.05.2025 г. (ПРОЧИЕ, ТЕР-2001) ОЗП=29,1; ЭМ=11,55; ЗПМ=29,1; МАТ=8,66"]
[null,null,null,null,"Накладные расходы 97% ФОТ (от 4 502,11)",null,null,null,null,null,null,4367.05]
[null,null,null,null,"Сметная прибыль 55% ФОТ (от 4 502,11)",null,null,null,null,null,null,2476.16]
["35","Прайс","Пенополистирол экструдированный ТЕХНОНИКОЛЬ т=50мм (вес 30кг/м3)",null,null,"м3",0.39200000000000002,"8 694,03\n8694,00/ИндМ225",null,null,null,3408.06,null,null,null,null,null,null,null,null,null,null,null,null,null,null,null,null,null,null,null,null,null,null,null,null,null,null,null,null,null,null,null,null,null,null,null,null,null,null,null,null,null,null,null,null,null,null,null,null,null,null,null,null,"Пенополистирол экструдированный ТЕХНОНИКОЛЬ т=50мм (вес 30кг/м3)"]
[null,null,"Цена МАТ=8694,00/ИндМ225",null,null,null,null,null,null,null,null,null,null,null,null,null,null,null,null,null,null,null,null,null,null,null,null,null,null,null,null,null,null,null,null,null,null,null,null,null,null,null,null,null,null,null,null,null,null,null,null,null,null,null,null,null,null,null,null,null,null,null,null,null,null,null,null,null,null,null,"Цена МАТ=8694,00/ИндМ225"]
[null,"1","ИНДЕКС К ПОЗИЦИИ: II кв. 2025 г. Минстрой письмо №29761-ИФ/09 от 23.05.2025 г. (ПРОЧИЕ, ТЕР-2001) ОЗП=29,1; ЭМ=11,55; ЗПМ=29,1; МАТ=8,66",null,null,null,null,null,null,null,null,null,null,null,null,null,null,null,null,null,null,null,null,null,null,null,null,null,null,null,null,null,null,null,null,null,null,null,null,null,null,null,null,null,null,null,null,null,null,null,null,null,null,null,null,null,null,null,null,null,null,null,null,null,null,null,"ИНДЕКС К ПОЗИЦИИ: II кв. 2025 г. Минстрой письмо №29761-ИФ/09 от 23.05.2025 г. (ПРОЧИЕ, ТЕР-2001) ОЗП=29,1; ЭМ=11,55; ЗПМ=29,1; МАТ=8,66"]
["36","ТЕР10-01-012-04\nПриказ Администрации ЛО от 20.10.15 №28\nОУ. п.14 тома 1632-2021-3.4-КЖ","Обшивка каркасных стен: досками под штукатурку// прим. футеровка стен досками",null,null,"100 м2 обшивки стен (за вычетом проемов)",2.7879999999999998,32923.01,11977.79,1182.1400000000001,null,91789.35,33394.080000000002,3295.81,null,null,null,null,null,null,null,null,null,null,null,null,null,null,null,null,null,null,null,null,null,null,null,null,null,null,null,null,null,null,null,null,null,null,null,null,null,null,null,null,null,null,null,null,null,null,null,null,null,null,"Обшивка каркасных стен: досками под штукатурку// прим. футеровка стен досками"]
[null,"421/пр_2020_прил.10_т.1_п.2_гр.3"," Производство работ осуществляется на территории действующего предприятия с наличием в зоне производства работ одного или нескольких из следующих факторов:\n- разветвленной сети транспортных и инженерных коммуникаций;\n- стесненных условий для складирования материалов;\n- действующего технологического оборудования;\n- движения технологического транспорта ОЗП=1,15; ЭМ=1,15 к расх.; ЗПМ=1,15; ТЗ=1,15; ТЗМ=1,15",null,null,null,null,null,null,null,null,null,null,null,null,null,null,null,null,null,null,null,null,null,null,null,null,null,null,null,null,null,null,null,null,null,null,null,null,null,null,null,null,null,null,null,null,null,null,null,null,null,null,null,null,null,null,null,null,null,null,null,null,null,null," Производство работ осуществляется на территории действующего предприятия с наличием в зоне производства работ одного или нескольких из следующих факторов:\n- разветвленной сети транспортных и инженерных коммуникаций;\n- стесненных условий для складирования материалов;\n- действующего технологического оборудования;\n- движения технологического транспорта ОЗП=1,15; ЭМ=1,15 к расх.; ЗПМ=1,15; ТЗ=1,15; ТЗМ=1,15"]
[null,"1","ИНДЕКС К ПОЗИЦИИ: II кв. 2025 г. Минстрой письмо №29761-ИФ/09 от 23.05.2025 г. (ПРОЧИЕ, ТЕР-2001) ОЗП=29,1; ЭМ=11,55; ЗПМ=29,1; МАТ=8,66",null,null,null,null,null,null,null,null,null,null,null,null,null,null,null,null,null,null,null,null,null,null,null,null,null,null,null,null,null,null,null,null,null,null,null,null,null,null,null,null,null,null,null,null,null,null,null,null,null,null,null,null,null,null,null,null,null,null,null,null,null,null,null,"ИНДЕКС К ПОЗИЦИИ: II кв. 2025 г. Минстрой письмо №29761-ИФ/09 от 23.05.2025 г. (ПРОЧИЕ, ТЕР-2001) ОЗП=29,1; ЭМ=11,55; ЗПМ=29,1; МАТ=8,66"]
[null,null,null,null,"Накладные расходы 108% ФОТ (от 33 394,08)",null,null,null,null,null,null,36065.61]
[null,null,null,null,"Сметная прибыль 55% ФОТ (от 33 394,08)",null,null,null,null,null,null,18366.740000000002]
["Анкерные болты",null,null,null,null,null,null,null,null,null,null,null,null,null,null,null,null,null,null,null,null,null,null,null,null,null,null,null,null,null,null,null,null,null,null,null,null,null,null,null,null,null,null,null,null,null,null,null,null,null,null,null,null,null,null,null,null,null,null,null,null,null,null,null,null,null,null,"Анкерные болты"]
["37","ТЕР06-01-015-03\nПриказ Администрации ЛО от 20.10.15 №28","Установка анкерных болтов: при бетонировании со связями из арматуры",null,null,"1 т",0.26400000000000001,80009.2,74033.279999999999,1040.1500000000001,180.71,21122.43,19544.79,274.60000000000002,47.71,null,null,null,null,null,null,null,null,null,null,null,null,null,null,null,null,null,null,null,null,null,null,null,null,null,null,null,null,null,null,null,null,null,null,null,null,null,null,null,null,null,null,null,null,null,null,null,null,null,"Установка анкерных болтов: при бетонировании со связями из арматуры"]
[null,null,"2 860,52 = 12 035,11 - 1 x 9 174,59",null,null,null,null,null,null,null,null,null,null,null,null,null,null,null,null,null,null,null,null,null,null,null,null,null,null,null,null,null,null,null,null,null,null,null,null,null,null,null,null,null,null,null,null,null,null,null,null,null,null,null,null,null,null,null,null,null,null,null,null,null,null,null,null,null,null,"2 860,52 = 12 035,11 - 1 x 9 174,59"]
[null,"421/пр_2020_прил.10_т.1_п.2_гр.3"," Производство работ осуществляется на территории действующего предприятия с наличием в зоне производства работ одного или нескольких из следующих факторов:\n- разветвленной сети транспортных и инженерных коммуникаций;\n- стесненных условий для складирования материалов;\n- действующего технологического оборудования;\n- движения технологического транспорта ОЗП=1,15; ЭМ=1,15 к расх.; ЗПМ=1,15; ТЗ=1,15; ТЗМ=1,15",null,null,null,null,null,null,null,null,null,null,null,null,null,null,null,null,null,null,null,null,null,null,null,null,null,null,null,null,null,null,null,null,null,null,null,null,null,null,null,null,null,null,null,null,null,null,null,null,null,null,null,null,null,null,null,null,null,null,null,null,null,null," Производство работ осуществляется на территории действующего предприятия с наличием в зоне производства работ одного или нескольких из следующих факторов:\n- разветвленной сети транспортных и инженерных коммуникаций;\n- стесненных условий для складирования материалов;\n- действующего технологического оборудования;\n- движения технологического транспорта ОЗП=1,15; ЭМ=1,15 к расх.; ЗПМ=1,15; ТЗ=1,15; ТЗМ=1,15"]
[null,"1","ИНДЕКС К ПОЗИЦИИ: II кв. 2025 г. Минстрой письмо №29761-ИФ/09 от 23.05.2025 г. (ПРОЧИЕ, ТЕР-2001) ОЗП=29,1; ЭМ=11,55; ЗПМ=29,1; МАТ=8,66",null,null,null,null,null,null,null,null,null,null,null,null,null,null,null,null,null,null,null,null,null,null,null,null,null,null,null,null,null,null,null,null,null,null,null,null,null,null,null,null,null,null,null,null,null,null,null,null,null,null,null,null,null,null,null,null,null,null,null,null,null,null,null,"ИНДЕКС К ПОЗИЦИИ: II кв. 2025 г. Минстрой письмо №29761-ИФ/09 от 23.05.2025 г. (ПРОЧИЕ, ТЕР-2001) ОЗП=29,1; ЭМ=11,55; ЗПМ=29,1; МАТ=8,66"]
[null,null,null,null,"Накладные расходы 102% ФОТ (от 19 592,50)",null,null,null,null,null,null,19984.349999999999]
[null,null,null,null,"Сметная прибыль 58% ФОТ (от 19 592,50)",null,null,null,null,null,null,11363.65]
["38","ТЦ_01.7.15.01_78_7734683882 _24.06.2022_2","Болт 1.1 М24х1000",null,null,"шт.",64,"345,97\n346,00/ИндМ225",null,null,null,22142.080000000002,null,null,null,null,null,null,null,null,null,null,null,null,null,null,null,null,null,null,null,null,null,null,null,null,null,null,null,null,null,null,null,null,null,null,null,null,null,null,null,null,null,null,null,null,null,null,null,null,null,null,null,null,"Болт 1.1 М24х1000"]
[null,null,"Цена МАТ=346,00/ИндМ225",null,null,null,null,null,null,null,null,null,null,null,null,null,null,null,null,null,null,null,null,null,null,null,null,null,null,null,null,null,null,null,null,null,null,null,null,null,null,null,null,null,null,null,null,null,null,null,null,null,null,null,null,null,null,null,null,null,null,null,null,null,null,null,null,null,null,null,"Цена МАТ=346,00/ИндМ225"]
[null,"1","ИНДЕКС К ПОЗИЦИИ: II кв. 2025 г. Минстрой письмо №29761-ИФ/09 от 23.05.2025 г. (ПРОЧИЕ, ТЕР-2001) ОЗП=29,1; ЭМ=11,55; ЗПМ=29,1; МАТ=8,66",null,null,null,null,null,null,null,null,null,null,null,null,null,null,null,null,null,null,null,null,null,null,null,null,null,null,null,null,null,null,null,null,null,null,null,null,null,null,null,null,null,null,null,null,null,null,null,null,null,null,null,null,null,null,null,null,null,null,null,null,null,null,null,"ИНДЕКС К ПОЗИЦИИ: II кв. 2025 г. Минстрой письмо №29761-ИФ/09 от 23.05.2025 г. (ПРОЧИЕ, ТЕР-2001) ОЗП=29,1; ЭМ=11,55; ЗПМ=29,1; МАТ=8,66"]
["39","ТССЦ-101-2578\nПриказ Администрации ЛО от 20.10.15 №28","Болты с гайками и шайбами для санитарно-технических работ диаметром: 24 мм",null,null,"т",9.9389999999999999E-3,126622.97,null,null,null,1258.51,null,null,null,null,null,null,null,null,null,null,null,null,null,null,null,null,null,null,null,null,null,null,null,null,null,null,null,null,null,null,null,null,null,null,null,null,null,null,null,null,null,null,null,null,null,null,null,null,null,null,null,null,"Болты с гайками и шайбами для санитарно-технических работ диаметром: 24 мм"]
[null,"1","ИНДЕКС К ПОЗИЦИИ: II кв. 2025 г. Минстрой письмо №29761-ИФ/09 от 23.05.2025 г. (ПРОЧИЕ, ТЕР-2001) ОЗП=29,1; ЭМ=11,55; ЗПМ=29,1; МАТ=8,66",null,null,null,null,null,null,null,null,null,null,null,null,null,null,null,null,null,null,null,null,null,null,null,null,null,null,null,null,null,null,null,null,null,null,null,null,null,null,null,null,null,null,null,null,null,null,null,null,null,null,null,null,null,null,null,null,null,null,null,null,null,null,null,"ИНДЕКС К ПОЗИЦИИ: II кв. 2025 г. Минстрой письмо №29761-ИФ/09 от 23.05.2025 г. (ПРОЧИЕ, ТЕР-2001) ОЗП=29,1; ЭМ=11,55; ЗПМ=29,1; МАТ=8,66"]
["Закладная деталь",null,null,null,null,null,null,null,null,null,null,null,null,null,null,null,null,null,null,null,null,null,null,null,null,null,null,null,null,null,null,null,null,null,null,null,null,null,null,null,null,null,null,null,null,null,null,null,null,null,null,null,null,null,null,null,null,null,null,null,null,null,null,null,null,null,null,"Закладная деталь"]
["40","ТЕРм38-01-006-08\nПриказ Администрации ЛО от 20.10.15 №28","Сборка с помощью лебедок ручных (с установкой и снятием их в процессе работы) или вручную (мелких деталей): стремянки, связи, кронштейны, тормозные конструкции и пр.",null,null,"1 т конструкций",0.10128,106373.81,77568.52,26428.99,899.2,10773.54,7856.14,2676.73,91.07,null,null,null,null,null,null,null,null,null,null,null,null,null,null,null,null,null,null,null,null,null,null,null,null,null,null,null,null,null,null,null,null,null,null,null,null,null,null,null,null,null,null,null,null,null,null,null,null,null,"Сборка с помощью лебедок ручных (с установкой и снятием их в процессе работы) или вручную (мелких деталей): стремянки, связи, кронштейны, тормозные конструкции и пр."]
[null,null,"4 582,06 = 10 394,42 - 1,06 x 5 483,36",null,null,null,null,null,null,null,null,null,null,null,null,null,null,null,null,null,null,null,null,null,null,null,null,null,null,null,null,null,null,null,null,null,null,null,null,null,null,null,null,null,null,null,null,null,null,null,null,null,null,null,null,null,null,null,null,null,null,null,null,null,null,null,null,null,null,"4 582,06 = 10 394,42 - 1,06 x 5 483,36"]
[null,"421/пр_2020_прил.10_т.1_п.2_гр.3"," Производство работ осуществляется на территории действующего предприятия с наличием в зоне производства работ одного или нескольких из следующих факторов:\n- разветвленной сети транспортных и инженерных коммуникаций;\n- стесненных условий для складирования материалов;\n- действующего технологического оборудования;\n- движения технологического транспорта ОЗП=1,15; ЭМ=1,15 к расх.; ЗПМ=1,15; ТЗ=1,15; ТЗМ=1,15",null,null,null,null,null,null,null,null,null,null,null,null,null,null,null,null,null,null,null,null,null,null,null,null,null,null,null,null,null,null,null,null,null,null,null,null,null,null,null,null,null,null,null,null,null,null,null,null,null,null,null,null,null,null,null,null,null,null,null,null,null,null," Производство работ осуществляется на территории действующего предприятия с наличием в зоне производства работ одного или нескольких из следующих факторов:\n- разветвленной сети транспортных и инженерных коммуникаций;\n- стесненных условий для складирования материалов;\n- действующего технологического оборудования;\n- движения технологического транспорта ОЗП=1,15; ЭМ=1,15 к расх.; ЗПМ=1,15; ТЗ=1,15; ТЗМ=1,15"]
[null,"1","ИНДЕКС К ПОЗИЦИИ: II кв. 2025 г. Минстрой письмо №29761-ИФ/09 от 23.05.2025 г. (ПРОЧИЕ, ТЕР-2001) ОЗП=29,1; ЭМ=11,55; ЗПМ=29,1; МАТ=8,66",null,null,null,null,null,null,null,null,null,null,null,null,null,null,null,null,null,null,null,null,null,null,null,null,null,null,null,null,null,null,null,null,null,null,null,null,null,null,null,null,null,null,null,null,null,null,null,null,null,null,null,null,null,null,null,null,null,null,null,null,null,null,null,"ИНДЕКС К ПОЗИЦИИ: II кв. 2025 г. Минстрой письмо №29761-ИФ/09 от 23.05.2025 г. (ПРОЧИЕ, ТЕР-2001) ОЗП=29,1; ЭМ=11,55; ЗПМ=29,1; МАТ=8,66"]
[null,null,null,null,"Накладные расходы 90% ФОТ (от 7 947,21)",null,null,null,null,null,null,7152.49]
[null,null,null,null,"Сметная прибыль 45% ФОТ (от 7 947,21)",null,null,null,null,null,null,3576.24]
["41","ТЕР06-01-092-11\nПриказ Администрации ЛО от 20.10.15 №28","Установка закладных деталей при массе элементов: до 5 кг",null,null,"1 т арматуры, закладных деталей",0.10128,47266.93,45666,1151.99,558.20000000000005,4787.1899999999996,4625.05,116.67,56.53,null,null,null,null,null,null,null,null,null,null,null,null,null,null,null,null,null,null,null,null,null,null,null,null,null,null,null,null,null,null,null,null,null,null,null,null,null,null,null,null,null,null,null,null,null,null,null,null,null,"Установка закладных деталей при массе элементов: до 5 кг"]
[null,null,"1 503,16 = 7 710,47 - 1 x 6 207,31",null,null,null,null,null,null,null,null,null,null,null,null,null,null,null,null,null,null,null,null,null,null,null,null,null,null,null,null,null,null,null,null,null,null,null,null,null,null,null,null,null,null,null,null,null,null,null,null,null,null,null,null,null,null,null,null,null,null,null,null,null,null,null,null,null,null,"1 503,16 = 7 710,47 - 1 x 6 207,31"]
[null,"421/пр_2020_прил.10_т.1_п.2_гр.3"," Производство работ осуществляется на территории действующего предприятия с наличием в зоне производства работ одного или нескольких из следующих факторов:\n- разветвленной сети транспортных и инженерных коммуникаций;\n- стесненных условий для складирования материалов;\n- действующего технологического оборудования;\n- движения технологического транспорта ОЗП=1,15; ЭМ=1,15 к расх.; ЗПМ=1,15; ТЗ=1,15; ТЗМ=1,15",null,null,null,null,null,null,null,null,null,null,null,null,null,null,null,null,null,null,null,null,null,null,null,null,null,null,null,null,null,null,null,null,null,null,null,null,null,null,null,null,null,null,null,null,null,null,null,null,null,null,null,null,null,null,null,null,null,null,null,null,null,null," Производство работ осуществляется на территории действующего предприятия с наличием в зоне производства работ одного или нескольких из следующих факторов:\n- разветвленной сети транспортных и инженерных коммуникаций;\n- стесненных условий для складирования материалов;\n- действующего технологического оборудования;\n- движения технологического транспорта ОЗП=1,15; ЭМ=1,15 к расх.; ЗПМ=1,15; ТЗ=1,15; ТЗМ=1,15"]
[null,"1","ИНДЕКС К ПОЗИЦИИ: II кв. 2025 г. Минстрой письмо №29761-ИФ/09 от 23.05.2025 г. (ПРОЧИЕ, ТЕР-2001) ОЗП=29,1; ЭМ=11,55; ЗПМ=29,1; МАТ=8,66",null,null,null,null,null,null,null,null,null,null,null,null,null,null,null,null,null,null,null,null,null,null,null,null,null,null,null,null,null,null,null,null,null,null,null,null,null,null,null,null,null,null,null,null,null,null,null,null,null,null,null,null,null,null,null,null,null,null,null,null,null,null,null,"ИНДЕКС К ПОЗИЦИИ: II кв. 2025 г. Минстрой письмо №29761-ИФ/09 от 23.05.2025 г. (ПРОЧИЕ, ТЕР-2001) ОЗП=29,1; ЭМ=11,55; ЗПМ=29,1; МАТ=8,66"]
[null,null,null,null,"Накладные расходы 108% ФОТ (от 4 681,58)",null,null,null,null,null,null,5056.1099999999997]
[null,null,null,null,"Сметная прибыль 55% ФОТ (от 4 681,58)",null,null,null,null,null,null,2574.87]
["42","Прайс","Горячекатанная арматурная сталь класса А500 С, диаметром: 12 мм",null,null,"т",2.5919999999999999E-2,"50 832,99\n50833,00/ИндМ225",null,null,null,1317.59,null,null,null,null,null,null,null,null,null,null,null,null,null,null,null,null,null,null,null,null,null,null,null,null,null,null,null,null,null,null,null,null,null,null,null,null,null,null,null,null,null,null,null,null,null,null,null,null,null,null,null,null,"Горячекатанная арматурная сталь класса А500 С, диаметром: 12 мм"]
[null,null,"Цена МАТ=50833,00/ИндМ225",null,null,null,null,null,null,null,null,null,null,null,null,null,null,null,null,null,null,null,null,null,null,null,null,null,null,null,null,null,null,null,null,null,null,null,null,null,null,null,null,null,null,null,null,null,null,null,null,null,null,null,null,null,null,null,null,null,null,null,null,null,null,null,null,null,null,null,"Цена МАТ=50833,00/ИндМ225"]
[null,"1","ИНДЕКС К ПОЗИЦИИ: II кв. 2025 г. Минстрой письмо №29761-ИФ/09 от 23.05.2025 г. (ПРОЧИЕ, ТЕР-2001) ОЗП=29,1; ЭМ=11,55; ЗПМ=29,1; МАТ=8,66",null,null,null,null,null,null,null,null,null,null,null,null,null,null,null,null,null,null,null,null,null,null,null,null,null,null,null,null,null,null,null,null,null,null,null,null,null,null,null,null,null,null,null,null,null,null,null,null,null,null,null,null,null,null,null,null,null,null,null,null,null,null,null,"ИНДЕКС К ПОЗИЦИИ: II кв. 2025 г. Минстрой письмо №29761-ИФ/09 от 23.05.2025 г. (ПРОЧИЕ, ТЕР-2001) ОЗП=29,1; ЭМ=11,55; ЗПМ=29,1; МАТ=8,66"]
["43","Прайс","Прокат листовой 10мм",null,null,"т",7.5359999999999996E-2,"90 520,04\n90520,00/ИндМ225",null,null,null,6821.59,null,null,null,null,null,null,null,null,null,null,null,null,null,null,null,null,null,null,null,null,null,null,null,null,null,null,null,null,null,null,null,null,null,null,null,null,null,null,null,null,null,null,null,null,null,null,null,null,null,null,null,null,"Прокат листовой 10мм"]
[null,null,"Цена МАТ=90520,00/ИндМ225",null,null,null,null,null,null,null,null,null,null,null,null,null,null,null,null,null,null,null,null,null,null,null,null,null,null,null,null,null,null,null,null,null,null,null,null,null,null,null,null,null,null,null,null,null,null,null,null,null,null,null,null,null,null,null,null,null,null,null,null,null,null,null,null,null,null,null,"Цена МАТ=90520,00/ИндМ225"]
[null,"1","ИНДЕКС К ПОЗИЦИИ: II кв. 2025 г. Минстрой письмо №29761-ИФ/09 от 23.05.2025 г. (ПРОЧИЕ, ТЕР-2001) ОЗП=29,1; ЭМ=11,55; ЗПМ=29,1; МАТ=8,66",null,null,null,null,null,null,null,null,null,null,null,null,null,null,null,null,null,null,null,null,null,null,null,null,null,null,null,null,null,null,null,null,null,null,null,null,null,null,null,null,null,null,null,null,null,null,null,null,null,null,null,null,null,null,null,null,null,null,null,null,null,null,null,"ИНДЕКС К ПОЗИЦИИ: II кв. 2025 г. Минстрой письмо №29761-ИФ/09 от 23.05.2025 г. (ПРОЧИЕ, ТЕР-2001) ОЗП=29,1; ЭМ=11,55; ЗПМ=29,1; МАТ=8,66"]
["Антикоррозионная обработка деталей",null,null,null,null,null,null,null,null,null,null,null,null,null,null,null,null,null,null,null,null,null,null,null,null,null,null,null,null,null,null,null,null,null,null,null,null,null,null,null,null,null,null,null,null,null,null,null,null,null,null,null,null,null,null,null,null,null,null,null,null,null,null,null,null,null,null,null,null,null,null,"Антикоррозионная обработка деталей"]
["44","ТЕР13-03-002-04\nПриказ Администрации ЛО от 20.10.15 №28","Огрунтовка металлических поверхностей за один раз: грунтовкой ГФ-021",null,null,"100 м2 окрашиваемой поверхности",2.9371000000000001E-2,4018.14,3587.78,131.76,6.02,118.02,105.38,3.87,0.18,null,null,null,null,null,null,null,null,null,null,null,null,null,null,null,null,null,null,null,null,null,null,null,null,null,null,null,null,null,null,null,null,null,null,null,null,null,null,null,null,null,null,null,null,null,null,null,null,null,"Огрунтовка металлических поверхностей за один раз: грунтовкой ГФ-021"]
[null,null,"151,61 = 371,85 - 0,012 x 18 353,45",null,null,null,null,null,null,null,null,null,null,null,null,null,null,null,null,null,null,null,null,null,null,null,null,null,null,null,null,null,null,null,null,null,null,null,null,null,null,null,null,null,null,null,null,null,null,null,null,null,null,null,null,null,null,null,null,null,null,null,null,null,null,null,null,null,null,"151,61 = 371,85 - 0,012 x 18 353,45"]
[null,"421/пр_2020_прил.10_т.1_п.2_гр.3"," Производство работ осуществляется на территории действующего предприятия с наличием в зоне производства работ одного или нескольких из следующих факторов:\n- разветвленной сети транспортных и инженерных коммуникаций;\n- стесненных условий для складирования материалов;\n- действующего технологического оборудования;\n- движения технологического транспорта ОЗП=1,15; ЭМ=1,15 к расх.; ЗПМ=1,15; ТЗ=1,15; ТЗМ=1,15",null,null,null,null,null,null,null,null,null,null,null,null,null,null,null,null,null,null,null,null,null,null,null,null,null,null,null,null,null,null,null,null,null,null,null,null,null,null,null,null,null,null,null,null,null,null,null,null,null,null,null,null,null,null,null,null,null,null,null,null,null,null," Производство работ осуществляется на территории действующего предприятия с наличием в зоне производства работ одного или нескольких из следующих факторов:\n- разветвленной сети транспортных и инженерных коммуникаций;\n- стесненных условий для складирования материалов;\n- действующего технологического оборудования;\n- движения технологического транспорта ОЗП=1,15; ЭМ=1,15 к расх.; ЗПМ=1,15; ТЗ=1,15; ТЗМ=1,15"]
[null,"1","ИНДЕКС К ПОЗИЦИИ: II кв. 2025 г. Минстрой письмо №29761-ИФ/09 от 23.05.2025 г. (ПРОЧИЕ, ТЕР-2001) ОЗП=29,1; ЭМ=11,55; ЗПМ=29,1; МАТ=8,66",null,null,null,null,null,null,null,null,null,null,null,null,null,null,null,null,null,null,null,null,null,null,null,null,null,null,null,null,null,null,null,null,null,null,null,null,null,null,null,null,null,null,null,null,null,null,null,null,null,null,null,null,null,null,null,null,null,null,null,null,null,null,null,"ИНДЕКС К ПОЗИЦИИ: II кв. 2025 г. Минстрой письмо №29761-ИФ/09 от 23.05.2025 г. (ПРОЧИЕ, ТЕР-2001) ОЗП=29,1; ЭМ=11,55; ЗПМ=29,1; МАТ=8,66"]
[null,null,null,null,"Накладные расходы 94% ФОТ (от 105,56)",null,null,null,null,null,null,99.23]
[null,null,null,null,"Сметная прибыль 51% ФОТ (от 105,56)",null,null,null,null,null,null,53.84]
["45","Прайс\nАналог ТССЦ-113-0021 18353,45/17895,65=3%","Грунтовка: ГФ-021 красно-коричневая",null,null,"кг",0.35245199999999999,"281,19\n273,00/ИндМ225*1,03",null,null,null,99.11,null,null,null,null,null,null,null,null,null,null,null,null,null,null,null,null,null,null,null,null,null,null,null,null,null,null,null,null,null,null,null,null,null,null,null,null,null,null,null,null,null,null,null,null,null,null,null,null,null,null,null,null,"Грунтовка: ГФ-021 красно-коричневая"]
[null,null,"Цена МАТ=273,00/ИндМ225*1,03",null,null,null,null,null,null,null,null,null,null,null,null,null,null,null,null,null,null,null,null,null,null,null,null,null,null,null,null,null,null,null,null,null,null,null,null,null,null,null,null,null,null,null,null,null,null,null,null,null,null,null,null,null,null,null,null,null,null,null,null,null,null,null,null,null,null,null,"Цена МАТ=273,00/ИндМ225*1,03"]
[null,"1","ИНДЕКС К ПОЗИЦИИ: II кв. 2025 г. Минстрой письмо №29761-ИФ/09 от 23.05.2025 г. (ПРОЧИЕ, ТЕР-2001) ОЗП=29,1; ЭМ=11,55; ЗПМ=29,1; МАТ=8,66",null,null,null,null,null,null,null,null,null,null,null,null,null,null,null,null,null,null,null,null,null,null,null,null,null,null,null,null,null,null,null,null,null,null,null,null,null,null,null,null,null,null,null,null,null,null,null,null,null,null,null,null,null,null,null,null,null,null,null,null,null,null,null,"ИНДЕКС К ПОЗИЦИИ: II кв. 2025 г. Минстрой письмо №29761-ИФ/09 от 23.05.2025 г. (ПРОЧИЕ, ТЕР-2001) ОЗП=29,1; ЭМ=11,55; ЗПМ=29,1; МАТ=8,66"]
["46","ТЕР13-03-004-26\nПриказ Администрации ЛО от 20.10.15 №28","Окраска металлических огрунтованных поверхностей: эмалью ПФ-115 (за 2 раза) К=2",null,null,"100 м2 окрашиваемой поверхности",2.9371000000000001E-2,4773.87,4409.3500000000004,177.99,12.05,140.21,129.51,5.23,0.35,null,null,null,null,null,null,null,null,null,null,null,null,null,null,null,null,null,null,null,null,null,null,null,null,null,null,null,null,null,null,null,null,null,null,null,null,null,null,null,null,null,null,null,null,null,null,null,null,null,"Окраска металлических огрунтованных поверхностей: эмалью ПФ-115 (за 2 раза) К=2"]
[null,null,"83,35 = 560,19 - 0,019 x 25 096,77",null,null,null,null,null,null,null,null,null,null,null,null,null,null,null,null,null,null,null,null,null,null,null,null,null,null,null,null,null,null,null,null,null,null,null,null,null,null,null,null,null,null,null,null,null,null,null,null,null,null,null,null,null,null,null,null,null,null,null,null,null,null,null,null,null,null,"83,35 = 560,19 - 0,019 x 25 096,77"]
[null,null," За два раза ПЗ=2 (ОЗП=2; ЭМ=2 к расх.; ЗПМ=2; МАТ=2 к расх.; ТЗ=2; ТЗМ=2)",null,null,null,null,null,null,null,null,null,null,null,null,null,null,null,null,null,null,null,null,null,null,null,null,null,null,null,null,null,null,null,null,null,null,null,null,null,null,null,null,null,null,null,null,null,null,null,null,null,null,null,null,null,null,null,null,null,null,null,null,null,null," За два раза ПЗ=2 (ОЗП=2; ЭМ=2 к расх.; ЗПМ=2; МАТ=2 к расх.; ТЗ=2; ТЗМ=2)"]
[null,"421/пр_2020_прил.10_т.1_п.2_гр.3"," Производство работ осуществляется на территории действующего предприятия с наличием в зоне производства работ одного или нескольких из следующих факторов:\n- разветвленной сети транспортных и инженерных коммуникаций;\n- стесненных условий для складирования материалов;\n- действующего технологического оборудования;\n- движения технологического транспорта ОЗП=1,15; ЭМ=1,15 к расх.; ЗПМ=1,15; ТЗ=1,15; ТЗМ=1,15",null,null,null,null,null,null,null,null,null,null,null,null,null,null,null,null,null,null,null,null,null,null,null,null,null,null,null,null,null,null,null,null,null,null,null,null,null,null,null,null,null,null,null,null,null,null,null,null,null,null,null,null,null,null,null,null,null,null,null,null,null,null," Производство работ осуществляется на территории действующего предприятия с наличием в зоне производства работ одного или нескольких из следующих факторов:\n- разветвленной сети транспортных и инженерных коммуникаций;\n- стесненных условий для складирования материалов;\n- действующего технологического оборудования;\n- движения технологического транспорта ОЗП=1,15; ЭМ=1,15 к расх.; ЗПМ=1,15; ТЗ=1,15; ТЗМ=1,15"]
[null,"1","ИНДЕКС К ПОЗИЦИИ: II кв. 2025 г. Минстрой письмо №29761-ИФ/09 от 23.05.2025 г. (ПРОЧИЕ, ТЕР-2001) ОЗП=29,1; ЭМ=11,55; ЗПМ=29,1; МАТ=8,66",null,null,null,null,null,null,null,null,null,null,null,null,null,null,null,null,null,null,null,null,null,null,null,null,null,null,null,null,null,null,null,null,null,null,null,null,null,null,null,null,null,null,null,null,null,null,null,null,null,null,null,null,null,null,null,null,null,null,null,null,null,null,null,"ИНДЕКС К ПОЗИЦИИ: II кв. 2025 г. Минстрой письмо №29761-ИФ/09 от 23.05.2025 г. (ПРОЧИЕ, ТЕР-2001) ОЗП=29,1; ЭМ=11,55; ЗПМ=29,1; МАТ=8,66"]
[null,null,null,null,"Накладные расходы 94% ФОТ (от 129,86)",null,null,null,null,null,null,122.07]
[null,null,null,null,"Сметная прибыль 51% ФОТ (от 129,86)",null,null,null,null,null,null,66.23]
["47","Прайс\nАналог ТССЦ-113-0246 25096,77/24506,75=2%","Эмаль ПФ-115 серая",null,null,"кг",1.116098,"351,94\n345,00/ИндМ225*1,02",null,null,null,392.8,null,null,null,null,null,null,null,null,null,null,null,null,null,null,null,null,null,null,null,null,null,null,null,null,null,null,null,null,null,null,null,null,null,null,null,null,null,null,null,null,null,null,null,null,null,null,null,null,null,null,null,null,"Эмаль ПФ-115 серая"]
[null,null,"Цена МАТ=345,00/ИндМ225*1,02",null,null,null,null,null,null,null,null,null,null,null,null,null,null,null,null,null,null,null,null,null,null,null,null,null,null,null,null,null,null,null,null,null,null,null,null,null,null,null,null,null,null,null,null,null,null,null,null,null,null,null,null,null,null,null,null,null,null,null,null,null,null,null,null,null,null,null,"Цена МАТ=345,00/ИндМ225*1,02"]
[null,"1","ИНДЕКС К ПОЗИЦИИ: II кв. 2025 г. Минстрой письмо №29761-ИФ/09 от 23.05.2025 г. (ПРОЧИЕ, ТЕР-2001) ОЗП=29,1; ЭМ=11,55; ЗПМ=29,1; МАТ=8,66",null,null,null,null,null,null,null,null,null,null,null,null,null,null,null,null,null,null,null,null,null,null,null,null,null,null,null,null,null,null,null,null,null,null,null,null,null,null,null,null,null,null,null,null,null,null,null,null,null,null,null,null,null,null,null,null,null,null,null,null,null,null,null,"ИНДЕКС К ПОЗИЦИИ: II кв. 2025 г. Минстрой письмо №29761-ИФ/09 от 23.05.2025 г. (ПРОЧИЕ, ТЕР-2001) ОЗП=29,1; ЭМ=11,55; ЗПМ=29,1; МАТ=8,66"]
["Итого по разделу 2 Фундамент ленточный (1632-2021-3.4-КЖ)",null,null,null,null,null,null,null,null,null,null,6195444.2599999998,null,null,null,null,null,null,null,null,null,null,null,null,null,null,null,null,null,null,null,null,null,null,null,null,null,null,null,null,null,null,null,null,null,null,null,null,null,null,null,null,null,null,null,null,null,null,null,null,null,null,null,null,null,null,null,null,"Итого по разделу 2 Фундамент ленточный (1632-2021-3.4-КЖ)"]
["Раздел 3. Плита пола",null,null,null,null,null,null,null,null,null,null,null,null,null,null,null,null,null,null,null,null,null,null,null,null,null,null,null,null,null,null,null,null,null,null,null,null,null,null,null,null,null,null,null,null,null,null,null,null,null,null,null,null,null,null,null,null,null,null,null,null,null,null,"Раздел 3. Плита пола"]
["48","ТЕР08-01-002-02\nПриказ Администрации ЛО от 20.10.15 №28","Устройство основания под фундаменты: щебеночного",null,null,"1 м3 основания",111.4,2096.56,1243.22,850.48,337.33,233556.78,138494.71,94743.47,37578.559999999998,null,null,null,null,null,null,null,null,null,null,null,null,null,null,null,null,null,null,null,null,null,null,null,null,null,null,null,null,null,null,null,null,null,null,null,null,null,null,null,null,null,null,null,null,null,null,null,null,null,"Устройство основания под фундаменты: щебеночного"]
[null,null,"101,51 = 436,36 - 1,3 x 257,58",null,null,null,null,null,null,null,null,null,null,null,null,null,null,null,null,null,null,null,null,null,null,null,null,null,null,null,null,null,null,null,null,null,null,null,null,null,null,null,null,null,null,null,null,null,null,null,null,null,null,null,null,null,null,null,null,null,null,null,null,null,null,null,null,null,null,"101,51 = 436,36 - 1,3 x 257,58"]
[null,"421/пр_2020_прил.10_т.1_п.2_гр.3"," Производство работ осуществляется на территории действующего предприятия с наличием в зоне производства работ одного или нескольких из следующих факторов:\n- разветвленной сети транспортных и инженерных коммуникаций;\n- стесненных условий для складирования материалов;\n- действующего технологического оборудования;\n- движения технологического транспорта ОЗП=1,15; ЭМ=1,15 к расх.; ЗПМ=1,15; ТЗ=1,15; ТЗМ=1,15",null,null,null,null,null,null,null,null,null,null,null,null,null,null,null,null,null,null,null,null,null,null,null,null,null,null,null,null,null,null,null,null,null,null,null,null,null,null,null,null,null,null,null,null,null,null,null,null,null,null,null,null,null,null,null,null,null,null,null,null,null,null," Производство работ осуществляется на территории действующего предприятия с наличием в зоне производства работ одного или нескольких из следующих факторов:\n- разветвленной сети транспортных и инженерных коммуникаций;\n- стесненных условий для складирования материалов;\n- действующего технологического оборудования;\n- движения технологического транспорта ОЗП=1,15; ЭМ=1,15 к расх.; ЗПМ=1,15; ТЗ=1,15; ТЗМ=1,15"]
[null,"1","ИНДЕКС К ПОЗИЦИИ: II кв. 2025 г. Минстрой письмо №29761-ИФ/09 от 23.05.2025 г. (ПРОЧИЕ, ТЕР-2001) ОЗП=29,1; ЭМ=11,55; ЗПМ=29,1; МАТ=8,66",null,null,null,null,null,null,null,null,null,null,null,null,null,null,null,null,null,null,null,null,null,null,null,null,null,null,null,null,null,null,null,null,null,null,null,null,null,null,null,null,null,null,null,null,null,null,null,null,null,null,null,null,null,null,null,null,null,null,null,null,null,null,null,"ИНДЕКС К ПОЗИЦИИ: II кв. 2025 г. Минстрой письмо №29761-ИФ/09 от 23.05.2025 г. (ПРОЧИЕ, ТЕР-2001) ОЗП=29,1; ЭМ=11,55; ЗПМ=29,1; МАТ=8,66"]
[null,null,null,null,"Накладные расходы 110% ФОТ (от 176 073,27)",null,null,null,null,null,null,193680.6]
[null,null,null,null,"Сметная прибыль 69% ФОТ (от 176 073,27)",null,null,null,null,null,null,121490.56]
["49","ТССЦ-408-0015\nПриказ Администрации ЛО от 20.10.15 №28","Щебень из природного камня для строительных работ марка: 800, фракция 20-40 мм",null,null,"м3",144.82,2362.71,null,null,null,342167.66,null,null,null,null,null,null,null,null,null,null,null,null,null,null,null,null,null,null,null,null,null,null,null,null,null,null,null,null,null,null,null,null,null,null,null,null,null,null,null,null,null,null,null,null,null,null,null,null,null,null,null,null,"Щебень из природного камня для строительных работ марка: 800, фракция 20-40 мм"]
[null,"1","ИНДЕКС К ПОЗИЦИИ: II кв. 2025 г. Минстрой письмо №29761-ИФ/09 от 23.05.2025 г. (ПРОЧИЕ, ТЕР-2001) ОЗП=29,1; ЭМ=11,55; ЗПМ=29,1; МАТ=8,66",null,null,null,null,null,null,null,null,null,null,null,null,null,null,null,null,null,null,null,null,null,null,null,null,null,null,null,null,null,null,null,null,null,null,null,null,null,null,null,null,null,null,null,null,null,null,null,null,null,null,null,null,null,null,null,null,null,null,null,null,null,null,null,"ИНДЕКС К ПОЗИЦИИ: II кв. 2025 г. Минстрой письмо №29761-ИФ/09 от 23.05.2025 г. (ПРОЧИЕ, ТЕР-2001) ОЗП=29,1; ЭМ=11,55; ЗПМ=29,1; МАТ=8,66"]
["50","ТЕР06-01-001-01\nПриказ Администрации ЛО от 20.10.15 №28","Устройство бетонной подготовки",null,null,"100 м3 бетона, бутобетона и железобетона в деле",0.51600000000000001,131306.43,89090.52,24177.74,14776.14,67754.12,45970.71,12475.71,7624.49,null,null,null,null,null,null,null,null,null,null,null,null,null,null,null,null,null,null,null,null,null,null,null,null,null,null,null,null,null,null,null,null,null,null,null,null,null,null,null,null,null,null,null,null,null,null,null,null,null,"Устройство бетонной подготовки"]
[null,null,"6 565,40 = 40 889,42 - 102 x 336,51",null,null,null,null,null,null,null,null,null,null,null,null,null,null,null,null,null,null,null,null,null,null,null,null,null,null,null,null,null,null,null,null,null,null,null,null,null,null,null,null,null,null,null,null,null,null,null,null,null,null,null,null,null,null,null,null,null,null,null,null,null,null,null,null,null,null,"6 565,40 = 40 889,42 - 102 x 336,51"]
[null,"421/пр_2020_прил.10_т.1_п.2_гр.3"," Производство работ осуществляется на территории действующего предприятия с наличием в зоне производства работ одного или нескольких из следующих факторов:\n- разветвленной сети транспортных и инженерных коммуникаций;\n- стесненных условий для складирования материалов;\n- действующего технологического оборудования;\n- движения технологического транспорта ОЗП=1,15; ЭМ=1,15 к расх.; ЗПМ=1,15; ТЗ=1,15; ТЗМ=1,15",null,null,null,null,null,null,null,null,null,null,null,null,null,null,null,null,null,null,null,null,null,null,null,null,null,null,null,null,null,null,null,null,null,null,null,null,null,null,null,null,null,null,null,null,null,null,null,null,null,null,null,null,null,null,null,null,null,null,null,null,null,null," Производство работ осуществляется на территории действующего предприятия с наличием в зоне производства работ одного или нескольких из следующих факторов:\n- разветвленной сети транспортных и инженерных коммуникаций;\n- стесненных условий для складирования материалов;\n- действующего технологического оборудования;\n- движения технологического транспорта ОЗП=1,15; ЭМ=1,15 к расх.; ЗПМ=1,15; ТЗ=1,15; ТЗМ=1,15"]
[null,"1","ИНДЕКС К ПОЗИЦИИ: II кв. 2025 г. Минстрой письмо №29761-ИФ/09 от 23.05.2025 г. (ПРОЧИЕ, ТЕР-2001) ОЗП=29,1; ЭМ=11,55; ЗПМ=29,1; МАТ=8,66",null,null,null,null,null,null,null,null,null,null,null,null,null,null,null,null,null,null,null,null,null,null,null,null,null,null,null,null,null,null,null,null,null,null,null,null,null,null,null,null,null,null,null,null,null,null,null,null,null,null,null,null,null,null,null,null,null,null,null,null,null,null,null,"ИНДЕКС К ПОЗИЦИИ: II кв. 2025 г. Минстрой письмо №29761-ИФ/09 от 23.05.2025 г. (ПРОЧИЕ, ТЕР-2001) ОЗП=29,1; ЭМ=11,55; ЗПМ=29,1; МАТ=8,66"]
[null,null,null,null,"Накладные расходы 102% ФОТ (от 53 595,20)",null,null,null,null,null,null,54667.1]
[null,null,null,null,"Сметная прибыль 58% ФОТ (от 53 595,20)",null,null,null,null,null,null,31085.22]
["51","ТСЭМ-110053\nПриказ Администрации ЛО от 20.10.15 №28","Автобетоносмесители: 4 м3",null,null,"маш.-ч",6.4080000000000004,2091.86,null,2091.86,820.9,13404.64,null,13404.64,5260.33,null,null,null,null,null,null,null,null,null,null,null,null,null,null,null,null,null,null,null,null,null,null,null,null,null,null,null,null,null,null,null,null,null,null,null,null,null,null,null,null,null,null,null,null,null,null,null,null,null,"Автобетоносмесители: 4 м3"]
[null,"421/пр_2020_прил.10_т.1_п.2_гр.3"," Производство работ осуществляется на территории действующего предприятия с наличием в зоне производства работ одного или нескольких из следующих факторов:\n- разветвленной сети транспортных и инженерных коммуникаций;\n- стесненных условий для складирования материалов;\n- действующего технологического оборудования;\n- движения технологического транспорта ОЗП=1,15; ЭМ=1,15 к расх.; ЗПМ=1,15; ТЗ=1,15; ТЗМ=1,15",null,null,null,null,null,null,null,null,null,null,null,null,null,null,null,null,null,null,null,null,null,null,null,null,null,null,null,null,null,null,null,null,null,null,null,null,null,null,null,null,null,null,null,null,null,null,null,null,null,null,null,null,null,null,null,null,null,null,null,null,null,null," Производство работ осуществляется на территории действующего предприятия с наличием в зоне производства работ одного или нескольких из следующих факторов:\n- разветвленной сети транспортных и инженерных коммуникаций;\n- стесненных условий для складирования материалов;\n- действующего технологического оборудования;\n- движения технологического транспорта ОЗП=1,15; ЭМ=1,15 к расх.; ЗПМ=1,15; ТЗ=1,15; ТЗМ=1,15"]
[null,"1","ИНДЕКС К ПОЗИЦИИ: II кв. 2025 г. Минстрой письмо №29761-ИФ/09 от 23.05.2025 г. (ПРОЧИЕ, ТЕР-2001) ОЗП=29,1; ЭМ=11,55; ЗПМ=29,1; МАТ=8,66",null,null,null,null,null,null,null,null,null,null,null,null,null,null,null,null,null,null,null,null,null,null,null,null,null,null,null,null,null,null,null,null,null,null,null,null,null,null,null,null,null,null,null,null,null,null,null,null,null,null,null,null,null,null,null,null,null,null,null,null,null,null,null,"ИНДЕКС К ПОЗИЦИИ: II кв. 2025 г. Минстрой письмо №29761-ИФ/09 от 23.05.2025 г. (ПРОЧИЕ, ТЕР-2001) ОЗП=29,1; ЭМ=11,55; ЗПМ=29,1; МАТ=8,66"]
[null,null,null,null,"Накладные расходы 102% ФОТ (от 5 260,33)",null,null,null,null,null,null,5365.54]
[null,null,null,null,"Сметная прибыль 58% ФОТ (от 5 260,33)",null,null,null,null,null,null,3050.99]
["52","Прайс","Бетон тяжелый, класс: В7,5 (М100)",null,null,"м3",52.631999999999998,"5 674,98\n(4050+1625)/ИндМ225",null,null,null,298685.55,null,null,null,null,null,null,null,null,null,null,null,null,null,null,null,null,null,null,null,null,null,null,null,null,null,null,null,null,null,null,null,null,null,null,null,null,null,null,null,null,null,null,null,null,null,null,null,null,null,null,null,null,"Бетон тяжелый, класс: В7,5 (М100)"]
[null,null,"Цена МАТ=(4050+1625)/ИндМ225",null,null,null,null,null,null,null,null,null,null,null,null,null,null,null,null,null,null,null,null,null,null,null,null,null,null,null,null,null,null,null,null,null,null,null,null,null,null,null,null,null,null,null,null,null,null,null,null,null,null,null,null,null,null,null,null,null,null,null,null,null,null,null,null,null,null,null,"Цена МАТ=(4050+1625)/ИндМ225"]
[null,"1","ИНДЕКС К ПОЗИЦИИ: II кв. 2025 г. Минстрой письмо №29761-ИФ/09 от 23.05.2025 г. (ПРОЧИЕ, ТЕР-2001) ОЗП=29,1; ЭМ=11,55; ЗПМ=29,1; МАТ=8,66",null,null,null,null,null,null,null,null,null,null,null,null,null,null,null,null,null,null,null,null,null,null,null,null,null,null,null,null,null,null,null,null,null,null,null,null,null,null,null,null,null,null,null,null,null,null,null,null,null,null,null,null,null,null,null,null,null,null,null,null,null,null,null,"ИНДЕКС К ПОЗИЦИИ: II кв. 2025 г. Минстрой письмо №29761-ИФ/09 от 23.05.2025 г. (ПРОЧИЕ, ТЕР-2001) ОЗП=29,1; ЭМ=11,55; ЗПМ=29,1; МАТ=8,66"]
["53","ТЕР26-01-041-01\nПриказ Администрации ЛО от 20.10.15 №28","Изоляция изделиями из пенопласта на битуме холодных поверхностей: стен и колонн прямоугольных",null,null,"1 м3 изоляции",1,14376.59,11255.28,746.48,null,14376.59,11255.28,746.48,null,null,null,null,null,null,null,null,null,null,null,null,null,null,null,null,null,null,null,null,null,null,null,null,null,null,null,null,null,null,null,null,null,null,null,null,null,null,null,null,null,null,null,null,null,null,null,null,null,null,"Изоляция изделиями из пенопласта на битуме холодных поверхностей: стен и колонн прямоугольных"]
[null,null,"666,76 = 1 559,17 - 0,98 x 910,62",null,null,null,null,null,null,null,null,null,null,null,null,null,null,null,null,null,null,null,null,null,null,null,null,null,null,null,null,null,null,null,null,null,null,null,null,null,null,null,null,null,null,null,null,null,null,null,null,null,null,null,null,null,null,null,null,null,null,null,null,null,null,null,null,null,null,"666,76 = 1 559,17 - 0,98 x 910,62"]
[null,"421/пр_2020_прил.10_т.1_п.2_гр.3"," Производство работ осуществляется на территории действующего предприятия с наличием в зоне производства работ одного или нескольких из следующих факторов:\n- разветвленной сети транспортных и инженерных коммуникаций;\n- стесненных условий для складирования материалов;\n- действующего технологического оборудования;\n- движения технологического транспорта ОЗП=1,15; ЭМ=1,15 к расх.; ЗПМ=1,15; ТЗ=1,15; ТЗМ=1,15",null,null,null,null,null,null,null,null,null,null,null,null,null,null,null,null,null,null,null,null,null,null,null,null,null,null,null,null,null,null,null,null,null,null,null,null,null,null,null,null,null,null,null,null,null,null,null,null,null,null,null,null,null,null,null,null,null,null,null,null,null,null," Производство работ осуществляется на территории действующего предприятия с наличием в зоне производства работ одного или нескольких из следующих факторов:\n- разветвленной сети транспортных и инженерных коммуникаций;\n- стесненных условий для складирования материалов;\n- действующего технологического оборудования;\n- движения технологического транспорта ОЗП=1,15; ЭМ=1,15 к расх.; ЗПМ=1,15; ТЗ=1,15; ТЗМ=1,15"]
[null,"1","ИНДЕКС К ПОЗИЦИИ: II кв. 2025 г. Минстрой письмо №29761-ИФ/09 от 23.05.2025 г. (ПРОЧИЕ, ТЕР-2001) ОЗП=29,1; ЭМ=11,55; ЗПМ=29,1; МАТ=8,66",null,null,null,null,null,null,null,null,null,null,null,null,null,null,null,null,null,null,null,null,null,null,null,null,null,null,null,null,null,null,null,null,null,null,null,null,null,null,null,null,null,null,null,null,null,null,null,null,null,null,null,null,null,null,null,null,null,null,null,null,null,null,null,"ИНДЕКС К ПОЗИЦИИ: II кв. 2025 г. Минстрой письмо №29761-ИФ/09 от 23.05.2025 г. (ПРОЧИЕ, ТЕР-2001) ОЗП=29,1; ЭМ=11,55; ЗПМ=29,1; МАТ=8,66"]
[null,null,null,null,"Накладные расходы 97% ФОТ (от 11 255,28)",null,null,null,null,null,null,10917.62]
[null,null,null,null,"Сметная прибыль 55% ФОТ (от 11 255,28)",null,null,null,null,null,null,6190.4]
["54","Прайс","Пенополистирол экструдированный ТЕХНОНИКОЛЬ т=50мм (вес 30кг/м3)",null,null,"м3",0.98,"8 694,03\n8694,00/ИндМ225",null,null,null,8520.15,null,null,null,null,null,null,null,null,null,null,null,null,null,null,null,null,null,null,null,null,null,null,null,null,null,null,null,null,null,null,null,null,null,null,null,null,null,null,null,null,null,null,null,null,null,null,null,null,null,null,null,null,"Пенополистирол экструдированный ТЕХНОНИКОЛЬ т=50мм (вес 30кг/м3)"]
[null,null,"Цена МАТ=8694,00/ИндМ225",null,null,null,null,null,null,null,null,null,null,null,null,null,null,null,null,null,null,null,null,null,null,null,null,null,null,null,null,null,null,null,null,null,null,null,null,null,null,null,null,null,null,null,null,null,null,null,null,null,null,null,null,null,null,null,null,null,null,null,null,null,null,null,null,null,null,null,"Цена МАТ=8694,00/ИндМ225"]
[null,"1","ИНДЕКС К ПОЗИЦИИ: II кв. 2025 г. Минстрой письмо №29761-ИФ/09 от 23.05.2025 г. (ПРОЧИЕ, ТЕР-2001) ОЗП=29,1; ЭМ=11,55; ЗПМ=29,1; МАТ=8,66",null,null,null,null,null,null,null,null,null,null,null,null,null,null,null,null,null,null,null,null,null,null,null,null,null,null,null,null,null,null,null,null,null,null,null,null,null,null,null,null,null,null,null,null,null,null,null,null,null,null,null,null,null,null,null,null,null,null,null,null,null,null,null,"ИНДЕКС К ПОЗИЦИИ: II кв. 2025 г. Минстрой письмо №29761-ИФ/09 от 23.05.2025 г. (ПРОЧИЕ, ТЕР-2001) ОЗП=29,1; ЭМ=11,55; ЗПМ=29,1; МАТ=8,66"]
["55","ТЕР06-01-001-16\nПриказ Администрации ЛО от 20.10.15 №28","Устройство фундаментных плит железобетонных: плоских",null,null,"100 м3 бетона, бутобетона и железобетона в деле",1.0229999999999999,164197.13,119405.46,39342.1,22363.99,167973.66,122151.79,40246.97,22878.36,null,null,null,null,null,null,null,null,null,null,null,null,null,null,null,null,null,null,null,null,null,null,null,null,null,null,null,null,null,null,null,null,null,null,null,null,null,null,null,null,null,null,null,null,null,null,null,null,null,"Устройство фундаментных плит железобетонных: плоских"]
[null,null,"7 159,30 = 103 406,34 - 8,1 x 5 079,72 - 101,5 x 542,87",null,null,null,null,null,null,null,null,null,null,null,null,null,null,null,null,null,null,null,null,null,null,null,null,null,null,null,null,null,null,null,null,null,null,null,null,null,null,null,null,null,null,null,null,null,null,null,null,null,null,null,null,null,null,null,null,null,null,null,null,null,null,null,null,null,null,"7 159,30 = 103 406,34 - 8,1 x 5 079,72 - 101,5 x 542,87"]
[null,"421/пр_2020_прил.10_т.1_п.2_гр.3"," Производство работ осуществляется на территории действующего предприятия с наличием в зоне производства работ одного или нескольких из следующих факторов:\n- разветвленной сети транспортных и инженерных коммуникаций;\n- стесненных условий для складирования материалов;\n- действующего технологического оборудования;\n- движения технологического транспорта ОЗП=1,15; ЭМ=1,15 к расх.; ЗПМ=1,15; ТЗ=1,15; ТЗМ=1,15",null,null,null,null,null,null,null,null,null,null,null,null,null,null,null,null,null,null,null,null,null,null,null,null,null,null,null,null,null,null,null,null,null,null,null,null,null,null,null,null,null,null,null,null,null,null,null,null,null,null,null,null,null,null,null,null,null,null,null,null,null,null," Производство работ осуществляется на территории действующего предприятия с наличием в зоне производства работ одного или нескольких из следующих факторов:\n- разветвленной сети транспортных и инженерных коммуникаций;\n- стесненных условий для складирования материалов;\n- действующего технологического оборудования;\n- движения технологического транспорта ОЗП=1,15; ЭМ=1,15 к расх.; ЗПМ=1,15; ТЗ=1,15; ТЗМ=1,15"]
[null,"1","ИНДЕКС К ПОЗИЦИИ: II кв. 2025 г. Минстрой письмо №29761-ИФ/09 от 23.05.2025 г. (ПРОЧИЕ, ТЕР-2001) ОЗП=29,1; ЭМ=11,55; ЗПМ=29,1; МАТ=8,66",null,null,null,null,null,null,null,null,null,null,null,null,null,null,null,null,null,null,null,null,null,null,null,null,null,null,null,null,null,null,null,null,null,null,null,null,null,null,null,null,null,null,null,null,null,null,null,null,null,null,null,null,null,null,null,null,null,null,null,null,null,null,null,"ИНДЕКС К ПОЗИЦИИ: II кв. 2025 г. Минстрой письмо №29761-ИФ/09 от 23.05.2025 г. (ПРОЧИЕ, ТЕР-2001) ОЗП=29,1; ЭМ=11,55; ЗПМ=29,1; МАТ=8,66"]
[null,null,null,null,"Накладные расходы 102% ФОТ (от 145 030,15)",null,null,null,null,null,null,147930.75]
[null,null,null,null,"Сметная прибыль 58% ФОТ (от 145 030,15)",null,null,null,null,null,null,84117.49]
["56","ТСЭМ-110053\nПриказ Администрации ЛО от 20.10.15 №28","Автобетоносмесители: 4 м3",null,null,"маш.-ч",13.797000000000001,2091.86,null,2091.86,820.9,28861.39,null,28861.39,11325.96,null,null,null,null,null,null,null,null,null,null,null,null,null,null,null,null,null,null,null,null,null,null,null,null,null,null,null,null,null,null,null,null,null,null,null,null,null,null,null,null,null,null,null,null,null,null,null,null,null,"Автобетоносмесители: 4 м3"]
[null,"421/пр_2020_прил.10_т.1_п.2_гр.3"," Производство работ осуществляется на территории действующего предприятия с наличием в зоне производства работ одного или нескольких из следующих факторов:\n- разветвленной сети транспортных и инженерных коммуникаций;\n- стесненных условий для складирования материалов;\n- действующего технологического оборудования;\n- движения технологического транспорта ОЗП=1,15; ЭМ=1,15 к расх.; ЗПМ=1,15; ТЗ=1,15; ТЗМ=1,15",null,null,null,null,null,null,null,null,null,null,null,null,null,null,null,null,null,null,null,null,null,null,null,null,null,null,null,null,null,null,null,null,null,null,null,null,null,null,null,null,null,null,null,null,null,null,null,null,null,null,null,null,null,null,null,null,null,null,null,null,null,null," Производство работ осуществляется на территории действующего предприятия с наличием в зоне производства работ одного или нескольких из следующих факторов:\n- разветвленной сети транспортных и инженерных коммуникаций;\n- стесненных условий для складирования материалов;\n- действующего технологического оборудования;\n- движения технологического транспорта ОЗП=1,15; ЭМ=1,15 к расх.; ЗПМ=1,15; ТЗ=1,15; ТЗМ=1,15"]
[null,"1","ИНДЕКС К ПОЗИЦИИ: II кв. 2025 г. Минстрой письмо №29761-ИФ/09 от 23.05.2025 г. (ПРОЧИЕ, ТЕР-2001) ОЗП=29,1; ЭМ=11,55; ЗПМ=29,1; МАТ=8,66",null,null,null,null,null,null,null,null,null,null,null,null,null,null,null,null,null,null,null,null,null,null,null,null,null,null,null,null,null,null,null,null,null,null,null,null,null,null,null,null,null,null,null,null,null,null,null,null,null,null,null,null,null,null,null,null,null,null,null,null,null,null,null,"ИНДЕКС К ПОЗИЦИИ: II кв. 2025 г. Минстрой письмо №29761-ИФ/09 от 23.05.2025 г. (ПРОЧИЕ, ТЕР-2001) ОЗП=29,1; ЭМ=11,55; ЗПМ=29,1; МАТ=8,66"]
[null,null,null,null,"Накладные расходы 102% ФОТ (от 11 325,96)",null,null,null,null,null,null,11552.48]
[null,null,null,null,"Сметная прибыль 58% ФОТ (от 11 325,96)",null,null,null,null,null,null,6569.06]
["57","Прайс","Бетон тяжелый, класс: В30 (М400) W8",null,null,"м3",103.83450000000001,"6 750,04\n(5125+1625)/ИндМ225",null,null,null,700887.03,null,null,null,null,null,null,null,null,null,null,null,null,null,null,null,null,null,null,null,null,null,null,null,null,null,null,null,null,null,null,null,null,null,null,null,null,null,null,null,null,null,null,null,null,null,null,null,null,null,null,null,null,"Бетон тяжелый, класс: В30 (М400) W8"]
[null,null,"Цена МАТ=(5125+1625)/ИндМ225",null,null,null,null,null,null,null,null,null,null,null,null,null,null,null,null,null,null,null,null,null,null,null,null,null,null,null,null,null,null,null,null,null,null,null,null,null,null,null,null,null,null,null,null,null,null,null,null,null,null,null,null,null,null,null,null,null,null,null,null,null,null,null,null,null,null,null,"Цена МАТ=(5125+1625)/ИндМ225"]
[null,"1","ИНДЕКС К ПОЗИЦИИ: II кв. 2025 г. Минстрой письмо №29761-ИФ/09 от 23.05.2025 г. (ПРОЧИЕ, ТЕР-2001) ОЗП=29,1; ЭМ=11,55; ЗПМ=29,1; МАТ=8,66",null,null,null,null,null,null,null,null,null,null,null,null,null,null,null,null,null,null,null,null,null,null,null,null,null,null,null,null,null,null,null,null,null,null,null,null,null,null,null,null,null,null,null,null,null,null,null,null,null,null,null,null,null,null,null,null,null,null,null,null,null,null,null,"ИНДЕКС К ПОЗИЦИИ: II кв. 2025 г. Минстрой письмо №29761-ИФ/09 от 23.05.2025 г. (ПРОЧИЕ, ТЕР-2001) ОЗП=29,1; ЭМ=11,55; ЗПМ=29,1; МАТ=8,66"]
["58","Прайс","Горячекатанная арматурная сталь класса А500 С, диаметром: 12 мм",null,null,"т",10.30626,"50 832,99\n50833,00/ИндМ225",null,null,null,523898.01,null,null,null,null,null,null,null,null,null,null,null,null,null,null,null,null,null,null,null,null,null,null,null,null,null,null,null,null,null,null,null,null,null,null,null,null,null,null,null,null,null,null,null,null,null,null,null,null,null,null,null,null,"Горячекатанная арматурная сталь класса А500 С, диаметром: 12 мм"]
[null,null,"Цена МАТ=50833,00/ИндМ225",null,null,null,null,null,null,null,null,null,null,null,null,null,null,null,null,null,null,null,null,null,null,null,null,null,null,null,null,null,null,null,null,null,null,null,null,null,null,null,null,null,null,null,null,null,null,null,null,null,null,null,null,null,null,null,null,null,null,null,null,null,null,null,null,null,null,null,"Цена МАТ=50833,00/ИндМ225"]
[null,"1","ИНДЕКС К ПОЗИЦИИ: II кв. 2025 г. Минстрой письмо №29761-ИФ/09 от 23.05.2025 г. (ПРОЧИЕ, ТЕР-2001) ОЗП=29,1; ЭМ=11,55; ЗПМ=29,1; МАТ=8,66",null,null,null,null,null,null,null,null,null,null,null,null,null,null,null,null,null,null,null,null,null,null,null,null,null,null,null,null,null,null,null,null,null,null,null,null,null,null,null,null,null,null,null,null,null,null,null,null,null,null,null,null,null,null,null,null,null,null,null,null,null,null,null,"ИНДЕКС К ПОЗИЦИИ: II кв. 2025 г. Минстрой письмо №29761-ИФ/09 от 23.05.2025 г. (ПРОЧИЕ, ТЕР-2001) ОЗП=29,1; ЭМ=11,55; ЗПМ=29,1; МАТ=8,66"]
["59","Прайс","Горячекатаная арматурная сталь гладкая класса А-I, диаметром: 10 мм",null,null,"т",0.43680000000000002,"54 167,00\n54167,00/ИндМ225",null,null,null,23660.15,null,null,null,null,null,null,null,null,null,null,null,null,null,null,null,null,null,null,null,null,null,null,null,null,null,null,null,null,null,null,null,null,null,null,null,null,null,null,null,null,null,null,null,null,null,null,null,null,null,null,null,null,"Горячекатаная арматурная сталь гладкая класса А-I, диаметром: 10 мм"]
[null,null,"Цена МАТ=54167,00/ИндМ225",null,null,null,null,null,null,null,null,null,null,null,null,null,null,null,null,null,null,null,null,null,null,null,null,null,null,null,null,null,null,null,null,null,null,null,null,null,null,null,null,null,null,null,null,null,null,null,null,null,null,null,null,null,null,null,null,null,null,null,null,null,null,null,null,null,null,null,"Цена МАТ=54167,00/ИндМ225"]
[null,"1","ИНДЕКС К ПОЗИЦИИ: II кв. 2025 г. Минстрой письмо №29761-ИФ/09 от 23.05.2025 г. (ПРОЧИЕ, ТЕР-2001) ОЗП=29,1; ЭМ=11,55; ЗПМ=29,1; МАТ=8,66",null,null,null,null,null,null,null,null,null,null,null,null,null,null,null,null,null,null,null,null,null,null,null,null,null,null,null,null,null,null,null,null,null,null,null,null,null,null,null,null,null,null,null,null,null,null,null,null,null,null,null,null,null,null,null,null,null,null,null,null,null,null,null,"ИНДЕКС К ПОЗИЦИИ: II кв. 2025 г. Минстрой письмо №29761-ИФ/09 от 23.05.2025 г. (ПРОЧИЕ, ТЕР-2001) ОЗП=29,1; ЭМ=11,55; ЗПМ=29,1; МАТ=8,66"]
["60","Прайс","Горячекатаная арматурная сталь гладкая класса А-I, диаметром: 20 мм",null,null,"т",0.29759999999999998,"52 917,02\n52917,00/ИндМ225",null,null,null,15748.11,null,null,null,null,null,null,null,null,null,null,null,null,null,null,null,null,null,null,null,null,null,null,null,null,null,null,null,null,null,null,null,null,null,null,null,null,null,null,null,null,null,null,null,null,null,null,null,null,null,null,null,null,"Горячекатаная арматурная сталь гладкая класса А-I, диаметром: 20 мм"]
[null,null,"Цена МАТ=52917,00/ИндМ225",null,null,null,null,null,null,null,null,null,null,null,null,null,null,null,null,null,null,null,null,null,null,null,null,null,null,null,null,null,null,null,null,null,null,null,null,null,null,null,null,null,null,null,null,null,null,null,null,null,null,null,null,null,null,null,null,null,null,null,null,null,null,null,null,null,null,null,"Цена МАТ=52917,00/ИндМ225"]
[null,"1","ИНДЕКС К ПОЗИЦИИ: II кв. 2025 г. Минстрой письмо №29761-ИФ/09 от 23.05.2025 г. (ПРОЧИЕ, ТЕР-2001) ОЗП=29,1; ЭМ=11,55; ЗПМ=29,1; МАТ=8,66",null,null,null,null,null,null,null,null,null,null,null,null,null,null,null,null,null,null,null,null,null,null,null,null,null,null,null,null,null,null,null,null,null,null,null,null,null,null,null,null,null,null,null,null,null,null,null,null,null,null,null,null,null,null,null,null,null,null,null,null,null,null,null,"ИНДЕКС К ПОЗИЦИИ: II кв. 2025 г. Минстрой письмо №29761-ИФ/09 от 23.05.2025 г. (ПРОЧИЕ, ТЕР-2001) ОЗП=29,1; ЭМ=11,55; ЗПМ=29,1; МАТ=8,66"]
["61","ТССЦ-204-0037\nПриказ Администрации ЛО от 20.10.15 №28","Надбавки к ценам заготовок за сборку и сварку каркасов и сеток: плоских, диаметром 12 мм",null,null,"т",1.10544,10379.18,null,null,null,11473.56,null,null,null,null,null,null,null,null,null,null,null,null,null,null,null,null,null,null,null,null,null,null,null,null,null,null,null,null,null,null,null,null,null,null,null,null,null,null,null,null,null,null,null,null,null,null,null,null,null,null,null,null,"Надбавки к ценам заготовок за сборку и сварку каркасов и сеток: плоских, диаметром 12 мм"]
[null,"1","ИНДЕКС К ПОЗИЦИИ: II кв. 2025 г. Минстрой письмо №29761-ИФ/09 от 23.05.2025 г. (ПРОЧИЕ, ТЕР-2001) ОЗП=29,1; ЭМ=11,55; ЗПМ=29,1; МАТ=8,66",null,null,null,null,null,null,null,null,null,null,null,null,null,null,null,null,null,null,null,null,null,null,null,null,null,null,null,null,null,null,null,null,null,null,null,null,null,null,null,null,null,null,null,null,null,null,null,null,null,null,null,null,null,null,null,null,null,null,null,null,null,null,null,"ИНДЕКС К ПОЗИЦИИ: II кв. 2025 г. Минстрой письмо №29761-ИФ/09 от 23.05.2025 г. (ПРОЧИЕ, ТЕР-2001) ОЗП=29,1; ЭМ=11,55; ЗПМ=29,1; МАТ=8,66"]
["62","ТССЦ-204-0048\nПриказ Администрации ЛО от 20.10.15 №28","Надбавки к ценам заготовок за сборку и сварку каркасов и сеток: пространственных, диаметром 10 мм",null,null,"т",0.43680000000000002,17211.919999999998,null,null,null,7518.17,null,null,null,null,null,null,null,null,null,null,null,null,null,null,null,null,null,null,null,null,null,null,null,null,null,null,null,null,null,null,null,null,null,null,null,null,null,null,null,null,null,null,null,null,null,null,null,null,null,null,null,null,"Надбавки к ценам заготовок за сборку и сварку каркасов и сеток: пространственных, диаметром 10 мм"]
[null,"1","ИНДЕКС К ПОЗИЦИИ: II кв. 2025 г. Минстрой письмо №29761-ИФ/09 от 23.05.2025 г. (ПРОЧИЕ, ТЕР-2001) ОЗП=29,1; ЭМ=11,55; ЗПМ=29,1; МАТ=8,66",null,null,null,null,null,null,null,null,null,null,null,null,null,null,null,null,null,null,null,null,null,null,null,null,null,null,null,null,null,null,null,null,null,null,null,null,null,null,null,null,null,null,null,null,null,null,null,null,null,null,null,null,null,null,null,null,null,null,null,null,null,null,null,"ИНДЕКС К ПОЗИЦИИ: II кв. 2025 г. Минстрой письмо №29761-ИФ/09 от 23.05.2025 г. (ПРОЧИЕ, ТЕР-2001) ОЗП=29,1; ЭМ=11,55; ЗПМ=29,1; МАТ=8,66"]
["Итого по разделу 3 Плита пола",null,null,null,null,null,null,null,null,null,null,3135103.37,null,null,null,null,null,null,null,null,null,null,null,null,null,null,null,null,null,null,null,null,null,null,null,null,null,null,null,null,null,null,null,null,null,null,null,null,null,null,null,null,null,null,null,null,null,null,null,null,null,null,null,null,null,null,null,null,"Итого по разделу 3 Плита пола"]
["Раздел 4. Пандус и площадка",null,null,null,null,null,null,null,null,null,null,null,null,null,null,null,null,null,null,null,null,null,null,null,null,null,null,null,null,null,null,null,null,null,null,null,null,null,null,null,null,null,null,null,null,null,null,null,null,null,null,null,null,null,null,null,null,null,null,null,null,null,null,"Раздел 4. Пандус и площадка"]
["Пандус",null,null,null,null,null,null,null,null,null,null,null,null,null,null,null,null,null,null,null,null,null,null,null,null,null,null,null,null,null,null,null,null,null,null,null,null,null,null,null,null,null,null,null,null,null,null,null,null,null,null,null,null,null,null,null,null,null,null,null,null,null,null,null,null,null,null,"Пандус"]
["63","ТЕР06-01-001-01\nПриказ Администрации ЛО от 20.10.15 №28","Устройство бетонной подготовки",null,null,"100 м3 бетона, бутобетона и железобетона в деле",3.7199999999999997E-2,131306.43,89090.52,24177.74,14776.14,4884.6000000000004,3314.17,899.41,549.66999999999996,null,null,null,null,null,null,null,null,null,null,null,null,null,null,null,null,null,null,null,null,null,null,null,null,null,null,null,null,null,null,null,null,null,null,null,null,null,null,null,null,null,null,null,null,null,null,null,null,null,"Устройство бетонной подготовки"]
[null,null,"6 565,40 = 40 889,42 - 102 x 336,51",null,null,null,null,null,null,null,null,null,null,null,null,null,null,null,null,null,null,null,null,null,null,null,null,null,null,null,null,null,null,null,null,null,null,null,null,null,null,null,null,null,null,null,null,null,null,null,null,null,null,null,null,null,null,null,null,null,null,null,null,null,null,null,null,null,null,"6 565,40 = 40 889,42 - 102 x 336,51"]
[null,"421/пр_2020_прил.10_т.1_п.2_гр.3"," Производство работ осуществляется на территории действующего предприятия с наличием в зоне производства работ одного или нескольких из следующих факторов:\n- разветвленной сети транспортных и инженерных коммуникаций;\n- стесненных условий для складирования материалов;\n- действующего технологического оборудования;\n- движения технологического транспорта ОЗП=1,15; ЭМ=1,15 к расх.; ЗПМ=1,15; ТЗ=1,15; ТЗМ=1,15",null,null,null,null,null,null,null,null,null,null,null,null,null,null,null,null,null,null,null,null,null,null,null,null,null,null,null,null,null,null,null,null,null,null,null,null,null,null,null,null,null,null,null,null,null,null,null,null,null,null,null,null,null,null,null,null,null,null,null,null,null,null," Производство работ осуществляется на территории действующего предприятия с наличием в зоне производства работ одного или нескольких из следующих факторов:\n- разветвленной сети транспортных и инженерных коммуникаций;\n- стесненных условий для складирования материалов;\n- действующего технологического оборудования;\n- движения технологического транспорта ОЗП=1,15; ЭМ=1,15 к расх.; ЗПМ=1,15; ТЗ=1,15; ТЗМ=1,15"]
[null,"1","ИНДЕКС К ПОЗИЦИИ: II кв. 2025 г. Минстрой письмо №29761-ИФ/09 от 23.05.2025 г. (ПРОЧИЕ, ТЕР-2001) ОЗП=29,1; ЭМ=11,55; ЗПМ=29,1; МАТ=8,66",null,null,null,null,null,null,null,null,null,null,null,null,null,null,null,null,null,null,null,null,null,null,null,null,null,null,null,null,null,null,null,null,null,null,null,null,null,null,null,null,null,null,null,null,null,null,null,null,null,null,null,null,null,null,null,null,null,null,null,null,null,null,null,"ИНДЕКС К ПОЗИЦИИ: II кв. 2025 г. Минстрой письмо №29761-ИФ/09 от 23.05.2025 г. (ПРОЧИЕ, ТЕР-2001) ОЗП=29,1; ЭМ=11,55; ЗПМ=29,1; МАТ=8,66"]
[null,null,null,null,"Накладные расходы 102% ФОТ (от 3 863,84)",null,null,null,null,null,null,3941.12]
[null,null,null,null,"Сметная прибыль 58% ФОТ (от 3 863,84)",null,null,null,null,null,null,2241.0300000000002]
["64","ТСЭМ-110053\nПриказ Администрации ЛО от 20.10.15 №28","Автобетоносмесители: 4 м3",null,null,"маш.-ч",0.46200000000000002,2091.86,null,2091.86,820.9,966.44,null,966.44,379.26,null,null,null,null,null,null,null,null,null,null,null,null,null,null,null,null,null,null,null,null,null,null,null,null,null,null,null,null,null,null,null,null,null,null,null,null,null,null,null,null,null,null,null,null,null,null,null,null,null,"Автобетоносмесители: 4 м3"]
[null,"421/пр_2020_прил.10_т.1_п.2_гр.3"," Производство работ осуществляется на территории действующего предприятия с наличием в зоне производства работ одного или нескольких из следующих факторов:\n- разветвленной сети транспортных и инженерных коммуникаций;\n- стесненных условий для складирования материалов;\n- действующего технологического оборудования;\n- движения технологического транспорта ОЗП=1,15; ЭМ=1,15 к расх.; ЗПМ=1,15; ТЗ=1,15; ТЗМ=1,15",null,null,null,null,null,null,null,null,null,null,null,null,null,null,null,null,null,null,null,null,null,null,null,null,null,null,null,null,null,null,null,null,null,null,null,null,null,null,null,null,null,null,null,null,null,null,null,null,null,null,null,null,null,null,null,null,null,null,null,null,null,null," Производство работ осуществляется на территории действующего предприятия с наличием в зоне производства работ одного или нескольких из следующих факторов:\n- разветвленной сети транспортных и инженерных коммуникаций;\n- стесненных условий для складирования материалов;\n- действующего технологического оборудования;\n- движения технологического транспорта ОЗП=1,15; ЭМ=1,15 к расх.; ЗПМ=1,15; ТЗ=1,15; ТЗМ=1,15"]
[null,"1","ИНДЕКС К ПОЗИЦИИ: II кв. 2025 г. Минстрой письмо №29761-ИФ/09 от 23.05.2025 г. (ПРОЧИЕ, ТЕР-2001) ОЗП=29,1; ЭМ=11,55; ЗПМ=29,1; МАТ=8,66",null,null,null,null,null,null,null,null,null,null,null,null,null,null,null,null,null,null,null,null,null,null,null,null,null,null,null,null,null,null,null,null,null,null,null,null,null,null,null,null,null,null,null,null,null,null,null,null,null,null,null,null,null,null,null,null,null,null,null,null,null,null,null,"ИНДЕКС К ПОЗИЦИИ: II кв. 2025 г. Минстрой письмо №29761-ИФ/09 от 23.05.2025 г. (ПРОЧИЕ, ТЕР-2001) ОЗП=29,1; ЭМ=11,55; ЗПМ=29,1; МАТ=8,66"]
[null,null,null,null,"Накладные расходы 102% ФОТ (от 379,26)",null,null,null,null,null,null,386.85]
[null,null,null,null,"Сметная прибыль 58% ФОТ (от 379,26)",null,null,null,null,null,null,219.97]
["65","Прайс","Бетон тяжелый, класс: В7,5 (М100)",null,null,"м3",3.7944,"5 674,98\n(4050+1625)/ИндМ225",null,null,null,21533.14,null,null,null,null,null,null,null,null,null,null,null,null,null,null,null,null,null,null,null,null,null,null,null,null,null,null,null,null,null,null,null,null,null,null,null,null,null,null,null,null,null,null,null,null,null,null,null,null,null,null,null,null,"Бетон тяжелый, класс: В7,5 (М100)"]
[null,null,"Цена МАТ=(4050+1625)/ИндМ225",null,null,null,null,null,null,null,null,null,null,null,null,null,null,null,null,null,null,null,null,null,null,null,null,null,null,null,null,null,null,null,null,null,null,null,null,null,null,null,null,null,null,null,null,null,null,null,null,null,null,null,null,null,null,null,null,null,null,null,null,null,null,null,null,null,null,null,"Цена МАТ=(4050+1625)/ИндМ225"]
[null,"1","ИНДЕКС К ПОЗИЦИИ: II кв. 2025 г. Минстрой письмо №29761-ИФ/09 от 23.05.2025 г. (ПРОЧИЕ, ТЕР-2001) ОЗП=29,1; ЭМ=11,55; ЗПМ=29,1; МАТ=8,66",null,null,null,null,null,null,null,null,null,null,null,null,null,null,null,null,null,null,null,null,null,null,null,null,null,null,null,null,null,null,null,null,null,null,null,null,null,null,null,null,null,null,null,null,null,null,null,null,null,null,null,null,null,null,null,null,null,null,null,null,null,null,null,"ИНДЕКС К ПОЗИЦИИ: II кв. 2025 г. Минстрой письмо №29761-ИФ/09 от 23.05.2025 г. (ПРОЧИЕ, ТЕР-2001) ОЗП=29,1; ЭМ=11,55; ЗПМ=29,1; МАТ=8,66"]
["66","ТЕР06-01-001-16\nПриказ Администрации ЛО от 20.10.15 №28","Устройство фундаментных плит железобетонных: плоских",null,null,"100 м3 бетона, бутобетона и железобетона в деле",9.4600000000000004E-2,164197.13,119405.46,39342.1,22363.99,15533.05,11295.76,3721.76,2115.63,null,null,null,null,null,null,null,null,null,null,null,null,null,null,null,null,null,null,null,null,null,null,null,null,null,null,null,null,null,null,null,null,null,null,null,null,null,null,null,null,null,null,null,null,null,null,null,null,null,"Устройство фундаментных плит железобетонных: плоских"]
[null,null,"7 159,30 = 103 406,34 - 8,1 x 5 079,72 - 101,5 x 542,87",null,null,null,null,null,null,null,null,null,null,null,null,null,null,null,null,null,null,null,null,null,null,null,null,null,null,null,null,null,null,null,null,null,null,null,null,null,null,null,null,null,null,null,null,null,null,null,null,null,null,null,null,null,null,null,null,null,null,null,null,null,null,null,null,null,null,"7 159,30 = 103 406,34 - 8,1 x 5 079,72 - 101,5 x 542,87"]
[null,"421/пр_2020_прил.10_т.1_п.2_гр.3"," Производство работ осуществляется на территории действующего предприятия с наличием в зоне производства работ одного или нескольких из следующих факторов:\n- разветвленной сети транспортных и инженерных коммуникаций;\n- стесненных условий для складирования материалов;\n- действующего технологического оборудования;\n- движения технологического транспорта ОЗП=1,15; ЭМ=1,15 к расх.; ЗПМ=1,15; ТЗ=1,15; ТЗМ=1,15",null,null,null,null,null,null,null,null,null,null,null,null,null,null,null,null,null,null,null,null,null,null,null,null,null,null,null,null,null,null,null,null,null,null,null,null,null,null,null,null,null,null,null,null,null,null,null,null,null,null,null,null,null,null,null,null,null,null,null,null,null,null," Производство работ осуществляется на территории действующего предприятия с наличием в зоне производства работ одного или нескольких из следующих факторов:\n- разветвленной сети транспортных и инженерных коммуникаций;\n- стесненных условий для складирования материалов;\n- действующего технологического оборудования;\n- движения технологического транспорта ОЗП=1,15; ЭМ=1,15 к расх.; ЗПМ=1,15; ТЗ=1,15; ТЗМ=1,15"]
[null,"1","ИНДЕКС К ПОЗИЦИИ: II кв. 2025 г. Минстрой письмо №29761-ИФ/09 от 23.05.2025 г. (ПРОЧИЕ, ТЕР-2001) ОЗП=29,1; ЭМ=11,55; ЗПМ=29,1; МАТ=8,66",null,null,null,null,null,null,null,null,null,null,null,null,null,null,null,null,null,null,null,null,null,null,null,null,null,null,null,null,null,null,null,null,null,null,null,null,null,null,null,null,null,null,null,null,null,null,null,null,null,null,null,null,null,null,null,null,null,null,null,null,null,null,null,"ИНДЕКС К ПОЗИЦИИ: II кв. 2025 г. Минстрой письмо №29761-ИФ/09 от 23.05.2025 г. (ПРОЧИЕ, ТЕР-2001) ОЗП=29,1; ЭМ=11,55; ЗПМ=29,1; МАТ=8,66"]
[null,null,null,null,"Накладные расходы 102% ФОТ (от 13 411,39)",null,null,null,null,null,null,13679.62]
[null,null,null,null,"Сметная прибыль 58% ФОТ (от 13 411,39)",null,null,null,null,null,null,7778.61]
["67","ТСЭМ-110053\nПриказ Администрации ЛО от 20.10.15 №28","Автобетоносмесители: 4 м3",null,null,"маш.-ч",1.278,2091.86,null,2091.86,820.9,2673.4,null,2673.4,1049.1099999999999,null,null,null,null,null,null,null,null,null,null,null,null,null,null,null,null,null,null,null,null,null,null,null,null,null,null,null,null,null,null,null,null,null,null,null,null,null,null,null,null,null,null,null,null,null,null,null,null,null,"Автобетоносмесители: 4 м3"]
[null,"421/пр_2020_прил.10_т.1_п.2_гр.3"," Производство работ осуществляется на территории действующего предприятия с наличием в зоне производства работ одного или нескольких из следующих факторов:\n- разветвленной сети транспортных и инженерных коммуникаций;\n- стесненных условий для складирования материалов;\n- действующего технологического оборудования;\n- движения технологического транспорта ОЗП=1,15; ЭМ=1,15 к расх.; ЗПМ=1,15; ТЗ=1,15; ТЗМ=1,15",null,null,null,null,null,null,null,null,null,null,null,null,null,null,null,null,null,null,null,null,null,null,null,null,null,null,null,null,null,null,null,null,null,null,null,null,null,null,null,null,null,null,null,null,null,null,null,null,null,null,null,null,null,null,null,null,null,null,null,null,null,null," Производство работ осуществляется на территории действующего предприятия с наличием в зоне производства работ одного или нескольких из следующих факторов:\n- разветвленной сети транспортных и инженерных коммуникаций;\n- стесненных условий для складирования материалов;\n- действующего технологического оборудования;\n- движения технологического транспорта ОЗП=1,15; ЭМ=1,15 к расх.; ЗПМ=1,15; ТЗ=1,15; ТЗМ=1,15"]
[null,"1","ИНДЕКС К ПОЗИЦИИ: II кв. 2025 г. Минстрой письмо №29761-ИФ/09 от 23.05.2025 г. (ПРОЧИЕ, ТЕР-2001) ОЗП=29,1; ЭМ=11,55; ЗПМ=29,1; МАТ=8,66",null,null,null,null,null,null,null,null,null,null,null,null,null,null,null,null,null,null,null,null,null,null,null,null,null,null,null,null,null,null,null,null,null,null,null,null,null,null,null,null,null,null,null,null,null,null,null,null,null,null,null,null,null,null,null,null,null,null,null,null,null,null,null,"ИНДЕКС К ПОЗИЦИИ: II кв. 2025 г. Минстрой письмо №29761-ИФ/09 от 23.05.2025 г. (ПРОЧИЕ, ТЕР-2001) ОЗП=29,1; ЭМ=11,55; ЗПМ=29,1; МАТ=8,66"]
[null,null,null,null,"Накладные расходы 102% ФОТ (от 1 049,11)",null,null,null,null,null,null,1070.0899999999999]
[null,null,null,null,"Сметная прибыль 58% ФОТ (от 1 049,11)",null,null,null,null,null,null,608.48]
["68","Прайс","Бетон тяжелый, класс: В30 (М400) W8",null,null,"м3",9.6019000000000005,"6 750,04\n(5125+1625)/ИндМ225",null,null,null,64813.21,null,null,null,null,null,null,null,null,null,null,null,null,null,null,null,null,null,null,null,null,null,null,null,null,null,null,null,null,null,null,null,null,null,null,null,null,null,null,null,null,null,null,null,null,null,null,null,null,null,null,null,null,"Бетон тяжелый, класс: В30 (М400) W8"]
[null,null,"Цена МАТ=(5125+1625)/ИндМ225",null,null,null,null,null,null,null,null,null,null,null,null,null,null,null,null,null,null,null,null,null,null,null,null,null,null,null,null,null,null,null,null,null,null,null,null,null,null,null,null,null,null,null,null,null,null,null,null,null,null,null,null,null,null,null,null,null,null,null,null,null,null,null,null,null,null,null,"Цена МАТ=(5125+1625)/ИндМ225"]
[null,"1","ИНДЕКС К ПОЗИЦИИ: II кв. 2025 г. Минстрой письмо №29761-ИФ/09 от 23.05.2025 г. (ПРОЧИЕ, ТЕР-2001) ОЗП=29,1; ЭМ=11,55; ЗПМ=29,1; МАТ=8,66",null,null,null,null,null,null,null,null,null,null,null,null,null,null,null,null,null,null,null,null,null,null,null,null,null,null,null,null,null,null,null,null,null,null,null,null,null,null,null,null,null,null,null,null,null,null,null,null,null,null,null,null,null,null,null,null,null,null,null,null,null,null,null,"ИНДЕКС К ПОЗИЦИИ: II кв. 2025 г. Минстрой письмо №29761-ИФ/09 от 23.05.2025 г. (ПРОЧИЕ, ТЕР-2001) ОЗП=29,1; ЭМ=11,55; ЗПМ=29,1; МАТ=8,66"]
["69","Прайс","Горячекатанная арматурная сталь класса А500 С, диаметром: 12 мм",null,null,"т",1.3727199999999999,"50 832,99\n50833,00/ИндМ225",null,null,null,69779.460000000006,null,null,null,null,null,null,null,null,null,null,null,null,null,null,null,null,null,null,null,null,null,null,null,null,null,null,null,null,null,null,null,null,null,null,null,null,null,null,null,null,null,null,null,null,null,null,null,null,null,null,null,null,"Горячекатанная арматурная сталь класса А500 С, диаметром: 12 мм"]
[null,null,"Цена МАТ=50833,00/ИндМ225",null,null,null,null,null,null,null,null,null,null,null,null,null,null,null,null,null,null,null,null,null,null,null,null,null,null,null,null,null,null,null,null,null,null,null,null,null,null,null,null,null,null,null,null,null,null,null,null,null,null,null,null,null,null,null,null,null,null,null,null,null,null,null,null,null,null,null,"Цена МАТ=50833,00/ИндМ225"]
[null,"1","ИНДЕКС К ПОЗИЦИИ: II кв. 2025 г. Минстрой письмо №29761-ИФ/09 от 23.05.2025 г. (ПРОЧИЕ, ТЕР-2001) ОЗП=29,1; ЭМ=11,55; ЗПМ=29,1; МАТ=8,66",null,null,null,null,null,null,null,null,null,null,null,null,null,null,null,null,null,null,null,null,null,null,null,null,null,null,null,null,null,null,null,null,null,null,null,null,null,null,null,null,null,null,null,null,null,null,null,null,null,null,null,null,null,null,null,null,null,null,null,null,null,null,null,"ИНДЕКС К ПОЗИЦИИ: II кв. 2025 г. Минстрой письмо №29761-ИФ/09 от 23.05.2025 г. (ПРОЧИЕ, ТЕР-2001) ОЗП=29,1; ЭМ=11,55; ЗПМ=29,1; МАТ=8,66"]
["Площадка",null,null,null,null,null,null,null,null,null,null,null,null,null,null,null,null,null,null,null,null,null,null,null,null,null,null,null,null,null,null,null,null,null,null,null,null,null,null,null,null,null,null,null,null,null,null,null,null,null,null,null,null,null,null,null,null,null,null,null,null,null,null,null,null,null,null,"Площадка"]
["70","ТЕР06-01-001-01\nПриказ Администрации ЛО от 20.10.15 №28","Устройство бетонной подготовки",null,null,"100 м3 бетона, бутобетона и железобетона в деле",3.2000000000000002E-3,131306.43,89090.52,24177.74,14776.14,420.18,285.08999999999997,77.37,47.28,null,null,null,null,null,null,null,null,null,null,null,null,null,null,null,null,null,null,null,null,null,null,null,null,null,null,null,null,null,null,null,null,null,null,null,null,null,null,null,null,null,null,null,null,null,null,null,null,null,"Устройство бетонной подготовки"]
[null,null,"6 565,40 = 40 889,42 - 102 x 336,51",null,null,null,null,null,null,null,null,null,null,null,null,null,null,null,null,null,null,null,null,null,null,null,null,null,null,null,null,null,null,null,null,null,null,null,null,null,null,null,null,null,null,null,null,null,null,null,null,null,null,null,null,null,null,null,null,null,null,null,null,null,null,null,null,null,null,"6 565,40 = 40 889,42 - 102 x 336,51"]
[null,"421/пр_2020_прил.10_т.1_п.2_гр.3"," Производство работ осуществляется на территории действующего предприятия с наличием в зоне производства работ одного или нескольких из следующих факторов:\n- разветвленной сети транспортных и инженерных коммуникаций;\n- стесненных условий для складирования материалов;\n- действующего технологического оборудования;\n- движения технологического транспорта ОЗП=1,15; ЭМ=1,15 к расх.; ЗПМ=1,15; ТЗ=1,15; ТЗМ=1,15",null,null,null,null,null,null,null,null,null,null,null,null,null,null,null,null,null,null,null,null,null,null,null,null,null,null,null,null,null,null,null,null,null,null,null,null,null,null,null,null,null,null,null,null,null,null,null,null,null,null,null,null,null,null,null,null,null,null,null,null,null,null," Производство работ осуществляется на территории действующего предприятия с наличием в зоне производства работ одного или нескольких из следующих факторов:\n- разветвленной сети транспортных и инженерных коммуникаций;\n- стесненных условий для складирования материалов;\n- действующего технологического оборудования;\n- движения технологического транспорта ОЗП=1,15; ЭМ=1,15 к расх.; ЗПМ=1,15; ТЗ=1,15; ТЗМ=1,15"]
[null,"1","ИНДЕКС К ПОЗИЦИИ: II кв. 2025 г. Минстрой письмо №29761-ИФ/09 от 23.05.2025 г. (ПРОЧИЕ, ТЕР-2001) ОЗП=29,1; ЭМ=11,55; ЗПМ=29,1; МАТ=8,66",null,null,null,null,null,null,null,null,null,null,null,null,null,null,null,null,null,null,null,null,null,null,null,null,null,null,null,null,null,null,null,null,null,null,null,null,null,null,null,null,null,null,null,null,null,null,null,null,null,null,null,null,null,null,null,null,null,null,null,null,null,null,null,"ИНДЕКС К ПОЗИЦИИ: II кв. 2025 г. Минстрой письмо №29761-ИФ/09 от 23.05.2025 г. (ПРОЧИЕ, ТЕР-2001) ОЗП=29,1; ЭМ=11,55; ЗПМ=29,1; МАТ=8,66"]
[null,null,null,null,"Накладные расходы 102% ФОТ (от 332,37)",null,null,null,null,null,null,339.02]
[null,null,null,null,"Сметная прибыль 58% ФОТ (от 332,37)",null,null,null,null,null,null,192.77]
["71","ТСЭМ-110053\nПриказ Администрации ЛО от 20.10.15 №28","Автобетоносмесители: 4 м3",null,null,"маш.-ч",4.2000000000000003E-2,2091.86,null,2091.86,820.9,87.86,null,87.86,34.479999999999997,null,null,null,null,null,null,null,null,null,null,null,null,null,null,null,null,null,null,null,null,null,null,null,null,null,null,null,null,null,null,null,null,null,null,null,null,null,null,null,null,null,null,null,null,null,null,null,null,null,"Автобетоносмесители: 4 м3"]
[null,"421/пр_2020_прил.10_т.1_п.2_гр.3"," Производство работ осуществляется на территории действующего предприятия с наличием в зоне производства работ одного или нескольких из следующих факторов:\n- разветвленной сети транспортных и инженерных коммуникаций;\n- стесненных условий для складирования материалов;\n- действующего технологического оборудования;\n- движения технологического транспорта ОЗП=1,15; ЭМ=1,15 к расх.; ЗПМ=1,15; ТЗ=1,15; ТЗМ=1,15",null,null,null,null,null,null,null,null,null,null,null,null,null,null,null,null,null,null,null,null,null,null,null,null,null,null,null,null,null,null,null,null,null,null,null,null,null,null,null,null,null,null,null,null,null,null,null,null,null,null,null,null,null,null,null,null,null,null,null,null,null,null," Производство работ осуществляется на территории действующего предприятия с наличием в зоне производства работ одного или нескольких из следующих факторов:\n- разветвленной сети транспортных и инженерных коммуникаций;\n- стесненных условий для складирования материалов;\n- действующего технологического оборудования;\n- движения технологического транспорта ОЗП=1,15; ЭМ=1,15 к расх.; ЗПМ=1,15; ТЗ=1,15; ТЗМ=1,15"]
[null,"1","ИНДЕКС К ПОЗИЦИИ: II кв. 2025 г. Минстрой письмо №29761-ИФ/09 от 23.05.2025 г. (ПРОЧИЕ, ТЕР-2001) ОЗП=29,1; ЭМ=11,55; ЗПМ=29,1; МАТ=8,66",null,null,null,null,null,null,null,null,null,null,null,null,null,null,null,null,null,null,null,null,null,null,null,null,null,null,null,null,null,null,null,null,null,null,null,null,null,null,null,null,null,null,null,null,null,null,null,null,null,null,null,null,null,null,null,null,null,null,null,null,null,null,null,"ИНДЕКС К ПОЗИЦИИ: II кв. 2025 г. Минстрой письмо №29761-ИФ/09 от 23.05.2025 г. (ПРОЧИЕ, ТЕР-2001) ОЗП=29,1; ЭМ=11,55; ЗПМ=29,1; МАТ=8,66"]
[null,null,null,null,"Накладные расходы 102% ФОТ (от 34,48)",null,null,null,null,null,null,35.17]
[null,null,null,null,"Сметная прибыль 58% ФОТ (от 34,48)",null,null,null,null,null,null,20]
["72","Прайс","Бетон тяжелый, класс: В7,5 (М100)",null,null,"м3",0.32640000000000002,"5 674,98\n(4050+1625)/ИндМ225",null,null,null,1852.31,null,null,null,null,null,null,null,null,null,null,null,null,null,null,null,null,null,null,null,null,null,null,null,null,null,null,null,null,null,null,null,null,null,null,null,null,null,null,null,null,null,null,null,null,null,null,null,null,null,null,null,null,"Бетон тяжелый, класс: В7,5 (М100)"]
[null,null,"Цена МАТ=(4050+1625)/ИндМ225",null,null,null,null,null,null,null,null,null,null,null,null,null,null,null,null,null,null,null,null,null,null,null,null,null,null,null,null,null,null,null,null,null,null,null,null,null,null,null,null,null,null,null,null,null,null,null,null,null,null,null,null,null,null,null,null,null,null,null,null,null,null,null,null,null,null,null,"Цена МАТ=(4050+1625)/ИндМ225"]
[null,"1","ИНДЕКС К ПОЗИЦИИ: II кв. 2025 г. Минстрой письмо №29761-ИФ/09 от 23.05.2025 г. (ПРОЧИЕ, ТЕР-2001) ОЗП=29,1; ЭМ=11,55; ЗПМ=29,1; МАТ=8,66",null,null,null,null,null,null,null,null,null,null,null,null,null,null,null,null,null,null,null,null,null,null,null,null,null,null,null,null,null,null,null,null,null,null,null,null,null,null,null,null,null,null,null,null,null,null,null,null,null,null,null,null,null,null,null,null,null,null,null,null,null,null,null,"ИНДЕКС К ПОЗИЦИИ: II кв. 2025 г. Минстрой письмо №29761-ИФ/09 от 23.05.2025 г. (ПРОЧИЕ, ТЕР-2001) ОЗП=29,1; ЭМ=11,55; ЗПМ=29,1; МАТ=8,66"]
["73","ТЕР06-01-001-16\nПриказ Администрации ЛО от 20.10.15 №28","Устройство фундаментных плит железобетонных: плоских",null,null,"100 м3 бетона, бутобетона и железобетона в деле",9.4600000000000004E-2,164197.13,119405.46,39342.1,22363.99,15533.05,11295.76,3721.76,2115.63,null,null,null,null,null,null,null,null,null,null,null,null,null,null,null,null,null,null,null,null,null,null,null,null,null,null,null,null,null,null,null,null,null,null,null,null,null,null,null,null,null,null,null,null,null,null,null,null,null,"Устройство фундаментных плит железобетонных: плоских"]
[null,null,"7 159,30 = 103 406,34 - 8,1 x 5 079,72 - 101,5 x 542,87",null,null,null,null,null,null,null,null,null,null,null,null,null,null,null,null,null,null,null,null,null,null,null,null,null,null,null,null,null,null,null,null,null,null,null,null,null,null,null,null,null,null,null,null,null,null,null,null,null,null,null,null,null,null,null,null,null,null,null,null,null,null,null,null,null,null,"7 159,30 = 103 406,34 - 8,1 x 5 079,72 - 101,5 x 542,87"]
[null,"421/пр_2020_прил.10_т.1_п.2_гр.3"," Производство работ осуществляется на территории действующего предприятия с наличием в зоне производства работ одного или нескольких из следующих факторов:\n- разветвленной сети транспортных и инженерных коммуникаций;\n- стесненных условий для складирования материалов;\n- действующего технологического оборудования;\n- движения технологического транспорта ОЗП=1,15; ЭМ=1,15 к расх.; ЗПМ=1,15; ТЗ=1,15; ТЗМ=1,15",null,null,null,null,null,null,null,null,null,null,null,null,null,null,null,null,null,null,null,null,null,null,null,null,null,null,null,null,null,null,null,null,null,null,null,null,null,null,null,null,null,null,null,null,null,null,null,null,null,null,null,null,null,null,null,null,null,null,null,null,null,null," Производство работ осуществляется на территории действующего предприятия с наличием в зоне производства работ одного или нескольких из следующих факторов:\n- разветвленной сети транспортных и инженерных коммуникаций;\n- стесненных условий для складирования материалов;\n- действующего технологического оборудования;\n- движения технологического транспорта ОЗП=1,15; ЭМ=1,15 к расх.; ЗПМ=1,15; ТЗ=1,15; ТЗМ=1,15"]
[null,"1","ИНДЕКС К ПОЗИЦИИ: II кв. 2025 г. Минстрой письмо №29761-ИФ/09 от 23.05.2025 г. (ПРОЧИЕ, ТЕР-2001) ОЗП=29,1; ЭМ=11,55; ЗПМ=29,1; МАТ=8,66",null,null,null,null,null,null,null,null,null,null,null,null,null,null,null,null,null,null,null,null,null,null,null,null,null,null,null,null,null,null,null,null,null,null,null,null,null,null,null,null,null,null,null,null,null,null,null,null,null,null,null,null,null,null,null,null,null,null,null,null,null,null,null,"ИНДЕКС К ПОЗИЦИИ: II кв. 2025 г. Минстрой письмо №29761-ИФ/09 от 23.05.2025 г. (ПРОЧИЕ, ТЕР-2001) ОЗП=29,1; ЭМ=11,55; ЗПМ=29,1; МАТ=8,66"]
[null,null,null,null,"Накладные расходы 102% ФОТ (от 13 411,39)",null,null,null,null,null,null,13679.62]
[null,null,null,null,"Сметная прибыль 58% ФОТ (от 13 411,39)",null,null,null,null,null,null,7778.61]
["74","ТСЭМ-110053\nПриказ Администрации ЛО от 20.10.15 №28","Автобетоносмесители: 4 м3",null,null,"маш.-ч",1.278,2091.86,null,2091.86,820.9,2673.4,null,2673.4,1049.1099999999999,null,null,null,null,null,null,null,null,null,null,null,null,null,null,null,null,null,null,null,null,null,null,null,null,null,null,null,null,null,null,null,null,null,null,null,null,null,null,null,null,null,null,null,null,null,null,null,null,null,"Автобетоносмесители: 4 м3"]
[null,"421/пр_2020_прил.10_т.1_п.2_гр.3"," Производство работ осуществляется на территории действующего предприятия с наличием в зоне производства работ одного или нескольких из следующих факторов:\n- разветвленной сети транспортных и инженерных коммуникаций;\n- стесненных условий для складирования материалов;\n- действующего технологического оборудования;\n- движения технологического транспорта ОЗП=1,15; ЭМ=1,15 к расх.; ЗПМ=1,15; ТЗ=1,15; ТЗМ=1,15",null,null,null,null,null,null,null,null,null,null,null,null,null,null,null,null,null,null,null,null,null,null,null,null,null,null,null,null,null,null,null,null,null,null,null,null,null,null,null,null,null,null,null,null,null,null,null,null,null,null,null,null,null,null,null,null,null,null,null,null,null,null," Производство работ осуществляется на территории действующего предприятия с наличием в зоне производства работ одного или нескольких из следующих факторов:\n- разветвленной сети транспортных и инженерных коммуникаций;\n- стесненных условий для складирования материалов;\n- действующего технологического оборудования;\n- движения технологического транспорта ОЗП=1,15; ЭМ=1,15 к расх.; ЗПМ=1,15; ТЗ=1,15; ТЗМ=1,15"]
[null,"1","ИНДЕКС К ПОЗИЦИИ: II кв. 2025 г. Минстрой письмо №29761-ИФ/09 от 23.05.2025 г. (ПРОЧИЕ, ТЕР-2001) ОЗП=29,1; ЭМ=11,55; ЗПМ=29,1; МАТ=8,66",null,null,null,null,null,null,null,null,null,null,null,null,null,null,null,null,null,null,null,null,null,null,null,null,null,null,null,null,null,null,null,null,null,null,null,null,null,null,null,null,null,null,null,null,null,null,null,null,null,null,null,null,null,null,null,null,null,null,null,null,null,null,null,"ИНДЕКС К ПОЗИЦИИ: II кв. 2025 г. Минстрой письмо №29761-ИФ/09 от 23.05.2025 г. (ПРОЧИЕ, ТЕР-2001) ОЗП=29,1; ЭМ=11,55; ЗПМ=29,1; МАТ=8,66"]
[null,null,null,null,"Накладные расходы 102% ФОТ (от 1 049,11)",null,null,null,null,null,null,1070.0899999999999]
[null,null,null,null,"Сметная прибыль 58% ФОТ (от 1 049,11)",null,null,null,null,null,null,608.48]
["75","Прайс","Бетон тяжелый, класс: В30 (М400) W8",null,null,"м3",9.6019000000000005,"6 750,04\n(5125+1625)/ИндМ225",null,null,null,64813.21,null,null,null,null,null,null,null,null,null,null,null,null,null,null,null,null,null,null,null,null,null,null,null,null,null,null,null,null,null,null,null,null,null,null,null,null,null,null,null,null,null,null,null,null,null,null,null,null,null,null,null,null,"Бетон тяжелый, класс: В30 (М400) W8"]
[null,null,"Цена МАТ=(5125+1625)/ИндМ225",null,null,null,null,null,null,null,null,null,null,null,null,null,null,null,null,null,null,null,null,null,null,null,null,null,null,null,null,null,null,null,null,null,null,null,null,null,null,null,null,null,null,null,null,null,null,null,null,null,null,null,null,null,null,null,null,null,null,null,null,null,null,null,null,null,null,null,"Цена МАТ=(5125+1625)/ИндМ225"]
[null,"1","ИНДЕКС К ПОЗИЦИИ: II кв. 2025 г. Минстрой письмо №29761-ИФ/09 от 23.05.2025 г. (ПРОЧИЕ, ТЕР-2001) ОЗП=29,1; ЭМ=11,55; ЗПМ=29,1; МАТ=8,66",null,null,null,null,null,null,null,null,null,null,null,null,null,null,null,null,null,null,null,null,null,null,null,null,null,null,null,null,null,null,null,null,null,null,null,null,null,null,null,null,null,null,null,null,null,null,null,null,null,null,null,null,null,null,null,null,null,null,null,null,null,null,null,"ИНДЕКС К ПОЗИЦИИ: II кв. 2025 г. Минстрой письмо №29761-ИФ/09 от 23.05.2025 г. (ПРОЧИЕ, ТЕР-2001) ОЗП=29,1; ЭМ=11,55; ЗПМ=29,1; МАТ=8,66"]
["76","Прайс","Горячекатанная арматурная сталь класса А500 С, диаметром: 12 мм",null,null,"т",0.10152,"50 832,99\n50833,00/ИндМ225",null,null,null,5160.57,null,null,null,null,null,null,null,null,null,null,null,null,null,null,null,null,null,null,null,null,null,null,null,null,null,null,null,null,null,null,null,null,null,null,null,null,null,null,null,null,null,null,null,null,null,null,null,null,null,null,null,null,"Горячекатанная арматурная сталь класса А500 С, диаметром: 12 мм"]
[null,null,"Цена МАТ=50833,00/ИндМ225",null,null,null,null,null,null,null,null,null,null,null,null,null,null,null,null,null,null,null,null,null,null,null,null,null,null,null,null,null,null,null,null,null,null,null,null,null,null,null,null,null,null,null,null,null,null,null,null,null,null,null,null,null,null,null,null,null,null,null,null,null,null,null,null,null,null,null,"Цена МАТ=50833,00/ИндМ225"]
[null,"1","ИНДЕКС К ПОЗИЦИИ: II кв. 2025 г. Минстрой письмо №29761-ИФ/09 от 23.05.2025 г. (ПРОЧИЕ, ТЕР-2001) ОЗП=29,1; ЭМ=11,55; ЗПМ=29,1; МАТ=8,66",null,null,null,null,null,null,null,null,null,null,null,null,null,null,null,null,null,null,null,null,null,null,null,null,null,null,null,null,null,null,null,null,null,null,null,null,null,null,null,null,null,null,null,null,null,null,null,null,null,null,null,null,null,null,null,null,null,null,null,null,null,null,null,"ИНДЕКС К ПОЗИЦИИ: II кв. 2025 г. Минстрой письмо №29761-ИФ/09 от 23.05.2025 г. (ПРОЧИЕ, ТЕР-2001) ОЗП=29,1; ЭМ=11,55; ЗПМ=29,1; МАТ=8,66"]
["77","ТССЦ-204-0037\nПриказ Администрации ЛО от 20.10.15 №28","Надбавки к ценам заготовок за сборку и сварку каркасов и сеток: плоских, диаметром 12 мм",null,null,"т",2.844E-2,10379.18,null,null,null,295.18,null,null,null,null,null,null,null,null,null,null,null,null,null,null,null,null,null,null,null,null,null,null,null,null,null,null,null,null,null,null,null,null,null,null,null,null,null,null,null,null,null,null,null,null,null,null,null,null,null,null,null,null,"Надбавки к ценам заготовок за сборку и сварку каркасов и сеток: плоских, диаметром 12 мм"]
[null,"1","ИНДЕКС К ПОЗИЦИИ: II кв. 2025 г. Минстрой письмо №29761-ИФ/09 от 23.05.2025 г. (ПРОЧИЕ, ТЕР-2001) ОЗП=29,1; ЭМ=11,55; ЗПМ=29,1; МАТ=8,66",null,null,null,null,null,null,null,null,null,null,null,null,null,null,null,null,null,null,null,null,null,null,null,null,null,null,null,null,null,null,null,null,null,null,null,null,null,null,null,null,null,null,null,null,null,null,null,null,null,null,null,null,null,null,null,null,null,null,null,null,null,null,null,"ИНДЕКС К ПОЗИЦИИ: II кв. 2025 г. Минстрой письмо №29761-ИФ/09 от 23.05.2025 г. (ПРОЧИЕ, ТЕР-2001) ОЗП=29,1; ЭМ=11,55; ЗПМ=29,1; МАТ=8,66"]
["Итого по разделу 4 Пандус и площадка",null,null,null,null,null,null,null,null,null,null,324668.58,null,null,null,null,null,null,null,null,null,null,null,null,null,null,null,null,null,null,null,null,null,null,null,null,null,null,null,null,null,null,null,null,null,null,null,null,null,null,null,null,null,null,null,null,null,null,null,null,null,null,null,null,null,null,null,null,"Итого по разделу 4 Пандус и площадка"]
["Раздел 5. Гидроизоляционные работы",null,null,null,null,null,null,null,null,null,null,null,null,null,null,null,null,null,null,null,null,null,null,null,null,null,null,null,null,null,null,null,null,null,null,null,null,null,null,null,null,null,null,null,null,null,null,null,null,null,null,null,null,null,null,null,null,null,null,null,null,null,null,"Раздел 5. Гидроизоляционные работы"]
["78","ТЕР08-01-003-07\nПриказ Администрации ЛО от 20.10.15 №28","Гидроизоляция боковая обмазочная битумная в 2 слоя по выровненной поверхности бутовой кладки, кирпичу, бетону",null,null,"100 м2 изолируемой поверхности",4.8479999999999999,23120.92,12791.66,1110.95,null,112090.22,62013.97,5385.89,null,null,null,null,null,null,null,null,null,null,null,null,null,null,null,null,null,null,null,null,null,null,null,null,null,null,null,null,null,null,null,null,null,null,null,null,null,null,null,null,null,null,null,null,null,null,null,null,null,null,"Гидроизоляция боковая обмазочная битумная в 2 слоя по выровненной поверхности бутовой кладки, кирпичу, бетону"]
[null,"421/пр_2020_прил.10_т.1_п.2_гр.3"," Производство работ осуществляется на территории действующего предприятия с наличием в зоне производства работ одного или нескольких из следующих факторов:\n- разветвленной сети транспортных и инженерных коммуникаций;\n- стесненных условий для складирования материалов;\n- действующего технологического оборудования;\n- движения технологического транспорта ОЗП=1,15; ЭМ=1,15 к расх.; ЗПМ=1,15; ТЗ=1,15; ТЗМ=1,15",null,null,null,null,null,null,null,null,null,null,null,null,null,null,null,null,null,null,null,null,null,null,null,null,null,null,null,null,null,null,null,null,null,null,null,null,null,null,null,null,null,null,null,null,null,null,null,null,null,null,null,null,null,null,null,null,null,null,null,null,null,null," Производство работ осуществляется на территории действующего предприятия с наличием в зоне производства работ одного или нескольких из следующих факторов:\n- разветвленной сети транспортных и инженерных коммуникаций;\n- стесненных условий для складирования материалов;\n- действующего технологического оборудования;\n- движения технологического транспорта ОЗП=1,15; ЭМ=1,15 к расх.; ЗПМ=1,15; ТЗ=1,15; ТЗМ=1,15"]
[null,"1","ИНДЕКС К ПОЗИЦИИ: II кв. 2025 г. Минстрой письмо №29761-ИФ/09 от 23.05.2025 г. (ПРОЧИЕ, ТЕР-2001) ОЗП=29,1; ЭМ=11,55; ЗПМ=29,1; МАТ=8,66",null,null,null,null,null,null,null,null,null,null,null,null,null,null,null,null,null,null,null,null,null,null,null,null,null,null,null,null,null,null,null,null,null,null,null,null,null,null,null,null,null,null,null,null,null,null,null,null,null,null,null,null,null,null,null,null,null,null,null,null,null,null,null,"ИНДЕКС К ПОЗИЦИИ: II кв. 2025 г. Минстрой письмо №29761-ИФ/09 от 23.05.2025 г. (ПРОЧИЕ, ТЕР-2001) ОЗП=29,1; ЭМ=11,55; ЗПМ=29,1; МАТ=8,66"]
[null,null,null,null,"Накладные расходы 110% ФОТ (от 62 013,97)",null,null,null,null,null,null,68215.37]
[null,null,null,null,"Сметная прибыль 69% ФОТ (от 62 013,97)",null,null,null,null,null,null,42789.64]
["79","ТЕР13-03-003-14\nПриказ Администрации ЛО от 20.10.15 №28","Окраска огрунтованных бетонных и оштукатуренных поверхностей: лаком ХП-734",null,null,"100 м2 окрашиваемой поверхности",1.92,12562.46,4288.21,104.93,6.02,24119.919999999998,8233.36,201.47,11.56,null,null,null,null,null,null,null,null,null,null,null,null,null,null,null,null,null,null,null,null,null,null,null,null,null,null,null,null,null,null,null,null,null,null,null,null,null,null,null,null,null,null,null,null,null,null,null,null,null,"Окраска огрунтованных бетонных и оштукатуренных поверхностей: лаком ХП-734"]
[null,"421/пр_2020_прил.10_т.1_п.2_гр.3"," Производство работ осуществляется на территории действующего предприятия с наличием в зоне производства работ одного или нескольких из следующих факторов:\n- разветвленной сети транспортных и инженерных коммуникаций;\n- стесненных условий для складирования материалов;\n- действующего технологического оборудования;\n- движения технологического транспорта ОЗП=1,15; ЭМ=1,15 к расх.; ЗПМ=1,15; ТЗ=1,15; ТЗМ=1,15",null,null,null,null,null,null,null,null,null,null,null,null,null,null,null,null,null,null,null,null,null,null,null,null,null,null,null,null,null,null,null,null,null,null,null,null,null,null,null,null,null,null,null,null,null,null,null,null,null,null,null,null,null,null,null,null,null,null,null,null,null,null," Производство работ осуществляется на территории действующего предприятия с наличием в зоне производства работ одного или нескольких из следующих факторов:\n- разветвленной сети транспортных и инженерных коммуникаций;\n- стесненных условий для складирования материалов;\n- действующего технологического оборудования;\n- движения технологического транспорта ОЗП=1,15; ЭМ=1,15 к расх.; ЗПМ=1,15; ТЗ=1,15; ТЗМ=1,15"]
[null,"1","ИНДЕКС К ПОЗИЦИИ: II кв. 2025 г. Минстрой письмо №29761-ИФ/09 от 23.05.2025 г. (ПРОЧИЕ, ТЕР-2001) ОЗП=29,1; ЭМ=11,55; ЗПМ=29,1; МАТ=8,66",null,null,null,null,null,null,null,null,null,null,null,null,null,null,null,null,null,null,null,null,null,null,null,null,null,null,null,null,null,null,null,null,null,null,null,null,null,null,null,null,null,null,null,null,null,null,null,null,null,null,null,null,null,null,null,null,null,null,null,null,null,null,null,"ИНДЕКС К ПОЗИЦИИ: II кв. 2025 г. Минстрой письмо №29761-ИФ/09 от 23.05.2025 г. (ПРОЧИЕ, ТЕР-2001) ОЗП=29,1; ЭМ=11,55; ЗПМ=29,1; МАТ=8,66"]
[null,null,null,null,"Накладные расходы 94% ФОТ (от 8 244,92)",null,null,null,null,null,null,7750.22]
[null,null,null,null,"Сметная прибыль 51% ФОТ (от 8 244,92)",null,null,null,null,null,null,4204.91]
["80","ТЕР13-03-003-15\nПриказ Администрации ЛО от 20.10.15 №28","Окраска огрунтованных бетонных и оштукатуренных поверхностей: эмалью ХП-799",null,null,"100 м2 окрашиваемой поверхности",1.92,8815.67,1865,104.93,6.02,16926.09,3580.8,201.47,11.56,null,null,null,null,null,null,null,null,null,null,null,null,null,null,null,null,null,null,null,null,null,null,null,null,null,null,null,null,null,null,null,null,null,null,null,null,null,null,null,null,null,null,null,null,null,null,null,null,null,"Окраска огрунтованных бетонных и оштукатуренных поверхностей: эмалью ХП-799"]
[null,"421/пр_2020_прил.10_т.1_п.2_гр.3"," Производство работ осуществляется на территории действующего предприятия с наличием в зоне производства работ одного или нескольких из следующих факторов:\n- разветвленной сети транспортных и инженерных коммуникаций;\n- стесненных условий для складирования материалов;\n- действующего технологического оборудования;\n- движения технологического транспорта ОЗП=1,15; ЭМ=1,15 к расх.; ЗПМ=1,15; ТЗ=1,15; ТЗМ=1,15",null,null,null,null,null,null,null,null,null,null,null,null,null,null,null,null,null,null,null,null,null,null,null,null,null,null,null,null,null,null,null,null,null,null,null,null,null,null,null,null,null,null,null,null,null,null,null,null,null,null,null,null,null,null,null,null,null,null,null,null,null,null," Производство работ осуществляется на территории действующего предприятия с наличием в зоне производства работ одного или нескольких из следующих факторов:\n- разветвленной сети транспортных и инженерных коммуникаций;\n- стесненных условий для складирования материалов;\n- действующего технологического оборудования;\n- движения технологического транспорта ОЗП=1,15; ЭМ=1,15 к расх.; ЗПМ=1,15; ТЗ=1,15; ТЗМ=1,15"]
[null,"1","ИНДЕКС К ПОЗИЦИИ: II кв. 2025 г. Минстрой письмо №29761-ИФ/09 от 23.05.2025 г. (ПРОЧИЕ, ТЕР-2001) ОЗП=29,1; ЭМ=11,55; ЗПМ=29,1; МАТ=8,66",null,null,null,null,null,null,null,null,null,null,null,null,null,null,null,null,null,null,null,null,null,null,null,null,null,null,null,null,null,null,null,null,null,null,null,null,null,null,null,null,null,null,null,null,null,null,null,null,null,null,null,null,null,null,null,null,null,null,null,null,null,null,null,"ИНДЕКС К ПОЗИЦИИ: II кв. 2025 г. Минстрой письмо №29761-ИФ/09 от 23.05.2025 г. (ПРОЧИЕ, ТЕР-2001) ОЗП=29,1; ЭМ=11,55; ЗПМ=29,1; МАТ=8,66"]
[null,null,null,null,"Накладные расходы 94% ФОТ (от 3 592,36)",null,null,null,null,null,null,3376.82]
[null,null,null,null,"Сметная прибыль 51% ФОТ (от 3 592,36)",null,null,null,null,null,null,1832.1]
["Итого по разделу 5 Гидроизоляционные работы",null,null,null,null,null,null,null,null,null,null,281305.28999999998,null,null,null,null,null,null,null,null,null,null,null,null,null,null,null,null,null,null,null,null,null,null,null,null,null,null,null,null,null,null,null,null,null,null,null,null,null,null,null,null,null,null,null,null,null,null,null,null,null,null,null,null,null,null,null,null,"Итого по разделу 5 Гидроизоляционные работы"]
["Раздел 6. Доставка материалов на объект",null,null,null,null,null,null,null,null,null,null,null,null,null,null,null,null,null,null,null,null,null,null,null,null,null,null,null,null,null,null,null,null,null,null,null,null,null,null,null,null,null,null,null,null,null,null,null,null,null,null,null,null,null,null,null,null,null,null,null,null,null,null,"Раздел 6. Доставка материалов на объект"]
["Перевозка материалов ( металл 140 км. ОП \"МКМ-СПб\")",null,null,null,null,null,null,null,null,null,null,null,null,null,null,null,null,null,null,null,null,null,null,null,null,null,null,null,null,null,null,null,null,null,null,null,null,null,null,null,null,null,null,null,null,null,null,null,null,null,null,null,null,null,null,null,null,null,null,null,null,null,null,null,null,null,null,"Перевозка материалов ( металл 140 км. ОП \"МКМ-СПб\")"]
["81",null,"Металлопрокат, трубопрокат и металлоконструкции",null,null,"т",0.34929900000000003,null,null,null,null,null,null,null,null,null,null,null,null,null,null,null,null,null,null,null,null,null,null,null,null,null,null,null,null,null,null,null,null,null,null,null,null,null,null,null,null,null,null,null,null,null,null,null,null,null,null,null,null,null,null,null,null,null,"Металлопрокат, трубопрокат и металлоконструкции"]
[null,"3","ИНДЕКС К ПОЗИЦИИ: II кв. 2025 г. Минстрой письмо №29761-ИФ/09 от 23.05.2025 г. (авт_САМОСВ) ЭМ=17,63",null,null,null,null,null,null,null,null,null,null,null,null,null,null,null,null,null,null,null,null,null,null,null,null,null,null,null,null,null,null,null,null,null,null,null,null,null,null,null,null,null,null,null,null,null,null,null,null,null,null,null,null,null,null,null,null,null,null,null,null,null,null,null,"ИНДЕКС К ПОЗИЦИИ: II кв. 2025 г. Минстрой письмо №29761-ИФ/09 от 23.05.2025 г. (авт_САМОСВ) ЭМ=17,63"]
["82","ТССЦпг-03-02-01-140\nПриказ Администрации ЛО от 20.10.15 №28","Перевозка строительных грузов (кроме массовых навалочных, перевозимых автомобилями-самосвалами, а также бетонных и железобетонных изделий, стеновых и перегородочных материалов, лесоматериалов круглых и пиломатериалов, включенных в таблицу 03-01), бортовым автомобилем грузоподъемностью 5 т, на расстояние до 140 км I класс груза",null,null,"1 т груза",0.34929900000000003,139.38,null,null,null,48.69,null,null,null,null,null,null,null,null,null,null,null,null,null,null,null,null,null,null,null,null,null,null,null,null,null,null,null,null,null,null,null,null,null,null,null,null,null,null,null,null,null,null,null,null,null,null,null,null,null,null,null,null,"Перевозка строительных грузов (кроме массовых навалочных, перевозимых автомобилями-самосвалами, а также бетонных и железобетонных изделий, стеновых и перегородочных материалов, лесоматериалов круглых и пиломатериалов, включенных в таблицу 03-01), бортовым автомобилем грузоподъемностью 5 т, на расстояние до 140 км I класс груза"]
[null,"4","ИНДЕКС К ПОЗИЦИИ: II кв. 2025 г. Минстрой письмо №29761-ИФ/09 от 23.05.2025 г. (авт_БОРТОВ) ЭМ=19,65",null,null,null,null,null,null,null,null,null,null,null,null,null,null,null,null,null,null,null,null,null,null,null,null,null,null,null,null,null,null,null,null,null,null,null,null,null,null,null,null,null,null,null,null,null,null,null,null,null,null,null,null,null,null,null,null,null,null,null,null,null,null,null,"ИНДЕКС К ПОЗИЦИИ: II кв. 2025 г. Минстрой письмо №29761-ИФ/09 от 23.05.2025 г. (авт_БОРТОВ) ЭМ=19,65"]
["83","ТССЦпг-01-01-02-015\nПриказ Администрации ЛО от 20.10.15 №28","Разгрузочные работы при автомобильных перевозках: металлических конструкций массой до 1 т",null,null,"1 т груза",0.34929900000000003,282.32,null,null,null,98.61,null,null,null,null,null,null,null,null,null,null,null,null,null,null,null,null,null,null,null,null,null,null,null,null,null,null,null,null,null,null,null,null,null,null,null,null,null,null,null,null,null,null,null,null,null,null,null,null,null,null,null,null,"Разгрузочные работы при автомобильных перевозках: металлических конструкций массой до 1 т"]
[null,"5","ИНДЕКС К ПОЗИЦИИ: II кв. 2025 г. Минстрой письмо №29761-ИФ/09 от 23.05.2025 г. (погрузка/разгрузка, ТЕР-2001) ОЗП=29,1; ЭМ=11,55; ЗПМ=29,1; МАТ=8,66",null,null,null,null,null,null,null,null,null,null,null,null,null,null,null,null,null,null,null,null,null,null,null,null,null,null,null,null,null,null,null,null,null,null,null,null,null,null,null,null,null,null,null,null,null,null,null,null,null,null,null,null,null,null,null,null,null,null,null,null,null,null,null,"ИНДЕКС К ПОЗИЦИИ: II кв. 2025 г. Минстрой письмо №29761-ИФ/09 от 23.05.2025 г. (погрузка/разгрузка, ТЕР-2001) ОЗП=29,1; ЭМ=11,55; ЗПМ=29,1; МАТ=8,66"]
["Итого по разделу 6 Доставка материалов на объект",null,null,null,null,null,null,null,null,null,null,147.30000000000001,null,null,null,null,null,null,null,null,null,null,null,null,null,null,null,null,null,null,null,null,null,null,null,null,null,null,null,null,null,null,null,null,null,null,null,null,null,null,null,null,null,null,null,null,null,null,null,null,null,null,null,null,null,null,null,null,"Итого по разделу 6 Доставка материалов на объект"]
["Итого прямые затраты по смете в текущих ценах",null,null,null,null,null,null,null,null,null,null,9152317.6300000008,1280152.08,1949625.76,255914.53,null,null,null,null,null,null,null,null,null,null,null,null,null,null,null,null,null,null,null,null,null,null,null,null,null,null,null,null,null,null,null,null,null,null,null,null,null,null,null,null,null,null,null,null,null,null,null,null,null,null,null,null,null,null,null,null,null,"Итого прямые затраты по смете в текущих ценах"]
["Накладные расходы",null,null,null,null,null,null,null,null,null,null,1580768.79,null,null,null,null,null,null,null,null,null,null,null,null,null,null,null,null,null,null,null,null,null,null,null,null,null,null,null,null,null,null,null,null,null,null,null,null,null,null,null,null,null,null,null,null,null,null,null,null,null,null,null,null,null,null,null,null,null,null,null,null,"Накладные расходы"]
["     В том числе, справочно:",null,null,null,null,null,null,null,null,null,null,null,null,null,null,null,null,null,null,null,null,null,null,null,null,null,null,null,null,null,null,null,null,null,null,null,null,null,null,null,null,null,null,null,null,null,null,null,null,null,null,null,null,null,null,null,null,null,null,null,null,null,null,null,null,null,null,null,null,null,null,null,null,"     В том числе, справочно:"]
["      89% ФОТ (от 4573,31) (Поз. 3)",null,null,null,null,null,null,null,null,null,null,4070.25,null,null,null,null,null,null,null,null,null,null,null,null,null,null,null,null,null,null,null,null,null,null,null,null,null,null,null,null,null,null,null,null,null,null,null,null,null,null,null,null,null,null,null,null,null,null,null,null,null,null,null,null,null,null,null,null,null,null,null,null,null,"      89% ФОТ (от 4573,31) (Поз. 3)"]
["      90% ФОТ (от 7947,21) (Поз. 40)",null,null,null,null,null,null,null,null,null,null,7152.49,null,null,null,null,null,null,null,null,null,null,null,null,null,null,null,null,null,null,null,null,null,null,null,null,null,null,null,null,null,null,null,null,null,null,null,null,null,null,null,null,null,null,null,null,null,null,null,null,null,null,null,null,null,null,null,null,null,null,null,null,null,"      90% ФОТ (от 7947,21) (Поз. 40)"]
["      92% ФОТ (от 121032,9) (Поз. 1-2, 5-8)",null,null,null,null,null,null,null,null,null,null,111350.27,null,null,null,null,null,null,null,null,null,null,null,null,null,null,null,null,null,null,null,null,null,null,null,null,null,null,null,null,null,null,null,null,null,null,null,null,null,null,null,null,null,null,null,null,null,null,null,null,null,null,null,null,null,null,null,null,null,null,null,null,null,"      92% ФОТ (от 121032,9) (Поз. 1-2, 5-8)"]
["      94% ФОТ (от 12072,7) (Поз. 44, 46, 79-80)",null,null,null,null,null,null,null,null,null,null,11348.34,null,null,null,null,null,null,null,null,null,null,null,null,null,null,null,null,null,null,null,null,null,null,null,null,null,null,null,null,null,null,null,null,null,null,null,null,null,null,null,null,null,null,null,null,null,null,null,null,null,null,null,null,null,null,null,null,null,null,null,null,null,"      94% ФОТ (от 12072,7) (Поз. 44, 46, 79-80)"]
["      97% ФОТ (от 15757,39) (Поз. 34, 53)",null,null,null,null,null,null,null,null,null,null,15284.67,null,null,null,null,null,null,null,null,null,null,null,null,null,null,null,null,null,null,null,null,null,null,null,null,null,null,null,null,null,null,null,null,null,null,null,null,null,null,null,null,null,null,null,null,null,null,null,null,null,null,null,null,null,null,null,null,null,null,null,null,null,"      97% ФОТ (от 15757,39) (Поз. 34, 53)"]
["      102% ФОТ (от 997839,17) (Поз. 11-12, 14, 16, 18-19, 37-38, 50-51, 55-56, 63-64, 66-67, 70-71, 73-74)",null,null,null,null,null,null,null,null,null,null,1017795.95,null,null,null,null,null,null,null,null,null,null,null,null,null,null,null,null,null,null,null,null,null,null,null,null,null,null,null,null,null,null,null,null,null,null,null,null,null,null,null,null,null,null,null,null,null,null,null,null,null,null,null,null,null,null,null,null,null,null,null,null,null,"      102% ФОТ (от 997839,17) (Поз. 11-12, 14, 16, 18-19, 37-38, 50-51, 55-56, 63-64, 66-67, 70-71, 73-74)"]
["      108% ФОТ (от 38075,66) (Поз. 36, 41)",null,null,null,null,null,null,null,null,null,null,41121.72,null,null,null,null,null,null,null,null,null,null,null,null,null,null,null,null,null,null,null,null,null,null,null,null,null,null,null,null,null,null,null,null,null,null,null,null,null,null,null,null,null,null,null,null,null,null,null,null,null,null,null,null,null,null,null,null,null,null,null,null,null,"      108% ФОТ (от 38075,66) (Поз. 36, 41)"]
["      110% ФОТ (от 338768,27) (Поз. 9, 48, 78)",null,null,null,null,null,null,null,null,null,null,372645.1,null,null,null,null,null,null,null,null,null,null,null,null,null,null,null,null,null,null,null,null,null,null,null,null,null,null,null,null,null,null,null,null,null,null,null,null,null,null,null,null,null,null,null,null,null,null,null,null,null,null,null,null,null,null,null,null,null,null,null,null,null,"      110% ФОТ (от 338768,27) (Поз. 9, 48, 78)"]
["Сметная прибыль",null,null,null,null,null,null,null,null,null,null,909342.77,null,null,null,null,null,null,null,null,null,null,null,null,null,null,null,null,null,null,null,null,null,null,null,null,null,null,null,null,null,null,null,null,null,null,null,null,null,null,null,null,null,null,null,null,null,null,null,null,null,null,null,null,null,null,null,null,null,null,null,null,"Сметная прибыль"]
["     В том числе, справочно:",null,null,null,null,null,null,null,null,null,null,null,null,null,null,null,null,null,null,null,null,null,null,null,null,null,null,null,null,null,null,null,null,null,null,null,null,null,null,null,null,null,null,null,null,null,null,null,null,null,null,null,null,null,null,null,null,null,null,null,null,null,null,null,null,null,null,null,null,null,null,null,null,"     В том числе, справочно:"]
["      40% ФОТ (от 4573,31) (Поз. 3)",null,null,null,null,null,null,null,null,null,null,1829.32,null,null,null,null,null,null,null,null,null,null,null,null,null,null,null,null,null,null,null,null,null,null,null,null,null,null,null,null,null,null,null,null,null,null,null,null,null,null,null,null,null,null,null,null,null,null,null,null,null,null,null,null,null,null,null,null,null,null,null,null,null,"      40% ФОТ (от 4573,31) (Поз. 3)"]
["      45% ФОТ (от 7947,21) (Поз. 40)",null,null,null,null,null,null,null,null,null,null,3576.24,null,null,null,null,null,null,null,null,null,null,null,null,null,null,null,null,null,null,null,null,null,null,null,null,null,null,null,null,null,null,null,null,null,null,null,null,null,null,null,null,null,null,null,null,null,null,null,null,null,null,null,null,null,null,null,null,null,null,null,null,null,"      45% ФОТ (от 7947,21) (Поз. 40)"]
["      46% ФОТ (от 121032,9) (Поз. 1-2, 5-8)",null,null,null,null,null,null,null,null,null,null,55675.13,null,null,null,null,null,null,null,null,null,null,null,null,null,null,null,null,null,null,null,null,null,null,null,null,null,null,null,null,null,null,null,null,null,null,null,null,null,null,null,null,null,null,null,null,null,null,null,null,null,null,null,null,null,null,null,null,null,null,null,null,null,"      46% ФОТ (от 121032,9) (Поз. 1-2, 5-8)"]
["      51% ФОТ (от 12072,7) (Поз. 44, 46, 79-80)",null,null,null,null,null,null,null,null,null,null,6157.08,null,null,null,null,null,null,null,null,null,null,null,null,null,null,null,null,null,null,null,null,null,null,null,null,null,null,null,null,null,null,null,null,null,null,null,null,null,null,null,null,null,null,null,null,null,null,null,null,null,null,null,null,null,null,null,null,null,null,null,null,null,"      51% ФОТ (от 12072,7) (Поз. 44, 46, 79-80)"]
["      55% ФОТ (от 53833,05) (Поз. 34, 53, 36, 41)",null,null,null,null,null,null,null,null,null,null,29608.17,null,null,null,null,null,null,null,null,null,null,null,null,null,null,null,null,null,null,null,null,null,null,null,null,null,null,null,null,null,null,null,null,null,null,null,null,null,null,null,null,null,null,null,null,null,null,null,null,null,null,null,null,null,null,null,null,null,null,null,null,null,"      55% ФОТ (от 53833,05) (Поз. 34, 53, 36, 41)"]
["      58% ФОТ (от 997839,17) (Поз. 11-12, 14, 16, 18-19, 37-38, 50-51, 55-56, 63-64, 66-67, 70-71, 73-74)",null,null,null,null,null,null,null,null,null,null,578746.72,null,null,null,null,null,null,null,null,null,null,null,null,null,null,null,null,null,null,null,null,null,null,null,null,null,null,null,null,null,null,null,null,null,null,null,null,null,null,null,null,null,null,null,null,null,null,null,null,null,null,null,null,null,null,null,null,null,null,null,null,null,"      58% ФОТ (от 997839,17) (Поз. 11-12, 14, 16, 18-19, 37-38, 50-51, 55-56, 63-64, 66-67, 70-71, 73-74)"]
["      69% ФОТ (от 338768,27) (Поз. 9, 48, 78)",null,null,null,null,null,null,null,null,null,null,233750.11,null,null,null,null,null,null,null,null,null,null,null,null,null,null,null,null,null,null,null,null,null,null,null,null,null,null,null,null,null,null,null,null,null,null,null,null,null,null,null,null,null,null,null,null,null,null,null,null,null,null,null,null,null,null,null,null,null,null,null,null,null,"      69% ФОТ (от 338768,27) (Поз. 9, 48, 78)"]
["Итоги по смете:",null,null,null,null,null,null,null,null,null,null,null,null,null,null,null,null,null,null,null,null,null,null,null,null,null,null,null,null,null,null,null,null,null,null,null,null,null,null,null,null,null,null,null,null,null,null,null,null,null,null,null,null,null,null,null,null,null,null,null,null,null,null,null,null,null,null,null,null,null,null,null,"Итоги по смете:"]
["     Итоги по Строительным работам",null,null,null,null,null,null,null,null,null,null,null,null,null,null,null,null,null,null,null,null,null,null,null,null,null,null,null,null,null,null,null,null,null,null,null,null,null,null,null,null,null,null,null,null,null,null,null,null,null,null,null,null,null,null,null,null,null,null,null,null,null,null,null,null,null,null,null,null,null,null,null,null,"     Итоги по Строительным работам"]
["          Земляные работы, выполняемые механизированным способом:",null,null,null,null,null,null,null,null,null,null,null,null,null,null,null,null,null,null,null,null,null,null,null,null,null,null,null,null,null,null,null,null,null,null,null,null,null,null,null,null,null,null,null,null,null,null,null,null,null,null,null,null,null,null,null,null,null,null,null,null,null,null,null,null,null,null,null,null,null,null,null,null,"          Земляные работы, выполняемые механизированным способом:"]
["               Итого Поз. 1-2, 5-8",null,null,null,null,null,null,null,null,null,null,178613.74,71290.97,107290.42,49741.93,null,null,null,null,null,null,null,null,null,null,null,null,null,null,null,null,null,null,null,null,null,null,null,null,null,null,null,null,null,null,null,null,null,null,null,null,null,null,null,null,null,null,null,null,null,null,null,null,null,null,null,null,null,null,null,null,null,null,"               Итого Поз. 1-2, 5-8"]
["               Накладные расходы 92% ФОТ (от 121 032,90)",null,null,null,null,null,null,null,null,null,null,111350.27,null,null,null,null,null,null,null,null,null,null,null,null,null,null,null,null,null,null,null,null,null,null,null,null,null,null,null,null,null,null,null,null,null,null,null,null,null,null,null,null,null,null,null,null,null,null,null,null,null,null,null,null,null,null,null,null,null,null,null,null,null,"               Накладные расходы 92% ФОТ (от 121 032,90)"]
["               Сметная прибыль 46% ФОТ (от 121 032,90)",null,null,null,null,null,null,null,null,null,null,55675.13,null,null,null,null,null,null,null,null,null,null,null,null,null,null,null,null,null,null,null,null,null,null,null,null,null,null,null,null,null,null,null,null,null,null,null,null,null,null,null,null,null,null,null,null,null,null,null,null,null,null,null,null,null,null,null,null,null,null,null,null,null,"               Сметная прибыль 46% ФОТ (от 121 032,90)"]
["               Итого c накладными и см. прибылью",null,null,null,null,null,null,null,null,null,null,345639.14,null,null,null,null,null,null,null,null,null,null,null,null,null,null,null,null,null,null,null,null,null,null,null,null,null,null,null,null,null,null,null,null,null,null,null,null,null,null,null,null,null,null,null,null,null,null,null,null,null,null,null,null,null,null,null,null,null,null,null,null,null,"               Итого c накладными и см. прибылью"]
["          Земляные работы, выполняемые ручным способом:",null,null,null,null,null,null,null,null,null,null,null,null,null,null,null,null,null,null,null,null,null,null,null,null,null,null,null,null,null,null,null,null,null,null,null,null,null,null,null,null,null,null,null,null,null,null,null,null,null,null,null,null,null,null,null,null,null,null,null,null,null,null,null,null,null,null,null,null,null,null,null,null,"          Земляные работы, выполняемые ручным способом:"]
["               Итого Поз. 3",null,null,null,null,null,null,null,null,null,null,4573.3100000000004,4573.3100000000004,null,null,null,null,null,null,null,null,null,null,null,null,null,null,null,null,null,null,null,null,null,null,null,null,null,null,null,null,null,null,null,null,null,null,null,null,null,null,null,null,null,null,null,null,null,null,null,null,null,null,null,null,null,null,null,null,null,null,null,null,"               Итого Поз. 3"]
["               Накладные расходы 89% ФОТ (от 4 573,31)",null,null,null,null,null,null,null,null,null,null,4070.25,null,null,null,null,null,null,null,null,null,null,null,null,null,null,null,null,null,null,null,null,null,null,null,null,null,null,null,null,null,null,null,null,null,null,null,null,null,null,null,null,null,null,null,null,null,null,null,null,null,null,null,null,null,null,null,null,null,null,null,null,null,"               Накладные расходы 89% ФОТ (от 4 573,31)"]
["               Сметная прибыль 40% ФОТ (от 4 573,31)",null,null,null,null,null,null,null,null,null,null,1829.32,null,null,null,null,null,null,null,null,null,null,null,null,null,null,null,null,null,null,null,null,null,null,null,null,null,null,null,null,null,null,null,null,null,null,null,null,null,null,null,null,null,null,null,null,null,null,null,null,null,null,null,null,null,null,null,null,null,null,null,null,null,"               Сметная прибыль 40% ФОТ (от 4 573,31)"]
["               Итого c накладными и см. прибылью",null,null,null,null,null,null,null,null,null,null,10472.879999999999,null,null,null,null,null,null,null,null,null,null,null,null,null,null,null,null,null,null,null,null,null,null,null,null,null,null,null,null,null,null,null,null,null,null,null,null,null,null,null,null,null,null,null,null,null,null,null,null,null,null,null,null,null,null,null,null,null,null,null,null,null,"               Итого c накладными и см. прибылью"]
["          Перевозка грузов (грунт, мусор и подобное):",null,null,null,null,null,null,null,null,null,null,null,null,null,null,null,null,null,null,null,null,null,null,null,null,null,null,null,null,null,null,null,null,null,null,null,null,null,null,null,null,null,null,null,null,null,null,null,null,null,null,null,null,null,null,null,null,null,null,null,null,null,null,null,null,null,null,null,null,null,null,null,null,"          Перевозка грузов (грунт, мусор и подобное):"]
["               Итого Поз. 4",null,null,null,null,null,null,null,null,null,null,1349648.35,null,1349648.35,null,null,null,null,null,null,null,null,null,null,null,null,null,null,null,null,null,null,null,null,null,null,null,null,null,null,null,null,null,null,null,null,null,null,null,null,null,null,null,null,null,null,null,null,null,null,null,null,null,null,null,null,null,null,null,null,null,null,null,"               Итого Поз. 4"]
["          Конструкции из кирпича и блоков:",null,null,null,null,null,null,null,null,null,null,null,null,null,null,null,null,null,null,null,null,null,null,null,null,null,null,null,null,null,null,null,null,null,null,null,null,null,null,null,null,null,null,null,null,null,null,null,null,null,null,null,null,null,null,null,null,null,null,null,null,null,null,null,null,null,null,null,null,null,null,null,null,"          Конструкции из кирпича и блоков:"]
["               Итого Поз. 9, 48, 78",null,null,null,null,null,null,null,null,null,null,479197.87,279701.78999999998,154304.94,59066.48,null,null,null,null,null,null,null,null,null,null,null,null,null,null,null,null,null,null,null,null,null,null,null,null,null,null,null,null,null,null,null,null,null,null,null,null,null,null,null,null,null,null,null,null,null,null,null,null,null,null,null,null,null,null,null,null,null,null,"               Итого Поз. 9, 48, 78"]
["               Накладные расходы 110% ФОТ (от 338 768,27)",null,null,null,null,null,null,null,null,null,null,372645.1,null,null,null,null,null,null,null,null,null,null,null,null,null,null,null,null,null,null,null,null,null,null,null,null,null,null,null,null,null,null,null,null,null,null,null,null,null,null,null,null,null,null,null,null,null,null,null,null,null,null,null,null,null,null,null,null,null,null,null,null,null,"               Накладные расходы 110% ФОТ (от 338 768,27)"]
["               Сметная прибыль 69% ФОТ (от 338 768,27)",null,null,null,null,null,null,null,null,null,null,233750.11,null,null,null,null,null,null,null,null,null,null,null,null,null,null,null,null,null,null,null,null,null,null,null,null,null,null,null,null,null,null,null,null,null,null,null,null,null,null,null,null,null,null,null,null,null,null,null,null,null,null,null,null,null,null,null,null,null,null,null,null,null,"               Сметная прибыль 69% ФОТ (от 338 768,27)"]
["               Итого c накладными и см. прибылью",null,null,null,null,null,null,null,null,null,null,1085593.08,null,null,null,null,null,null,null,null,null,null,null,null,null,null,null,null,null,null,null,null,null,null,null,null,null,null,null,null,null,null,null,null,null,null,null,null,null,null,null,null,null,null,null,null,null,null,null,null,null,null,null,null,null,null,null,null,null,null,null,null,null,"               Итого c накладными и см. прибылью"]
["          Материалы для строительных работ:",null,null,null,null,null,null,null,null,null,null,null,null,null,null,null,null,null,null,null,null,null,null,null,null,null,null,null,null,null,null,null,null,null,null,null,null,null,null,null,null,null,null,null,null,null,null,null,null,null,null,null,null,null,null,null,null,null,null,null,null,null,null,null,null,null,null,null,null,null,null,null,null,"          Материалы для строительных работ:"]
["               Итого Поз. 10, 13, 15, 17, 20-33, 35, 39, 42-43, 45, 47, 49, 52, 54, 57-62, 65, 68-69, 72, 75-77",null,null,null,null,null,null,null,null,null,null,5639932.25,null,null,null,null,null,null,null,null,null,null,null,null,null,null,null,null,null,null,null,null,null,null,null,null,null,null,null,null,null,null,null,null,null,null,null,null,null,null,null,null,null,null,null,null,null,null,null,null,null,null,null,null,null,null,null,null,null,null,null,null,null,"               Итого Поз. 10, 13, 15, 17, 20-33, 35, 39, 42-43, 45, 47, 49, 52, 54, 57-62, 65, 68-69, 72, 75-77"]
["          Бетонные и железобетонные монолитные конструкции и работы в строительстве:",null,null,null,null,null,null,null,null,null,null,null,null,null,null,null,null,null,null,null,null,null,null,null,null,null,null,null,null,null,null,null,null,null,null,null,null,null,null,null,null,null,null,null,null,null,null,null,null,null,null,null,null,null,null,null,null,null,null,null,null,null,null,null,null,null,null,null,null,null,null,null,null,"          Бетонные и железобетонные монолитные конструкции и работы в строительстве:"]
["               Итого Поз. 11-12, 14, 16, 18-19, 37-38, 50-51, 55-56, 63-64, 66-67, 70-71, 73-74",null,null,null,null,null,null,null,null,null,null,1331423.26,850904.3,330835.73,146934.87,null,null,null,null,null,null,null,null,null,null,null,null,null,null,null,null,null,null,null,null,null,null,null,null,null,null,null,null,null,null,null,null,null,null,null,null,null,null,null,null,null,null,null,null,null,null,null,null,null,null,null,null,null,null,null,null,null,null,"               Итого Поз. 11-12, 14, 16, 18-19, 37-38, 50-51, 55-56, 63-64, 66-67, 70-71, 73-74"]
["               Накладные расходы 102% ФОТ (от 997 839,17)",null,null,null,null,null,null,null,null,null,null,1017795.95,null,null,null,null,null,null,null,null,null,null,null,null,null,null,null,null,null,null,null,null,null,null,null,null,null,null,null,null,null,null,null,null,null,null,null,null,null,null,null,null,null,null,null,null,null,null,null,null,null,null,null,null,null,null,null,null,null,null,null,null,null,"               Накладные расходы 102% ФОТ (от 997 839,17)"]
["               Сметная прибыль 58% ФОТ (от 997 839,17)",null,null,null,null,null,null,null,null,null,null,578746.72,null,null,null,null,null,null,null,null,null,null,null,null,null,null,null,null,null,null,null,null,null,null,null,null,null,null,null,null,null,null,null,null,null,null,null,null,null,null,null,null,null,null,null,null,null,null,null,null,null,null,null,null,null,null,null,null,null,null,null,null,null,"               Сметная прибыль 58% ФОТ (от 997 839,17)"]
["               Итого c накладными и см. прибылью",null,null,null,null,null,null,null,null,null,null,2927965.93,null,null,null,null,null,null,null,null,null,null,null,null,null,null,null,null,null,null,null,null,null,null,null,null,null,null,null,null,null,null,null,null,null,null,null,null,null,null,null,null,null,null,null,null,null,null,null,null,null,null,null,null,null,null,null,null,null,null,null,null,null,"               Итого c накладными и см. прибылью"]
["          Теплоизоляционные работы:",null,null,null,null,null,null,null,null,null,null,null,null,null,null,null,null,null,null,null,null,null,null,null,null,null,null,null,null,null,null,null,null,null,null,null,null,null,null,null,null,null,null,null,null,null,null,null,null,null,null,null,null,null,null,null,null,null,null,null,null,null,null,null,null,null,null,null,null,null,null,null,null,"          Теплоизоляционные работы:"]
["               Итого Поз. 34, 53",null,null,null,null,null,null,null,null,null,null,20127.23,15757.39,1045.07,null,null,null,null,null,null,null,null,null,null,null,null,null,null,null,null,null,null,null,null,null,null,null,null,null,null,null,null,null,null,null,null,null,null,null,null,null,null,null,null,null,null,null,null,null,null,null,null,null,null,null,null,null,null,null,null,null,null,null,"               Итого Поз. 34, 53"]
["               Накладные расходы 97% ФОТ (от 15 757,39)",null,null,null,null,null,null,null,null,null,null,15284.67,null,null,null,null,null,null,null,null,null,null,null,null,null,null,null,null,null,null,null,null,null,null,null,null,null,null,null,null,null,null,null,null,null,null,null,null,null,null,null,null,null,null,null,null,null,null,null,null,null,null,null,null,null,null,null,null,null,null,null,null,null,"               Накладные расходы 97% ФОТ (от 15 757,39)"]
["               Сметная прибыль 55% ФОТ (от 15 757,39)",null,null,null,null,null,null,null,null,null,null,8666.56,null,null,null,null,null,null,null,null,null,null,null,null,null,null,null,null,null,null,null,null,null,null,null,null,null,null,null,null,null,null,null,null,null,null,null,null,null,null,null,null,null,null,null,null,null,null,null,null,null,null,null,null,null,null,null,null,null,null,null,null,null,"               Сметная прибыль 55% ФОТ (от 15 757,39)"]
["               Итого c накладными и см. прибылью",null,null,null,null,null,null,null,null,null,null,44078.46,null,null,null,null,null,null,null,null,null,null,null,null,null,null,null,null,null,null,null,null,null,null,null,null,null,null,null,null,null,null,null,null,null,null,null,null,null,null,null,null,null,null,null,null,null,null,null,null,null,null,null,null,null,null,null,null,null,null,null,null,null,"               Итого c накладными и см. прибылью"]
["          Деревянные конструкции:",null,null,null,null,null,null,null,null,null,null,null,null,null,null,null,null,null,null,null,null,null,null,null,null,null,null,null,null,null,null,null,null,null,null,null,null,null,null,null,null,null,null,null,null,null,null,null,null,null,null,null,null,null,null,null,null,null,null,null,null,null,null,null,null,null,null,null,null,null,null,null,null,"          Деревянные конструкции:"]
["               Итого Поз. 36",null,null,null,null,null,null,null,null,null,null,91789.35,33394.080000000002,3295.81,null,null,null,null,null,null,null,null,null,null,null,null,null,null,null,null,null,null,null,null,null,null,null,null,null,null,null,null,null,null,null,null,null,null,null,null,null,null,null,null,null,null,null,null,null,null,null,null,null,null,null,null,null,null,null,null,null,null,null,"               Итого Поз. 36"]
["               Накладные расходы 108% ФОТ (от 33 394,08)",null,null,null,null,null,null,null,null,null,null,36065.61,null,null,null,null,null,null,null,null,null,null,null,null,null,null,null,null,null,null,null,null,null,null,null,null,null,null,null,null,null,null,null,null,null,null,null,null,null,null,null,null,null,null,null,null,null,null,null,null,null,null,null,null,null,null,null,null,null,null,null,null,null,"               Накладные расходы 108% ФОТ (от 33 394,08)"]
["               Сметная прибыль 55% ФОТ (от 33 394,08)",null,null,null,null,null,null,null,null,null,null,18366.740000000002,null,null,null,null,null,null,null,null,null,null,null,null,null,null,null,null,null,null,null,null,null,null,null,null,null,null,null,null,null,null,null,null,null,null,null,null,null,null,null,null,null,null,null,null,null,null,null,null,null,null,null,null,null,null,null,null,null,null,null,null,null,"               Сметная прибыль 55% ФОТ (от 33 394,08)"]
["               Итого c накладными и см. прибылью",null,null,null,null,null,null,null,null,null,null,146221.70000000001,null,null,null,null,null,null,null,null,null,null,null,null,null,null,null,null,null,null,null,null,null,null,null,null,null,null,null,null,null,null,null,null,null,null,null,null,null,null,null,null,null,null,null,null,null,null,null,null,null,null,null,null,null,null,null,null,null,null,null,null,null,"               Итого c накладными и см. прибылью"]
["          Бетонные и железобетонные монолитные конструкции и работы в строительстве с применением индустриальных видов опалубки:",null,null,null,null,null,null,null,null,null,null,null,null,null,null,null,null,null,null,null,null,null,null,null,null,null,null,null,null,null,null,null,null,null,null,null,null,null,null,null,null,null,null,null,null,null,null,null,null,null,null,null,null,null,null,null,null,null,null,null,null,null,null,null,null,null,null,null,null,null,null,null,null,"          Бетонные и железобетонные монолитные конструкции и работы в строительстве с применением индустриальных видов опалубки:"]
["               Итого Поз. 41",null,null,null,null,null,null,null,null,null,null,4787.1899999999996,4625.05,116.67,56.53,null,null,null,null,null,null,null,null,null,null,null,null,null,null,null,null,null,null,null,null,null,null,null,null,null,null,null,null,null,null,null,null,null,null,null,null,null,null,null,null,null,null,null,null,null,null,null,null,null,null,null,null,null,null,null,null,null,null,"               Итого Поз. 41"]
["               Накладные расходы 108% ФОТ (от 4 681,58)",null,null,null,null,null,null,null,null,null,null,5056.1099999999997,null,null,null,null,null,null,null,null,null,null,null,null,null,null,null,null,null,null,null,null,null,null,null,null,null,null,null,null,null,null,null,null,null,null,null,null,null,null,null,null,null,null,null,null,null,null,null,null,null,null,null,null,null,null,null,null,null,null,null,null,null,"               Накладные расходы 108% ФОТ (от 4 681,58)"]
["               Сметная прибыль 55% ФОТ (от 4 681,58)",null,null,null,null,null,null,null,null,null,null,2574.87,null,null,null,null,null,null,null,null,null,null,null,null,null,null,null,null,null,null,null,null,null,null,null,null,null,null,null,null,null,null,null,null,null,null,null,null,null,null,null,null,null,null,null,null,null,null,null,null,null,null,null,null,null,null,null,null,null,null,null,null,null,"               Сметная прибыль 55% ФОТ (от 4 681,58)"]
["               Итого c накладными и см. прибылью",null,null,null,null,null,null,null,null,null,null,12418.17,null,null,null,null,null,null,null,null,null,null,null,null,null,null,null,null,null,null,null,null,null,null,null,null,null,null,null,null,null,null,null,null,null,null,null,null,null,null,null,null,null,null,null,null,null,null,null,null,null,null,null,null,null,null,null,null,null,null,null,null,null,"               Итого c накладными и см. прибылью"]
["          Защита строительных конструкций и оборудования от коррозии:",null,null,null,null,null,null,null,null,null,null,null,null,null,null,null,null,null,null,null,null,null,null,null,null,null,null,null,null,null,null,null,null,null,null,null,null,null,null,null,null,null,null,null,null,null,null,null,null,null,null,null,null,null,null,null,null,null,null,null,null,null,null,null,null,null,null,null,null,null,null,null,null,"          Защита строительных конструкций и оборудования от коррозии:"]
["               Итого Поз. 44, 46, 79-80",null,null,null,null,null,null,null,null,null,null,41304.239999999998,12049.05,412.04,23.65,null,null,null,null,null,null,null,null,null,null,null,null,null,null,null,null,null,null,null,null,null,null,null,null,null,null,null,null,null,null,null,null,null,null,null,null,null,null,null,null,null,null,null,null,null,null,null,null,null,null,null,null,null,null,null,null,null,null,"               Итого Поз. 44, 46, 79-80"]
["               Накладные расходы 94% ФОТ (от 12 072,70)",null,null,null,null,null,null,null,null,null,null,11348.34,null,null,null,null,null,null,null,null,null,null,null,null,null,null,null,null,null,null,null,null,null,null,null,null,null,null,null,null,null,null,null,null,null,null,null,null,null,null,null,null,null,null,null,null,null,null,null,null,null,null,null,null,null,null,null,null,null,null,null,null,null,"               Накладные расходы 94% ФОТ (от 12 072,70)"]
["               Сметная прибыль 51% ФОТ (от 12 072,70)",null,null,null,null,null,null,null,null,null,null,6157.08,null,null,null,null,null,null,null,null,null,null,null,null,null,null,null,null,null,null,null,null,null,null,null,null,null,null,null,null,null,null,null,null,null,null,null,null,null,null,null,null,null,null,null,null,null,null,null,null,null,null,null,null,null,null,null,null,null,null,null,null,null,"               Сметная прибыль 51% ФОТ (от 12 072,70)"]
["               Итого c накладными и см. прибылью",null,null,null,null,null,null,null,null,null,null,58809.66,null,null,null,null,null,null,null,null,null,null,null,null,null,null,null,null,null,null,null,null,null,null,null,null,null,null,null,null,null,null,null,null,null,null,null,null,null,null,null,null,null,null,null,null,null,null,null,null,null,null,null,null,null,null,null,null,null,null,null,null,null,"               Итого c накладными и см. прибылью"]
["          Перевозка грузов автотранспортом:",null,null,null,null,null,null,null,null,null,null,null,null,null,null,null,null,null,null,null,null,null,null,null,null,null,null,null,null,null,null,null,null,null,null,null,null,null,null,null,null,null,null,null,null,null,null,null,null,null,null,null,null,null,null,null,null,null,null,null,null,null,null,null,null,null,null,null,null,null,null,null,null,"          Перевозка грузов автотранспортом:"]
["               Итого Поз. 82",null,null,null,null,null,null,null,null,null,null,48.69,null,null,null,null,null,null,null,null,null,null,null,null,null,null,null,null,null,null,null,null,null,null,null,null,null,null,null,null,null,null,null,null,null,null,null,null,null,null,null,null,null,null,null,null,null,null,null,null,null,null,null,null,null,null,null,null,null,null,null,null,null,"               Итого Поз. 82"]
["          Погрузо-разгрузочные работы:",null,null,null,null,null,null,null,null,null,null,null,null,null,null,null,null,null,null,null,null,null,null,null,null,null,null,null,null,null,null,null,null,null,null,null,null,null,null,null,null,null,null,null,null,null,null,null,null,null,null,null,null,null,null,null,null,null,null,null,null,null,null,null,null,null,null,null,null,null,null,null,null,"          Погрузо-разгрузочные работы:"]
["               Итого Поз. 83",null,null,null,null,null,null,null,null,null,null,98.61,null,null,null,null,null,null,null,null,null,null,null,null,null,null,null,null,null,null,null,null,null,null,null,null,null,null,null,null,null,null,null,null,null,null,null,null,null,null,null,null,null,null,null,null,null,null,null,null,null,null,null,null,null,null,null,null,null,null,null,null,null,"               Итого Поз. 83"]
["          Итого",null,null,null,null,null,null,null,null,null,null,11620926.92,null,null,null,null,null,null,null,null,null,null,null,null,null,null,null,null,null,null,null,null,null,null,null,null,null,null,null,null,null,null,null,null,null,null,null,null,null,null,null,null,null,null,null,null,null,null,null,null,null,null,null,null,null,null,null,null,null,null,null,null,null,"          Итого"]
["     Итоги по Монтажным работам",null,null,null,null,null,null,null,null,null,null,null,null,null,null,null,null,null,null,null,null,null,null,null,null,null,null,null,null,null,null,null,null,null,null,null,null,null,null,null,null,null,null,null,null,null,null,null,null,null,null,null,null,null,null,null,null,null,null,null,null,null,null,null,null,null,null,null,null,null,null,null,null,"     Итоги по Монтажным работам"]
["          Изготовление технологических металлических конструкций в условиях производственных баз:",null,null,null,null,null,null,null,null,null,null,null,null,null,null,null,null,null,null,null,null,null,null,null,null,null,null,null,null,null,null,null,null,null,null,null,null,null,null,null,null,null,null,null,null,null,null,null,null,null,null,null,null,null,null,null,null,null,null,null,null,null,null,null,null,null,null,null,null,null,null,null,null,"          Изготовление технологических металлических конструкций в условиях производственных баз:"]
["               Итого Поз. 40",null,null,null,null,null,null,null,null,null,null,10773.54,7856.14,2676.73,91.07,null,null,null,null,null,null,null,null,null,null,null,null,null,null,null,null,null,null,null,null,null,null,null,null,null,null,null,null,null,null,null,null,null,null,null,null,null,null,null,null,null,null,null,null,null,null,null,null,null,null,null,null,null,null,null,null,null,null,"               Итого Поз. 40"]
["               Накладные расходы 90% ФОТ (от 7 947,21)",null,null,null,null,null,null,null,null,null,null,7152.49,null,null,null,null,null,null,null,null,null,null,null,null,null,null,null,null,null,null,null,null,null,null,null,null,null,null,null,null,null,null,null,null,null,null,null,null,null,null,null,null,null,null,null,null,null,null,null,null,null,null,null,null,null,null,null,null,null,null,null,null,null,"               Накладные расходы 90% ФОТ (от 7 947,21)"]
["               Сметная прибыль 45% ФОТ (от 7 947,21)",null,null,null,null,null,null,null,null,null,null,3576.24,null,null,null,null,null,null,null,null,null,null,null,null,null,null,null,null,null,null,null,null,null,null,null,null,null,null,null,null,null,null,null,null,null,null,null,null,null,null,null,null,null,null,null,null,null,null,null,null,null,null,null,null,null,null,null,null,null,null,null,null,null,"               Сметная прибыль 45% ФОТ (от 7 947,21)"]
["               Итого c накладными и см. прибылью",null,null,null,null,null,null,null,null,null,null,21502.27,null,null,null,null,null,null,null,null,null,null,null,null,null,null,null,null,null,null,null,null,null,null,null,null,null,null,null,null,null,null,null,null,null,null,null,null,null,null,null,null,null,null,null,null,null,null,null,null,null,null,null,null,null,null,null,null,null,null,null,null,null,"               Итого c накладными и см. прибылью"]
["          Итого",null,null,null,null,null,null,null,null,null,null,21502.27,null,null,null,null,null,null,null,null,null,null,null,null,null,null,null,null,null,null,null,null,null,null,null,null,null,null,null,null,null,null,null,null,null,null,null,null,null,null,null,null,null,null,null,null,null,null,null,null,null,null,null,null,null,null,null,null,null,null,null,null,null,"          Итого"]
["     Итого",null,null,null,null,null,null,null,null,null,null,11642429.189999999,null,null,null,null,null,null,null,null,null,null,null,null,null,null,null,null,null,null,null,null,null,null,null,null,null,null,null,null,null,null,null,null,null,null,null,null,null,null,null,null,null,null,null,null,null,null,null,null,null,null,null,null,null,null,null,null,null,null,null,null,null,"     Итого"]
["          В том числе:",null,null,null,null,null,null,null,null,null,null,null,null,null,null,null,null,null,null,null,null,null,null,null,null,null,null,null,null,null,null,null,null,null,null,null,null,null,null,null,null,null,null,null,null,null,null,null,null,null,null,null,null,null,null,null,null,null,null,null,null,null,null,null,null,null,null,null,null,null,null,null,null,"          В том числе:"]
["            Основная заработная плата",null,null,null,null,null,null,null,null,null,null,1280152.08,null,null,null,null,null,null,null,null,null,null,null,null,null,null,null,null,null,null,null,null,null,null,null,null,null,null,null,null,null,null,null,null,null,null,null,null,null,null,null,null,null,null,null,null,null,null,null,null,null,null,null,null,null,null,null,null,null,null,null,null,null,"            Основная заработная плата"]
["            Материалы",null,null,null,null,null,null,null,null,null,null,5922539.79,null,null,null,null,null,null,null,null,null,null,null,null,null,null,null,null,null,null,null,null,null,null,null,null,null,null,null,null,null,null,null,null,null,null,null,null,null,null,null,null,null,null,null,null,null,null,null,null,null,null,null,null,null,null,null,null,null,null,null,null,null,"            Материалы"]
["            Машины и механизмы",null,null,null,null,null,null,null,null,null,null,1949625.76,null,null,null,null,null,null,null,null,null,null,null,null,null,null,null,null,null,null,null,null,null,null,null,null,null,null,null,null,null,null,null,null,null,null,null,null,null,null,null,null,null,null,null,null,null,null,null,null,null,null,null,null,null,null,null,null,null,null,null,null,null,"            Машины и механизмы"]
["                в том числе заработная плата машинистов",null,null,null,null,null,null,null,null,null,null,255914.53,null,null,null,null,null,null,null,null,null,null,null,null,null,null,null,null,null,null,null,null,null,null,null,null,null,null,null,null,null,null,null,null,null,null,null,null,null,null,null,null,null,null,null,null,null,null,null,null,null,null,null,null,null,null,null,null,null,null,null,null,null,"                в том числе заработная плата машинистов"]
["            Накладные расходы",null,null,null,null,null,null,null,null,null,null,1580768.79,null,null,null,null,null,null,null,null,null,null,null,null,null,null,null,null,null,null,null,null,null,null,null,null,null,null,null,null,null,null,null,null,null,null,null,null,null,null,null,null,null,null,null,null,null,null,null,null,null,null,null,null,null,null,null,null,null,null,null,null,null,"            Накладные расходы"]
["            Сметная прибыль",null,null,null,null,null,null,null,null,null,null,909342.77,null,null,null,null,null,null,null,null,null,null,null,null,null,null,null,null,null,null,null,null,null,null,null,null,null,null,null,null,null,null,null,null,null,null,null,null,null,null,null,null,null,null,null,null,null,null,null,null,null,null,null,null,null,null,null,null,null,null,null,null,null,"            Сметная прибыль"]
["     Временные здания и сооружения 5,2%",null,null,null,null,null,null,null,null,null,null,605406.31999999995,null,null,null,null,null,null,null,null,null,null,null,null,null,null,null,null,null,null,null,null,null,null,null,null,null,null,null,null,null,null,null,null,null,null,null,null,null,null,null,null,null,null,null,null,null,null,null,null,null,null,null,null,null,null,null,null,null,null,null,null,null,"     Временные здания и сооружения 5,2%"]
["     Итого",null,null,null,null,null,null,null,null,null,null,12247835.51,null,null,null,null,null,null,null,null,null,null,null,null,null,null,null,null,null,null,null,null,null,null,null,null,null,null,null,null,null,null,null,null,null,null,null,null,null,null,null,null,null,null,null,null,null,null,null,null,null,null,null,null,null,null,null,null,null,null,null,null,null,null,"     Итого"]
["     Производство работ в зимнее время 2,1%",null,null,null,null,null,null,null,null,null,null,257204.55,null,null,null,null,null,null,null,null,null,null,null,null,null,null,null,null,null,null,null,null,null,null,null,null,null,null,null,null,null,null,null,null,null,null,null,null,null,null,null,null,null,null,null,null,null,null,null,null,null,null,null,null,null,null,null,null,null,null,null,null,null,"     Производство работ в зимнее время 2,1%"]
["     Вахтовый метод 3,5%",null,null,null,null,null,null,null,null,null,null,428674.24,null,null,null,null,null,null,null,null,null,null,null,null,null,null,null,null,null,null,null,null,null,null,null,null,null,null,null,null,null,null,null,null,null,null,null,null,null,null,null,null,null,null,null,null,null,null,null,null,null,null,null,null,null,null,null,null,null,null,null,null,null,"     Вахтовый метод 3,5%"]
["     Перевозка работников свыше 3 км 2,5%",null,null,null,null,null,null,null,null,null,null,306195.89,null,null,null,null,null,null,null,null,null,null,null,null,null,null,null,null,null,null,null,null,null,null,null,null,null,null,null,null,null,null,null,null,null,null,null,null,null,null,null,null,null,null,null,null,null,null,null,null,null,null,null,null,null,null,null,null,null,null,null,null,null,"     Перевозка работников свыше 3 км 2,5%"]
["     Перебазировка машин и механизмов 2%",null,null,null,null,null,null,null,null,null,null,244956.71,null,null,null,null,null,null,null,null,null,null,null,null,null,null,null,null,null,null,null,null,null,null,null,null,null,null,null,null,null,null,null,null,null,null,null,null,null,null,null,null,null,null,null,null,null,null,null,null,null,null,null,null,null,null,null,null,null,null,null,null,null,"     Перебазировка машин и механизмов 2%"]
["     Итого",null,null,null,null,null,null,null,null,null,null,13484866.9,null,null,null,null,null,null,null,null,null,null,null,null,null,null,null,null,null,null,null,null,null,null,null,null,null,null,null,null,null,null,null,null,null,null,null,null,null,null,null,null,null,null,null,null,null,null,null,null,null,null,null,null,null,null,null,null,null,null,null,null,null,null,"     Итого"]
["     Непредвиденные затраты 3%",null,null,null,null,null,null,null,null,null,null,404546.01,null,null,null,null,null,null,null,null,null,null,null,null,null,null,null,null,null,null,null,null,null,null,null,null,null,null,null,null,null,null,null,null,null,null,null,null,null,null,null,null,null,null,null,null,null,null,null,null,null,null,null,null,null,null,null,null,null,null,null,null,null,"     Непредвиденные затраты 3%"]
["     Итого с непредвиденными",null,null,null,null,null,null,null,null,null,null,13889412.91,null,null,null,null,null,null,null,null,null,null,null,null,null,null,null,null,null,null,null,null,null,null,null,null,null,null,null,null,null,null,null,null,null,null,null,null,null,null,null,null,null,null,null,null,null,null,null,null,null,null,null,null,null,null,null,null,null,null,null,null,null,null,"     Итого с непредвиденными"]
["     НДС 20%",null,null,null,null,null,null,null,null,null,null,2777882.58,null,null,null,null,null,null,null,null,null,null,null,null,null,null,null,null,null,null,null,null,null,null,null,null,null,null,null,null,null,null,null,null,null,null,null,null,null,null,null,null,null,null,null,null,null,null,null,null,null,null,null,null,null,null,null,null,null,null,null,null,null,"     НДС 20%"]
["  ВСЕГО по смете",null,null,null,null,null,null,null,null,null,null,16667295.49,null,null,null,null,null,null,null,null,null,null,null,null,null,null,null,null,null,null,null,null,null,null,null,null,null,null,null,null,null,null,null,null,null,null,null,null,null,null,null,null,null,null,null,null,null,null,null,null,null,null,null,null,null,null,null,null,null,null,null,null,null,null,null,"  ВСЕГО по смете"]

{"sheet":"Смета_1632-2021-3.4-КМ","index":5,"n_rows":359,"n_cols":76,"rows_kept":359,"cut":false,"hidden":false,"merged":[[1,0,1,14],[2,0,2,14],[4,0,4,14],[5,0,5,14],[6,0,6,14],[7,0,7,14],[8,2,8,6],[15,5,15,14],[18,0,20,0],[18,1,20,1],[18,2,20,4],[18,5,20,5],[18,6,20,6],[18,7,18,10],[18,11,18,14],[19,7,20,7],[24,2,24,14],[25,2,25,14],[26,2,26,14],[29,2,29,4],[30,2,30,14],[31,2,31,14],[19,8,19,10],[19,11,20,11],[19,12,19,14],[21,2,21,4],[22,0,22,14],[23,2,23,4],[40,2,40,14],[41,2,41,4],[42,2,42,14],[43,2,43,14],[44,2,44,4],[45,2,45,14],[32,2,32,14],[35,2,35,4],[36,2,36,14],[37,2,37,14],[38,2,38,4],[39,2,39,14],[52,2,52,14],[53,2,53,4],[54,2,54,14],[55,2,55,14],[56,0,56,14],[57,2,57,4],[46,2,46,14],[47,2,47,4],[48,2,48,14],[49,2,49,14],[50,2,50,4],[51,2,51,14],[64,0,64,14],[65,2,65,4],[66,2,66,14],[67,2,67,14],[70,2,70,4],[71,2,71,14],[58,2,58,14],[59,2,59,4],[60,2,60,14],[61,2,61,4],[62,2,62,14],[63,0,63,10],[80,2,80,14],[81,2,81,14],[82,2,82,4],[83,2,83,14],[84,2,84,14],[85,2,85,4],[72,2,72,14],[73,2,73,14],[76,2,76,4],[77,2,77,14],[78,2,78,14],[79,2,79,4],[92,2,92,14],[93,2,93,14],[94,2,94,4],[95,2,95,14],[96,2,96,14],[97,2,97,4],[86,2,86,14],[87,2,87,14],[88,2,88,4],[89,2,89,14],[90,2,90,14],[91,2,91,4],[104,2,104,14],[105,2,105,4],[106,2,106,14],[107,0,107,10],[108,0,108,14],[109,2,109,4],[98,2,98,14],[99,2,99,14],[100,0,100,14],[101,2,101,4],[102,2,102,14],[103,2,103,4],[118,2,118,14],[121,2,121,4],[122,2,122,14],[123,2,123,14],[124,2,124,4],[125,2,125,14],[110,2,110,14],[111,2,111,14],[112,2,112,14],[115,2,115,4],[116,2,116,14],[117,2,117,14],[132,2,132,14],[133,0,133,14],[134,2,134,4],[135,2,135,14],[136,2,136,4],[137,2,137,14],[126,2,126,14],[127,2,127,4],[128,2,128,14],[129,2,129,14],[130,2,130,4],[131,2,131,14],[144,2,144,14],[145,2,145,14],[148,2,148,4],[149,2,149,14],[150,2,150,14],[151,2,151,14],[138,2,138,4],[139,2,139,14],[140,0,140,10],[141,0,141,14],[142,2,142,4],[143,2,143,14],[160,2,160,4],[161,2,161,14],[162,2,162,14],[163,2,163,4],[164,2,164,14],[165,2,165,14],[154,2,154,4],[155,2,155,14],[156,2,156,14],[157,2,157,4],[158,2,158,14],[159,2,159,14],[172,2,172,14],[173,0,173,10],[174,0,174,14],[175,0,175,14],[176,2,176,4],[177,2,177,14],[166,0,166,14],[167,2,167,4],[168,2,168,14],[169,2,169,4],[170,2,170,14],[171,2,171,4],[186,2,186,14],[189,2,189,4],[190,2,190,14],[191,2,191,14],[192,2,192,4],[193,2,193,14],[178,2,178,14],[181,2,181,4],[182,2,182,14],[183,2,183,4],[184,2,184,14],[185,2,185,14],[200,2,200,14],[201,2,201,4],[202,2,202,14],[203,2,203,14],[204,0,204,14],[205,2,205,4],[194,2,194,14],[195,2,195,4],[196,2,196,14],[197,2,197,14],[198,2,198,4],[199,2,199,14],[212,0,212,14],[213,2,213,4],[214,2,214,14],[215,2,215,14],[218,2,218,4],[219,2,219,14],[206,2,206,14],[207,2,207,4],[208,2,208,14],[209,2,209,4],[210,2,210,14],[211,0,211,10],[226,2,226,14],[227,2,227,14],[230,2,230,4],[231,2,231,14],[232,2,232,14],[233,2,233,4],[220,2,220,4],[221,2,221,14],[222,2,222,4],[223,2,223,14],[224,2,224,14],[225,2,225,4],[240,2,240,4],[241,2,241,14],[242,0,242,10],[243,0,243,14],[244,2,244,4],[245,2,245,14],[234,2,234,14],[235,0,235,14],[236,2,236,4],[237,2,237,14],[238,2,238,4],[239,2,239,14],[256,2,256,4],[257,2,257,14],[258,2,258,14],[259,2,259,4],[260,2,260,14],[261,2,261,14],[246,2,246,14],[247,2,247,14],[250,2,250,4],[251,2,251,14],[252,2,252,14],[253,2,253,14],[268,2,268,4],[269,2,269,14],[270,2,270,4],[271,2,271,14],[272,0,272,10],[273,0,273,14],[262,2,262,4],[263,2,263,14],[264,2,264,14],[265,0,265,14],[266,2,266,4],[267,2,267,14],[282,2,282,14],[283,2,283,4],[284,2,284,14],[285,2,285,14],[286,2,286,14],[287,2,287,14],[274,2,274,4],[275,2,275,14],[276,2,276,14],[277,2,277,14],[280,2,280,4],[281,2,281,14],[296,0,296,10],[297,0,297,10],[298,0,298,10],[299,0,299,10],[300,0,300,10],[301,0,301,10],[290,2,290,4],[291,2,291,14],[292,2,292,14],[293,0,293,10],[294,0,294,10],[295,0,295,10],[308,0,308,10],[309,0,309,10],[310,0,310,10],[311,0,311,10],[312,0,312,10],[313,0,313,10],[302,0,302,10],[303,0,303,10],[304,0,304,10],[305,0,305,10],[306,0,306,10],[307,0,307,10],[320,0,320,10],[321,0,321,10],[322,0,322,10],[323,0,323,10],[324,0,324,10],[325,0,325,10],[314,0,314,10],[315,0,315,10],[316,0,316,10],[317,0,317,10],[318,0,318,10],[319,0,319,10],[332,0,332,10],[333,0,333,10],[334,0,334,10],[335,0,335,10],[336,0,336,10],[337,0,337,10],[326,0,326,10],[327,0,327,10],[328,0,328,10],[329,0,329,10],[330,0,330,10],[331,0,331,10],[344,0,344,10],[345,0,345,10],[346,0,346,10],[347,0,347,10],[348,0,348,10],[349,0,349,10],[338,0,338,10],[339,0,339,10],[340,0,340,10],[341,0,341,10],[342,0,342,10],[343,0,343,10],[357,0,357,14],[358,0,358,14],[361,8,361,10],[350,0,350,10],[351,0,351,10],[352,0,352,10],[353,0,353,10],[354,0,354,10],[355,0,355,10]]}
[]
["Терминал по перевалке минеральных удобрений в морском торговом порту Усть-Луга. Береговые объекты терминала",null,null,null,null,null,null,null,null,null,null,null,null,null,null,null,null,null,"Терминал по перевалке минеральных удобрений в морском торговом порту Усть-Луга. Береговые объекты терминала","","","","","","","","","","","","","",""]
["(наименование стройки)"]
[]
["ЛОКАЛЬНАЯ СМЕТА № 1632-2021-3.4-КМ_01.05.060-П-01-04"]
["(локальная смета)"]
["на Конструкции металлические, 07.06.060 Ангар для хранения ТМЦ (код SAP 01.05.019) код ГП 3.4",null,null,null,null,null,null,null,null,null,null,null,null,null,null,null,null,null,null,null,null,null,null,null,null,null,null,null,null,null,null,null,null,"на Конструкции металлические, 07.06.060 Ангар для хранения ТМЦ (код SAP 01.05.019) код ГП 3.4","","","","","","","","","","","","","",""]
["(наименование работ и затрат, наименование объекта)"]
[null,"Основание:","1632-2021-3.4-КМ_0_D_RU_IFR",null,null,null,null,null,null,null,null,null,null,null,null,null,null,null,null,null,null,null,null,null,null,null,null,null,null,null,null,null,null,null,null,null,null,null,null,null,null,null,null,null,null,null,null,null,"1632-2021-3.4-КМ_0_D_RU_IFR","","","",""]
[null,"Сметная стоимость",null,null,15641574,"руб."]
[null,"   строительных работ",null,null,6977415,"руб."]
[null,"   монтажных работ",null,null,3948528,"руб."]
[null,"Средства на оплату труда",null,null,2691843,"руб."]
[null,"Сметная трудоемкость",null,null,4790.63,"чел.час"]
[null,"Трудозатраты механизаторов",null,null,271.72000000000003,"чел.час"]
[null,"Составлен(а) в текущих (прогнозных) ценах по состоянию на ",null,null,null,"1 кв. 2000г.",null,null,null,null,null,null,null,null,null,null,null,null,null,null,null,null,null,null,null,null,null,null,null,null,null,null,null,null,null,null,null,null,null,null,null,null,null,null,null,null,null,null,null,null,null,null,null,"1 кв. 2000г.","","","","","","","","",""]
[]
[]
["№ п/п","Обоснование","Наименование работ и затрат",null,null,"Единица измерения","Кол-во","Стоимость единицы, руб.",null,null,null,"Общая стоимость, руб."]
[null,null,null,null,null,null,null,"Всего","В том числе",null,null,"Всего","В том числе"]
[null,null,null,null,null,null,null,null,"Осн.З/п","Эк.Маш","З/пМех",null,"Осн.З/п","Эк.Маш","З/пМех"]
[1,2,3,null,null,4,5,6,7,8,9,10,11,12,13]
["Раздел 1. Колонны",null,null,null,null,null,null,null,null,null,null,null,null,null,null,null,null,null,null,null,null,null,null,null,null,null,null,null,null,null,null,null,null,null,null,null,null,null,null,null,null,null,null,null,null,null,null,null,null,null,null,null,null,null,null,null,null,null,null,null,null,null,null,"Раздел 1. Колонны"]
["1","ТЕР09-03-002-01\nПриказ Администрации ЛО от 20.10.15 №28","Монтаж колонн одноэтажных и многоэтажных зданий и крановых эстакад высотой: до 25 м цельного сечения массой до 1,0 т",null,null,"1 т конструкций",4.6813500000000001,11246.79,6710,4081.45,1579.55,52650,31412,19107,7394,null,null,null,null,null,null,null,null,null,null,null,null,null,null,null,null,null,null,null,null,null,null,null,null,null,null,null,null,null,null,null,null,null,null,null,null,null,null,null,null,null,null,null,null,null,null,null,null,null,"Монтаж колонн одноэтажных и многоэтажных зданий и крановых эстакад высотой: до 25 м цельного сечения массой до 1,0 т"]
[null,"Прил.9.3 п.2"," Монтаж конструктивных элементов по железобетонным и каменным опорам ОЗП=1,1; ТЗ=1,1",null,null,null,null,null,null,null,null,null,null,null,null,null,null,null,null,null,null,null,null,null,null,null,null,null,null,null,null,null,null,null,null,null,null,null,null,null,null,null,null,null,null,null,null,null,null,null,null,null,null,null,null,null,null,null,null,null,null,null,null,null,null," Монтаж конструктивных элементов по железобетонным и каменным опорам ОЗП=1,1; ТЗ=1,1"]
[null,"421/пр_2020_прил.10_т.1_п.2_гр.3"," Производство работ осуществляется на территории действующего предприятия с наличием в зоне производства работ одного или нескольких из следующих факторов:\n- разветвленной сети транспортных и инженерных коммуникаций;\n- стесненных условий для складирования материалов;\n- действующего технологического оборудования;\n- движения технологического транспорта ОЗП=1,15; ЭМ=1,15 к расх.; ЗПМ=1,15; ТЗ=1,15; ТЗМ=1,15",null,null,null,null,null,null,null,null,null,null,null,null,null,null,null,null,null,null,null,null,null,null,null,null,null,null,null,null,null,null,null,null,null,null,null,null,null,null,null,null,null,null,null,null,null,null,null,null,null,null,null,null,null,null,null,null,null,null,null,null,null,null," Производство работ осуществляется на территории действующего предприятия с наличием в зоне производства работ одного или нескольких из следующих факторов:\n- разветвленной сети транспортных и инженерных коммуникаций;\n- стесненных условий для складирования материалов;\n- действующего технологического оборудования;\n- движения технологического транспорта ОЗП=1,15; ЭМ=1,15 к расх.; ЗПМ=1,15; ТЗ=1,15; ТЗМ=1,15"]
[null,"1","ИНДЕКС К ПОЗИЦИИ: II кв. 2025 г. Минстрой письмо №29761-ИФ/09 от 23.05.2025 г. (ПРОЧИЕ, ТЕР-2001) ОЗП=29,1; ЭМ=11,55; ЗПМ=29,1; МАТ=8,66",null,null,null,null,null,null,null,null,null,null,null,null,null,null,null,null,null,null,null,null,null,null,null,null,null,null,null,null,null,null,null,null,null,null,null,null,null,null,null,null,null,null,null,null,null,null,null,null,null,null,null,null,null,null,null,null,null,null,null,null,null,null,null,"ИНДЕКС К ПОЗИЦИИ: II кв. 2025 г. Минстрой письмо №29761-ИФ/09 от 23.05.2025 г. (ПРОЧИЕ, ТЕР-2001) ОЗП=29,1; ЭМ=11,55; ЗПМ=29,1; МАТ=8,66"]
[null,null,null,null,"Накладные расходы 93% ФОТ (от 38 806)",null,null,null,null,null,null,36090]
[null,null,null,null,"Сметная прибыль 62% ФОТ (от 38 806)",null,null,null,null,null,null,24060]
["2","ТЕРм38-01-002-03\nПриказ Администрации ЛО от 20.10.15 №28","Монорельсы, балки и другие аналогичные конструкции промышленных зданий, сборка с помощью: лебедок электрических (с установкой и снятием их в процессе работы)",null,null,"1 т конструкций",4.6813500000000001,21358.36,16969.099999999999,3922.06,1644.47,99986,79438,18361,7698,null,null,null,null,null,null,null,null,null,null,null,null,null,null,null,null,null,null,null,null,null,null,null,null,null,null,null,null,null,null,null,null,null,null,null,null,null,null,null,null,null,null,null,null,null,null,null,null,null,"Монорельсы, балки и другие аналогичные конструкции промышленных зданий, сборка с помощью: лебедок электрических (с установкой и снятием их в процессе работы)"]
[null,null,"856,30 = 5 265,27 - 1,02 x 4 322,52",null,null,null,null,null,null,null,null,null,null,null,null,null,null,null,null,null,null,null,null,null,null,null,null,null,null,null,null,null,null,null,null,null,null,null,null,null,null,null,null,null,null,null,null,null,null,null,null,null,null,null,null,null,null,null,null,null,null,null,null,null,null,null,null,"856,30 = 5 265,27 - 1,02 x 4 322,52"]
[null,"421/пр_2020_прил.10_т.1_п.2_гр.3"," Производство работ осуществляется на территории действующего предприятия с наличием в зоне производства работ одного или нескольких из следующих факторов:\n- разветвленной сети транспортных и инженерных коммуникаций;\n- стесненных условий для складирования материалов;\n- действующего технологического оборудования;\n- движения технологического транспорта ОЗП=1,15; ЭМ=1,15 к расх.; ЗПМ=1,15; ТЗ=1,15; ТЗМ=1,15",null,null,null,null,null,null,null,null,null,null,null,null,null,null,null,null,null,null,null,null,null,null,null,null,null,null,null,null,null,null,null,null,null,null,null,null,null,null,null,null,null,null,null,null,null,null,null,null,null,null,null,null,null,null,null,null,null,null,null,null,null,null," Производство работ осуществляется на территории действующего предприятия с наличием в зоне производства работ одного или нескольких из следующих факторов:\n- разветвленной сети транспортных и инженерных коммуникаций;\n- стесненных условий для складирования материалов;\n- действующего технологического оборудования;\n- движения технологического транспорта ОЗП=1,15; ЭМ=1,15 к расх.; ЗПМ=1,15; ТЗ=1,15; ТЗМ=1,15"]
[null,"1","ИНДЕКС К ПОЗИЦИИ: II кв. 2025 г. Минстрой письмо №29761-ИФ/09 от 23.05.2025 г. (ПРОЧИЕ, ТЕР-2001) ОЗП=29,1; ЭМ=11,55; ЗПМ=29,1; МАТ=8,66",null,null,null,null,null,null,null,null,null,null,null,null,null,null,null,null,null,null,null,null,null,null,null,null,null,null,null,null,null,null,null,null,null,null,null,null,null,null,null,null,null,null,null,null,null,null,null,null,null,null,null,null,null,null,null,null,null,null,null,null,null,null,null,"ИНДЕКС К ПОЗИЦИИ: II кв. 2025 г. Минстрой письмо №29761-ИФ/09 от 23.05.2025 г. (ПРОЧИЕ, ТЕР-2001) ОЗП=29,1; ЭМ=11,55; ЗПМ=29,1; МАТ=8,66"]
[null,null,null,null,"Накладные расходы 90% ФОТ (от 87 136)",null,null,null,null,null,null,78422]
[null,null,null,null,"Сметная прибыль 45% ФОТ (от 87 136)",null,null,null,null,null,null,39211]
["3","Прайс","Профиль гн. 180*6",null,null,"т",2.4967199999999998,"89 382,03\n89382,00/ИндМ225",null,null,null,223162,null,null,null,null,null,null,null,null,null,null,null,null,null,null,null,null,null,null,null,null,null,null,null,null,null,null,null,null,null,null,null,null,null,null,null,null,null,null,null,null,null,null,null,null,null,null,null,null,null,null,null,null,"Профиль гн. 180*6"]
[null,null,"Цена МАТ=89382,00/ИндМ225",null,null,null,null,null,null,null,null,null,null,null,null,null,null,null,null,null,null,null,null,null,null,null,null,null,null,null,null,null,null,null,null,null,null,null,null,null,null,null,null,null,null,null,null,null,null,null,null,null,null,null,null,null,null,null,null,null,null,null,null,null,null,null,null,null,"Цена МАТ=89382,00/ИндМ225"]
[null,"1","ИНДЕКС К ПОЗИЦИИ: II кв. 2025 г. Минстрой письмо №29761-ИФ/09 от 23.05.2025 г. (ПРОЧИЕ, ТЕР-2001) ОЗП=29,1; ЭМ=11,55; ЗПМ=29,1; МАТ=8,66",null,null,null,null,null,null,null,null,null,null,null,null,null,null,null,null,null,null,null,null,null,null,null,null,null,null,null,null,null,null,null,null,null,null,null,null,null,null,null,null,null,null,null,null,null,null,null,null,null,null,null,null,null,null,null,null,null,null,null,null,null,null,null,"ИНДЕКС К ПОЗИЦИИ: II кв. 2025 г. Минстрой письмо №29761-ИФ/09 от 23.05.2025 г. (ПРОЧИЕ, ТЕР-2001) ОЗП=29,1; ЭМ=11,55; ЗПМ=29,1; МАТ=8,66"]
["4","Прайс","Уголок не равнополочный 160*100*12",null,null,"т",0.10403,"99 971,99\n99972,00/ИндМ225",null,null,null,10400,null,null,null,null,null,null,null,null,null,null,null,null,null,null,null,null,null,null,null,null,null,null,null,null,null,null,null,null,null,null,null,null,null,null,null,null,null,null,null,null,null,null,null,null,null,null,null,null,null,null,null,null,"Уголок не равнополочный 160*100*12"]
[null,null,"Цена МАТ=99972,00/ИндМ225",null,null,null,null,null,null,null,null,null,null,null,null,null,null,null,null,null,null,null,null,null,null,null,null,null,null,null,null,null,null,null,null,null,null,null,null,null,null,null,null,null,null,null,null,null,null,null,null,null,null,null,null,null,null,null,null,null,null,null,null,null,null,null,null,null,"Цена МАТ=99972,00/ИндМ225"]
[null,"1","ИНДЕКС К ПОЗИЦИИ: II кв. 2025 г. Минстрой письмо №29761-ИФ/09 от 23.05.2025 г. (ПРОЧИЕ, ТЕР-2001) ОЗП=29,1; ЭМ=11,55; ЗПМ=29,1; МАТ=8,66",null,null,null,null,null,null,null,null,null,null,null,null,null,null,null,null,null,null,null,null,null,null,null,null,null,null,null,null,null,null,null,null,null,null,null,null,null,null,null,null,null,null,null,null,null,null,null,null,null,null,null,null,null,null,null,null,null,null,null,null,null,null,null,"ИНДЕКС К ПОЗИЦИИ: II кв. 2025 г. Минстрой письмо №29761-ИФ/09 от 23.05.2025 г. (ПРОЧИЕ, ТЕР-2001) ОЗП=29,1; ЭМ=11,55; ЗПМ=29,1; МАТ=8,66"]
["5","Прайс","Уголок не равнополочный 140*90*8",null,null,"т",0.20805999999999999,"96 880,03\n96880,00/ИндМ225",null,null,null,20157,null,null,null,null,null,null,null,null,null,null,null,null,null,null,null,null,null,null,null,null,null,null,null,null,null,null,null,null,null,null,null,null,null,null,null,null,null,null,null,null,null,null,null,null,null,null,null,null,null,null,null,null,"Уголок не равнополочный 140*90*8"]
[null,null,"Цена МАТ=96880,00/ИндМ225",null,null,null,null,null,null,null,null,null,null,null,null,null,null,null,null,null,null,null,null,null,null,null,null,null,null,null,null,null,null,null,null,null,null,null,null,null,null,null,null,null,null,null,null,null,null,null,null,null,null,null,null,null,null,null,null,null,null,null,null,null,null,null,null,null,"Цена МАТ=96880,00/ИндМ225"]
[null,"1","ИНДЕКС К ПОЗИЦИИ: II кв. 2025 г. Минстрой письмо №29761-ИФ/09 от 23.05.2025 г. (ПРОЧИЕ, ТЕР-2001) ОЗП=29,1; ЭМ=11,55; ЗПМ=29,1; МАТ=8,66",null,null,null,null,null,null,null,null,null,null,null,null,null,null,null,null,null,null,null,null,null,null,null,null,null,null,null,null,null,null,null,null,null,null,null,null,null,null,null,null,null,null,null,null,null,null,null,null,null,null,null,null,null,null,null,null,null,null,null,null,null,null,null,"ИНДЕКС К ПОЗИЦИИ: II кв. 2025 г. Минстрой письмо №29761-ИФ/09 от 23.05.2025 г. (ПРОЧИЕ, ТЕР-2001) ОЗП=29,1; ЭМ=11,55; ЗПМ=29,1; МАТ=8,66"]
["6","Прайс","Уголок не равнополочный 100*63*8 (прим. 100*63*6)",null,null,"т",0.10403,"82 604,02\n82604,00/ИндМ225",null,null,null,8593,null,null,null,null,null,null,null,null,null,null,null,null,null,null,null,null,null,null,null,null,null,null,null,null,null,null,null,null,null,null,null,null,null,null,null,null,null,null,null,null,null,null,null,null,null,null,null,null,null,null,null,null,"Уголок не равнополочный 100*63*8 (прим. 100*63*6)"]
[null,null,"Цена МАТ=82604,00/ИндМ225",null,null,null,null,null,null,null,null,null,null,null,null,null,null,null,null,null,null,null,null,null,null,null,null,null,null,null,null,null,null,null,null,null,null,null,null,null,null,null,null,null,null,null,null,null,null,null,null,null,null,null,null,null,null,null,null,null,null,null,null,null,null,null,null,null,"Цена МАТ=82604,00/ИндМ225"]
[null,"1","ИНДЕКС К ПОЗИЦИИ: II кв. 2025 г. Минстрой письмо №29761-ИФ/09 от 23.05.2025 г. (ПРОЧИЕ, ТЕР-2001) ОЗП=29,1; ЭМ=11,55; ЗПМ=29,1; МАТ=8,66",null,null,null,null,null,null,null,null,null,null,null,null,null,null,null,null,null,null,null,null,null,null,null,null,null,null,null,null,null,null,null,null,null,null,null,null,null,null,null,null,null,null,null,null,null,null,null,null,null,null,null,null,null,null,null,null,null,null,null,null,null,null,null,"ИНДЕКС К ПОЗИЦИИ: II кв. 2025 г. Минстрой письмо №29761-ИФ/09 от 23.05.2025 г. (ПРОЧИЕ, ТЕР-2001) ОЗП=29,1; ЭМ=11,55; ЗПМ=29,1; МАТ=8,66"]
["7","Прайс","Прокат листовой 20мм",null,null,"т",0.10403,"74 470,98\n74471,00/ИндМ225",null,null,null,7747,null,null,null,null,null,null,null,null,null,null,null,null,null,null,null,null,null,null,null,null,null,null,null,null,null,null,null,null,null,null,null,null,null,null,null,null,null,null,null,null,null,null,null,null,null,null,null,null,null,null,null,null,"Прокат листовой 20мм"]
[null,null,"Цена МАТ=74471,00/ИндМ225",null,null,null,null,null,null,null,null,null,null,null,null,null,null,null,null,null,null,null,null,null,null,null,null,null,null,null,null,null,null,null,null,null,null,null,null,null,null,null,null,null,null,null,null,null,null,null,null,null,null,null,null,null,null,null,null,null,null,null,null,null,null,null,null,null,"Цена МАТ=74471,00/ИндМ225"]
[null,"1","ИНДЕКС К ПОЗИЦИИ: II кв. 2025 г. Минстрой письмо №29761-ИФ/09 от 23.05.2025 г. (ПРОЧИЕ, ТЕР-2001) ОЗП=29,1; ЭМ=11,55; ЗПМ=29,1; МАТ=8,66",null,null,null,null,null,null,null,null,null,null,null,null,null,null,null,null,null,null,null,null,null,null,null,null,null,null,null,null,null,null,null,null,null,null,null,null,null,null,null,null,null,null,null,null,null,null,null,null,null,null,null,null,null,null,null,null,null,null,null,null,null,null,null,"ИНДЕКС К ПОЗИЦИИ: II кв. 2025 г. Минстрой письмо №29761-ИФ/09 от 23.05.2025 г. (ПРОЧИЕ, ТЕР-2001) ОЗП=29,1; ЭМ=11,55; ЗПМ=29,1; МАТ=8,66"]
["8","Прайс","Прокат листовой 16мм",null,null,"т",0.41611999999999999,"72 267,96\n72268,00/ИндМ225",null,null,null,30072,null,null,null,null,null,null,null,null,null,null,null,null,null,null,null,null,null,null,null,null,null,null,null,null,null,null,null,null,null,null,null,null,null,null,null,null,null,null,null,null,null,null,null,null,null,null,null,null,null,null,null,null,"Прокат листовой 16мм"]
[null,null,"Цена МАТ=72268,00/ИндМ225",null,null,null,null,null,null,null,null,null,null,null,null,null,null,null,null,null,null,null,null,null,null,null,null,null,null,null,null,null,null,null,null,null,null,null,null,null,null,null,null,null,null,null,null,null,null,null,null,null,null,null,null,null,null,null,null,null,null,null,null,null,null,null,null,null,"Цена МАТ=72268,00/ИндМ225"]
[null,"1","ИНДЕКС К ПОЗИЦИИ: II кв. 2025 г. Минстрой письмо №29761-ИФ/09 от 23.05.2025 г. (ПРОЧИЕ, ТЕР-2001) ОЗП=29,1; ЭМ=11,55; ЗПМ=29,1; МАТ=8,66",null,null,null,null,null,null,null,null,null,null,null,null,null,null,null,null,null,null,null,null,null,null,null,null,null,null,null,null,null,null,null,null,null,null,null,null,null,null,null,null,null,null,null,null,null,null,null,null,null,null,null,null,null,null,null,null,null,null,null,null,null,null,null,"ИНДЕКС К ПОЗИЦИИ: II кв. 2025 г. Минстрой письмо №29761-ИФ/09 от 23.05.2025 г. (ПРОЧИЕ, ТЕР-2001) ОЗП=29,1; ЭМ=11,55; ЗПМ=29,1; МАТ=8,66"]
["9","Прайс","Прокат листовой 10мм",null,null,"т",0.41611999999999999,"65 786,99\n65787,00/ИндМ225",null,null,null,27375,null,null,null,null,null,null,null,null,null,null,null,null,null,null,null,null,null,null,null,null,null,null,null,null,null,null,null,null,null,null,null,null,null,null,null,null,null,null,null,null,null,null,null,null,null,null,null,null,null,null,null,null,"Прокат листовой 10мм"]
[null,null,"Цена МАТ=65787,00/ИндМ225",null,null,null,null,null,null,null,null,null,null,null,null,null,null,null,null,null,null,null,null,null,null,null,null,null,null,null,null,null,null,null,null,null,null,null,null,null,null,null,null,null,null,null,null,null,null,null,null,null,null,null,null,null,null,null,null,null,null,null,null,null,null,null,null,null,"Цена МАТ=65787,00/ИндМ225"]
[null,"1","ИНДЕКС К ПОЗИЦИИ: II кв. 2025 г. Минстрой письмо №29761-ИФ/09 от 23.05.2025 г. (ПРОЧИЕ, ТЕР-2001) ОЗП=29,1; ЭМ=11,55; ЗПМ=29,1; МАТ=8,66",null,null,null,null,null,null,null,null,null,null,null,null,null,null,null,null,null,null,null,null,null,null,null,null,null,null,null,null,null,null,null,null,null,null,null,null,null,null,null,null,null,null,null,null,null,null,null,null,null,null,null,null,null,null,null,null,null,null,null,null,null,null,null,"ИНДЕКС К ПОЗИЦИИ: II кв. 2025 г. Минстрой письмо №29761-ИФ/09 от 23.05.2025 г. (ПРОЧИЕ, ТЕР-2001) ОЗП=29,1; ЭМ=11,55; ЗПМ=29,1; МАТ=8,66"]
["Перевозка материалов ( металл 140 км. ОП \"МКМ-СПб\")",null,null,null,null,null,null,null,null,null,null,null,null,null,null,null,null,null,null,null,null,null,null,null,null,null,null,null,null,null,null,null,null,null,null,null,null,null,null,null,null,null,null,null,null,null,null,null,null,null,null,null,null,null,null,null,null,null,null,null,null,null,null,null,null,null,null,null,null,"Перевозка материалов ( металл 140 км. ОП \"МКМ-СПб\")"]
["10",null,"металлопрокат, трубопрокат и металлоконструкции",null,null,"т",4.6813500000000001,null,null,null,null,null,null,null,null,null,null,null,null,null,null,null,null,null,null,null,null,null,null,null,null,null,null,null,null,null,null,null,null,null,null,null,null,null,null,null,null,null,null,null,null,null,null,null,null,null,null,null,null,null,null,null,null,null,"металлопрокат, трубопрокат и металлоконструкции"]
[null,"3","ИНДЕКС К ПОЗИЦИИ: II кв. 2025 г. Минстрой письмо №29761-ИФ/09 от 23.05.2025 г. (авт_САМОСВ) ЭМ=17,63",null,null,null,null,null,null,null,null,null,null,null,null,null,null,null,null,null,null,null,null,null,null,null,null,null,null,null,null,null,null,null,null,null,null,null,null,null,null,null,null,null,null,null,null,null,null,null,null,null,null,null,null,null,null,null,null,null,null,null,null,null,null,null,"ИНДЕКС К ПОЗИЦИИ: II кв. 2025 г. Минстрой письмо №29761-ИФ/09 от 23.05.2025 г. (авт_САМОСВ) ЭМ=17,63"]
["11","ТССЦпг-03-02-01-140\nПриказ Администрации ЛО от 20.10.15 №28","Перевозка строительных грузов (кроме массовых навалочных, перевозимых автомобилями-самосвалами, а также бетонных и железобетонных изделий, стеновых и перегородочных материалов, лесоматериалов круглых и пиломатериалов, включенных в таблицу 03-01), бортовым автомобилем грузоподъемностью 5 т, на расстояние до 140 км I класс груза",null,null,"1 т груза",4.6813500000000001,139.38,null,null,null,652,null,null,null,null,null,null,null,null,null,null,null,null,null,null,null,null,null,null,null,null,null,null,null,null,null,null,null,null,null,null,null,null,null,null,null,null,null,null,null,null,null,null,null,null,null,null,null,null,null,null,null,null,"Перевозка строительных грузов (кроме массовых навалочных, перевозимых автомобилями-самосвалами, а также бетонных и железобетонных изделий, стеновых и перегородочных материалов, лесоматериалов круглых и пиломатериалов, включенных в таблицу 03-01), бортовым автомобилем грузоподъемностью 5 т, на расстояние до 140 км I класс груза"]
[null,"4","ИНДЕКС К ПОЗИЦИИ: II кв. 2025 г. Минстрой письмо №29761-ИФ/09 от 23.05.2025 г. (авт_БОРТОВ) ЭМ=19,65",null,null,null,null,null,null,null,null,null,null,null,null,null,null,null,null,null,null,null,null,null,null,null,null,null,null,null,null,null,null,null,null,null,null,null,null,null,null,null,null,null,null,null,null,null,null,null,null,null,null,null,null,null,null,null,null,null,null,null,null,null,null,null,"ИНДЕКС К ПОЗИЦИИ: II кв. 2025 г. Минстрой письмо №29761-ИФ/09 от 23.05.2025 г. (авт_БОРТОВ) ЭМ=19,65"]
["12","ТССЦпг-01-01-02-015\nПриказ Администрации ЛО от 20.10.15 №28","Разгрузочные работы при автомобильных перевозках: металлических конструкций массой до 1 т",null,null,"1 т груза",4.6813500000000001,282.32,null,null,null,1322,null,null,null,null,null,null,null,null,null,null,null,null,null,null,null,null,null,null,null,null,null,null,null,null,null,null,null,null,null,null,null,null,null,null,null,null,null,null,null,null,null,null,null,null,null,null,null,null,null,null,null,null,"Разгрузочные работы при автомобильных перевозках: металлических конструкций массой до 1 т"]
[null,"5","ИНДЕКС К ПОЗИЦИИ: II кв. 2025 г. Минстрой письмо №29761-ИФ/09 от 23.05.2025 г. (погрузка/разгрузка, ТЕР-2001) ОЗП=29,1; ЭМ=11,55; ЗПМ=29,1; МАТ=8,66",null,null,null,null,null,null,null,null,null,null,null,null,null,null,null,null,null,null,null,null,null,null,null,null,null,null,null,null,null,null,null,null,null,null,null,null,null,null,null,null,null,null,null,null,null,null,null,null,null,null,null,null,null,null,null,null,null,null,null,null,null,null,null,"ИНДЕКС К ПОЗИЦИИ: II кв. 2025 г. Минстрой письмо №29761-ИФ/09 от 23.05.2025 г. (погрузка/разгрузка, ТЕР-2001) ОЗП=29,1; ЭМ=11,55; ЗПМ=29,1; МАТ=8,66"]
["Итого по разделу 1 Колонны",null,null,null,null,null,null,null,null,null,null,659899,null,null,null,null,null,null,null,null,null,null,null,null,null,null,null,null,null,null,null,null,null,null,null,null,null,null,null,null,null,null,null,null,null,null,null,null,null,null,null,null,null,null,null,null,null,null,null,null,null,null,null,null,null,null,null,null,null,null,"Итого по разделу 1 Колонны"]
["Раздел 2. Фермы",null,null,null,null,null,null,null,null,null,null,null,null,null,null,null,null,null,null,null,null,null,null,null,null,null,null,null,null,null,null,null,null,null,null,null,null,null,null,null,null,null,null,null,null,null,null,null,null,null,null,null,null,null,null,null,null,null,null,null,null,null,null,"Раздел 2. Фермы"]
["13","ТЕР09-03-012-01\nПриказ Администрации ЛО от 20.10.15 №28","Монтаж стропильных и подстропильных ферм на высоте до 25 м пролетом: до 24 м массой до 3,0 т",null,null,"1 т конструкций",6.3458300000000003,24392.62,14524.14,8699.64,3458.94,154791,92168,55206,21950,null,null,null,null,null,null,null,null,null,null,null,null,null,null,null,null,null,null,null,null,null,null,null,null,null,null,null,null,null,null,null,null,null,null,null,null,null,null,null,null,null,null,null,null,null,null,null,null,null,"Монтаж стропильных и подстропильных ферм на высоте до 25 м пролетом: до 24 м массой до 3,0 т"]
[null,"421/пр_2020_прил.10_т.1_п.2_гр.3"," Производство работ осуществляется на территории действующего предприятия с наличием в зоне производства работ одного или нескольких из следующих факторов:\n- разветвленной сети транспортных и инженерных коммуникаций;\n- стесненных условий для складирования материалов;\n- действующего технологического оборудования;\n- движения технологического транспорта ОЗП=1,15; ЭМ=1,15 к расх.; ЗПМ=1,15; ТЗ=1,15; ТЗМ=1,15",null,null,null,null,null,null,null,null,null,null,null,null,null,null,null,null,null,null,null,null,null,null,null,null,null,null,null,null,null,null,null,null,null,null,null,null,null,null,null,null,null,null,null,null,null,null,null,null,null,null,null,null,null,null,null,null,null,null,null,null,null,null," Производство работ осуществляется на территории действующего предприятия с наличием в зоне производства работ одного или нескольких из следующих факторов:\n- разветвленной сети транспортных и инженерных коммуникаций;\n- стесненных условий для складирования материалов;\n- действующего технологического оборудования;\n- движения технологического транспорта ОЗП=1,15; ЭМ=1,15 к расх.; ЗПМ=1,15; ТЗ=1,15; ТЗМ=1,15"]
[null,"1","ИНДЕКС К ПОЗИЦИИ: II кв. 2025 г. Минстрой письмо №29761-ИФ/09 от 23.05.2025 г. (ПРОЧИЕ, ТЕР-2001) ОЗП=29,1; ЭМ=11,55; ЗПМ=29,1; МАТ=8,66",null,null,null,null,null,null,null,null,null,null,null,null,null,null,null,null,null,null,null,null,null,null,null,null,null,null,null,null,null,null,null,null,null,null,null,null,null,null,null,null,null,null,null,null,null,null,null,null,null,null,null,null,null,null,null,null,null,null,null,null,null,null,null,"ИНДЕКС К ПОЗИЦИИ: II кв. 2025 г. Минстрой письмо №29761-ИФ/09 от 23.05.2025 г. (ПРОЧИЕ, ТЕР-2001) ОЗП=29,1; ЭМ=11,55; ЗПМ=29,1; МАТ=8,66"]
[null,null,null,null,"Накладные расходы 93% ФОТ (от 114 118)",null,null,null,null,null,null,106130]
[null,null,null,null,"Сметная прибыль 62% ФОТ (от 114 118)",null,null,null,null,null,null,70753]
["14","ТЕРм38-01-003-03\nПриказ Администрации ЛО от 20.10.15 №28","Решетчатые конструкции (стойки, опоры, фермы и пр.), сборка с помощью: лебедок электрических (с установкой и снятием их в процессе работы)",null,null,"1 т конструкций",6.3458300000000003,80023.8,70806.59,6452.77,923.63,507817,449327,40948,5861,null,null,null,null,null,null,null,null,null,null,null,null,null,null,null,null,null,null,null,null,null,null,null,null,null,null,null,null,null,null,null,null,null,null,null,null,null,null,null,null,null,null,null,null,null,null,null,null,null,"Решетчатые конструкции (стойки, опоры, фермы и пр.), сборка с помощью: лебедок электрических (с установкой и снятием их в процессе работы)"]
[null,null,"2 920,87 = 8 047,73 - 1,032 x 4 967,89",null,null,null,null,null,null,null,null,null,null,null,null,null,null,null,null,null,null,null,null,null,null,null,null,null,null,null,null,null,null,null,null,null,null,null,null,null,null,null,null,null,null,null,null,null,null,null,null,null,null,null,null,null,null,null,null,null,null,null,null,null,null,null,null,"2 920,87 = 8 047,73 - 1,032 x 4 967,89"]
[null,"421/пр_2020_прил.10_т.1_п.2_гр.3"," Производство работ осуществляется на территории действующего предприятия с наличием в зоне производства работ одного или нескольких из следующих факторов:\n- разветвленной сети транспортных и инженерных коммуникаций;\n- стесненных условий для складирования материалов;\n- действующего технологического оборудования;\n- движения технологического транспорта ОЗП=1,15; ЭМ=1,15 к расх.; ЗПМ=1,15; ТЗ=1,15; ТЗМ=1,15",null,null,null,null,null,null,null,null,null,null,null,null,null,null,null,null,null,null,null,null,null,null,null,null,null,null,null,null,null,null,null,null,null,null,null,null,null,null,null,null,null,null,null,null,null,null,null,null,null,null,null,null,null,null,null,null,null,null,null,null,null,null," Производство работ осуществляется на территории действующего предприятия с наличием в зоне производства работ одного или нескольких из следующих факторов:\n- разветвленной сети транспортных и инженерных коммуникаций;\n- стесненных условий для складирования материалов;\n- действующего технологического оборудования;\n- движения технологического транспорта ОЗП=1,15; ЭМ=1,15 к расх.; ЗПМ=1,15; ТЗ=1,15; ТЗМ=1,15"]
[null,"1","ИНДЕКС К ПОЗИЦИИ: II кв. 2025 г. Минстрой письмо №29761-ИФ/09 от 23.05.2025 г. (ПРОЧИЕ, ТЕР-2001) ОЗП=29,1; ЭМ=11,55; ЗПМ=29,1; МАТ=8,66",null,null,null,null,null,null,null,null,null,null,null,null,null,null,null,null,null,null,null,null,null,null,null,null,null,null,null,null,null,null,null,null,null,null,null,null,null,null,null,null,null,null,null,null,null,null,null,null,null,null,null,null,null,null,null,null,null,null,null,null,null,null,null,"ИНДЕКС К ПОЗИЦИИ: II кв. 2025 г. Минстрой письмо №29761-ИФ/09 от 23.05.2025 г. (ПРОЧИЕ, ТЕР-2001) ОЗП=29,1; ЭМ=11,55; ЗПМ=29,1; МАТ=8,66"]
[null,null,null,null,"Накладные расходы 90% ФОТ (от 455 188)",null,null,null,null,null,null,409669]
[null,null,null,null,"Сметная прибыль 45% ФОТ (от 455 188)",null,null,null,null,null,null,204835]
["15","Прайс","Профиль гн. 140*6",null,null,"т",3.5370200000000001,"83 790,00\n83790,00/ИндМ225",null,null,null,296367,null,null,null,null,null,null,null,null,null,null,null,null,null,null,null,null,null,null,null,null,null,null,null,null,null,null,null,null,null,null,null,null,null,null,null,null,null,null,null,null,null,null,null,null,null,null,null,null,null,null,null,null,"Профиль гн. 140*6"]
[null,null,"Цена МАТ=83790,00/ИндМ225",null,null,null,null,null,null,null,null,null,null,null,null,null,null,null,null,null,null,null,null,null,null,null,null,null,null,null,null,null,null,null,null,null,null,null,null,null,null,null,null,null,null,null,null,null,null,null,null,null,null,null,null,null,null,null,null,null,null,null,null,null,null,null,null,null,"Цена МАТ=83790,00/ИндМ225"]
[null,"1","ИНДЕКС К ПОЗИЦИИ: II кв. 2025 г. Минстрой письмо №29761-ИФ/09 от 23.05.2025 г. (ПРОЧИЕ, ТЕР-2001) ОЗП=29,1; ЭМ=11,55; ЗПМ=29,1; МАТ=8,66",null,null,null,null,null,null,null,null,null,null,null,null,null,null,null,null,null,null,null,null,null,null,null,null,null,null,null,null,null,null,null,null,null,null,null,null,null,null,null,null,null,null,null,null,null,null,null,null,null,null,null,null,null,null,null,null,null,null,null,null,null,null,null,"ИНДЕКС К ПОЗИЦИИ: II кв. 2025 г. Минстрой письмо №29761-ИФ/09 от 23.05.2025 г. (ПРОЧИЕ, ТЕР-2001) ОЗП=29,1; ЭМ=11,55; ЗПМ=29,1; МАТ=8,66"]
["16","Прайс","Профиль гн. 120*5",null,null,"т",0.62417999999999996,"79 266,02\n79266,00/ИндМ225",null,null,null,49476,null,null,null,null,null,null,null,null,null,null,null,null,null,null,null,null,null,null,null,null,null,null,null,null,null,null,null,null,null,null,null,null,null,null,null,null,null,null,null,null,null,null,null,null,null,null,null,null,null,null,null,null,"Профиль гн. 120*5"]
[null,null,"Цена МАТ=79266,00/ИндМ225",null,null,null,null,null,null,null,null,null,null,null,null,null,null,null,null,null,null,null,null,null,null,null,null,null,null,null,null,null,null,null,null,null,null,null,null,null,null,null,null,null,null,null,null,null,null,null,null,null,null,null,null,null,null,null,null,null,null,null,null,null,null,null,null,null,"Цена МАТ=79266,00/ИндМ225"]
[null,"1","ИНДЕКС К ПОЗИЦИИ: II кв. 2025 г. Минстрой письмо №29761-ИФ/09 от 23.05.2025 г. (ПРОЧИЕ, ТЕР-2001) ОЗП=29,1; ЭМ=11,55; ЗПМ=29,1; МАТ=8,66",null,null,null,null,null,null,null,null,null,null,null,null,null,null,null,null,null,null,null,null,null,null,null,null,null,null,null,null,null,null,null,null,null,null,null,null,null,null,null,null,null,null,null,null,null,null,null,null,null,null,null,null,null,null,null,null,null,null,null,null,null,null,null,"ИНДЕКС К ПОЗИЦИИ: II кв. 2025 г. Минстрой письмо №29761-ИФ/09 от 23.05.2025 г. (ПРОЧИЕ, ТЕР-2001) ОЗП=29,1; ЭМ=11,55; ЗПМ=29,1; МАТ=8,66"]
["17","Прайс","Профиль гн. 100*5",null,null,"т",1.45642,"76 418,96\n76419,00/ИндМ225",null,null,null,111298,null,null,null,null,null,null,null,null,null,null,null,null,null,null,null,null,null,null,null,null,null,null,null,null,null,null,null,null,null,null,null,null,null,null,null,null,null,null,null,null,null,null,null,null,null,null,null,null,null,null,null,null,"Профиль гн. 100*5"]
[null,null,"Цена МАТ=76419,00/ИндМ225",null,null,null,null,null,null,null,null,null,null,null,null,null,null,null,null,null,null,null,null,null,null,null,null,null,null,null,null,null,null,null,null,null,null,null,null,null,null,null,null,null,null,null,null,null,null,null,null,null,null,null,null,null,null,null,null,null,null,null,null,null,null,null,null,null,"Цена МАТ=76419,00/ИндМ225"]
[null,"1","ИНДЕКС К ПОЗИЦИИ: II кв. 2025 г. Минстрой письмо №29761-ИФ/09 от 23.05.2025 г. (ПРОЧИЕ, ТЕР-2001) ОЗП=29,1; ЭМ=11,55; ЗПМ=29,1; МАТ=8,66",null,null,null,null,null,null,null,null,null,null,null,null,null,null,null,null,null,null,null,null,null,null,null,null,null,null,null,null,null,null,null,null,null,null,null,null,null,null,null,null,null,null,null,null,null,null,null,null,null,null,null,null,null,null,null,null,null,null,null,null,null,null,null,"ИНДЕКС К ПОЗИЦИИ: II кв. 2025 г. Минстрой письмо №29761-ИФ/09 от 23.05.2025 г. (ПРОЧИЕ, ТЕР-2001) ОЗП=29,1; ЭМ=11,55; ЗПМ=29,1; МАТ=8,66"]
["18","Прайс","Уголок не равнополочный 140*90*8",null,null,"т",0.10403,"96 880,03\n96880,00/ИндМ225",null,null,null,10078,null,null,null,null,null,null,null,null,null,null,null,null,null,null,null,null,null,null,null,null,null,null,null,null,null,null,null,null,null,null,null,null,null,null,null,null,null,null,null,null,null,null,null,null,null,null,null,null,null,null,null,null,"Уголок не равнополочный 140*90*8"]
[null,null,"Цена МАТ=96880,00/ИндМ225",null,null,null,null,null,null,null,null,null,null,null,null,null,null,null,null,null,null,null,null,null,null,null,null,null,null,null,null,null,null,null,null,null,null,null,null,null,null,null,null,null,null,null,null,null,null,null,null,null,null,null,null,null,null,null,null,null,null,null,null,null,null,null,null,null,"Цена МАТ=96880,00/ИндМ225"]
[null,"1","ИНДЕКС К ПОЗИЦИИ: II кв. 2025 г. Минстрой письмо №29761-ИФ/09 от 23.05.2025 г. (ПРОЧИЕ, ТЕР-2001) ОЗП=29,1; ЭМ=11,55; ЗПМ=29,1; МАТ=8,66",null,null,null,null,null,null,null,null,null,null,null,null,null,null,null,null,null,null,null,null,null,null,null,null,null,null,null,null,null,null,null,null,null,null,null,null,null,null,null,null,null,null,null,null,null,null,null,null,null,null,null,null,null,null,null,null,null,null,null,null,null,null,null,"ИНДЕКС К ПОЗИЦИИ: II кв. 2025 г. Минстрой письмо №29761-ИФ/09 от 23.05.2025 г. (ПРОЧИЕ, ТЕР-2001) ОЗП=29,1; ЭМ=11,55; ЗПМ=29,1; МАТ=8,66"]
["19","Прайс","Уголок не равнополочный 100*63*8 (прим. 100*63*6)",null,null,"т",0.20805999999999999,"82 604,02\n82604,00/ИндМ225",null,null,null,17187,null,null,null,null,null,null,null,null,null,null,null,null,null,null,null,null,null,null,null,null,null,null,null,null,null,null,null,null,null,null,null,null,null,null,null,null,null,null,null,null,null,null,null,null,null,null,null,null,null,null,null,null,"Уголок не равнополочный 100*63*8 (прим. 100*63*6)"]
[null,null,"Цена МАТ=82604,00/ИндМ225",null,null,null,null,null,null,null,null,null,null,null,null,null,null,null,null,null,null,null,null,null,null,null,null,null,null,null,null,null,null,null,null,null,null,null,null,null,null,null,null,null,null,null,null,null,null,null,null,null,null,null,null,null,null,null,null,null,null,null,null,null,null,null,null,null,"Цена МАТ=82604,00/ИндМ225"]
[null,"1","ИНДЕКС К ПОЗИЦИИ: II кв. 2025 г. Минстрой письмо №29761-ИФ/09 от 23.05.2025 г. (ПРОЧИЕ, ТЕР-2001) ОЗП=29,1; ЭМ=11,55; ЗПМ=29,1; МАТ=8,66",null,null,null,null,null,null,null,null,null,null,null,null,null,null,null,null,null,null,null,null,null,null,null,null,null,null,null,null,null,null,null,null,null,null,null,null,null,null,null,null,null,null,null,null,null,null,null,null,null,null,null,null,null,null,null,null,null,null,null,null,null,null,null,"ИНДЕКС К ПОЗИЦИИ: II кв. 2025 г. Минстрой письмо №29761-ИФ/09 от 23.05.2025 г. (ПРОЧИЕ, ТЕР-2001) ОЗП=29,1; ЭМ=11,55; ЗПМ=29,1; МАТ=8,66"]
["20","Прайс","Прокат листовой 16мм",null,null,"т",0.31208999999999998,"72 267,96\n72268,00/ИндМ225",null,null,null,22554,null,null,null,null,null,null,null,null,null,null,null,null,null,null,null,null,null,null,null,null,null,null,null,null,null,null,null,null,null,null,null,null,null,null,null,null,null,null,null,null,null,null,null,null,null,null,null,null,null,null,null,null,"Прокат листовой 16мм"]
[null,null,"Цена МАТ=72268,00/ИндМ225",null,null,null,null,null,null,null,null,null,null,null,null,null,null,null,null,null,null,null,null,null,null,null,null,null,null,null,null,null,null,null,null,null,null,null,null,null,null,null,null,null,null,null,null,null,null,null,null,null,null,null,null,null,null,null,null,null,null,null,null,null,null,null,null,null,"Цена МАТ=72268,00/ИндМ225"]
[null,"1","ИНДЕКС К ПОЗИЦИИ: II кв. 2025 г. Минстрой письмо №29761-ИФ/09 от 23.05.2025 г. (ПРОЧИЕ, ТЕР-2001) ОЗП=29,1; ЭМ=11,55; ЗПМ=29,1; МАТ=8,66",null,null,null,null,null,null,null,null,null,null,null,null,null,null,null,null,null,null,null,null,null,null,null,null,null,null,null,null,null,null,null,null,null,null,null,null,null,null,null,null,null,null,null,null,null,null,null,null,null,null,null,null,null,null,null,null,null,null,null,null,null,null,null,"ИНДЕКС К ПОЗИЦИИ: II кв. 2025 г. Минстрой письмо №29761-ИФ/09 от 23.05.2025 г. (ПРОЧИЕ, ТЕР-2001) ОЗП=29,1; ЭМ=11,55; ЗПМ=29,1; МАТ=8,66"]
["21","Прайс","Прокат листовой 10мм",null,null,"т",0.10403,"65 786,99\n65787,00/ИндМ225",null,null,null,6844,null,null,null,null,null,null,null,null,null,null,null,null,null,null,null,null,null,null,null,null,null,null,null,null,null,null,null,null,null,null,null,null,null,null,null,null,null,null,null,null,null,null,null,null,null,null,null,null,null,null,null,null,"Прокат листовой 10мм"]
[null,null,"Цена МАТ=65787,00/ИндМ225",null,null,null,null,null,null,null,null,null,null,null,null,null,null,null,null,null,null,null,null,null,null,null,null,null,null,null,null,null,null,null,null,null,null,null,null,null,null,null,null,null,null,null,null,null,null,null,null,null,null,null,null,null,null,null,null,null,null,null,null,null,null,null,null,null,"Цена МАТ=65787,00/ИндМ225"]
[null,"1","ИНДЕКС К ПОЗИЦИИ: II кв. 2025 г. Минстрой письмо №29761-ИФ/09 от 23.05.2025 г. (ПРОЧИЕ, ТЕР-2001) ОЗП=29,1; ЭМ=11,55; ЗПМ=29,1; МАТ=8,66",null,null,null,null,null,null,null,null,null,null,null,null,null,null,null,null,null,null,null,null,null,null,null,null,null,null,null,null,null,null,null,null,null,null,null,null,null,null,null,null,null,null,null,null,null,null,null,null,null,null,null,null,null,null,null,null,null,null,null,null,null,null,null,"ИНДЕКС К ПОЗИЦИИ: II кв. 2025 г. Минстрой письмо №29761-ИФ/09 от 23.05.2025 г. (ПРОЧИЕ, ТЕР-2001) ОЗП=29,1; ЭМ=11,55; ЗПМ=29,1; МАТ=8,66"]
["22","Прайс","Прокат листовой 4мм",null,null,"т",0.10403,"53 206,00\n53206,00/ИндМ225",null,null,null,5535,null,null,null,null,null,null,null,null,null,null,null,null,null,null,null,null,null,null,null,null,null,null,null,null,null,null,null,null,null,null,null,null,null,null,null,null,null,null,null,null,null,null,null,null,null,null,null,null,null,null,null,null,"Прокат листовой 4мм"]
[null,null,"Цена МАТ=53206,00/ИндМ225",null,null,null,null,null,null,null,null,null,null,null,null,null,null,null,null,null,null,null,null,null,null,null,null,null,null,null,null,null,null,null,null,null,null,null,null,null,null,null,null,null,null,null,null,null,null,null,null,null,null,null,null,null,null,null,null,null,null,null,null,null,null,null,null,null,"Цена МАТ=53206,00/ИндМ225"]
[null,"1","ИНДЕКС К ПОЗИЦИИ: II кв. 2025 г. Минстрой письмо №29761-ИФ/09 от 23.05.2025 г. (ПРОЧИЕ, ТЕР-2001) ОЗП=29,1; ЭМ=11,55; ЗПМ=29,1; МАТ=8,66",null,null,null,null,null,null,null,null,null,null,null,null,null,null,null,null,null,null,null,null,null,null,null,null,null,null,null,null,null,null,null,null,null,null,null,null,null,null,null,null,null,null,null,null,null,null,null,null,null,null,null,null,null,null,null,null,null,null,null,null,null,null,null,"ИНДЕКС К ПОЗИЦИИ: II кв. 2025 г. Минстрой письмо №29761-ИФ/09 от 23.05.2025 г. (ПРОЧИЕ, ТЕР-2001) ОЗП=29,1; ЭМ=11,55; ЗПМ=29,1; МАТ=8,66"]
["Перевозка материалов ( металл 140 км. ОП \"МКМ-СПб\")",null,null,null,null,null,null,null,null,null,null,null,null,null,null,null,null,null,null,null,null,null,null,null,null,null,null,null,null,null,null,null,null,null,null,null,null,null,null,null,null,null,null,null,null,null,null,null,null,null,null,null,null,null,null,null,null,null,null,null,null,null,null,null,null,null,null,null,null,"Перевозка материалов ( металл 140 км. ОП \"МКМ-СПб\")"]
["23",null,"металлопрокат, трубопрокат и металлоконструкции",null,null,"т",6.3458300000000003,null,null,null,null,null,null,null,null,null,null,null,null,null,null,null,null,null,null,null,null,null,null,null,null,null,null,null,null,null,null,null,null,null,null,null,null,null,null,null,null,null,null,null,null,null,null,null,null,null,null,null,null,null,null,null,null,null,"металлопрокат, трубопрокат и металлоконструкции"]
[null,"3","ИНДЕКС К ПОЗИЦИИ: II кв. 2025 г. Минстрой письмо №29761-ИФ/09 от 23.05.2025 г. (авт_САМОСВ) ЭМ=17,63",null,null,null,null,null,null,null,null,null,null,null,null,null,null,null,null,null,null,null,null,null,null,null,null,null,null,null,null,null,null,null,null,null,null,null,null,null,null,null,null,null,null,null,null,null,null,null,null,null,null,null,null,null,null,null,null,null,null,null,null,null,null,null,"ИНДЕКС К ПОЗИЦИИ: II кв. 2025 г. Минстрой письмо №29761-ИФ/09 от 23.05.2025 г. (авт_САМОСВ) ЭМ=17,63"]
["24","ТССЦпг-03-02-01-140\nПриказ Администрации ЛО от 20.10.15 №28","Перевозка строительных грузов (кроме массовых навалочных, перевозимых автомобилями-самосвалами, а также бетонных и железобетонных изделий, стеновых и перегородочных материалов, лесоматериалов круглых и пиломатериалов, включенных в таблицу 03-01), бортовым автомобилем грузоподъемностью 5 т, на расстояние до 140 км I класс груза",null,null,"1 т груза",6.3458300000000003,139.38,null,null,null,884,null,null,null,null,null,null,null,null,null,null,null,null,null,null,null,null,null,null,null,null,null,null,null,null,null,null,null,null,null,null,null,null,null,null,null,null,null,null,null,null,null,null,null,null,null,null,null,null,null,null,null,null,"Перевозка строительных грузов (кроме массовых навалочных, перевозимых автомобилями-самосвалами, а также бетонных и железобетонных изделий, стеновых и перегородочных материалов, лесоматериалов круглых и пиломатериалов, включенных в таблицу 03-01), бортовым автомобилем грузоподъемностью 5 т, на расстояние до 140 км I класс груза"]
[null,"4","ИНДЕКС К ПОЗИЦИИ: II кв. 2025 г. Минстрой письмо №29761-ИФ/09 от 23.05.2025 г. (авт_БОРТОВ) ЭМ=19,65",null,null,null,null,null,null,null,null,null,null,null,null,null,null,null,null,null,null,null,null,null,null,null,null,null,null,null,null,null,null,null,null,null,null,null,null,null,null,null,null,null,null,null,null,null,null,null,null,null,null,null,null,null,null,null,null,null,null,null,null,null,null,null,"ИНДЕКС К ПОЗИЦИИ: II кв. 2025 г. Минстрой письмо №29761-ИФ/09 от 23.05.2025 г. (авт_БОРТОВ) ЭМ=19,65"]
["25","ТССЦпг-01-01-02-015\nПриказ Администрации ЛО от 20.10.15 №28","Разгрузочные работы при автомобильных перевозках: металлических конструкций массой до 1 т",null,null,"1 т груза",6.3458300000000003,282.32,null,null,null,1792,null,null,null,null,null,null,null,null,null,null,null,null,null,null,null,null,null,null,null,null,null,null,null,null,null,null,null,null,null,null,null,null,null,null,null,null,null,null,null,null,null,null,null,null,null,null,null,null,null,null,null,null,"Разгрузочные работы при автомобильных перевозках: металлических конструкций массой до 1 т"]
[null,"5","ИНДЕКС К ПОЗИЦИИ: II кв. 2025 г. Минстрой письмо №29761-ИФ/09 от 23.05.2025 г. (погрузка/разгрузка, ТЕР-2001) ОЗП=29,1; ЭМ=11,55; ЗПМ=29,1; МАТ=8,66",null,null,null,null,null,null,null,null,null,null,null,null,null,null,null,null,null,null,null,null,null,null,null,null,null,null,null,null,null,null,null,null,null,null,null,null,null,null,null,null,null,null,null,null,null,null,null,null,null,null,null,null,null,null,null,null,null,null,null,null,null,null,null,"ИНДЕКС К ПОЗИЦИИ: II кв. 2025 г. Минстрой письмо №29761-ИФ/09 от 23.05.2025 г. (погрузка/разгрузка, ТЕР-2001) ОЗП=29,1; ЭМ=11,55; ЗПМ=29,1; МАТ=8,66"]
["Итого по разделу 2 Фермы",null,null,null,null,null,null,null,null,null,null,1976010,null,null,null,null,null,null,null,null,null,null,null,null,null,null,null,null,null,null,null,null,null,null,null,null,null,null,null,null,null,null,null,null,null,null,null,null,null,null,null,null,null,null,null,null,null,null,null,null,null,null,null,null,null,null,null,null,null,null,"Итого по разделу 2 Фермы"]
["Раздел 3. Балки и прогоны",null,null,null,null,null,null,null,null,null,null,null,null,null,null,null,null,null,null,null,null,null,null,null,null,null,null,null,null,null,null,null,null,null,null,null,null,null,null,null,null,null,null,null,null,null,null,null,null,null,null,null,null,null,null,null,null,null,null,null,null,null,null,"Раздел 3. Балки и прогоны"]
["26","ТЕР09-03-002-12\nПриказ Администрации ЛО от 20.10.15 №28","Монтаж балок, ригелей перекрытия, покрытия и под установку оборудования многоэтажных зданий при высоте здания: до 25 м",null,null,"1 т конструкций",6.2417999999999996,20395.68,12172.36,6950.73,2379.0300000000002,127306,75977,43385,14849,null,null,null,null,null,null,null,null,null,null,null,null,null,null,null,null,null,null,null,null,null,null,null,null,null,null,null,null,null,null,null,null,null,null,null,null,null,null,null,null,null,null,null,null,null,null,null,null,null,"Монтаж балок, ригелей перекрытия, покрытия и под установку оборудования многоэтажных зданий при высоте здания: до 25 м"]
[null,"Прил.9.3 п.6"," Монтаж конструкций, окрашенных в заводских условиях или неокрашенных, поставляемых в пакетах ОЗП=1,03; ТЗ=1,03",null,null,null,null,null,null,null,null,null,null,null,null,null,null,null,null,null,null,null,null,null,null,null,null,null,null,null,null,null,null,null,null,null,null,null,null,null,null,null,null,null,null,null,null,null,null,null,null,null,null,null,null,null,null,null,null,null,null,null,null,null,null," Монтаж конструкций, окрашенных в заводских условиях или неокрашенных, поставляемых в пакетах ОЗП=1,03; ТЗ=1,03"]
[null,"421/пр_2020_прил.10_т.1_п.2_гр.3"," Производство работ осуществляется на территории действующего предприятия с наличием в зоне производства работ одного или нескольких из следующих факторов:\n- разветвленной сети транспортных и инженерных коммуникаций;\n- стесненных условий для складирования материалов;\n- действующего технологического оборудования;\n- движения технологического транспорта ОЗП=1,15; ЭМ=1,15 к расх.; ЗПМ=1,15; ТЗ=1,15; ТЗМ=1,15",null,null,null,null,null,null,null,null,null,null,null,null,null,null,null,null,null,null,null,null,null,null,null,null,null,null,null,null,null,null,null,null,null,null,null,null,null,null,null,null,null,null,null,null,null,null,null,null,null,null,null,null,null,null,null,null,null,null,null,null,null,null," Производство работ осуществляется на территории действующего предприятия с наличием в зоне производства работ одного или нескольких из следующих факторов:\n- разветвленной сети транспортных и инженерных коммуникаций;\n- стесненных условий для складирования материалов;\n- действующего технологического оборудования;\n- движения технологического транспорта ОЗП=1,15; ЭМ=1,15 к расх.; ЗПМ=1,15; ТЗ=1,15; ТЗМ=1,15"]
[null,"1","ИНДЕКС К ПОЗИЦИИ: II кв. 2025 г. Минстрой письмо №29761-ИФ/09 от 23.05.2025 г. (ПРОЧИЕ, ТЕР-2001) ОЗП=29,1; ЭМ=11,55; ЗПМ=29,1; МАТ=8,66",null,null,null,null,null,null,null,null,null,null,null,null,null,null,null,null,null,null,null,null,null,null,null,null,null,null,null,null,null,null,null,null,null,null,null,null,null,null,null,null,null,null,null,null,null,null,null,null,null,null,null,null,null,null,null,null,null,null,null,null,null,null,null,"ИНДЕКС К ПОЗИЦИИ: II кв. 2025 г. Минстрой письмо №29761-ИФ/09 от 23.05.2025 г. (ПРОЧИЕ, ТЕР-2001) ОЗП=29,1; ЭМ=11,55; ЗПМ=29,1; МАТ=8,66"]
[null,null,null,null,"Накладные расходы 93% ФОТ (от 90 826)",null,null,null,null,null,null,84468]
[null,null,null,null,"Сметная прибыль 62% ФОТ (от 90 826)",null,null,null,null,null,null,56312]
["27","ТЕРм38-01-002-03\nПриказ Администрации ЛО от 20.10.15 №28","Монорельсы, балки и другие аналогичные конструкции промышленных зданий, сборка с помощью: лебедок электрических (с установкой и снятием их в процессе работы)",null,null,"1 т конструкций",6.2417999999999996,21358.36,16969.099999999999,3922.06,1644.47,133315,105918,24481,10264,null,null,null,null,null,null,null,null,null,null,null,null,null,null,null,null,null,null,null,null,null,null,null,null,null,null,null,null,null,null,null,null,null,null,null,null,null,null,null,null,null,null,null,null,null,null,null,null,null,"Монорельсы, балки и другие аналогичные конструкции промышленных зданий, сборка с помощью: лебедок электрических (с установкой и снятием их в процессе работы)"]
[null,null,"856,30 = 5 265,27 - 1,02 x 4 322,52",null,null,null,null,null,null,null,null,null,null,null,null,null,null,null,null,null,null,null,null,null,null,null,null,null,null,null,null,null,null,null,null,null,null,null,null,null,null,null,null,null,null,null,null,null,null,null,null,null,null,null,null,null,null,null,null,null,null,null,null,null,null,null,null,"856,30 = 5 265,27 - 1,02 x 4 322,52"]
[null,"421/пр_2020_прил.10_т.1_п.2_гр.3"," Производство работ осуществляется на территории действующего предприятия с наличием в зоне производства работ одного или нескольких из следующих факторов:\n- разветвленной сети транспортных и инженерных коммуникаций;\n- стесненных условий для складирования материалов;\n- действующего технологического оборудования;\n- движения технологического транспорта ОЗП=1,15; ЭМ=1,15 к расх.; ЗПМ=1,15; ТЗ=1,15; ТЗМ=1,15",null,null,null,null,null,null,null,null,null,null,null,null,null,null,null,null,null,null,null,null,null,null,null,null,null,null,null,null,null,null,null,null,null,null,null,null,null,null,null,null,null,null,null,null,null,null,null,null,null,null,null,null,null,null,null,null,null,null,null,null,null,null," Производство работ осуществляется на территории действующего предприятия с наличием в зоне производства работ одного или нескольких из следующих факторов:\n- разветвленной сети транспортных и инженерных коммуникаций;\n- стесненных условий для складирования материалов;\n- действующего технологического оборудования;\n- движения технологического транспорта ОЗП=1,15; ЭМ=1,15 к расх.; ЗПМ=1,15; ТЗ=1,15; ТЗМ=1,15"]
[null,"1","ИНДЕКС К ПОЗИЦИИ: II кв. 2025 г. Минстрой письмо №29761-ИФ/09 от 23.05.2025 г. (ПРОЧИЕ, ТЕР-2001) ОЗП=29,1; ЭМ=11,55; ЗПМ=29,1; МАТ=8,66",null,null,null,null,null,null,null,null,null,null,null,null,null,null,null,null,null,null,null,null,null,null,null,null,null,null,null,null,null,null,null,null,null,null,null,null,null,null,null,null,null,null,null,null,null,null,null,null,null,null,null,null,null,null,null,null,null,null,null,null,null,null,null,"ИНДЕКС К ПОЗИЦИИ: II кв. 2025 г. Минстрой письмо №29761-ИФ/09 от 23.05.2025 г. (ПРОЧИЕ, ТЕР-2001) ОЗП=29,1; ЭМ=11,55; ЗПМ=29,1; МАТ=8,66"]
[null,null,null,null,"Накладные расходы 90% ФОТ (от 116 182)",null,null,null,null,null,null,104564]
[null,null,null,null,"Сметная прибыль 45% ФОТ (от 116 182)",null,null,null,null,null,null,52282]
["28","Прайс","Швеллер 20П",null,null,"т",4.9934399999999997,"74 945,03\n74945,00/ИндМ225",null,null,null,374234,null,null,null,null,null,null,null,null,null,null,null,null,null,null,null,null,null,null,null,null,null,null,null,null,null,null,null,null,null,null,null,null,null,null,null,null,null,null,null,null,null,null,null,null,null,null,null,null,null,null,null,null,"Швеллер 20П"]
[null,null,"Цена МАТ=74945,00/ИндМ225",null,null,null,null,null,null,null,null,null,null,null,null,null,null,null,null,null,null,null,null,null,null,null,null,null,null,null,null,null,null,null,null,null,null,null,null,null,null,null,null,null,null,null,null,null,null,null,null,null,null,null,null,null,null,null,null,null,null,null,null,null,null,null,null,null,"Цена МАТ=74945,00/ИндМ225"]
[null,"1","ИНДЕКС К ПОЗИЦИИ: II кв. 2025 г. Минстрой письмо №29761-ИФ/09 от 23.05.2025 г. (ПРОЧИЕ, ТЕР-2001) ОЗП=29,1; ЭМ=11,55; ЗПМ=29,1; МАТ=8,66",null,null,null,null,null,null,null,null,null,null,null,null,null,null,null,null,null,null,null,null,null,null,null,null,null,null,null,null,null,null,null,null,null,null,null,null,null,null,null,null,null,null,null,null,null,null,null,null,null,null,null,null,null,null,null,null,null,null,null,null,null,null,null,"ИНДЕКС К ПОЗИЦИИ: II кв. 2025 г. Минстрой письмо №29761-ИФ/09 от 23.05.2025 г. (ПРОЧИЕ, ТЕР-2001) ОЗП=29,1; ЭМ=11,55; ЗПМ=29,1; МАТ=8,66"]
["29","Прайс","Двутавр 25Б1",null,null,"т",1.0403,"79 158,03\n79158,00/ИндМ225",null,null,null,82348,null,null,null,null,null,null,null,null,null,null,null,null,null,null,null,null,null,null,null,null,null,null,null,null,null,null,null,null,null,null,null,null,null,null,null,null,null,null,null,null,null,null,null,null,null,null,null,null,null,null,null,null,"Двутавр 25Б1"]
[null,null,"Цена МАТ=79158,00/ИндМ225",null,null,null,null,null,null,null,null,null,null,null,null,null,null,null,null,null,null,null,null,null,null,null,null,null,null,null,null,null,null,null,null,null,null,null,null,null,null,null,null,null,null,null,null,null,null,null,null,null,null,null,null,null,null,null,null,null,null,null,null,null,null,null,null,null,"Цена МАТ=79158,00/ИндМ225"]
[null,"1","ИНДЕКС К ПОЗИЦИИ: II кв. 2025 г. Минстрой письмо №29761-ИФ/09 от 23.05.2025 г. (ПРОЧИЕ, ТЕР-2001) ОЗП=29,1; ЭМ=11,55; ЗПМ=29,1; МАТ=8,66",null,null,null,null,null,null,null,null,null,null,null,null,null,null,null,null,null,null,null,null,null,null,null,null,null,null,null,null,null,null,null,null,null,null,null,null,null,null,null,null,null,null,null,null,null,null,null,null,null,null,null,null,null,null,null,null,null,null,null,null,null,null,null,"ИНДЕКС К ПОЗИЦИИ: II кв. 2025 г. Минстрой письмо №29761-ИФ/09 от 23.05.2025 г. (ПРОЧИЕ, ТЕР-2001) ОЗП=29,1; ЭМ=11,55; ЗПМ=29,1; МАТ=8,66"]
["30","Прайс","Уголок не равнополочный 140*90*8",null,null,"т",0.10403,"96 880,03\n96880,00/ИндМ225",null,null,null,10078,null,null,null,null,null,null,null,null,null,null,null,null,null,null,null,null,null,null,null,null,null,null,null,null,null,null,null,null,null,null,null,null,null,null,null,null,null,null,null,null,null,null,null,null,null,null,null,null,null,null,null,null,"Уголок не равнополочный 140*90*8"]
[null,null,"Цена МАТ=96880,00/ИндМ225",null,null,null,null,null,null,null,null,null,null,null,null,null,null,null,null,null,null,null,null,null,null,null,null,null,null,null,null,null,null,null,null,null,null,null,null,null,null,null,null,null,null,null,null,null,null,null,null,null,null,null,null,null,null,null,null,null,null,null,null,null,null,null,null,null,"Цена МАТ=96880,00/ИндМ225"]
[null,"1","ИНДЕКС К ПОЗИЦИИ: II кв. 2025 г. Минстрой письмо №29761-ИФ/09 от 23.05.2025 г. (ПРОЧИЕ, ТЕР-2001) ОЗП=29,1; ЭМ=11,55; ЗПМ=29,1; МАТ=8,66",null,null,null,null,null,null,null,null,null,null,null,null,null,null,null,null,null,null,null,null,null,null,null,null,null,null,null,null,null,null,null,null,null,null,null,null,null,null,null,null,null,null,null,null,null,null,null,null,null,null,null,null,null,null,null,null,null,null,null,null,null,null,null,"ИНДЕКС К ПОЗИЦИИ: II кв. 2025 г. Минстрой письмо №29761-ИФ/09 от 23.05.2025 г. (ПРОЧИЕ, ТЕР-2001) ОЗП=29,1; ЭМ=11,55; ЗПМ=29,1; МАТ=8,66"]
["31","Прайс","Прокат листовой 8мм",null,null,"т",0.10403,"64 845,99\n64846,00/ИндМ225",null,null,null,6746,null,null,null,null,null,null,null,null,null,null,null,null,null,null,null,null,null,null,null,null,null,null,null,null,null,null,null,null,null,null,null,null,null,null,null,null,null,null,null,null,null,null,null,null,null,null,null,null,null,null,null,null,"Прокат листовой 8мм"]
[null,null,"Цена МАТ=64846,00/ИндМ225",null,null,null,null,null,null,null,null,null,null,null,null,null,null,null,null,null,null,null,null,null,null,null,null,null,null,null,null,null,null,null,null,null,null,null,null,null,null,null,null,null,null,null,null,null,null,null,null,null,null,null,null,null,null,null,null,null,null,null,null,null,null,null,null,null,"Цена МАТ=64846,00/ИндМ225"]
[null,"1","ИНДЕКС К ПОЗИЦИИ: II кв. 2025 г. Минстрой письмо №29761-ИФ/09 от 23.05.2025 г. (ПРОЧИЕ, ТЕР-2001) ОЗП=29,1; ЭМ=11,55; ЗПМ=29,1; МАТ=8,66",null,null,null,null,null,null,null,null,null,null,null,null,null,null,null,null,null,null,null,null,null,null,null,null,null,null,null,null,null,null,null,null,null,null,null,null,null,null,null,null,null,null,null,null,null,null,null,null,null,null,null,null,null,null,null,null,null,null,null,null,null,null,null,"ИНДЕКС К ПОЗИЦИИ: II кв. 2025 г. Минстрой письмо №29761-ИФ/09 от 23.05.2025 г. (ПРОЧИЕ, ТЕР-2001) ОЗП=29,1; ЭМ=11,55; ЗПМ=29,1; МАТ=8,66"]
["Перевозка материалов ( металл 140 км. ОП \"МКМ-СПб\")",null,null,null,null,null,null,null,null,null,null,null,null,null,null,null,null,null,null,null,null,null,null,null,null,null,null,null,null,null,null,null,null,null,null,null,null,null,null,null,null,null,null,null,null,null,null,null,null,null,null,null,null,null,null,null,null,null,null,null,null,null,null,null,null,null,null,null,null,"Перевозка материалов ( металл 140 км. ОП \"МКМ-СПб\")"]
["32",null,"металлопрокат, трубопрокат и металлоконструкции",null,null,"т",6.2417999999999996,null,null,null,null,null,null,null,null,null,null,null,null,null,null,null,null,null,null,null,null,null,null,null,null,null,null,null,null,null,null,null,null,null,null,null,null,null,null,null,null,null,null,null,null,null,null,null,null,null,null,null,null,null,null,null,null,null,"металлопрокат, трубопрокат и металлоконструкции"]
[null,"3","ИНДЕКС К ПОЗИЦИИ: II кв. 2025 г. Минстрой письмо №29761-ИФ/09 от 23.05.2025 г. (авт_САМОСВ) ЭМ=17,63",null,null,null,null,null,null,null,null,null,null,null,null,null,null,null,null,null,null,null,null,null,null,null,null,null,null,null,null,null,null,null,null,null,null,null,null,null,null,null,null,null,null,null,null,null,null,null,null,null,null,null,null,null,null,null,null,null,null,null,null,null,null,null,"ИНДЕКС К ПОЗИЦИИ: II кв. 2025 г. Минстрой письмо №29761-ИФ/09 от 23.05.2025 г. (авт_САМОСВ) ЭМ=17,63"]
["33","ТССЦпг-03-02-01-140\nПриказ Администрации ЛО от 20.10.15 №28","Перевозка строительных грузов (кроме массовых навалочных, перевозимых автомобилями-самосвалами, а также бетонных и железобетонных изделий, стеновых и перегородочных материалов, лесоматериалов круглых и пиломатериалов, включенных в таблицу 03-01), бортовым автомобилем грузоподъемностью 5 т, на расстояние до 140 км I класс груза",null,null,"1 т груза",6.2417999999999996,139.38,null,null,null,870,null,null,null,null,null,null,null,null,null,null,null,null,null,null,null,null,null,null,null,null,null,null,null,null,null,null,null,null,null,null,null,null,null,null,null,null,null,null,null,null,null,null,null,null,null,null,null,null,null,null,null,null,"Перевозка строительных грузов (кроме массовых навалочных, перевозимых автомобилями-самосвалами, а также бетонных и железобетонных изделий, стеновых и перегородочных материалов, лесоматериалов круглых и пиломатериалов, включенных в таблицу 03-01), бортовым автомобилем грузоподъемностью 5 т, на расстояние до 140 км I класс груза"]
[null,"4","ИНДЕКС К ПОЗИЦИИ: II кв. 2025 г. Минстрой письмо №29761-ИФ/09 от 23.05.2025 г. (авт_БОРТОВ) ЭМ=19,65",null,null,null,null,null,null,null,null,null,null,null,null,null,null,null,null,null,null,null,null,null,null,null,null,null,null,null,null,null,null,null,null,null,null,null,null,null,null,null,null,null,null,null,null,null,null,null,null,null,null,null,null,null,null,null,null,null,null,null,null,null,null,null,"ИНДЕКС К ПОЗИЦИИ: II кв. 2025 г. Минстрой письмо №29761-ИФ/09 от 23.05.2025 г. (авт_БОРТОВ) ЭМ=19,65"]
["34","ТССЦпг-01-01-02-015\nПриказ Администрации ЛО от 20.10.15 №28","Разгрузочные работы при автомобильных перевозках: металлических конструкций массой до 1 т",null,null,"1 т груза",6.2417999999999996,282.32,null,null,null,1762,null,null,null,null,null,null,null,null,null,null,null,null,null,null,null,null,null,null,null,null,null,null,null,null,null,null,null,null,null,null,null,null,null,null,null,null,null,null,null,null,null,null,null,null,null,null,null,null,null,null,null,null,"Разгрузочные работы при автомобильных перевозках: металлических конструкций массой до 1 т"]
[null,"5","ИНДЕКС К ПОЗИЦИИ: II кв. 2025 г. Минстрой письмо №29761-ИФ/09 от 23.05.2025 г. (погрузка/разгрузка, ТЕР-2001) ОЗП=29,1; ЭМ=11,55; ЗПМ=29,1; МАТ=8,66",null,null,null,null,null,null,null,null,null,null,null,null,null,null,null,null,null,null,null,null,null,null,null,null,null,null,null,null,null,null,null,null,null,null,null,null,null,null,null,null,null,null,null,null,null,null,null,null,null,null,null,null,null,null,null,null,null,null,null,null,null,null,null,"ИНДЕКС К ПОЗИЦИИ: II кв. 2025 г. Минстрой письмо №29761-ИФ/09 от 23.05.2025 г. (погрузка/разгрузка, ТЕР-2001) ОЗП=29,1; ЭМ=11,55; ЗПМ=29,1; МАТ=8,66"]
["Итого по разделу 3 Балки и прогоны",null,null,null,null,null,null,null,null,null,null,1034285,null,null,null,null,null,null,null,null,null,null,null,null,null,null,null,null,null,null,null,null,null,null,null,null,null,null,null,null,null,null,null,null,null,null,null,null,null,null,null,null,null,null,null,null,null,null,null,null,null,null,null,null,null,null,null,null,null,null,"Итого по разделу 3 Балки и прогоны"]
["Раздел 4. Связи и распорки",null,null,null,null,null,null,null,null,null,null,null,null,null,null,null,null,null,null,null,null,null,null,null,null,null,null,null,null,null,null,null,null,null,null,null,null,null,null,null,null,null,null,null,null,null,null,null,null,null,null,null,null,null,null,null,null,null,null,null,null,null,null,"Раздел 4. Связи и распорки"]
["35","ТЕР09-03-014-01\nПриказ Администрации ЛО от 20.10.15 №28","Монтаж связей и распорок из одиночных и парных уголков, гнутосварных профилей для пролетов: до 24 м при высоте здания до  25 м",null,null,"1 т конструкций",4.1612,46566.400000000001,36142.42,7124.87,3147.38,193772,150396,29648,13097,null,null,null,null,null,null,null,null,null,null,null,null,null,null,null,null,null,null,null,null,null,null,null,null,null,null,null,null,null,null,null,null,null,null,null,null,null,null,null,null,null,null,null,null,null,null,null,null,null,"Монтаж связей и распорок из одиночных и парных уголков, гнутосварных профилей для пролетов: до 24 м при высоте здания до  25 м"]
[null,"Прил.9.3 п.6"," Монтаж конструкций, окрашенных в заводских условиях или неокрашенных, поставляемых в пакетах ОЗП=1,03; ТЗ=1,03",null,null,null,null,null,null,null,null,null,null,null,null,null,null,null,null,null,null,null,null,null,null,null,null,null,null,null,null,null,null,null,null,null,null,null,null,null,null,null,null,null,null,null,null,null,null,null,null,null,null,null,null,null,null,null,null,null,null,null,null,null,null," Монтаж конструкций, окрашенных в заводских условиях или неокрашенных, поставляемых в пакетах ОЗП=1,03; ТЗ=1,03"]
[null,"421/пр_2020_прил.10_т.1_п.2_гр.3"," Производство работ осуществляется на территории действующего предприятия с наличием в зоне производства работ одного или нескольких из следующих факторов:\n- разветвленной сети транспортных и инженерных коммуникаций;\n- стесненных условий для складирования материалов;\n- действующего технологического оборудования;\n- движения технологического транспорта ОЗП=1,15; ЭМ=1,15 к расх.; ЗПМ=1,15; ТЗ=1,15; ТЗМ=1,15",null,null,null,null,null,null,null,null,null,null,null,null,null,null,null,null,null,null,null,null,null,null,null,null,null,null,null,null,null,null,null,null,null,null,null,null,null,null,null,null,null,null,null,null,null,null,null,null,null,null,null,null,null,null,null,null,null,null,null,null,null,null," Производство работ осуществляется на территории действующего предприятия с наличием в зоне производства работ одного или нескольких из следующих факторов:\n- разветвленной сети транспортных и инженерных коммуникаций;\n- стесненных условий для складирования материалов;\n- действующего технологического оборудования;\n- движения технологического транспорта ОЗП=1,15; ЭМ=1,15 к расх.; ЗПМ=1,15; ТЗ=1,15; ТЗМ=1,15"]
[null,"1","ИНДЕКС К ПОЗИЦИИ: II кв. 2025 г. Минстрой письмо №29761-ИФ/09 от 23.05.2025 г. (ПРОЧИЕ, ТЕР-2001) ОЗП=29,1; ЭМ=11,55; ЗПМ=29,1; МАТ=8,66",null,null,null,null,null,null,null,null,null,null,null,null,null,null,null,null,null,null,null,null,null,null,null,null,null,null,null,null,null,null,null,null,null,null,null,null,null,null,null,null,null,null,null,null,null,null,null,null,null,null,null,null,null,null,null,null,null,null,null,null,null,null,null,"ИНДЕКС К ПОЗИЦИИ: II кв. 2025 г. Минстрой письмо №29761-ИФ/09 от 23.05.2025 г. (ПРОЧИЕ, ТЕР-2001) ОЗП=29,1; ЭМ=11,55; ЗПМ=29,1; МАТ=8,66"]
[null,null,null,null,"Накладные расходы 93% ФОТ (от 163 493)",null,null,null,null,null,null,152048]
[null,null,null,null,"Сметная прибыль 62% ФОТ (от 163 493)",null,null,null,null,null,null,101366]
["36","ТЕРм38-01-003-03\nПриказ Администрации ЛО от 20.10.15 №28","Решетчатые конструкции (стойки, опоры, фермы и пр.), сборка с помощью: лебедок электрических (с установкой и снятием их в процессе работы)",null,null,"1 т конструкций",4.1612,80023.8,70806.59,6452.77,923.63,332995,294640,26851,3843,null,null,null,null,null,null,null,null,null,null,null,null,null,null,null,null,null,null,null,null,null,null,null,null,null,null,null,null,null,null,null,null,null,null,null,null,null,null,null,null,null,null,null,null,null,null,null,null,null,"Решетчатые конструкции (стойки, опоры, фермы и пр.), сборка с помощью: лебедок электрических (с установкой и снятием их в процессе работы)"]
[null,null,"2 920,87 = 8 047,73 - 1,032 x 4 967,89",null,null,null,null,null,null,null,null,null,null,null,null,null,null,null,null,null,null,null,null,null,null,null,null,null,null,null,null,null,null,null,null,null,null,null,null,null,null,null,null,null,null,null,null,null,null,null,null,null,null,null,null,null,null,null,null,null,null,null,null,null,null,null,null,"2 920,87 = 8 047,73 - 1,032 x 4 967,89"]
[null,"421/пр_2020_прил.10_т.1_п.2_гр.3"," Производство работ осуществляется на территории действующего предприятия с наличием в зоне производства работ одного или нескольких из следующих факторов:\n- разветвленной сети транспортных и инженерных коммуникаций;\n- стесненных условий для складирования материалов;\n- действующего технологического оборудования;\n- движения технологического транспорта ОЗП=1,15; ЭМ=1,15 к расх.; ЗПМ=1,15; ТЗ=1,15; ТЗМ=1,15",null,null,null,null,null,null,null,null,null,null,null,null,null,null,null,null,null,null,null,null,null,null,null,null,null,null,null,null,null,null,null,null,null,null,null,null,null,null,null,null,null,null,null,null,null,null,null,null,null,null,null,null,null,null,null,null,null,null,null,null,null,null," Производство работ осуществляется на территории действующего предприятия с наличием в зоне производства работ одного или нескольких из следующих факторов:\n- разветвленной сети транспортных и инженерных коммуникаций;\n- стесненных условий для складирования материалов;\n- действующего технологического оборудования;\n- движения технологического транспорта ОЗП=1,15; ЭМ=1,15 к расх.; ЗПМ=1,15; ТЗ=1,15; ТЗМ=1,15"]
[null,"1","ИНДЕКС К ПОЗИЦИИ: II кв. 2025 г. Минстрой письмо №29761-ИФ/09 от 23.05.2025 г. (ПРОЧИЕ, ТЕР-2001) ОЗП=29,1; ЭМ=11,55; ЗПМ=29,1; МАТ=8,66",null,null,null,null,null,null,null,null,null,null,null,null,null,null,null,null,null,null,null,null,null,null,null,null,null,null,null,null,null,null,null,null,null,null,null,null,null,null,null,null,null,null,null,null,null,null,null,null,null,null,null,null,null,null,null,null,null,null,null,null,null,null,null,"ИНДЕКС К ПОЗИЦИИ: II кв. 2025 г. Минстрой письмо №29761-ИФ/09 от 23.05.2025 г. (ПРОЧИЕ, ТЕР-2001) ОЗП=29,1; ЭМ=11,55; ЗПМ=29,1; МАТ=8,66"]
[null,null,null,null,"Накладные расходы 90% ФОТ (от 298 483)",null,null,null,null,null,null,268635]
[null,null,null,null,"Сметная прибыль 45% ФОТ (от 298 483)",null,null,null,null,null,null,134317]
["37","Прайс","Профиль гн. 120*5",null,null,"т",0.93627000000000005,"79 266,02\n79266,00/ИндМ225",null,null,null,74214,null,null,null,null,null,null,null,null,null,null,null,null,null,null,null,null,null,null,null,null,null,null,null,null,null,null,null,null,null,null,null,null,null,null,null,null,null,null,null,null,null,null,null,null,null,null,null,null,null,null,null,null,"Профиль гн. 120*5"]
[null,null,"Цена МАТ=79266,00/ИндМ225",null,null,null,null,null,null,null,null,null,null,null,null,null,null,null,null,null,null,null,null,null,null,null,null,null,null,null,null,null,null,null,null,null,null,null,null,null,null,null,null,null,null,null,null,null,null,null,null,null,null,null,null,null,null,null,null,null,null,null,null,null,null,null,null,null,"Цена МАТ=79266,00/ИндМ225"]
[null,"1","ИНДЕКС К ПОЗИЦИИ: II кв. 2025 г. Минстрой письмо №29761-ИФ/09 от 23.05.2025 г. (ПРОЧИЕ, ТЕР-2001) ОЗП=29,1; ЭМ=11,55; ЗПМ=29,1; МАТ=8,66",null,null,null,null,null,null,null,null,null,null,null,null,null,null,null,null,null,null,null,null,null,null,null,null,null,null,null,null,null,null,null,null,null,null,null,null,null,null,null,null,null,null,null,null,null,null,null,null,null,null,null,null,null,null,null,null,null,null,null,null,null,null,null,"ИНДЕКС К ПОЗИЦИИ: II кв. 2025 г. Минстрой письмо №29761-ИФ/09 от 23.05.2025 г. (ПРОЧИЕ, ТЕР-2001) ОЗП=29,1; ЭМ=11,55; ЗПМ=29,1; МАТ=8,66"]
["38","Прайс","Профиль гн. 100*5",null,null,"т",3.0168699999999999,"76 418,96\n76419,00/ИндМ225",null,null,null,230546,null,null,null,null,null,null,null,null,null,null,null,null,null,null,null,null,null,null,null,null,null,null,null,null,null,null,null,null,null,null,null,null,null,null,null,null,null,null,null,null,null,null,null,null,null,null,null,null,null,null,null,null,"Профиль гн. 100*5"]
[null,null,"Цена МАТ=76419,00/ИндМ225",null,null,null,null,null,null,null,null,null,null,null,null,null,null,null,null,null,null,null,null,null,null,null,null,null,null,null,null,null,null,null,null,null,null,null,null,null,null,null,null,null,null,null,null,null,null,null,null,null,null,null,null,null,null,null,null,null,null,null,null,null,null,null,null,null,"Цена МАТ=76419,00/ИндМ225"]
[null,"1","ИНДЕКС К ПОЗИЦИИ: II кв. 2025 г. Минстрой письмо №29761-ИФ/09 от 23.05.2025 г. (ПРОЧИЕ, ТЕР-2001) ОЗП=29,1; ЭМ=11,55; ЗПМ=29,1; МАТ=8,66",null,null,null,null,null,null,null,null,null,null,null,null,null,null,null,null,null,null,null,null,null,null,null,null,null,null,null,null,null,null,null,null,null,null,null,null,null,null,null,null,null,null,null,null,null,null,null,null,null,null,null,null,null,null,null,null,null,null,null,null,null,null,null,"ИНДЕКС К ПОЗИЦИИ: II кв. 2025 г. Минстрой письмо №29761-ИФ/09 от 23.05.2025 г. (ПРОЧИЕ, ТЕР-2001) ОЗП=29,1; ЭМ=11,55; ЗПМ=29,1; МАТ=8,66"]
["39","Прайс","Прокат листовой 8мм",null,null,"т",0.10403,"64 845,99\n64846,00/ИндМ225",null,null,null,6746,null,null,null,null,null,null,null,null,null,null,null,null,null,null,null,null,null,null,null,null,null,null,null,null,null,null,null,null,null,null,null,null,null,null,null,null,null,null,null,null,null,null,null,null,null,null,null,null,null,null,null,null,"Прокат листовой 8мм"]
[null,null,"Цена МАТ=64846,00/ИндМ225",null,null,null,null,null,null,null,null,null,null,null,null,null,null,null,null,null,null,null,null,null,null,null,null,null,null,null,null,null,null,null,null,null,null,null,null,null,null,null,null,null,null,null,null,null,null,null,null,null,null,null,null,null,null,null,null,null,null,null,null,null,null,null,null,null,"Цена МАТ=64846,00/ИндМ225"]
[null,"1","ИНДЕКС К ПОЗИЦИИ: II кв. 2025 г. Минстрой письмо №29761-ИФ/09 от 23.05.2025 г. (ПРОЧИЕ, ТЕР-2001) ОЗП=29,1; ЭМ=11,55; ЗПМ=29,1; МАТ=8,66",null,null,null,null,null,null,null,null,null,null,null,null,null,null,null,null,null,null,null,null,null,null,null,null,null,null,null,null,null,null,null,null,null,null,null,null,null,null,null,null,null,null,null,null,null,null,null,null,null,null,null,null,null,null,null,null,null,null,null,null,null,null,null,"ИНДЕКС К ПОЗИЦИИ: II кв. 2025 г. Минстрой письмо №29761-ИФ/09 от 23.05.2025 г. (ПРОЧИЕ, ТЕР-2001) ОЗП=29,1; ЭМ=11,55; ЗПМ=29,1; МАТ=8,66"]
["40","Прайс","Прокат листовой 4мм",null,null,"т",0.10403,"53 206,00\n53206,00/ИндМ225",null,null,null,5535,null,null,null,null,null,null,null,null,null,null,null,null,null,null,null,null,null,null,null,null,null,null,null,null,null,null,null,null,null,null,null,null,null,null,null,null,null,null,null,null,null,null,null,null,null,null,null,null,null,null,null,null,"Прокат листовой 4мм"]
[null,null,"Цена МАТ=53206,00/ИндМ225",null,null,null,null,null,null,null,null,null,null,null,null,null,null,null,null,null,null,null,null,null,null,null,null,null,null,null,null,null,null,null,null,null,null,null,null,null,null,null,null,null,null,null,null,null,null,null,null,null,null,null,null,null,null,null,null,null,null,null,null,null,null,null,null,null,"Цена МАТ=53206,00/ИндМ225"]
[null,"1","ИНДЕКС К ПОЗИЦИИ: II кв. 2025 г. Минстрой письмо №29761-ИФ/09 от 23.05.2025 г. (ПРОЧИЕ, ТЕР-2001) ОЗП=29,1; ЭМ=11,55; ЗПМ=29,1; МАТ=8,66",null,null,null,null,null,null,null,null,null,null,null,null,null,null,null,null,null,null,null,null,null,null,null,null,null,null,null,null,null,null,null,null,null,null,null,null,null,null,null,null,null,null,null,null,null,null,null,null,null,null,null,null,null,null,null,null,null,null,null,null,null,null,null,"ИНДЕКС К ПОЗИЦИИ: II кв. 2025 г. Минстрой письмо №29761-ИФ/09 от 23.05.2025 г. (ПРОЧИЕ, ТЕР-2001) ОЗП=29,1; ЭМ=11,55; ЗПМ=29,1; МАТ=8,66"]
["Перевозка материалов ( металл 140 км. ОП \"МКМ-СПб\")",null,null,null,null,null,null,null,null,null,null,null,null,null,null,null,null,null,null,null,null,null,null,null,null,null,null,null,null,null,null,null,null,null,null,null,null,null,null,null,null,null,null,null,null,null,null,null,null,null,null,null,null,null,null,null,null,null,null,null,null,null,null,null,null,null,null,null,null,"Перевозка материалов ( металл 140 км. ОП \"МКМ-СПб\")"]
["41",null,"металлопрокат, трубопрокат и металлоконструкции",null,null,"т",4.1612,null,null,null,null,null,null,null,null,null,null,null,null,null,null,null,null,null,null,null,null,null,null,null,null,null,null,null,null,null,null,null,null,null,null,null,null,null,null,null,null,null,null,null,null,null,null,null,null,null,null,null,null,null,null,null,null,null,"металлопрокат, трубопрокат и металлоконструкции"]
[null,"3","ИНДЕКС К ПОЗИЦИИ: II кв. 2025 г. Минстрой письмо №29761-ИФ/09 от 23.05.2025 г. (авт_САМОСВ) ЭМ=17,63",null,null,null,null,null,null,null,null,null,null,null,null,null,null,null,null,null,null,null,null,null,null,null,null,null,null,null,null,null,null,null,null,null,null,null,null,null,null,null,null,null,null,null,null,null,null,null,null,null,null,null,null,null,null,null,null,null,null,null,null,null,null,null,"ИНДЕКС К ПОЗИЦИИ: II кв. 2025 г. Минстрой письмо №29761-ИФ/09 от 23.05.2025 г. (авт_САМОСВ) ЭМ=17,63"]
["42","ТССЦпг-03-02-01-140\nПриказ Администрации ЛО от 20.10.15 №28","Перевозка строительных грузов (кроме массовых навалочных, перевозимых автомобилями-самосвалами, а также бетонных и железобетонных изделий, стеновых и перегородочных материалов, лесоматериалов круглых и пиломатериалов, включенных в таблицу 03-01), бортовым автомобилем грузоподъемностью 5 т, на расстояние до 140 км I класс груза",null,null,"1 т груза",4.1612,139.38,null,null,null,580,null,null,null,null,null,null,null,null,null,null,null,null,null,null,null,null,null,null,null,null,null,null,null,null,null,null,null,null,null,null,null,null,null,null,null,null,null,null,null,null,null,null,null,null,null,null,null,null,null,null,null,null,"Перевозка строительных грузов (кроме массовых навалочных, перевозимых автомобилями-самосвалами, а также бетонных и железобетонных изделий, стеновых и перегородочных материалов, лесоматериалов круглых и пиломатериалов, включенных в таблицу 03-01), бортовым автомобилем грузоподъемностью 5 т, на расстояние до 140 км I класс груза"]
[null,"4","ИНДЕКС К ПОЗИЦИИ: II кв. 2025 г. Минстрой письмо №29761-ИФ/09 от 23.05.2025 г. (авт_БОРТОВ) ЭМ=19,65",null,null,null,null,null,null,null,null,null,null,null,null,null,null,null,null,null,null,null,null,null,null,null,null,null,null,null,null,null,null,null,null,null,null,null,null,null,null,null,null,null,null,null,null,null,null,null,null,null,null,null,null,null,null,null,null,null,null,null,null,null,null,null,"ИНДЕКС К ПОЗИЦИИ: II кв. 2025 г. Минстрой письмо №29761-ИФ/09 от 23.05.2025 г. (авт_БОРТОВ) ЭМ=19,65"]
["43","ТССЦпг-01-01-02-015\nПриказ Администрации ЛО от 20.10.15 №28","Разгрузочные работы при автомобильных перевозках: металлических конструкций массой до 1 т",null,null,"1 т груза",4.1612,282.32,null,null,null,1175,null,null,null,null,null,null,null,null,null,null,null,null,null,null,null,null,null,null,null,null,null,null,null,null,null,null,null,null,null,null,null,null,null,null,null,null,null,null,null,null,null,null,null,null,null,null,null,null,null,null,null,null,"Разгрузочные работы при автомобильных перевозках: металлических конструкций массой до 1 т"]
[null,"5","ИНДЕКС К ПОЗИЦИИ: II кв. 2025 г. Минстрой письмо №29761-ИФ/09 от 23.05.2025 г. (погрузка/разгрузка, ТЕР-2001) ОЗП=29,1; ЭМ=11,55; ЗПМ=29,1; МАТ=8,66",null,null,null,null,null,null,null,null,null,null,null,null,null,null,null,null,null,null,null,null,null,null,null,null,null,null,null,null,null,null,null,null,null,null,null,null,null,null,null,null,null,null,null,null,null,null,null,null,null,null,null,null,null,null,null,null,null,null,null,null,null,null,null,"ИНДЕКС К ПОЗИЦИИ: II кв. 2025 г. Минстрой письмо №29761-ИФ/09 от 23.05.2025 г. (погрузка/разгрузка, ТЕР-2001) ОЗП=29,1; ЭМ=11,55; ЗПМ=29,1; МАТ=8,66"]
["Итого по разделу 4 Связи и распорки",null,null,null,null,null,null,null,null,null,null,1501929,null,null,null,null,null,null,null,null,null,null,null,null,null,null,null,null,null,null,null,null,null,null,null,null,null,null,null,null,null,null,null,null,null,null,null,null,null,null,null,null,null,null,null,null,null,null,null,null,null,null,null,null,null,null,null,null,null,null,"Итого по разделу 4 Связи и распорки"]
["Раздел 5. Фахверк",null,null,null,null,null,null,null,null,null,null,null,null,null,null,null,null,null,null,null,null,null,null,null,null,null,null,null,null,null,null,null,null,null,null,null,null,null,null,null,null,null,null,null,null,null,null,null,null,null,null,null,null,null,null,null,null,null,null,null,null,null,null,"Раздел 5. Фахверк"]
["Таб.9-43. Монтаж фахверка – 10 кг/т м/к",null,null,null,null,null,null,null,null,null,null,null,null,null,null,null,null,null,null,null,null,null,null,null,null,null,null,null,null,null,null,null,null,null,null,null,null,null,null,null,null,null,null,null,null,null,null,null,null,null,null,null,null,null,null,null,null,null,null,null,null,null,null,null,null,null,null,null,null,null,null,"Таб.9-43. Монтаж фахверка – 10 кг/т м/к"]
["44","ТЕР09-04-006-01\nПриказ Администрации ЛО от 20.10.15 №28","Монтаж фахверка",null,null,"1 т конструкций",8.4264299999999999,28465.17,18085.82,8318.7000000000007,2400.44,239860,152399,70097,20227,null,null,null,null,null,null,null,null,null,null,null,null,null,null,null,null,null,null,null,null,null,null,null,null,null,null,null,null,null,null,null,null,null,null,null,null,null,null,null,null,null,null,null,null,null,null,null,null,null,"Монтаж фахверка"]
[null,"421/пр_2020_прил.10_т.1_п.2_гр.3"," Производство работ осуществляется на территории действующего предприятия с наличием в зоне производства работ одного или нескольких из следующих факторов:\n- разветвленной сети транспортных и инженерных коммуникаций;\n- стесненных условий для складирования материалов;\n- действующего технологического оборудования;\n- движения технологического транспорта ОЗП=1,15; ЭМ=1,15 к расх.; ЗПМ=1,15; ТЗ=1,15; ТЗМ=1,15",null,null,null,null,null,null,null,null,null,null,null,null,null,null,null,null,null,null,null,null,null,null,null,null,null,null,null,null,null,null,null,null,null,null,null,null,null,null,null,null,null,null,null,null,null,null,null,null,null,null,null,null,null,null,null,null,null,null,null,null,null,null," Производство работ осуществляется на территории действующего предприятия с наличием в зоне производства работ одного или нескольких из следующих факторов:\n- разветвленной сети транспортных и инженерных коммуникаций;\n- стесненных условий для складирования материалов;\n- действующего технологического оборудования;\n- движения технологического транспорта ОЗП=1,15; ЭМ=1,15 к расх.; ЗПМ=1,15; ТЗ=1,15; ТЗМ=1,15"]
[null,"1","ИНДЕКС К ПОЗИЦИИ: II кв. 2025 г. Минстрой письмо №29761-ИФ/09 от 23.05.2025 г. (ПРОЧИЕ, ТЕР-2001) ОЗП=29,1; ЭМ=11,55; ЗПМ=29,1; МАТ=8,66",null,null,null,null,null,null,null,null,null,null,null,null,null,null,null,null,null,null,null,null,null,null,null,null,null,null,null,null,null,null,null,null,null,null,null,null,null,null,null,null,null,null,null,null,null,null,null,null,null,null,null,null,null,null,null,null,null,null,null,null,null,null,null,"ИНДЕКС К ПОЗИЦИИ: II кв. 2025 г. Минстрой письмо №29761-ИФ/09 от 23.05.2025 г. (ПРОЧИЕ, ТЕР-2001) ОЗП=29,1; ЭМ=11,55; ЗПМ=29,1; МАТ=8,66"]
[null,null,null,null,"Накладные расходы 93% ФОТ (от 172 626)",null,null,null,null,null,null,160542]
[null,null,null,null,"Сметная прибыль 62% ФОТ (от 172 626)",null,null,null,null,null,null,107028]
["45","ТССЦ-110-0009\nПриказ Администрации ЛО от 20.10.15 №28","Болты сборочные с гайками и шайбами по классу прочности: 10.9",null,null,"т",8.4264000000000006E-2,185749.21,null,null,null,15652,null,null,null,null,null,null,null,null,null,null,null,null,null,null,null,null,null,null,null,null,null,null,null,null,null,null,null,null,null,null,null,null,null,null,null,null,null,null,null,null,null,null,null,null,null,null,null,null,null,null,null,null,"Болты сборочные с гайками и шайбами по классу прочности: 10.9"]
[null,"1","ИНДЕКС К ПОЗИЦИИ: II кв. 2025 г. Минстрой письмо №29761-ИФ/09 от 23.05.2025 г. (ПРОЧИЕ, ТЕР-2001) ОЗП=29,1; ЭМ=11,55; ЗПМ=29,1; МАТ=8,66",null,null,null,null,null,null,null,null,null,null,null,null,null,null,null,null,null,null,null,null,null,null,null,null,null,null,null,null,null,null,null,null,null,null,null,null,null,null,null,null,null,null,null,null,null,null,null,null,null,null,null,null,null,null,null,null,null,null,null,null,null,null,null,"ИНДЕКС К ПОЗИЦИИ: II кв. 2025 г. Минстрой письмо №29761-ИФ/09 от 23.05.2025 г. (ПРОЧИЕ, ТЕР-2001) ОЗП=29,1; ЭМ=11,55; ЗПМ=29,1; МАТ=8,66"]
["46","ТЕРм38-01-003-03\nПриказ Администрации ЛО от 20.10.15 №28","Решетчатые конструкции (стойки, опоры, фермы и пр.), сборка с помощью: лебедок электрических (с установкой и снятием их в процессе работы)",null,null,"1 т конструкций",8.4264299999999999,80023.8,70806.59,6452.77,923.63,674315,596647,54374,7783,null,null,null,null,null,null,null,null,null,null,null,null,null,null,null,null,null,null,null,null,null,null,null,null,null,null,null,null,null,null,null,null,null,null,null,null,null,null,null,null,null,null,null,null,null,null,null,null,null,"Решетчатые конструкции (стойки, опоры, фермы и пр.), сборка с помощью: лебедок электрических (с установкой и снятием их в процессе работы)"]
[null,null,"2 920,87 = 8 047,73 - 1,032 x 4 967,89",null,null,null,null,null,null,null,null,null,null,null,null,null,null,null,null,null,null,null,null,null,null,null,null,null,null,null,null,null,null,null,null,null,null,null,null,null,null,null,null,null,null,null,null,null,null,null,null,null,null,null,null,null,null,null,null,null,null,null,null,null,null,null,null,"2 920,87 = 8 047,73 - 1,032 x 4 967,89"]
[null,"421/пр_2020_прил.10_т.1_п.2_гр.3"," Производство работ осуществляется на территории действующего предприятия с наличием в зоне производства работ одного или нескольких из следующих факторов:\n- разветвленной сети транспортных и инженерных коммуникаций;\n- стесненных условий для складирования материалов;\n- действующего технологического оборудования;\n- движения технологического транспорта ОЗП=1,15; ЭМ=1,15 к расх.; ЗПМ=1,15; ТЗ=1,15; ТЗМ=1,15",null,null,null,null,null,null,null,null,null,null,null,null,null,null,null,null,null,null,null,null,null,null,null,null,null,null,null,null,null,null,null,null,null,null,null,null,null,null,null,null,null,null,null,null,null,null,null,null,null,null,null,null,null,null,null,null,null,null,null,null,null,null," Производство работ осуществляется на территории действующего предприятия с наличием в зоне производства работ одного или нескольких из следующих факторов:\n- разветвленной сети транспортных и инженерных коммуникаций;\n- стесненных условий для складирования материалов;\n- действующего технологического оборудования;\n- движения технологического транспорта ОЗП=1,15; ЭМ=1,15 к расх.; ЗПМ=1,15; ТЗ=1,15; ТЗМ=1,15"]
[null,"1","ИНДЕКС К ПОЗИЦИИ: II кв. 2025 г. Минстрой письмо №29761-ИФ/09 от 23.05.2025 г. (ПРОЧИЕ, ТЕР-2001) ОЗП=29,1; ЭМ=11,55; ЗПМ=29,1; МАТ=8,66",null,null,null,null,null,null,null,null,null,null,null,null,null,null,null,null,null,null,null,null,null,null,null,null,null,null,null,null,null,null,null,null,null,null,null,null,null,null,null,null,null,null,null,null,null,null,null,null,null,null,null,null,null,null,null,null,null,null,null,null,null,null,null,"ИНДЕКС К ПОЗИЦИИ: II кв. 2025 г. Минстрой письмо №29761-ИФ/09 от 23.05.2025 г. (ПРОЧИЕ, ТЕР-2001) ОЗП=29,1; ЭМ=11,55; ЗПМ=29,1; МАТ=8,66"]
[null,null,null,null,"Накладные расходы 90% ФОТ (от 604 430)",null,null,null,null,null,null,543987]
[null,null,null,null,"Сметная прибыль 45% ФОТ (от 604 430)",null,null,null,null,null,null,271994]
["47","Прайс","Профиль гн. 140*6",null,null,"т",6.4498600000000001,"83 790,00\n83790,00/ИндМ225",null,null,null,540434,null,null,null,null,null,null,null,null,null,null,null,null,null,null,null,null,null,null,null,null,null,null,null,null,null,null,null,null,null,null,null,null,null,null,null,null,null,null,null,null,null,null,null,null,null,null,null,null,null,null,null,null,"Профиль гн. 140*6"]
[null,null,"Цена МАТ=83790,00/ИндМ225",null,null,null,null,null,null,null,null,null,null,null,null,null,null,null,null,null,null,null,null,null,null,null,null,null,null,null,null,null,null,null,null,null,null,null,null,null,null,null,null,null,null,null,null,null,null,null,null,null,null,null,null,null,null,null,null,null,null,null,null,null,null,null,null,null,"Цена МАТ=83790,00/ИндМ225"]
[null,"1","ИНДЕКС К ПОЗИЦИИ: II кв. 2025 г. Минстрой письмо №29761-ИФ/09 от 23.05.2025 г. (ПРОЧИЕ, ТЕР-2001) ОЗП=29,1; ЭМ=11,55; ЗПМ=29,1; МАТ=8,66",null,null,null,null,null,null,null,null,null,null,null,null,null,null,null,null,null,null,null,null,null,null,null,null,null,null,null,null,null,null,null,null,null,null,null,null,null,null,null,null,null,null,null,null,null,null,null,null,null,null,null,null,null,null,null,null,null,null,null,null,null,null,null,"ИНДЕКС К ПОЗИЦИИ: II кв. 2025 г. Минстрой письмо №29761-ИФ/09 от 23.05.2025 г. (ПРОЧИЕ, ТЕР-2001) ОЗП=29,1; ЭМ=11,55; ЗПМ=29,1; МАТ=8,66"]
["48","Прайс","Швеллер  14П",null,null,"т",0.52015,"69 676,02\n69676,00/ИндМ225",null,null,null,36242,null,null,null,null,null,null,null,null,null,null,null,null,null,null,null,null,null,null,null,null,null,null,null,null,null,null,null,null,null,null,null,null,null,null,null,null,null,null,null,null,null,null,null,null,null,null,null,null,null,null,null,null,"Швеллер  14П"]
[null,null,"Цена МАТ=69676,00/ИндМ225",null,null,null,null,null,null,null,null,null,null,null,null,null,null,null,null,null,null,null,null,null,null,null,null,null,null,null,null,null,null,null,null,null,null,null,null,null,null,null,null,null,null,null,null,null,null,null,null,null,null,null,null,null,null,null,null,null,null,null,null,null,null,null,null,null,"Цена МАТ=69676,00/ИндМ225"]
[null,"1","ИНДЕКС К ПОЗИЦИИ: II кв. 2025 г. Минстрой письмо №29761-ИФ/09 от 23.05.2025 г. (ПРОЧИЕ, ТЕР-2001) ОЗП=29,1; ЭМ=11,55; ЗПМ=29,1; МАТ=8,66",null,null,null,null,null,null,null,null,null,null,null,null,null,null,null,null,null,null,null,null,null,null,null,null,null,null,null,null,null,null,null,null,null,null,null,null,null,null,null,null,null,null,null,null,null,null,null,null,null,null,null,null,null,null,null,null,null,null,null,null,null,null,null,"ИНДЕКС К ПОЗИЦИИ: II кв. 2025 г. Минстрой письмо №29761-ИФ/09 от 23.05.2025 г. (ПРОЧИЕ, ТЕР-2001) ОЗП=29,1; ЭМ=11,55; ЗПМ=29,1; МАТ=8,66"]
["49","Прайс","Уголок не равнополочный 140*90*8",null,null,"т",1.2483599999999999,"96 880,03\n96880,00/ИндМ225",null,null,null,120941,null,null,null,null,null,null,null,null,null,null,null,null,null,null,null,null,null,null,null,null,null,null,null,null,null,null,null,null,null,null,null,null,null,null,null,null,null,null,null,null,null,null,null,null,null,null,null,null,null,null,null,null,"Уголок не равнополочный 140*90*8"]
[null,null,"Цена МАТ=96880,00/ИндМ225",null,null,null,null,null,null,null,null,null,null,null,null,null,null,null,null,null,null,null,null,null,null,null,null,null,null,null,null,null,null,null,null,null,null,null,null,null,null,null,null,null,null,null,null,null,null,null,null,null,null,null,null,null,null,null,null,null,null,null,null,null,null,null,null,null,"Цена МАТ=96880,00/ИндМ225"]
[null,"1","ИНДЕКС К ПОЗИЦИИ: II кв. 2025 г. Минстрой письмо №29761-ИФ/09 от 23.05.2025 г. (ПРОЧИЕ, ТЕР-2001) ОЗП=29,1; ЭМ=11,55; ЗПМ=29,1; МАТ=8,66",null,null,null,null,null,null,null,null,null,null,null,null,null,null,null,null,null,null,null,null,null,null,null,null,null,null,null,null,null,null,null,null,null,null,null,null,null,null,null,null,null,null,null,null,null,null,null,null,null,null,null,null,null,null,null,null,null,null,null,null,null,null,null,"ИНДЕКС К ПОЗИЦИИ: II кв. 2025 г. Минстрой письмо №29761-ИФ/09 от 23.05.2025 г. (ПРОЧИЕ, ТЕР-2001) ОЗП=29,1; ЭМ=11,55; ЗПМ=29,1; МАТ=8,66"]
["50","Прайс","Прокат листовой 6мм",null,null,"т",0.10403,"63 371,97\n63372,00/ИндМ225",null,null,null,6593,null,null,null,null,null,null,null,null,null,null,null,null,null,null,null,null,null,null,null,null,null,null,null,null,null,null,null,null,null,null,null,null,null,null,null,null,null,null,null,null,null,null,null,null,null,null,null,null,null,null,null,null,"Прокат листовой 6мм"]
[null,null,"Цена МАТ=63372,00/ИндМ225",null,null,null,null,null,null,null,null,null,null,null,null,null,null,null,null,null,null,null,null,null,null,null,null,null,null,null,null,null,null,null,null,null,null,null,null,null,null,null,null,null,null,null,null,null,null,null,null,null,null,null,null,null,null,null,null,null,null,null,null,null,null,null,null,null,"Цена МАТ=63372,00/ИндМ225"]
[null,"1","ИНДЕКС К ПОЗИЦИИ: II кв. 2025 г. Минстрой письмо №29761-ИФ/09 от 23.05.2025 г. (ПРОЧИЕ, ТЕР-2001) ОЗП=29,1; ЭМ=11,55; ЗПМ=29,1; МАТ=8,66",null,null,null,null,null,null,null,null,null,null,null,null,null,null,null,null,null,null,null,null,null,null,null,null,null,null,null,null,null,null,null,null,null,null,null,null,null,null,null,null,null,null,null,null,null,null,null,null,null,null,null,null,null,null,null,null,null,null,null,null,null,null,null,"ИНДЕКС К ПОЗИЦИИ: II кв. 2025 г. Минстрой письмо №29761-ИФ/09 от 23.05.2025 г. (ПРОЧИЕ, ТЕР-2001) ОЗП=29,1; ЭМ=11,55; ЗПМ=29,1; МАТ=8,66"]
["51","Прайс","Прокат листовой 4мм",null,null,"т",0.10403,"53 206,00\n53206,00/ИндМ225",null,null,null,5535,null,null,null,null,null,null,null,null,null,null,null,null,null,null,null,null,null,null,null,null,null,null,null,null,null,null,null,null,null,null,null,null,null,null,null,null,null,null,null,null,null,null,null,null,null,null,null,null,null,null,null,null,"Прокат листовой 4мм"]
[null,null,"Цена МАТ=53206,00/ИндМ225",null,null,null,null,null,null,null,null,null,null,null,null,null,null,null,null,null,null,null,null,null,null,null,null,null,null,null,null,null,null,null,null,null,null,null,null,null,null,null,null,null,null,null,null,null,null,null,null,null,null,null,null,null,null,null,null,null,null,null,null,null,null,null,null,null,"Цена МАТ=53206,00/ИндМ225"]
[null,"1","ИНДЕКС К ПОЗИЦИИ: II кв. 2025 г. Минстрой письмо №29761-ИФ/09 от 23.05.2025 г. (ПРОЧИЕ, ТЕР-2001) ОЗП=29,1; ЭМ=11,55; ЗПМ=29,1; МАТ=8,66",null,null,null,null,null,null,null,null,null,null,null,null,null,null,null,null,null,null,null,null,null,null,null,null,null,null,null,null,null,null,null,null,null,null,null,null,null,null,null,null,null,null,null,null,null,null,null,null,null,null,null,null,null,null,null,null,null,null,null,null,null,null,null,"ИНДЕКС К ПОЗИЦИИ: II кв. 2025 г. Минстрой письмо №29761-ИФ/09 от 23.05.2025 г. (ПРОЧИЕ, ТЕР-2001) ОЗП=29,1; ЭМ=11,55; ЗПМ=29,1; МАТ=8,66"]
["Перевозка материалов ( металл 140 км. ОП \"МКМ-СПб\")",null,null,null,null,null,null,null,null,null,null,null,null,null,null,null,null,null,null,null,null,null,null,null,null,null,null,null,null,null,null,null,null,null,null,null,null,null,null,null,null,null,null,null,null,null,null,null,null,null,null,null,null,null,null,null,null,null,null,null,null,null,null,null,null,null,null,null,null,"Перевозка материалов ( металл 140 км. ОП \"МКМ-СПб\")"]
["52",null,"металлопрокат, трубопрокат и металлоконструкции",null,null,"т",8.4264299999999999,null,null,null,null,null,null,null,null,null,null,null,null,null,null,null,null,null,null,null,null,null,null,null,null,null,null,null,null,null,null,null,null,null,null,null,null,null,null,null,null,null,null,null,null,null,null,null,null,null,null,null,null,null,null,null,null,null,"металлопрокат, трубопрокат и металлоконструкции"]
[null,"3","ИНДЕКС К ПОЗИЦИИ: II кв. 2025 г. Минстрой письмо №29761-ИФ/09 от 23.05.2025 г. (авт_САМОСВ) ЭМ=17,63",null,null,null,null,null,null,null,null,null,null,null,null,null,null,null,null,null,null,null,null,null,null,null,null,null,null,null,null,null,null,null,null,null,null,null,null,null,null,null,null,null,null,null,null,null,null,null,null,null,null,null,null,null,null,null,null,null,null,null,null,null,null,null,"ИНДЕКС К ПОЗИЦИИ: II кв. 2025 г. Минстрой письмо №29761-ИФ/09 от 23.05.2025 г. (авт_САМОСВ) ЭМ=17,63"]
["53","ТССЦпг-03-02-01-140\nПриказ Администрации ЛО от 20.10.15 №28","Перевозка строительных грузов (кроме массовых навалочных, перевозимых автомобилями-самосвалами, а также бетонных и железобетонных изделий, стеновых и перегородочных материалов, лесоматериалов круглых и пиломатериалов, включенных в таблицу 03-01), бортовым автомобилем грузоподъемностью 5 т, на расстояние до 140 км I класс груза",null,null,"1 т груза",8.4264299999999999,139.38,null,null,null,1174,null,null,null,null,null,null,null,null,null,null,null,null,null,null,null,null,null,null,null,null,null,null,null,null,null,null,null,null,null,null,null,null,null,null,null,null,null,null,null,null,null,null,null,null,null,null,null,null,null,null,null,null,"Перевозка строительных грузов (кроме массовых навалочных, перевозимых автомобилями-самосвалами, а также бетонных и железобетонных изделий, стеновых и перегородочных материалов, лесоматериалов круглых и пиломатериалов, включенных в таблицу 03-01), бортовым автомобилем грузоподъемностью 5 т, на расстояние до 140 км I класс груза"]
[null,"4","ИНДЕКС К ПОЗИЦИИ: II кв. 2025 г. Минстрой письмо №29761-ИФ/09 от 23.05.2025 г. (авт_БОРТОВ) ЭМ=19,65",null,null,null,null,null,null,null,null,null,null,null,null,null,null,null,null,null,null,null,null,null,null,null,null,null,null,null,null,null,null,null,null,null,null,null,null,null,null,null,null,null,null,null,null,null,null,null,null,null,null,null,null,null,null,null,null,null,null,null,null,null,null,null,"ИНДЕКС К ПОЗИЦИИ: II кв. 2025 г. Минстрой письмо №29761-ИФ/09 от 23.05.2025 г. (авт_БОРТОВ) ЭМ=19,65"]
["54","ТССЦпг-01-01-02-015\nПриказ Администрации ЛО от 20.10.15 №28","Разгрузочные работы при автомобильных перевозках: металлических конструкций массой до 1 т",null,null,"1 т груза",8.4264299999999999,282.32,null,null,null,2379,null,null,null,null,null,null,null,null,null,null,null,null,null,null,null,null,null,null,null,null,null,null,null,null,null,null,null,null,null,null,null,null,null,null,null,null,null,null,null,null,null,null,null,null,null,null,null,null,null,null,null,null,"Разгрузочные работы при автомобильных перевозках: металлических конструкций массой до 1 т"]
[null,"5","ИНДЕКС К ПОЗИЦИИ: II кв. 2025 г. Минстрой письмо №29761-ИФ/09 от 23.05.2025 г. (погрузка/разгрузка, ТЕР-2001) ОЗП=29,1; ЭМ=11,55; ЗПМ=29,1; МАТ=8,66",null,null,null,null,null,null,null,null,null,null,null,null,null,null,null,null,null,null,null,null,null,null,null,null,null,null,null,null,null,null,null,null,null,null,null,null,null,null,null,null,null,null,null,null,null,null,null,null,null,null,null,null,null,null,null,null,null,null,null,null,null,null,null,"ИНДЕКС К ПОЗИЦИИ: II кв. 2025 г. Минстрой письмо №29761-ИФ/09 от 23.05.2025 г. (погрузка/разгрузка, ТЕР-2001) ОЗП=29,1; ЭМ=11,55; ЗПМ=29,1; МАТ=8,66"]
["Итого по разделу 5 Фахверк",null,null,null,null,null,null,null,null,null,null,2726676,null,null,null,null,null,null,null,null,null,null,null,null,null,null,null,null,null,null,null,null,null,null,null,null,null,null,null,null,null,null,null,null,null,null,null,null,null,null,null,null,null,null,null,null,null,null,null,null,null,null,null,null,null,null,null,null,null,null,"Итого по разделу 5 Фахверк"]
["Раздел 6. Профилированный настил",null,null,null,null,null,null,null,null,null,null,null,null,null,null,null,null,null,null,null,null,null,null,null,null,null,null,null,null,null,null,null,null,null,null,null,null,null,null,null,null,null,null,null,null,null,null,null,null,null,null,null,null,null,null,null,null,null,null,null,null,null,null,"Раздел 6. Профилированный настил"]
["55","ТЕР09-04-006-02\nПриказ Администрации ЛО от 20.10.15 №28\n(10% отходы на подрезку)","Монтаж ограждающих конструкций стен: из профилированного листа при высоте здания до 30 м",null,null,"100 м2",4.5,101666.73,60599.09,36472.82,13567.05,457500,272696,164128,61052,null,null,null,null,null,null,null,null,null,null,null,null,null,null,null,null,null,null,null,null,null,null,null,null,null,null,null,null,null,null,null,null,null,null,null,null,null,null,null,null,null,null,null,null,null,null,null,null,null,"Монтаж ограждающих конструкций стен: из профилированного листа при высоте здания до 30 м"]
[null,"421/пр_2020_прил.10_т.1_п.2_гр.3"," Производство работ осуществляется на территории действующего предприятия с наличием в зоне производства работ одного или нескольких из следующих факторов:\n- разветвленной сети транспортных и инженерных коммуникаций;\n- стесненных условий для складирования материалов;\n- действующего технологического оборудования;\n- движения технологического транспорта ОЗП=1,15; ЭМ=1,15 к расх.; ЗПМ=1,15; ТЗ=1,15; ТЗМ=1,15",null,null,null,null,null,null,null,null,null,null,null,null,null,null,null,null,null,null,null,null,null,null,null,null,null,null,null,null,null,null,null,null,null,null,null,null,null,null,null,null,null,null,null,null,null,null,null,null,null,null,null,null,null,null,null,null,null,null,null,null,null,null," Производство работ осуществляется на территории действующего предприятия с наличием в зоне производства работ одного или нескольких из следующих факторов:\n- разветвленной сети транспортных и инженерных коммуникаций;\n- стесненных условий для складирования материалов;\n- действующего технологического оборудования;\n- движения технологического транспорта ОЗП=1,15; ЭМ=1,15 к расх.; ЗПМ=1,15; ТЗ=1,15; ТЗМ=1,15"]
[null,"1","ИНДЕКС К ПОЗИЦИИ: II кв. 2025 г. Минстрой письмо №29761-ИФ/09 от 23.05.2025 г. (ПРОЧИЕ, ТЕР-2001) ОЗП=29,1; ЭМ=11,55; ЗПМ=29,1; МАТ=8,66",null,null,null,null,null,null,null,null,null,null,null,null,null,null,null,null,null,null,null,null,null,null,null,null,null,null,null,null,null,null,null,null,null,null,null,null,null,null,null,null,null,null,null,null,null,null,null,null,null,null,null,null,null,null,null,null,null,null,null,null,null,null,null,"ИНДЕКС К ПОЗИЦИИ: II кв. 2025 г. Минстрой письмо №29761-ИФ/09 от 23.05.2025 г. (ПРОЧИЕ, ТЕР-2001) ОЗП=29,1; ЭМ=11,55; ЗПМ=29,1; МАТ=8,66"]
[null,null,null,null,"Накладные расходы 93% ФОТ (от 333 748)",null,null,null,null,null,null,310386]
[null,null,null,null,"Сметная прибыль 62% ФОТ (от 333 748)",null,null,null,null,null,null,206924]
["56","ТССЦ-201-0382\nПриказ Администрации ЛО от 20.10.15 №28","Конструкции: стальные нащельников и деталей обрамления",null,null,"т",0.2601,139601.45000000001,null,null,null,36310,null,null,null,null,null,null,null,null,null,null,null,null,null,null,null,null,null,null,null,null,null,null,null,null,null,null,null,null,null,null,null,null,null,null,null,null,null,null,null,null,null,null,null,null,null,null,null,null,null,null,null,null,"Конструкции: стальные нащельников и деталей обрамления"]
[null,"1","ИНДЕКС К ПОЗИЦИИ: II кв. 2025 г. Минстрой письмо №29761-ИФ/09 от 23.05.2025 г. (ПРОЧИЕ, ТЕР-2001) ОЗП=29,1; ЭМ=11,55; ЗПМ=29,1; МАТ=8,66",null,null,null,null,null,null,null,null,null,null,null,null,null,null,null,null,null,null,null,null,null,null,null,null,null,null,null,null,null,null,null,null,null,null,null,null,null,null,null,null,null,null,null,null,null,null,null,null,null,null,null,null,null,null,null,null,null,null,null,null,null,null,null,"ИНДЕКС К ПОЗИЦИИ: II кв. 2025 г. Минстрой письмо №29761-ИФ/09 от 23.05.2025 г. (ПРОЧИЕ, ТЕР-2001) ОЗП=29,1; ЭМ=11,55; ЗПМ=29,1; МАТ=8,66"]
["57","ТССЦ-101-1810\nПриказ Администрации ЛО от 20.10.15 №28","Винты самонарезающие: для крепления профилированного настила и панелей к несущим конструкциям",null,null,"т",0.16200000000000001,198992.68,null,null,null,32237,null,null,null,null,null,null,null,null,null,null,null,null,null,null,null,null,null,null,null,null,null,null,null,null,null,null,null,null,null,null,null,null,null,null,null,null,null,null,null,null,null,null,null,null,null,null,null,null,null,null,null,null,"Винты самонарезающие: для крепления профилированного настила и панелей к несущим конструкциям"]
[null,"1","ИНДЕКС К ПОЗИЦИИ: II кв. 2025 г. Минстрой письмо №29761-ИФ/09 от 23.05.2025 г. (ПРОЧИЕ, ТЕР-2001) ОЗП=29,1; ЭМ=11,55; ЗПМ=29,1; МАТ=8,66",null,null,null,null,null,null,null,null,null,null,null,null,null,null,null,null,null,null,null,null,null,null,null,null,null,null,null,null,null,null,null,null,null,null,null,null,null,null,null,null,null,null,null,null,null,null,null,null,null,null,null,null,null,null,null,null,null,null,null,null,null,null,null,"ИНДЕКС К ПОЗИЦИИ: II кв. 2025 г. Минстрой письмо №29761-ИФ/09 от 23.05.2025 г. (ПРОЧИЕ, ТЕР-2001) ОЗП=29,1; ЭМ=11,55; ЗПМ=29,1; МАТ=8,66"]
["58","Прайс","Профиль HC35-1000-0,7",null,null,"т",3.774,"132 335,97\n132336,00/ИндМ225",null,null,null,499436,null,null,null,null,null,null,null,null,null,null,null,null,null,null,null,null,null,null,null,null,null,null,null,null,null,null,null,null,null,null,null,null,null,null,null,null,null,null,null,null,null,null,null,null,null,null,null,null,null,null,null,null,"Профиль HC35-1000-0,7"]
[null,null,"Цена МАТ=132336,00/ИндМ225",null,null,null,null,null,null,null,null,null,null,null,null,null,null,null,null,null,null,null,null,null,null,null,null,null,null,null,null,null,null,null,null,null,null,null,null,null,null,null,null,null,null,null,null,null,null,null,null,null,null,null,null,null,null,null,null,null,null,null,null,null,null,null,null,null,"Цена МАТ=132336,00/ИндМ225"]
[null,"1","ИНДЕКС К ПОЗИЦИИ: II кв. 2025 г. Минстрой письмо №29761-ИФ/09 от 23.05.2025 г. (ПРОЧИЕ, ТЕР-2001) ОЗП=29,1; ЭМ=11,55; ЗПМ=29,1; МАТ=8,66",null,null,null,null,null,null,null,null,null,null,null,null,null,null,null,null,null,null,null,null,null,null,null,null,null,null,null,null,null,null,null,null,null,null,null,null,null,null,null,null,null,null,null,null,null,null,null,null,null,null,null,null,null,null,null,null,null,null,null,null,null,null,null,"ИНДЕКС К ПОЗИЦИИ: II кв. 2025 г. Минстрой письмо №29761-ИФ/09 от 23.05.2025 г. (ПРОЧИЕ, ТЕР-2001) ОЗП=29,1; ЭМ=11,55; ЗПМ=29,1; МАТ=8,66"]
["59","ТЕР09-04-002-01\nПриказ Администрации ЛО от 20.10.15 №28","Монтаж кровельного покрытия: из профилированного листа при высоте здания до 25 м",null,null,"100 м2 покрытия",5.4,29079.77,19685.45,7040.79,2276.96,157031,106301,38020,12296,null,null,null,null,null,null,null,null,null,null,null,null,null,null,null,null,null,null,null,null,null,null,null,null,null,null,null,null,null,null,null,null,null,null,null,null,null,null,null,null,null,null,null,null,null,null,null,null,null,"Монтаж кровельного покрытия: из профилированного листа при высоте здания до 25 м"]
[null,"421/пр_2020_прил.10_т.1_п.2_гр.3"," Производство работ осуществляется на территории действующего предприятия с наличием в зоне производства работ одного или нескольких из следующих факторов:\n- разветвленной сети транспортных и инженерных коммуникаций;\n- стесненных условий для складирования материалов;\n- действующего технологического оборудования;\n- движения технологического транспорта ОЗП=1,15; ЭМ=1,15 к расх.; ЗПМ=1,15; ТЗ=1,15; ТЗМ=1,15",null,null,null,null,null,null,null,null,null,null,null,null,null,null,null,null,null,null,null,null,null,null,null,null,null,null,null,null,null,null,null,null,null,null,null,null,null,null,null,null,null,null,null,null,null,null,null,null,null,null,null,null,null,null,null,null,null,null,null,null,null,null," Производство работ осуществляется на территории действующего предприятия с наличием в зоне производства работ одного или нескольких из следующих факторов:\n- разветвленной сети транспортных и инженерных коммуникаций;\n- стесненных условий для складирования материалов;\n- действующего технологического оборудования;\n- движения технологического транспорта ОЗП=1,15; ЭМ=1,15 к расх.; ЗПМ=1,15; ТЗ=1,15; ТЗМ=1,15"]
[null,"1","ИНДЕКС К ПОЗИЦИИ: II кв. 2025 г. Минстрой письмо №29761-ИФ/09 от 23.05.2025 г. (ПРОЧИЕ, ТЕР-2001) ОЗП=29,1; ЭМ=11,55; ЗПМ=29,1; МАТ=8,66",null,null,null,null,null,null,null,null,null,null,null,null,null,null,null,null,null,null,null,null,null,null,null,null,null,null,null,null,null,null,null,null,null,null,null,null,null,null,null,null,null,null,null,null,null,null,null,null,null,null,null,null,null,null,null,null,null,null,null,null,null,null,null,"ИНДЕКС К ПОЗИЦИИ: II кв. 2025 г. Минстрой письмо №29761-ИФ/09 от 23.05.2025 г. (ПРОЧИЕ, ТЕР-2001) ОЗП=29,1; ЭМ=11,55; ЗПМ=29,1; МАТ=8,66"]
[null,null,null,null,"Накладные расходы 93% ФОТ (от 118 597)",null,null,null,null,null,null,110295]
[null,null,null,null,"Сметная прибыль 62% ФОТ (от 118 597)",null,null,null,null,null,null,73530]
["60","Прайс","Профиль H57-750-0,8",null,null,"т",6.5279999999999996,"106 971,00\n106971,00/ИндМ225",null,null,null,698307,null,null,null,null,null,null,null,null,null,null,null,null,null,null,null,null,null,null,null,null,null,null,null,null,null,null,null,null,null,null,null,null,null,null,null,null,null,null,null,null,null,null,null,null,null,null,null,null,null,null,null,null,"Профиль H57-750-0,8"]
[null,null,"Цена МАТ=106971,00/ИндМ225",null,null,null,null,null,null,null,null,null,null,null,null,null,null,null,null,null,null,null,null,null,null,null,null,null,null,null,null,null,null,null,null,null,null,null,null,null,null,null,null,null,null,null,null,null,null,null,null,null,null,null,null,null,null,null,null,null,null,null,null,null,null,null,null,null,"Цена МАТ=106971,00/ИндМ225"]
[null,"1","ИНДЕКС К ПОЗИЦИИ: II кв. 2025 г. Минстрой письмо №29761-ИФ/09 от 23.05.2025 г. (ПРОЧИЕ, ТЕР-2001) ОЗП=29,1; ЭМ=11,55; ЗПМ=29,1; МАТ=8,66",null,null,null,null,null,null,null,null,null,null,null,null,null,null,null,null,null,null,null,null,null,null,null,null,null,null,null,null,null,null,null,null,null,null,null,null,null,null,null,null,null,null,null,null,null,null,null,null,null,null,null,null,null,null,null,null,null,null,null,null,null,null,null,"ИНДЕКС К ПОЗИЦИИ: II кв. 2025 г. Минстрой письмо №29761-ИФ/09 от 23.05.2025 г. (ПРОЧИЕ, ТЕР-2001) ОЗП=29,1; ЭМ=11,55; ЗПМ=29,1; МАТ=8,66"]
["61","ТССЦ-101-1810\nПриказ Администрации ЛО от 20.10.15 №28","Винты самонарезающие: для крепления профилированного настила и панелей к несущим конструкциям",null,null,"т",0.19439999999999999,198992.68,null,null,null,38684,null,null,null,null,null,null,null,null,null,null,null,null,null,null,null,null,null,null,null,null,null,null,null,null,null,null,null,null,null,null,null,null,null,null,null,null,null,null,null,null,null,null,null,null,null,null,null,null,null,null,null,null,"Винты самонарезающие: для крепления профилированного настила и панелей к несущим конструкциям"]
[null,"1","ИНДЕКС К ПОЗИЦИИ: II кв. 2025 г. Минстрой письмо №29761-ИФ/09 от 23.05.2025 г. (ПРОЧИЕ, ТЕР-2001) ОЗП=29,1; ЭМ=11,55; ЗПМ=29,1; МАТ=8,66",null,null,null,null,null,null,null,null,null,null,null,null,null,null,null,null,null,null,null,null,null,null,null,null,null,null,null,null,null,null,null,null,null,null,null,null,null,null,null,null,null,null,null,null,null,null,null,null,null,null,null,null,null,null,null,null,null,null,null,null,null,null,null,"ИНДЕКС К ПОЗИЦИИ: II кв. 2025 г. Минстрой письмо №29761-ИФ/09 от 23.05.2025 г. (ПРОЧИЕ, ТЕР-2001) ОЗП=29,1; ЭМ=11,55; ЗПМ=29,1; МАТ=8,66"]
["Перевозка материалов ( металл 140 км. ОП \"МКМ-СПб\")",null,null,null,null,null,null,null,null,null,null,null,null,null,null,null,null,null,null,null,null,null,null,null,null,null,null,null,null,null,null,null,null,null,null,null,null,null,null,null,null,null,null,null,null,null,null,null,null,null,null,null,null,null,null,null,null,null,null,null,null,null,null,null,null,null,null,null,null,"Перевозка материалов ( металл 140 км. ОП \"МКМ-СПб\")"]
["62",null,"металлопрокат, трубопрокат и металлоконструкции",null,null,"т",10.6584,null,null,null,null,null,null,null,null,null,null,null,null,null,null,null,null,null,null,null,null,null,null,null,null,null,null,null,null,null,null,null,null,null,null,null,null,null,null,null,null,null,null,null,null,null,null,null,null,null,null,null,null,null,null,null,null,null,"металлопрокат, трубопрокат и металлоконструкции"]
[null,"3","ИНДЕКС К ПОЗИЦИИ: II кв. 2025 г. Минстрой письмо №29761-ИФ/09 от 23.05.2025 г. (авт_САМОСВ) ЭМ=17,63",null,null,null,null,null,null,null,null,null,null,null,null,null,null,null,null,null,null,null,null,null,null,null,null,null,null,null,null,null,null,null,null,null,null,null,null,null,null,null,null,null,null,null,null,null,null,null,null,null,null,null,null,null,null,null,null,null,null,null,null,null,null,null,"ИНДЕКС К ПОЗИЦИИ: II кв. 2025 г. Минстрой письмо №29761-ИФ/09 от 23.05.2025 г. (авт_САМОСВ) ЭМ=17,63"]
["63","ТССЦпг-03-02-01-140\nПриказ Администрации ЛО от 20.10.15 №28","Перевозка строительных грузов (кроме массовых навалочных, перевозимых автомобилями-самосвалами, а также бетонных и железобетонных изделий, стеновых и перегородочных материалов, лесоматериалов круглых и пиломатериалов, включенных в таблицу 03-01), бортовым автомобилем грузоподъемностью 5 т, на расстояние до 140 км I класс груза",null,null,"1 т груза",10.6584,139.38,null,null,null,1486,null,null,null,null,null,null,null,null,null,null,null,null,null,null,null,null,null,null,null,null,null,null,null,null,null,null,null,null,null,null,null,null,null,null,null,null,null,null,null,null,null,null,null,null,null,null,null,null,null,null,null,null,"Перевозка строительных грузов (кроме массовых навалочных, перевозимых автомобилями-самосвалами, а также бетонных и железобетонных изделий, стеновых и перегородочных материалов, лесоматериалов круглых и пиломатериалов, включенных в таблицу 03-01), бортовым автомобилем грузоподъемностью 5 т, на расстояние до 140 км I класс груза"]
[null,"4","ИНДЕКС К ПОЗИЦИИ: II кв. 2025 г. Минстрой письмо №29761-ИФ/09 от 23.05.2025 г. (авт_БОРТОВ) ЭМ=19,65",null,null,null,null,null,null,null,null,null,null,null,null,null,null,null,null,null,null,null,null,null,null,null,null,null,null,null,null,null,null,null,null,null,null,null,null,null,null,null,null,null,null,null,null,null,null,null,null,null,null,null,null,null,null,null,null,null,null,null,null,null,null,null,"ИНДЕКС К ПОЗИЦИИ: II кв. 2025 г. Минстрой письмо №29761-ИФ/09 от 23.05.2025 г. (авт_БОРТОВ) ЭМ=19,65"]
["64","ТССЦпг-01-01-02-015\nПриказ Администрации ЛО от 20.10.15 №28","Разгрузочные работы при автомобильных перевозках: металлических конструкций массой до 1 т",null,null,"1 т груза",10.6584,282.32,null,null,null,3009,null,null,null,null,null,null,null,null,null,null,null,null,null,null,null,null,null,null,null,null,null,null,null,null,null,null,null,null,null,null,null,null,null,null,null,null,null,null,null,null,null,null,null,null,null,null,null,null,null,null,null,null,"Разгрузочные работы при автомобильных перевозках: металлических конструкций массой до 1 т"]
[null,"5","ИНДЕКС К ПОЗИЦИИ: II кв. 2025 г. Минстрой письмо №29761-ИФ/09 от 23.05.2025 г. (погрузка/разгрузка, ТЕР-2001) ОЗП=29,1; ЭМ=11,55; ЗПМ=29,1; МАТ=8,66",null,null,null,null,null,null,null,null,null,null,null,null,null,null,null,null,null,null,null,null,null,null,null,null,null,null,null,null,null,null,null,null,null,null,null,null,null,null,null,null,null,null,null,null,null,null,null,null,null,null,null,null,null,null,null,null,null,null,null,null,null,null,null,"ИНДЕКС К ПОЗИЦИИ: II кв. 2025 г. Минстрой письмо №29761-ИФ/09 от 23.05.2025 г. (погрузка/разгрузка, ТЕР-2001) ОЗП=29,1; ЭМ=11,55; ЗПМ=29,1; МАТ=8,66"]
["Итого по разделу 6 Профилированный настил",null,null,null,null,null,null,null,null,null,null,2625135,null,null,null,null,null,null,null,null,null,null,null,null,null,null,null,null,null,null,null,null,null,null,null,null,null,null,null,null,null,null,null,null,null,null,null,null,null,null,null,null,null,null,null,null,null,null,null,null,null,null,null,null,null,null,null,null,null,null,"Итого по разделу 6 Профилированный настил"]
["Раздел 7. Конструкции под вент. оборудование",null,null,null,null,null,null,null,null,null,null,null,null,null,null,null,null,null,null,null,null,null,null,null,null,null,null,null,null,null,null,null,null,null,null,null,null,null,null,null,null,null,null,null,null,null,null,null,null,null,null,null,null,null,null,null,null,null,null,null,null,null,null,"Раздел 7. Конструкции под вент. оборудование"]
["65","ТЕРм08-01-087-03\nПриказ Администрации ЛО от 20.10.15 №28","Металлические конструкции",null,null,"1 т",0.31208999999999998,52147.83,37967.050000000003,7868.42,1428.29,16275,11849,2456,446,null,null,null,null,null,null,null,null,null,null,null,null,null,null,null,null,null,null,null,null,null,null,null,null,null,null,null,null,null,null,null,null,null,null,null,null,null,null,null,null,null,null,null,null,null,null,null,null,null,"Металлические конструкции"]
[null,null,"2 455,83 = 12 787,35 - 1 x 10 331,52",null,null,null,null,null,null,null,null,null,null,null,null,null,null,null,null,null,null,null,null,null,null,null,null,null,null,null,null,null,null,null,null,null,null,null,null,null,null,null,null,null,null,null,null,null,null,null,null,null,null,null,null,null,null,null,null,null,null,null,null,null,null,null,null,"2 455,83 = 12 787,35 - 1 x 10 331,52"]
[null,"421/пр_2020_прил.10_т.1_п.2_гр.3"," Производство работ осуществляется на территории действующего предприятия с наличием в зоне производства работ одного или нескольких из следующих факторов:\n- разветвленной сети транспортных и инженерных коммуникаций;\n- стесненных условий для складирования материалов;\n- действующего технологического оборудования;\n- движения технологического транспорта ОЗП=1,15; ЭМ=1,15 к расх.; ЗПМ=1,15; ТЗ=1,15; ТЗМ=1,15",null,null,null,null,null,null,null,null,null,null,null,null,null,null,null,null,null,null,null,null,null,null,null,null,null,null,null,null,null,null,null,null,null,null,null,null,null,null,null,null,null,null,null,null,null,null,null,null,null,null,null,null,null,null,null,null,null,null,null,null,null,null," Производство работ осуществляется на территории действующего предприятия с наличием в зоне производства работ одного или нескольких из следующих факторов:\n- разветвленной сети транспортных и инженерных коммуникаций;\n- стесненных условий для складирования материалов;\n- действующего технологического оборудования;\n- движения технологического транспорта ОЗП=1,15; ЭМ=1,15 к расх.; ЗПМ=1,15; ТЗ=1,15; ТЗМ=1,15"]
[null,"1","ИНДЕКС К ПОЗИЦИИ: II кв. 2025 г. Минстрой письмо №29761-ИФ/09 от 23.05.2025 г. (ПРОЧИЕ, ТЕР-2001) ОЗП=29,1; ЭМ=11,55; ЗПМ=29,1; МАТ=8,66",null,null,null,null,null,null,null,null,null,null,null,null,null,null,null,null,null,null,null,null,null,null,null,null,null,null,null,null,null,null,null,null,null,null,null,null,null,null,null,null,null,null,null,null,null,null,null,null,null,null,null,null,null,null,null,null,null,null,null,null,null,null,null,"ИНДЕКС К ПОЗИЦИИ: II кв. 2025 г. Минстрой письмо №29761-ИФ/09 от 23.05.2025 г. (ПРОЧИЕ, ТЕР-2001) ОЗП=29,1; ЭМ=11,55; ЗПМ=29,1; МАТ=8,66"]
[null,null,null,null,"Накладные расходы 97% ФОТ (от 12 295)",null,null,null,null,null,null,11926]
[null,null,null,null,"Сметная прибыль 51% ФОТ (от 12 295)",null,null,null,null,null,null,6270]
["66","ТЕРм38-01-004-05\nПриказ Администрации ЛО от 20.10.15 №28","Сборка с помощью лебедок электрических (с установкой и снятием их в процессе работы): площадки для обслуживания оборудования и трубопроводов",null,null,"1 т конструкций",0.31208999999999998,82892.479999999996,70408.350000000006,10232.44,5171.3500000000004,25870,21974,3193,1614,null,null,null,null,null,null,null,null,null,null,null,null,null,null,null,null,null,null,null,null,null,null,null,null,null,null,null,null,null,null,null,null,null,null,null,null,null,null,null,null,null,null,null,null,null,null,null,null,null,"Сборка с помощью лебедок электрических (с установкой и снятием их в процессе работы): площадки для обслуживания оборудования и трубопроводов"]
[null,null,"3 134,32 = 8 130,06 - 1,032 x 4 840,83",null,null,null,null,null,null,null,null,null,null,null,null,null,null,null,null,null,null,null,null,null,null,null,null,null,null,null,null,null,null,null,null,null,null,null,null,null,null,null,null,null,null,null,null,null,null,null,null,null,null,null,null,null,null,null,null,null,null,null,null,null,null,null,null,"3 134,32 = 8 130,06 - 1,032 x 4 840,83"]
[null,"421/пр_2020_прил.10_т.1_п.2_гр.3"," Производство работ осуществляется на территории действующего предприятия с наличием в зоне производства работ одного или нескольких из следующих факторов:\n- разветвленной сети транспортных и инженерных коммуникаций;\n- стесненных условий для складирования материалов;\n- действующего технологического оборудования;\n- движения технологического транспорта ОЗП=1,15; ЭМ=1,15 к расх.; ЗПМ=1,15; ТЗ=1,15; ТЗМ=1,15",null,null,null,null,null,null,null,null,null,null,null,null,null,null,null,null,null,null,null,null,null,null,null,null,null,null,null,null,null,null,null,null,null,null,null,null,null,null,null,null,null,null,null,null,null,null,null,null,null,null,null,null,null,null,null,null,null,null,null,null,null,null," Производство работ осуществляется на территории действующего предприятия с наличием в зоне производства работ одного или нескольких из следующих факторов:\n- разветвленной сети транспортных и инженерных коммуникаций;\n- стесненных условий для складирования материалов;\n- действующего технологического оборудования;\n- движения технологического транспорта ОЗП=1,15; ЭМ=1,15 к расх.; ЗПМ=1,15; ТЗ=1,15; ТЗМ=1,15"]
[null,"1","ИНДЕКС К ПОЗИЦИИ: II кв. 2025 г. Минстрой письмо №29761-ИФ/09 от 23.05.2025 г. (ПРОЧИЕ, ТЕР-2001) ОЗП=29,1; ЭМ=11,55; ЗПМ=29,1; МАТ=8,66",null,null,null,null,null,null,null,null,null,null,null,null,null,null,null,null,null,null,null,null,null,null,null,null,null,null,null,null,null,null,null,null,null,null,null,null,null,null,null,null,null,null,null,null,null,null,null,null,null,null,null,null,null,null,null,null,null,null,null,null,null,null,null,"ИНДЕКС К ПОЗИЦИИ: II кв. 2025 г. Минстрой письмо №29761-ИФ/09 от 23.05.2025 г. (ПРОЧИЕ, ТЕР-2001) ОЗП=29,1; ЭМ=11,55; ЗПМ=29,1; МАТ=8,66"]
[null,null,null,null,"Накладные расходы 90% ФОТ (от 23 588)",null,null,null,null,null,null,21229]
[null,null,null,null,"Сметная прибыль 45% ФОТ (от 23 588)",null,null,null,null,null,null,10615]
["67","Прайс","Уголок не равнополочный 100*63*8 (прим. 100*63*6)",null,null,"т",0.10403,"82 604,02\n82604,00/ИндМ225",null,null,null,8593,null,null,null,null,null,null,null,null,null,null,null,null,null,null,null,null,null,null,null,null,null,null,null,null,null,null,null,null,null,null,null,null,null,null,null,null,null,null,null,null,null,null,null,null,null,null,null,null,null,null,null,null,"Уголок не равнополочный 100*63*8 (прим. 100*63*6)"]
[null,null,"Цена МАТ=82604,00/ИндМ225",null,null,null,null,null,null,null,null,null,null,null,null,null,null,null,null,null,null,null,null,null,null,null,null,null,null,null,null,null,null,null,null,null,null,null,null,null,null,null,null,null,null,null,null,null,null,null,null,null,null,null,null,null,null,null,null,null,null,null,null,null,null,null,null,null,"Цена МАТ=82604,00/ИндМ225"]
[null,"1","ИНДЕКС К ПОЗИЦИИ: II кв. 2025 г. Минстрой письмо №29761-ИФ/09 от 23.05.2025 г. (ПРОЧИЕ, ТЕР-2001) ОЗП=29,1; ЭМ=11,55; ЗПМ=29,1; МАТ=8,66",null,null,null,null,null,null,null,null,null,null,null,null,null,null,null,null,null,null,null,null,null,null,null,null,null,null,null,null,null,null,null,null,null,null,null,null,null,null,null,null,null,null,null,null,null,null,null,null,null,null,null,null,null,null,null,null,null,null,null,null,null,null,null,"ИНДЕКС К ПОЗИЦИИ: II кв. 2025 г. Минстрой письмо №29761-ИФ/09 от 23.05.2025 г. (ПРОЧИЕ, ТЕР-2001) ОЗП=29,1; ЭМ=11,55; ЗПМ=29,1; МАТ=8,66"]
["68","Прайс","Прокат листовой 6мм",null,null,"т",0.10403,"63 371,97\n63372,00/ИндМ225",null,null,null,6593,null,null,null,null,null,null,null,null,null,null,null,null,null,null,null,null,null,null,null,null,null,null,null,null,null,null,null,null,null,null,null,null,null,null,null,null,null,null,null,null,null,null,null,null,null,null,null,null,null,null,null,null,"Прокат листовой 6мм"]
[null,null,"Цена МАТ=63372,00/ИндМ225",null,null,null,null,null,null,null,null,null,null,null,null,null,null,null,null,null,null,null,null,null,null,null,null,null,null,null,null,null,null,null,null,null,null,null,null,null,null,null,null,null,null,null,null,null,null,null,null,null,null,null,null,null,null,null,null,null,null,null,null,null,null,null,null,null,"Цена МАТ=63372,00/ИндМ225"]
[null,"1","ИНДЕКС К ПОЗИЦИИ: II кв. 2025 г. Минстрой письмо №29761-ИФ/09 от 23.05.2025 г. (ПРОЧИЕ, ТЕР-2001) ОЗП=29,1; ЭМ=11,55; ЗПМ=29,1; МАТ=8,66",null,null,null,null,null,null,null,null,null,null,null,null,null,null,null,null,null,null,null,null,null,null,null,null,null,null,null,null,null,null,null,null,null,null,null,null,null,null,null,null,null,null,null,null,null,null,null,null,null,null,null,null,null,null,null,null,null,null,null,null,null,null,null,"ИНДЕКС К ПОЗИЦИИ: II кв. 2025 г. Минстрой письмо №29761-ИФ/09 от 23.05.2025 г. (ПРОЧИЕ, ТЕР-2001) ОЗП=29,1; ЭМ=11,55; ЗПМ=29,1; МАТ=8,66"]
["69","Прайс","Прокат листовой 4мм",null,null,"т",0.10403,"53 206,00\n53206,00/ИндМ225",null,null,null,5535,null,null,null,null,null,null,null,null,null,null,null,null,null,null,null,null,null,null,null,null,null,null,null,null,null,null,null,null,null,null,null,null,null,null,null,null,null,null,null,null,null,null,null,null,null,null,null,null,null,null,null,null,"Прокат листовой 4мм"]
[null,null,"Цена МАТ=53206,00/ИндМ225",null,null,null,null,null,null,null,null,null,null,null,null,null,null,null,null,null,null,null,null,null,null,null,null,null,null,null,null,null,null,null,null,null,null,null,null,null,null,null,null,null,null,null,null,null,null,null,null,null,null,null,null,null,null,null,null,null,null,null,null,null,null,null,null,null,"Цена МАТ=53206,00/ИндМ225"]
[null,"1","ИНДЕКС К ПОЗИЦИИ: II кв. 2025 г. Минстрой письмо №29761-ИФ/09 от 23.05.2025 г. (ПРОЧИЕ, ТЕР-2001) ОЗП=29,1; ЭМ=11,55; ЗПМ=29,1; МАТ=8,66",null,null,null,null,null,null,null,null,null,null,null,null,null,null,null,null,null,null,null,null,null,null,null,null,null,null,null,null,null,null,null,null,null,null,null,null,null,null,null,null,null,null,null,null,null,null,null,null,null,null,null,null,null,null,null,null,null,null,null,null,null,null,null,"ИНДЕКС К ПОЗИЦИИ: II кв. 2025 г. Минстрой письмо №29761-ИФ/09 от 23.05.2025 г. (ПРОЧИЕ, ТЕР-2001) ОЗП=29,1; ЭМ=11,55; ЗПМ=29,1; МАТ=8,66"]
["Перевозка материалов ( металл 140 км. ОП \"МКМ-СПб\")",null,null,null,null,null,null,null,null,null,null,null,null,null,null,null,null,null,null,null,null,null,null,null,null,null,null,null,null,null,null,null,null,null,null,null,null,null,null,null,null,null,null,null,null,null,null,null,null,null,null,null,null,null,null,null,null,null,null,null,null,null,null,null,null,null,null,null,null,"Перевозка материалов ( металл 140 км. ОП \"МКМ-СПб\")"]
["70",null,"металлопрокат, трубопрокат и металлоконструкции",null,null,"т",0.31208999999999998,null,null,null,null,null,null,null,null,null,null,null,null,null,null,null,null,null,null,null,null,null,null,null,null,null,null,null,null,null,null,null,null,null,null,null,null,null,null,null,null,null,null,null,null,null,null,null,null,null,null,null,null,null,null,null,null,null,"металлопрокат, трубопрокат и металлоконструкции"]
[null,"3","ИНДЕКС К ПОЗИЦИИ: II кв. 2025 г. Минстрой письмо №29761-ИФ/09 от 23.05.2025 г. (авт_САМОСВ) ЭМ=17,63",null,null,null,null,null,null,null,null,null,null,null,null,null,null,null,null,null,null,null,null,null,null,null,null,null,null,null,null,null,null,null,null,null,null,null,null,null,null,null,null,null,null,null,null,null,null,null,null,null,null,null,null,null,null,null,null,null,null,null,null,null,null,null,"ИНДЕКС К ПОЗИЦИИ: II кв. 2025 г. Минстрой письмо №29761-ИФ/09 от 23.05.2025 г. (авт_САМОСВ) ЭМ=17,63"]
["71","ТССЦпг-03-02-01-140\nПриказ Администрации ЛО от 20.10.15 №28","Перевозка строительных грузов (кроме массовых навалочных, перевозимых автомобилями-самосвалами, а также бетонных и железобетонных изделий, стеновых и перегородочных материалов, лесоматериалов круглых и пиломатериалов, включенных в таблицу 03-01), бортовым автомобилем грузоподъемностью 5 т, на расстояние до 140 км I класс груза",null,null,"1 т груза",0.31208999999999998,139.38,null,null,null,43,null,null,null,null,null,null,null,null,null,null,null,null,null,null,null,null,null,null,null,null,null,null,null,null,null,null,null,null,null,null,null,null,null,null,null,null,null,null,null,null,null,null,null,null,null,null,null,null,null,null,null,null,"Перевозка строительных грузов (кроме массовых навалочных, перевозимых автомобилями-самосвалами, а также бетонных и железобетонных изделий, стеновых и перегородочных материалов, лесоматериалов круглых и пиломатериалов, включенных в таблицу 03-01), бортовым автомобилем грузоподъемностью 5 т, на расстояние до 140 км I класс груза"]
[null,"4","ИНДЕКС К ПОЗИЦИИ: II кв. 2025 г. Минстрой письмо №29761-ИФ/09 от 23.05.2025 г. (авт_БОРТОВ) ЭМ=19,65",null,null,null,null,null,null,null,null,null,null,null,null,null,null,null,null,null,null,null,null,null,null,null,null,null,null,null,null,null,null,null,null,null,null,null,null,null,null,null,null,null,null,null,null,null,null,null,null,null,null,null,null,null,null,null,null,null,null,null,null,null,null,null,"ИНДЕКС К ПОЗИЦИИ: II кв. 2025 г. Минстрой письмо №29761-ИФ/09 от 23.05.2025 г. (авт_БОРТОВ) ЭМ=19,65"]
["72","ТССЦпг-01-01-02-015\nПриказ Администрации ЛО от 20.10.15 №28","Разгрузочные работы при автомобильных перевозках: металлических конструкций массой до 1 т",null,null,"1 т груза",0.31208999999999998,282.32,null,null,null,88,null,null,null,null,null,null,null,null,null,null,null,null,null,null,null,null,null,null,null,null,null,null,null,null,null,null,null,null,null,null,null,null,null,null,null,null,null,null,null,null,null,null,null,null,null,null,null,null,null,null,null,null,"Разгрузочные работы при автомобильных перевозках: металлических конструкций массой до 1 т"]
[null,"5","ИНДЕКС К ПОЗИЦИИ: II кв. 2025 г. Минстрой письмо №29761-ИФ/09 от 23.05.2025 г. (погрузка/разгрузка, ТЕР-2001) ОЗП=29,1; ЭМ=11,55; ЗПМ=29,1; МАТ=8,66",null,null,null,null,null,null,null,null,null,null,null,null,null,null,null,null,null,null,null,null,null,null,null,null,null,null,null,null,null,null,null,null,null,null,null,null,null,null,null,null,null,null,null,null,null,null,null,null,null,null,null,null,null,null,null,null,null,null,null,null,null,null,null,"ИНДЕКС К ПОЗИЦИИ: II кв. 2025 г. Минстрой письмо №29761-ИФ/09 от 23.05.2025 г. (погрузка/разгрузка, ТЕР-2001) ОЗП=29,1; ЭМ=11,55; ЗПМ=29,1; МАТ=8,66"]
["Итого по разделу 7 Конструкции под вент. оборудование",null,null,null,null,null,null,null,null,null,null,113037,null,null,null,null,null,null,null,null,null,null,null,null,null,null,null,null,null,null,null,null,null,null,null,null,null,null,null,null,null,null,null,null,null,null,null,null,null,null,null,null,null,null,null,null,null,null,null,null,null,null,null,null,null,null,null,null,null,null,"Итого по разделу 7 Конструкции под вент. оборудование"]
["Раздел 8. Антикоррозионная обработка",null,null,null,null,null,null,null,null,null,null,null,null,null,null,null,null,null,null,null,null,null,null,null,null,null,null,null,null,null,null,null,null,null,null,null,null,null,null,null,null,null,null,null,null,null,null,null,null,null,null,null,null,null,null,null,null,null,null,null,null,null,null,"Раздел 8. Антикоррозионная обработка"]
["73","ТЕР13-03-002-04\nПриказ Администрации ЛО от 20.10.15 №28","Огрунтовка металлических поверхностей за один раз: грунтовкой ГФ-021",null,null,"100 м2 окрашиваемой поверхности",7.7759999999999998,4018.14,3587.78,131.76,6.02,31245,27899,1025,47,null,null,null,null,null,null,null,null,null,null,null,null,null,null,null,null,null,null,null,null,null,null,null,null,null,null,null,null,null,null,null,null,null,null,null,null,null,null,null,null,null,null,null,null,null,null,null,null,null,"Огрунтовка металлических поверхностей за один раз: грунтовкой ГФ-021"]
[null,null,"151,61 = 371,85 - 0,012 x 18 353,45",null,null,null,null,null,null,null,null,null,null,null,null,null,null,null,null,null,null,null,null,null,null,null,null,null,null,null,null,null,null,null,null,null,null,null,null,null,null,null,null,null,null,null,null,null,null,null,null,null,null,null,null,null,null,null,null,null,null,null,null,null,null,null,null,"151,61 = 371,85 - 0,012 x 18 353,45"]
[null,"421/пр_2020_прил.10_т.1_п.2_гр.3"," Производство работ осуществляется на территории действующего предприятия с наличием в зоне производства работ одного или нескольких из следующих факторов:\n- разветвленной сети транспортных и инженерных коммуникаций;\n- стесненных условий для складирования материалов;\n- действующего технологического оборудования;\n- движения технологического транспорта ОЗП=1,15; ЭМ=1,15 к расх.; ЗПМ=1,15; ТЗ=1,15; ТЗМ=1,15",null,null,null,null,null,null,null,null,null,null,null,null,null,null,null,null,null,null,null,null,null,null,null,null,null,null,null,null,null,null,null,null,null,null,null,null,null,null,null,null,null,null,null,null,null,null,null,null,null,null,null,null,null,null,null,null,null,null,null,null,null,null," Производство работ осуществляется на территории действующего предприятия с наличием в зоне производства работ одного или нескольких из следующих факторов:\n- разветвленной сети транспортных и инженерных коммуникаций;\n- стесненных условий для складирования материалов;\n- действующего технологического оборудования;\n- движения технологического транспорта ОЗП=1,15; ЭМ=1,15 к расх.; ЗПМ=1,15; ТЗ=1,15; ТЗМ=1,15"]
[null,"1","ИНДЕКС К ПОЗИЦИИ: II кв. 2025 г. Минстрой письмо №29761-ИФ/09 от 23.05.2025 г. (ПРОЧИЕ, ТЕР-2001) ОЗП=29,1; ЭМ=11,55; ЗПМ=29,1; МАТ=8,66",null,null,null,null,null,null,null,null,null,null,null,null,null,null,null,null,null,null,null,null,null,null,null,null,null,null,null,null,null,null,null,null,null,null,null,null,null,null,null,null,null,null,null,null,null,null,null,null,null,null,null,null,null,null,null,null,null,null,null,null,null,null,null,"ИНДЕКС К ПОЗИЦИИ: II кв. 2025 г. Минстрой письмо №29761-ИФ/09 от 23.05.2025 г. (ПРОЧИЕ, ТЕР-2001) ОЗП=29,1; ЭМ=11,55; ЗПМ=29,1; МАТ=8,66"]
[null,null,null,null,"Накладные расходы 94% ФОТ (от 27 946)",null,null,null,null,null,null,26269]
[null,null,null,null,"Сметная прибыль 51% ФОТ (от 27 946)",null,null,null,null,null,null,14252]
["74","Прайс\nАналог ТССЦ-113-0021 18353,45/17895,65=3%","Грунтовка: ГФ-021 красно-коричневая",null,null,"кг",93.311999999999998,"281,19\n273,00/ИндМ225*1,03",null,null,null,26238,null,null,null,null,null,null,null,null,null,null,null,null,null,null,null,null,null,null,null,null,null,null,null,null,null,null,null,null,null,null,null,null,null,null,null,null,null,null,null,null,null,null,null,null,null,null,null,null,null,null,null,null,"Грунтовка: ГФ-021 красно-коричневая"]
[null,null,"Цена МАТ=273,00/ИндМ225*1,03",null,null,null,null,null,null,null,null,null,null,null,null,null,null,null,null,null,null,null,null,null,null,null,null,null,null,null,null,null,null,null,null,null,null,null,null,null,null,null,null,null,null,null,null,null,null,null,null,null,null,null,null,null,null,null,null,null,null,null,null,null,null,null,null,null,"Цена МАТ=273,00/ИндМ225*1,03"]
[null,"1","ИНДЕКС К ПОЗИЦИИ: II кв. 2025 г. Минстрой письмо №29761-ИФ/09 от 23.05.2025 г. (ПРОЧИЕ, ТЕР-2001) ОЗП=29,1; ЭМ=11,55; ЗПМ=29,1; МАТ=8,66",null,null,null,null,null,null,null,null,null,null,null,null,null,null,null,null,null,null,null,null,null,null,null,null,null,null,null,null,null,null,null,null,null,null,null,null,null,null,null,null,null,null,null,null,null,null,null,null,null,null,null,null,null,null,null,null,null,null,null,null,null,null,null,"ИНДЕКС К ПОЗИЦИИ: II кв. 2025 г. Минстрой письмо №29761-ИФ/09 от 23.05.2025 г. (ПРОЧИЕ, ТЕР-2001) ОЗП=29,1; ЭМ=11,55; ЗПМ=29,1; МАТ=8,66"]
["75","ТЕР13-03-004-26\nПриказ Администрации ЛО от 20.10.15 №28","Окраска металлических огрунтованных поверхностей: эмалью ПФ-115 (за 2 раза) К=2",null,null,"100 м2 окрашиваемой поверхности",7.7759999999999998,4773.87,4409.3500000000004,177.99,12.05,37122,34287,1384,94,null,null,null,null,null,null,null,null,null,null,null,null,null,null,null,null,null,null,null,null,null,null,null,null,null,null,null,null,null,null,null,null,null,null,null,null,null,null,null,null,null,null,null,null,null,null,null,null,null,"Окраска металлических огрунтованных поверхностей: эмалью ПФ-115 (за 2 раза) К=2"]
[null,null,"83,35 = 560,19 - 0,019 x 25 096,77",null,null,null,null,null,null,null,null,null,null,null,null,null,null,null,null,null,null,null,null,null,null,null,null,null,null,null,null,null,null,null,null,null,null,null,null,null,null,null,null,null,null,null,null,null,null,null,null,null,null,null,null,null,null,null,null,null,null,null,null,null,null,null,null,"83,35 = 560,19 - 0,019 x 25 096,77"]
[null,null," За два раза ПЗ=2 (ОЗП=2; ЭМ=2 к расх.; ЗПМ=2; МАТ=2 к расх.; ТЗ=2; ТЗМ=2)",null,null,null,null,null,null,null,null,null,null,null,null,null,null,null,null,null,null,null,null,null,null,null,null,null,null,null,null,null,null,null,null,null,null,null,null,null,null,null,null,null,null,null,null,null,null,null,null,null,null,null,null,null,null,null,null,null,null,null,null,null,null," За два раза ПЗ=2 (ОЗП=2; ЭМ=2 к расх.; ЗПМ=2; МАТ=2 к расх.; ТЗ=2; ТЗМ=2)"]
[null,"421/пр_2020_прил.10_т.1_п.2_гр.3"," Производство работ осуществляется на территории действующего предприятия с наличием в зоне производства работ одного или нескольких из следующих факторов:\n- разветвленной сети транспортных и инженерных коммуникаций;\n- стесненных условий для складирования материалов;\n- действующего технологического оборудования;\n- движения технологического транспорта ОЗП=1,15; ЭМ=1,15 к расх.; ЗПМ=1,15; ТЗ=1,15; ТЗМ=1,15",null,null,null,null,null,null,null,null,null,null,null,null,null,null,null,null,null,null,null,null,null,null,null,null,null,null,null,null,null,null,null,null,null,null,null,null,null,null,null,null,null,null,null,null,null,null,null,null,null,null,null,null,null,null,null,null,null,null,null,null,null,null," Производство работ осуществляется на территории действующего предприятия с наличием в зоне производства работ одного или нескольких из следующих факторов:\n- разветвленной сети транспортных и инженерных коммуникаций;\n- стесненных условий для складирования материалов;\n- действующего технологического оборудования;\n- движения технологического транспорта ОЗП=1,15; ЭМ=1,15 к расх.; ЗПМ=1,15; ТЗ=1,15; ТЗМ=1,15"]
[null,"1","ИНДЕКС К ПОЗИЦИИ: II кв. 2025 г. Минстрой письмо №29761-ИФ/09 от 23.05.2025 г. (ПРОЧИЕ, ТЕР-2001) ОЗП=29,1; ЭМ=11,55; ЗПМ=29,1; МАТ=8,66",null,null,null,null,null,null,null,null,null,null,null,null,null,null,null,null,null,null,null,null,null,null,null,null,null,null,null,null,null,null,null,null,null,null,null,null,null,null,null,null,null,null,null,null,null,null,null,null,null,null,null,null,null,null,null,null,null,null,null,null,null,null,null,"ИНДЕКС К ПОЗИЦИИ: II кв. 2025 г. Минстрой письмо №29761-ИФ/09 от 23.05.2025 г. (ПРОЧИЕ, ТЕР-2001) ОЗП=29,1; ЭМ=11,55; ЗПМ=29,1; МАТ=8,66"]
[null,null,null,null,"Накладные расходы 94% ФОТ (от 34 381)",null,null,null,null,null,null,32318]
[null,null,null,null,"Сметная прибыль 51% ФОТ (от 34 381)",null,null,null,null,null,null,17534]
["76","Прайс\nАналог ТССЦ-113-0246 25096,77/24506,75=2%","Эмаль ПФ-115 серая",null,null,"кг",295.488,"351,94\n345,00/ИндМ225*1,02",null,null,null,103994,null,null,null,null,null,null,null,null,null,null,null,null,null,null,null,null,null,null,null,null,null,null,null,null,null,null,null,null,null,null,null,null,null,null,null,null,null,null,null,null,null,null,null,null,null,null,null,null,null,null,null,null,"Эмаль ПФ-115 серая"]
[null,null,"Цена МАТ=345,00/ИндМ225*1,02",null,null,null,null,null,null,null,null,null,null,null,null,null,null,null,null,null,null,null,null,null,null,null,null,null,null,null,null,null,null,null,null,null,null,null,null,null,null,null,null,null,null,null,null,null,null,null,null,null,null,null,null,null,null,null,null,null,null,null,null,null,null,null,null,null,"Цена МАТ=345,00/ИндМ225*1,02"]
[null,"1","ИНДЕКС К ПОЗИЦИИ: II кв. 2025 г. Минстрой письмо №29761-ИФ/09 от 23.05.2025 г. (ПРОЧИЕ, ТЕР-2001) ОЗП=29,1; ЭМ=11,55; ЗПМ=29,1; МАТ=8,66",null,null,null,null,null,null,null,null,null,null,null,null,null,null,null,null,null,null,null,null,null,null,null,null,null,null,null,null,null,null,null,null,null,null,null,null,null,null,null,null,null,null,null,null,null,null,null,null,null,null,null,null,null,null,null,null,null,null,null,null,null,null,null,"ИНДЕКС К ПОЗИЦИИ: II кв. 2025 г. Минстрой письмо №29761-ИФ/09 от 23.05.2025 г. (ПРОЧИЕ, ТЕР-2001) ОЗП=29,1; ЭМ=11,55; ЗПМ=29,1; МАТ=8,66"]
["Итого по разделу 8 Антикоррозионная обработка",null,null,null,null,null,null,null,null,null,null,288973,null,null,null,null,null,null,null,null,null,null,null,null,null,null,null,null,null,null,null,null,null,null,null,null,null,null,null,null,null,null,null,null,null,null,null,null,null,null,null,null,null,null,null,null,null,null,null,null,null,null,null,null,null,null,null,null,null,null,"Итого по разделу 8 Антикоррозионная обработка"]
["Итого прямые затраты по смете в текущих ценах",null,null,null,null,null,null,null,null,null,null,7077682,2503328,592664,188515,null,null,null,null,null,null,null,null,null,null,null,null,null,null,null,null,null,null,null,null,null,null,null,null,null,null,null,null,null,null,null,null,null,null,null,null,null,null,null,null,null,null,null,null,null,null,null,null,null,null,null,null,null,null,null,null,null,"Итого прямые затраты по смете в текущих ценах"]
["Накладные расходы",null,null,null,null,null,null,null,null,null,null,2456978,null,null,null,null,null,null,null,null,null,null,null,null,null,null,null,null,null,null,null,null,null,null,null,null,null,null,null,null,null,null,null,null,null,null,null,null,null,null,null,null,null,null,null,null,null,null,null,null,null,null,null,null,null,null,null,null,null,null,null,null,"Накладные расходы"]
["     В том числе, справочно:",null,null,null,null,null,null,null,null,null,null,null,null,null,null,null,null,null,null,null,null,null,null,null,null,null,null,null,null,null,null,null,null,null,null,null,null,null,null,null,null,null,null,null,null,null,null,null,null,null,null,null,null,null,null,null,null,null,null,null,null,null,null,null,null,null,null,null,null,null,null,null,null,"     В том числе, справочно:"]
["      90% ФОТ (от 1585007) (Поз. 2, 14, 27, 36, 46, 66)",null,null,null,null,null,null,null,null,null,null,1426506,null,null,null,null,null,null,null,null,null,null,null,null,null,null,null,null,null,null,null,null,null,null,null,null,null,null,null,null,null,null,null,null,null,null,null,null,null,null,null,null,null,null,null,null,null,null,null,null,null,null,null,null,null,null,null,null,null,null,null,null,null,"      90% ФОТ (от 1585007) (Поз. 2, 14, 27, 36, 46, 66)"]
["      93% ФОТ (от 1032214) (Поз. 1, 13, 26, 35, 44-45, 55, 59)",null,null,null,null,null,null,null,null,null,null,959959,null,null,null,null,null,null,null,null,null,null,null,null,null,null,null,null,null,null,null,null,null,null,null,null,null,null,null,null,null,null,null,null,null,null,null,null,null,null,null,null,null,null,null,null,null,null,null,null,null,null,null,null,null,null,null,null,null,null,null,null,null,"      93% ФОТ (от 1032214) (Поз. 1, 13, 26, 35, 44-45, 55, 59)"]
["      94% ФОТ (от 62327) (Поз. 73, 75)",null,null,null,null,null,null,null,null,null,null,58587,null,null,null,null,null,null,null,null,null,null,null,null,null,null,null,null,null,null,null,null,null,null,null,null,null,null,null,null,null,null,null,null,null,null,null,null,null,null,null,null,null,null,null,null,null,null,null,null,null,null,null,null,null,null,null,null,null,null,null,null,null,"      94% ФОТ (от 62327) (Поз. 73, 75)"]
["      97% ФОТ (от 12295) (Поз. 65)",null,null,null,null,null,null,null,null,null,null,11926,null,null,null,null,null,null,null,null,null,null,null,null,null,null,null,null,null,null,null,null,null,null,null,null,null,null,null,null,null,null,null,null,null,null,null,null,null,null,null,null,null,null,null,null,null,null,null,null,null,null,null,null,null,null,null,null,null,null,null,null,null,"      97% ФОТ (от 12295) (Поз. 65)"]
["Сметная прибыль",null,null,null,null,null,null,null,null,null,null,1391283,null,null,null,null,null,null,null,null,null,null,null,null,null,null,null,null,null,null,null,null,null,null,null,null,null,null,null,null,null,null,null,null,null,null,null,null,null,null,null,null,null,null,null,null,null,null,null,null,null,null,null,null,null,null,null,null,null,null,null,null,"Сметная прибыль"]
["     В том числе, справочно:",null,null,null,null,null,null,null,null,null,null,null,null,null,null,null,null,null,null,null,null,null,null,null,null,null,null,null,null,null,null,null,null,null,null,null,null,null,null,null,null,null,null,null,null,null,null,null,null,null,null,null,null,null,null,null,null,null,null,null,null,null,null,null,null,null,null,null,null,null,null,null,null,"     В том числе, справочно:"]
["      45% ФОТ (от 1585007) (Поз. 2, 14, 27, 36, 46, 66)",null,null,null,null,null,null,null,null,null,null,713253,null,null,null,null,null,null,null,null,null,null,null,null,null,null,null,null,null,null,null,null,null,null,null,null,null,null,null,null,null,null,null,null,null,null,null,null,null,null,null,null,null,null,null,null,null,null,null,null,null,null,null,null,null,null,null,null,null,null,null,null,null,"      45% ФОТ (от 1585007) (Поз. 2, 14, 27, 36, 46, 66)"]
["      51% ФОТ (от 74622) (Поз. 73, 75, 65)",null,null,null,null,null,null,null,null,null,null,38057,null,null,null,null,null,null,null,null,null,null,null,null,null,null,null,null,null,null,null,null,null,null,null,null,null,null,null,null,null,null,null,null,null,null,null,null,null,null,null,null,null,null,null,null,null,null,null,null,null,null,null,null,null,null,null,null,null,null,null,null,null,"      51% ФОТ (от 74622) (Поз. 73, 75, 65)"]
["      62% ФОТ (от 1032214) (Поз. 1, 13, 26, 35, 44-45, 55, 59)",null,null,null,null,null,null,null,null,null,null,639973,null,null,null,null,null,null,null,null,null,null,null,null,null,null,null,null,null,null,null,null,null,null,null,null,null,null,null,null,null,null,null,null,null,null,null,null,null,null,null,null,null,null,null,null,null,null,null,null,null,null,null,null,null,null,null,null,null,null,null,null,null,"      62% ФОТ (от 1032214) (Поз. 1, 13, 26, 35, 44-45, 55, 59)"]
["Итоги по смете:",null,null,null,null,null,null,null,null,null,null,null,null,null,null,null,null,null,null,null,null,null,null,null,null,null,null,null,null,null,null,null,null,null,null,null,null,null,null,null,null,null,null,null,null,null,null,null,null,null,null,null,null,null,null,null,null,null,null,null,null,null,null,null,null,null,null,null,null,null,null,null,"Итоги по смете:"]
["     Итоги по Строительным работам",null,null,null,null,null,null,null,null,null,null,null,null,null,null,null,null,null,null,null,null,null,null,null,null,null,null,null,null,null,null,null,null,null,null,null,null,null,null,null,null,null,null,null,null,null,null,null,null,null,null,null,null,null,null,null,null,null,null,null,null,null,null,null,null,null,null,null,null,null,null,null,null,"     Итоги по Строительным работам"]
["          Строительные металлические конструкции:",null,null,null,null,null,null,null,null,null,null,null,null,null,null,null,null,null,null,null,null,null,null,null,null,null,null,null,null,null,null,null,null,null,null,null,null,null,null,null,null,null,null,null,null,null,null,null,null,null,null,null,null,null,null,null,null,null,null,null,null,null,null,null,null,null,null,null,null,null,null,null,null,"          Строительные металлические конструкции:"]
["               Итого Поз. 1, 13, 26, 35, 44-45, 55, 59",null,null,null,null,null,null,null,null,null,null,1398562,881349,419591,150865,null,null,null,null,null,null,null,null,null,null,null,null,null,null,null,null,null,null,null,null,null,null,null,null,null,null,null,null,null,null,null,null,null,null,null,null,null,null,null,null,null,null,null,null,null,null,null,null,null,null,null,null,null,null,null,null,null,null,"               Итого Поз. 1, 13, 26, 35, 44-45, 55, 59"]
["               Накладные расходы 93% ФОТ (от 1 032 214)",null,null,null,null,null,null,null,null,null,null,959959,null,null,null,null,null,null,null,null,null,null,null,null,null,null,null,null,null,null,null,null,null,null,null,null,null,null,null,null,null,null,null,null,null,null,null,null,null,null,null,null,null,null,null,null,null,null,null,null,null,null,null,null,null,null,null,null,null,null,null,null,null,"               Накладные расходы 93% ФОТ (от 1 032 214)"]
["               Сметная прибыль 62% ФОТ (от 1 032 214)",null,null,null,null,null,null,null,null,null,null,639973,null,null,null,null,null,null,null,null,null,null,null,null,null,null,null,null,null,null,null,null,null,null,null,null,null,null,null,null,null,null,null,null,null,null,null,null,null,null,null,null,null,null,null,null,null,null,null,null,null,null,null,null,null,null,null,null,null,null,null,null,null,"               Сметная прибыль 62% ФОТ (от 1 032 214)"]
["               Итого c накладными и см. прибылью",null,null,null,null,null,null,null,null,null,null,2998494,null,null,null,null,null,null,null,null,null,null,null,null,null,null,null,null,null,null,null,null,null,null,null,null,null,null,null,null,null,null,null,null,null,null,null,null,null,null,null,null,null,null,null,null,null,null,null,null,null,null,null,null,null,null,null,null,null,null,null,null,null,"               Итого c накладными и см. прибылью"]
["          Материалы для строительных работ:",null,null,null,null,null,null,null,null,null,null,null,null,null,null,null,null,null,null,null,null,null,null,null,null,null,null,null,null,null,null,null,null,null,null,null,null,null,null,null,null,null,null,null,null,null,null,null,null,null,null,null,null,null,null,null,null,null,null,null,null,null,null,null,null,null,null,null,null,null,null,null,null,"          Материалы для строительных работ:"]
["               Итого Поз. 3-9, 15-22, 28-31, 37-40, 47-51, 56-58, 60-61, 67-69, 74, 76",null,null,null,null,null,null,null,null,null,null,3802964,null,null,null,null,null,null,null,null,null,null,null,null,null,null,null,null,null,null,null,null,null,null,null,null,null,null,null,null,null,null,null,null,null,null,null,null,null,null,null,null,null,null,null,null,null,null,null,null,null,null,null,null,null,null,null,null,null,null,null,null,null,"               Итого Поз. 3-9, 15-22, 28-31, 37-40, 47-51, 56-58, 60-61, 67-69, 74, 76"]
["          Перевозка грузов автотранспортом:",null,null,null,null,null,null,null,null,null,null,null,null,null,null,null,null,null,null,null,null,null,null,null,null,null,null,null,null,null,null,null,null,null,null,null,null,null,null,null,null,null,null,null,null,null,null,null,null,null,null,null,null,null,null,null,null,null,null,null,null,null,null,null,null,null,null,null,null,null,null,null,null,"          Перевозка грузов автотранспортом:"]
["               Итого Поз. 11, 24, 33, 42, 53, 63, 71",null,null,null,null,null,null,null,null,null,null,5689,null,null,null,null,null,null,null,null,null,null,null,null,null,null,null,null,null,null,null,null,null,null,null,null,null,null,null,null,null,null,null,null,null,null,null,null,null,null,null,null,null,null,null,null,null,null,null,null,null,null,null,null,null,null,null,null,null,null,null,null,null,"               Итого Поз. 11, 24, 33, 42, 53, 63, 71"]
["          Погрузо-разгрузочные работы:",null,null,null,null,null,null,null,null,null,null,null,null,null,null,null,null,null,null,null,null,null,null,null,null,null,null,null,null,null,null,null,null,null,null,null,null,null,null,null,null,null,null,null,null,null,null,null,null,null,null,null,null,null,null,null,null,null,null,null,null,null,null,null,null,null,null,null,null,null,null,null,null,"          Погрузо-разгрузочные работы:"]
["               Итого Поз. 12, 25, 34, 43, 54, 64, 72",null,null,null,null,null,null,null,null,null,null,11527,null,null,null,null,null,null,null,null,null,null,null,null,null,null,null,null,null,null,null,null,null,null,null,null,null,null,null,null,null,null,null,null,null,null,null,null,null,null,null,null,null,null,null,null,null,null,null,null,null,null,null,null,null,null,null,null,null,null,null,null,null,"               Итого Поз. 12, 25, 34, 43, 54, 64, 72"]
["          Защита строительных конструкций и оборудования от коррозии:",null,null,null,null,null,null,null,null,null,null,null,null,null,null,null,null,null,null,null,null,null,null,null,null,null,null,null,null,null,null,null,null,null,null,null,null,null,null,null,null,null,null,null,null,null,null,null,null,null,null,null,null,null,null,null,null,null,null,null,null,null,null,null,null,null,null,null,null,null,null,null,null,"          Защита строительных конструкций и оборудования от коррозии:"]
["               Итого Поз. 73, 75",null,null,null,null,null,null,null,null,null,null,68367,62186,2409,141,null,null,null,null,null,null,null,null,null,null,null,null,null,null,null,null,null,null,null,null,null,null,null,null,null,null,null,null,null,null,null,null,null,null,null,null,null,null,null,null,null,null,null,null,null,null,null,null,null,null,null,null,null,null,null,null,null,null,"               Итого Поз. 73, 75"]
["               Накладные расходы 94% ФОТ (от 62 327)",null,null,null,null,null,null,null,null,null,null,58587,null,null,null,null,null,null,null,null,null,null,null,null,null,null,null,null,null,null,null,null,null,null,null,null,null,null,null,null,null,null,null,null,null,null,null,null,null,null,null,null,null,null,null,null,null,null,null,null,null,null,null,null,null,null,null,null,null,null,null,null,null,"               Накладные расходы 94% ФОТ (от 62 327)"]
["               Сметная прибыль 51% ФОТ (от 62 327)",null,null,null,null,null,null,null,null,null,null,31787,null,null,null,null,null,null,null,null,null,null,null,null,null,null,null,null,null,null,null,null,null,null,null,null,null,null,null,null,null,null,null,null,null,null,null,null,null,null,null,null,null,null,null,null,null,null,null,null,null,null,null,null,null,null,null,null,null,null,null,null,null,"               Сметная прибыль 51% ФОТ (от 62 327)"]
["               Итого c накладными и см. прибылью",null,null,null,null,null,null,null,null,null,null,158741,null,null,null,null,null,null,null,null,null,null,null,null,null,null,null,null,null,null,null,null,null,null,null,null,null,null,null,null,null,null,null,null,null,null,null,null,null,null,null,null,null,null,null,null,null,null,null,null,null,null,null,null,null,null,null,null,null,null,null,null,null,"               Итого c накладными и см. прибылью"]
["          Итого",null,null,null,null,null,null,null,null,null,null,6977415,null,null,null,null,null,null,null,null,null,null,null,null,null,null,null,null,null,null,null,null,null,null,null,null,null,null,null,null,null,null,null,null,null,null,null,null,null,null,null,null,null,null,null,null,null,null,null,null,null,null,null,null,null,null,null,null,null,null,null,null,null,"          Итого"]
["     Итоги по Монтажным работам",null,null,null,null,null,null,null,null,null,null,null,null,null,null,null,null,null,null,null,null,null,null,null,null,null,null,null,null,null,null,null,null,null,null,null,null,null,null,null,null,null,null,null,null,null,null,null,null,null,null,null,null,null,null,null,null,null,null,null,null,null,null,null,null,null,null,null,null,null,null,null,null,"     Итоги по Монтажным работам"]
["          Изготовление технологических металлических конструкций в условиях производственных баз:",null,null,null,null,null,null,null,null,null,null,null,null,null,null,null,null,null,null,null,null,null,null,null,null,null,null,null,null,null,null,null,null,null,null,null,null,null,null,null,null,null,null,null,null,null,null,null,null,null,null,null,null,null,null,null,null,null,null,null,null,null,null,null,null,null,null,null,null,null,null,null,null,"          Изготовление технологических металлических конструкций в условиях производственных баз:"]
["               Итого Поз. 2, 14, 27, 36, 46, 66",null,null,null,null,null,null,null,null,null,null,1774298,1547944,168208,37063,null,null,null,null,null,null,null,null,null,null,null,null,null,null,null,null,null,null,null,null,null,null,null,null,null,null,null,null,null,null,null,null,null,null,null,null,null,null,null,null,null,null,null,null,null,null,null,null,null,null,null,null,null,null,null,null,null,null,"               Итого Поз. 2, 14, 27, 36, 46, 66"]
["               Накладные расходы 90% ФОТ (от 1 585 007)",null,null,null,null,null,null,null,null,null,null,1426506,null,null,null,null,null,null,null,null,null,null,null,null,null,null,null,null,null,null,null,null,null,null,null,null,null,null,null,null,null,null,null,null,null,null,null,null,null,null,null,null,null,null,null,null,null,null,null,null,null,null,null,null,null,null,null,null,null,null,null,null,null,"               Накладные расходы 90% ФОТ (от 1 585 007)"]
["               Сметная прибыль 45% ФОТ (от 1 585 007)",null,null,null,null,null,null,null,null,null,null,713253,null,null,null,null,null,null,null,null,null,null,null,null,null,null,null,null,null,null,null,null,null,null,null,null,null,null,null,null,null,null,null,null,null,null,null,null,null,null,null,null,null,null,null,null,null,null,null,null,null,null,null,null,null,null,null,null,null,null,null,null,null,"               Сметная прибыль 45% ФОТ (от 1 585 007)"]
["               Итого c накладными и см. прибылью",null,null,null,null,null,null,null,null,null,null,3914057,null,null,null,null,null,null,null,null,null,null,null,null,null,null,null,null,null,null,null,null,null,null,null,null,null,null,null,null,null,null,null,null,null,null,null,null,null,null,null,null,null,null,null,null,null,null,null,null,null,null,null,null,null,null,null,null,null,null,null,null,null,"               Итого c накладными и см. прибылью"]
["          Электротехнические установки на других объектах:",null,null,null,null,null,null,null,null,null,null,null,null,null,null,null,null,null,null,null,null,null,null,null,null,null,null,null,null,null,null,null,null,null,null,null,null,null,null,null,null,null,null,null,null,null,null,null,null,null,null,null,null,null,null,null,null,null,null,null,null,null,null,null,null,null,null,null,null,null,null,null,null,"          Электротехнические установки на других объектах:"]
["               Итого Поз. 65",null,null,null,null,null,null,null,null,null,null,16275,11849,2456,446,null,null,null,null,null,null,null,null,null,null,null,null,null,null,null,null,null,null,null,null,null,null,null,null,null,null,null,null,null,null,null,null,null,null,null,null,null,null,null,null,null,null,null,null,null,null,null,null,null,null,null,null,null,null,null,null,null,null,"               Итого Поз. 65"]
["               Накладные расходы 97% ФОТ (от 12 295)",null,null,null,null,null,null,null,null,null,null,11926,null,null,null,null,null,null,null,null,null,null,null,null,null,null,null,null,null,null,null,null,null,null,null,null,null,null,null,null,null,null,null,null,null,null,null,null,null,null,null,null,null,null,null,null,null,null,null,null,null,null,null,null,null,null,null,null,null,null,null,null,null,"               Накладные расходы 97% ФОТ (от 12 295)"]
["               Сметная прибыль 51% ФОТ (от 12 295)",null,null,null,null,null,null,null,null,null,null,6270,null,null,null,null,null,null,null,null,null,null,null,null,null,null,null,null,null,null,null,null,null,null,null,null,null,null,null,null,null,null,null,null,null,null,null,null,null,null,null,null,null,null,null,null,null,null,null,null,null,null,null,null,null,null,null,null,null,null,null,null,null,"               Сметная прибыль 51% ФОТ (от 12 295)"]
["               Итого c накладными и см. прибылью",null,null,null,null,null,null,null,null,null,null,34471,null,null,null,null,null,null,null,null,null,null,null,null,null,null,null,null,null,null,null,null,null,null,null,null,null,null,null,null,null,null,null,null,null,null,null,null,null,null,null,null,null,null,null,null,null,null,null,null,null,null,null,null,null,null,null,null,null,null,null,null,null,"               Итого c накладными и см. прибылью"]
["          Итого",null,null,null,null,null,null,null,null,null,null,3948528,null,null,null,null,null,null,null,null,null,null,null,null,null,null,null,null,null,null,null,null,null,null,null,null,null,null,null,null,null,null,null,null,null,null,null,null,null,null,null,null,null,null,null,null,null,null,null,null,null,null,null,null,null,null,null,null,null,null,null,null,null,"          Итого"]
["     Итого",null,null,null,null,null,null,null,null,null,null,10925943,null,null,null,null,null,null,null,null,null,null,null,null,null,null,null,null,null,null,null,null,null,null,null,null,null,null,null,null,null,null,null,null,null,null,null,null,null,null,null,null,null,null,null,null,null,null,null,null,null,null,null,null,null,null,null,null,null,null,null,null,null,"     Итого"]
["          В том числе:",null,null,null,null,null,null,null,null,null,null,null,null,null,null,null,null,null,null,null,null,null,null,null,null,null,null,null,null,null,null,null,null,null,null,null,null,null,null,null,null,null,null,null,null,null,null,null,null,null,null,null,null,null,null,null,null,null,null,null,null,null,null,null,null,null,null,null,null,null,null,null,null,"          В том числе:"]
["            Основная заработная плата",null,null,null,null,null,null,null,null,null,null,2503328,null,null,null,null,null,null,null,null,null,null,null,null,null,null,null,null,null,null,null,null,null,null,null,null,null,null,null,null,null,null,null,null,null,null,null,null,null,null,null,null,null,null,null,null,null,null,null,null,null,null,null,null,null,null,null,null,null,null,null,null,null,"            Основная заработная плата"]
["            Материалы",null,null,null,null,null,null,null,null,null,null,3981690,null,null,null,null,null,null,null,null,null,null,null,null,null,null,null,null,null,null,null,null,null,null,null,null,null,null,null,null,null,null,null,null,null,null,null,null,null,null,null,null,null,null,null,null,null,null,null,null,null,null,null,null,null,null,null,null,null,null,null,null,null,"            Материалы"]
["            Машины и механизмы",null,null,null,null,null,null,null,null,null,null,592664,null,null,null,null,null,null,null,null,null,null,null,null,null,null,null,null,null,null,null,null,null,null,null,null,null,null,null,null,null,null,null,null,null,null,null,null,null,null,null,null,null,null,null,null,null,null,null,null,null,null,null,null,null,null,null,null,null,null,null,null,null,"            Машины и механизмы"]
["                в том числе заработная плата машинистов",null,null,null,null,null,null,null,null,null,null,188515,null,null,null,null,null,null,null,null,null,null,null,null,null,null,null,null,null,null,null,null,null,null,null,null,null,null,null,null,null,null,null,null,null,null,null,null,null,null,null,null,null,null,null,null,null,null,null,null,null,null,null,null,null,null,null,null,null,null,null,null,null,"                в том числе заработная плата машинистов"]
["            Накладные расходы",null,null,null,null,null,null,null,null,null,null,2456978,null,null,null,null,null,null,null,null,null,null,null,null,null,null,null,null,null,null,null,null,null,null,null,null,null,null,null,null,null,null,null,null,null,null,null,null,null,null,null,null,null,null,null,null,null,null,null,null,null,null,null,null,null,null,null,null,null,null,null,null,null,"            Накладные расходы"]
["            Сметная прибыль",null,null,null,null,null,null,null,null,null,null,1391283,null,null,null,null,null,null,null,null,null,null,null,null,null,null,null,null,null,null,null,null,null,null,null,null,null,null,null,null,null,null,null,null,null,null,null,null,null,null,null,null,null,null,null,null,null,null,null,null,null,null,null,null,null,null,null,null,null,null,null,null,null,"            Сметная прибыль"]
["     Временные здания и сооружения 5,2%",null,null,null,null,null,null,null,null,null,null,568149,null,null,null,null,null,null,null,null,null,null,null,null,null,null,null,null,null,null,null,null,null,null,null,null,null,null,null,null,null,null,null,null,null,null,null,null,null,null,null,null,null,null,null,null,null,null,null,null,null,null,null,null,null,null,null,null,null,null,null,null,null,"     Временные здания и сооружения 5,2%"]
["     Итого",null,null,null,null,null,null,null,null,null,null,11494092,null,null,null,null,null,null,null,null,null,null,null,null,null,null,null,null,null,null,null,null,null,null,null,null,null,null,null,null,null,null,null,null,null,null,null,null,null,null,null,null,null,null,null,null,null,null,null,null,null,null,null,null,null,null,null,null,null,null,null,null,null,null,"     Итого"]
["     Производство работ в зимнее время 2,1%",null,null,null,null,null,null,null,null,null,null,241376,null,null,null,null,null,null,null,null,null,null,null,null,null,null,null,null,null,null,null,null,null,null,null,null,null,null,null,null,null,null,null,null,null,null,null,null,null,null,null,null,null,null,null,null,null,null,null,null,null,null,null,null,null,null,null,null,null,null,null,null,null,"     Производство работ в зимнее время 2,1%"]
["     Вахтовый метод 3,5%",null,null,null,null,null,null,null,null,null,null,402293,null,null,null,null,null,null,null,null,null,null,null,null,null,null,null,null,null,null,null,null,null,null,null,null,null,null,null,null,null,null,null,null,null,null,null,null,null,null,null,null,null,null,null,null,null,null,null,null,null,null,null,null,null,null,null,null,null,null,null,null,null,"     Вахтовый метод 3,5%"]
["     Перевозка работников свыше 3 км 2,5%",null,null,null,null,null,null,null,null,null,null,287352,null,null,null,null,null,null,null,null,null,null,null,null,null,null,null,null,null,null,null,null,null,null,null,null,null,null,null,null,null,null,null,null,null,null,null,null,null,null,null,null,null,null,null,null,null,null,null,null,null,null,null,null,null,null,null,null,null,null,null,null,null,"     Перевозка работников свыше 3 км 2,5%"]
["     Перебазировка машин и механизмов 2%",null,null,null,null,null,null,null,null,null,null,229882,null,null,null,null,null,null,null,null,null,null,null,null,null,null,null,null,null,null,null,null,null,null,null,null,null,null,null,null,null,null,null,null,null,null,null,null,null,null,null,null,null,null,null,null,null,null,null,null,null,null,null,null,null,null,null,null,null,null,null,null,null,"     Перебазировка машин и механизмов 2%"]
["     Итого",null,null,null,null,null,null,null,null,null,null,12654995,null,null,null,null,null,null,null,null,null,null,null,null,null,null,null,null,null,null,null,null,null,null,null,null,null,null,null,null,null,null,null,null,null,null,null,null,null,null,null,null,null,null,null,null,null,null,null,null,null,null,null,null,null,null,null,null,null,null,null,null,null,null,"     Итого"]
["     Непредвиденные затраты 3%",null,null,null,null,null,null,null,null,null,null,379650,null,null,null,null,null,null,null,null,null,null,null,null,null,null,null,null,null,null,null,null,null,null,null,null,null,null,null,null,null,null,null,null,null,null,null,null,null,null,null,null,null,null,null,null,null,null,null,null,null,null,null,null,null,null,null,null,null,null,null,null,null,"     Непредвиденные затраты 3%"]
["     Итого с непредвиденными",null,null,null,null,null,null,null,null,null,null,13034645,null,null,null,null,null,null,null,null,null,null,null,null,null,null,null,null,null,null,null,null,null,null,null,null,null,null,null,null,null,null,null,null,null,null,null,null,null,null,null,null,null,null,null,null,null,null,null,null,null,null,null,null,null,null,null,null,null,null,null,null,null,null,"     Итого с непредвиденными"]
["     НДС 20%",null,null,null,null,null,null,null,null,null,null,2606929,null,null,null,null,null,null,null,null,null,null,null,null,null,null,null,null,null,null,null,null,null,null,null,null,null,null,null,null,null,null,null,null,null,null,null,null,null,null,null,null,null,null,null,null,null,null,null,null,null,null,null,null,null,null,null,null,null,null,null,null,null,"     НДС 20%"]
["  ВСЕГО по смете",null,null,null,null,null,null,null,null,null,null,15641574,null,null,null,null,null,null,null,null,null,null,null,null,null,null,null,null,null,null,null,null,null,null,null,null,null,null,null,null,null,null,null,null,null,null,null,null,null,null,null,null,null,null,null,null,null,null,null,null,null,null,null,null,null,null,null,null,null,null,null,null,null,null,null,"  ВСЕГО по смете"]
[]
["Заказчик:  ____________________________ ООО \"ЕвроХим Терминал Усть-Луга\""]
["[должность, подпись (инициалы, фамилия)]"]

{"sheet":"Смета_1632-2021-3.4-АР","index":6,"n_rows":308,"n_cols":75,"rows_kept":308,"cut":false,"hidden":false,"merged":[[1,0,1,14],[2,0,2,14],[4,0,4,14],[5,0,5,14],[6,0,6,14],[7,0,7,14],[8,2,8,6],[15,5,15,14],[18,0,20,0],[18,1,20,1],[18,2,20,4],[18,5,20,5],[18,6,20,6],[18,7,18,10],[18,11,18,14],[19,7,20,7],[24,2,24,4],[25,2,25,14],[26,2,26,14],[27,2,27,14],[30,2,30,4],[31,2,31,14],[19,8,19,10],[19,11,20,11],[19,12,19,14],[21,2,21,4],[22,0,22,14],[23,0,23,14],[40,2,40,14],[41,2,41,14],[42,2,42,14],[45,2,45,4],[46,2,46,14],[47,2,47,14],[32,2,32,14],[33,2,33,4],[34,2,34,14],[35,2,35,14],[36,2,36,14],[39,2,39,4],[54,2,54,14],[57,2,57,4],[58,2,58,14],[59,2,59,14],[60,0,60,10],[61,0,61,14],[48,2,48,4],[49,2,49,14],[50,2,50,14],[51,2,51,4],[52,2,52,14],[53,2,53,14],[70,0,70,10],[71,0,71,14],[72,2,72,4],[73,2,73,14],[74,2,74,14],[77,2,77,4],[62,2,62,4],[63,2,63,14],[64,2,64,14],[67,2,67,4],[68,2,68,14],[69,2,69,14],[86,2,86,4],[87,2,87,14],[88,2,88,14],[91,2,91,4],[92,2,92,14],[93,2,93,14],[78,2,78,14],[79,2,79,14],[80,0,80,14],[81,2,81,4],[82,2,82,14],[83,2,83,14],[102,2,102,4],[103,2,103,14],[104,2,104,14],[105,2,105,14],[106,2,106,14],[109,2,109,4],[94,0,94,10],[95,0,95,14],[96,2,96,4],[97,2,97,14],[98,2,98,14],[99,2,99,14],[118,2,118,14],[119,2,119,14],[120,2,120,14],[123,0,123,10],[124,0,124,14],[125,0,125,14],[110,2,110,14],[111,2,111,14],[112,2,112,4],[113,2,113,14],[114,2,114,14],[117,2,117,4],[136,2,136,4],[137,2,137,14],[138,2,138,14],[141,2,141,4],[142,2,142,14],[143,2,143,14],[126,2,126,4],[127,2,127,14],[128,2,128,14],[131,2,131,4],[132,2,132,14],[133,2,133,14],[154,2,154,4],[155,2,155,14],[156,2,156,14],[157,2,157,4],[158,2,158,14],[159,2,159,14],[146,0,146,14],[147,0,147,10],[148,0,148,14],[149,2,149,4],[150,2,150,14],[151,2,151,14],[168,2,168,14],[171,2,171,4],[172,2,172,14],[173,2,173,14],[174,2,174,14],[175,2,175,14],[162,2,162,4],[163,2,163,14],[164,2,164,14],[165,2,165,4],[166,2,166,14],[167,2,167,14],[184,2,184,14],[187,2,187,4],[188,2,188,14],[189,2,189,14],[190,2,190,4],[191,2,191,14],[178,2,178,4],[179,2,179,14],[180,2,180,14],[181,2,181,4],[182,2,182,14],[183,2,183,14],[200,2,200,14],[203,2,203,4],[204,2,204,14],[205,2,205,14],[206,2,206,4],[207,2,207,14],[192,2,192,14],[193,2,193,14],[196,2,196,4],[197,2,197,14],[198,2,198,14],[199,2,199,14],[218,2,218,14],[221,2,221,4],[222,2,222,14],[223,2,223,14],[224,0,224,10],[225,0,225,10],[208,2,208,14],[211,2,211,4],[212,2,212,14],[213,2,213,14],[216,2,216,4],[217,2,217,14],[232,0,232,10],[233,0,233,10],[234,0,234,10],[235,0,235,10],[236,0,236,10],[237,0,237,10],[226,0,226,10],[227,0,227,10],[228,0,228,10],[229,0,229,10],[230,0,230,10],[231,0,231,10],[244,0,244,10],[245,0,245,10],[246,0,246,10],[247,0,247,10],[248,0,248,10],[249,0,249,10],[238,0,238,10],[239,0,239,10],[240,0,240,10],[241,0,241,10],[242,0,242,10],[243,0,243,10],[256,0,256,10],[257,0,257,10],[258,0,258,10],[259,0,259,10],[260,0,260,10],[261,0,261,10],[250,0,250,10],[251,0,251,10],[252,0,252,10],[253,0,253,10],[254,0,254,10],[255,0,255,10],[268,0,268,10],[269,0,269,10],[270,0,270,10],[271,0,271,10],[272,0,272,10],[273,0,273,10],[262,0,262,10],[263,0,263,10],[264,0,264,10],[265,0,265,10],[266,0,266,10],[267,0,267,10],[280,0,280,10],[281,0,281,10],[282,0,282,10],[283,0,283,10],[284,0,284,10],[285,0,285,10],[274,0,274,10],[275,0,275,10],[276,0,276,10],[277,0,277,10],[278,0,278,10],[279,0,279,10],[292,0,292,10],[293,0,293,10],[294,0,294,10],[295,0,295,10],[296,0,296,10],[297,0,297,10],[286,0,286,10],[287,0,287,10],[288,0,288,10],[289,0,289,10],[290,0,290,10],[291,0,291,10],[304,0,304,10],[306,0,306,14],[307,0,307,14],[310,8,310,10],[298,0,298,10],[299,0,299,10],[300,0,300,10],[301,0,301,10],[302,0,302,10],[303,0,303,10]]}
[]
["Терминал по перевалке минеральных удобрений в морском торговом порту Усть-Луга. Береговые объекты терминала",null,null,null,null,null,null,null,null,null,null,null,null,null,null,null,null,null,"Терминал по перевалке минеральных удобрений в морском торговом порту Усть-Луга. Береговые объекты терминала","","","","","","","","","","","","","",""]
["(наименование стройки)"]
[]
["ЛОКАЛЬНАЯ СМЕТА № 1632-2021-3.4-АР_01.05.060-П-00-00"]
["(локальная смета)"]
["на Архитектурные решения, 07.06.060 Ангар для хранения ТМЦ (код SAP 01.05.019) код ГП 3.4",null,null,null,null,null,null,null,null,null,null,null,null,null,null,null,null,null,null,null,null,null,null,null,null,null,null,null,null,null,null,null,null,"на Архитектурные решения, 07.06.060 Ангар для хранения ТМЦ (код SAP 01.05.019) код ГП 3.4","","","","","","","","","","","","","",""]
["(наименование работ и затрат, наименование объекта)"]
[null,"Основание:","1632-2021-3.4-АР_0_0_RU_IFС",null,null,null,null,null,null,null,null,null,null,null,null,null,null,null,null,null,null,null,null,null,null,null,null,null,null,null,null,null,null,null,null,null,null,null,null,null,null,null,null,null,null,null,null,null,"1632-2021-3.4-АР_0_0_RU_IFС","","","",""]
[null,"Сметная стоимость",null,null,9727173.2899999991,"руб."]
[null,"   строительных работ",null,null,5786133.2400000002,"руб."]
[null,"   монтажных работ",null,null,1008485.97,"руб."]
[null,"Средства на оплату труда",null,null,1153195.72,"руб."]
[null,"Сметная трудоемкость",null,null,2232.1,"чел.час"]
[null,"Трудозатраты механизаторов",null,null,182.38,"чел.час"]
[null,"Составлен(а) в текущих (прогнозных) ценах по состоянию на ",null,null,null,"2 кв. 2023г.",null,null,null,null,null,null,null,null,null,null,null,null,null,null,null,null,null,null,null,null,null,null,null,null,null,null,null,null,null,null,null,null,null,null,null,null,null,null,null,null,null,null,null,null,null,null,null,"2 кв. 2023г.","","","","","","","","",""]
[]
[]
["№ п/п","Обоснование","Наименование работ и затрат",null,null,"Единица измерения","Кол-во","Стоимость единицы, руб.",null,null,null,"Общая стоимость, руб."]
[null,null,null,null,null,null,null,"Всего","В том числе",null,null,"Всего","В том числе"]
[null,null,null,null,null,null,null,null,"Осн.З/п","Эк.Маш","З/пМех",null,"Осн.З/п","Эк.Маш","З/пМех"]
[1,2,3,null,null,4,5,6,7,8,9,10,11,12,13]
["Раздел 1. Кровля",null,null,null,null,null,null,null,null,null,null,null,null,null,null,null,null,null,null,null,null,null,null,null,null,null,null,null,null,null,null,null,null,null,null,null,null,null,null,null,null,null,null,null,null,null,null,null,null,null,null,null,null,null,null,null,null,null,null,null,null,null,null,"Раздел 1. Кровля"]
["Устройство кровли из профлиста см. в разделе КМ",null,null,null,null,null,null,null,null,null,null,null,null,null,null,null,null,null,null,null,null,null,null,null,null,null,null,null,null,null,null,null,null,null,null,null,null,null,null,null,null,null,null,null,null,null,null,null,null,null,null,null,null,null,null,null,null,null,null,null,null,null,null,null,"Устройство кровли из профлиста см. в разделе КМ"]
["7","ТЕР12-01-009-02\nПриказ Администрации ЛО от 20.10.15 №28","Устройство желобов: подвесных",null,null,"100 м желобов",0.61099999999999999,2375.6799999999998,584.09,32.15,4.51,19921.650000000001,10385.09,226.91,80.150000000000006,null,null,null,null,null,null,null,null,null,null,null,null,null,null,null,null,null,null,null,null,null,null,null,null,null,null,null,null,null,null,null,null,null,null,null,null,null,null,null,null,null,null,null,null,null,null,null,null,null,null,"Устройство желобов: подвесных"]
[null,null,"2 295,30 = 6 678,24 - 0,452 x 9 696,76",null,null,null,null,null,null,null,null,null,null,null,null,null,null,null,null,null,null,null,null,null,null,null,null,null,null,null,null,null,null,null,null,null,null,null,null,null,null,null,null,null,null,null,null,null,null,null,null,null,null,null,null,null,null,null,null,null,null,null,null,null,null,null,"2 295,30 = 6 678,24 - 0,452 x 9 696,76"]
[null,"421/пр_2020_прил.10_т.1_п.2_гр.3"," Производство работ осуществляется на территории действующего предприятия с наличием в зоне производства работ одного или нескольких из следующих факторов:\n- разветвленной сети транспортных и инженерных коммуникаций;\n- стесненных условий для складирования материалов;\n- действующего технологического оборудования;\n- движения технологического транспорта ОЗП=1,15; ЭМ=1,15 к расх.; ЗПМ=1,15; ТЗ=1,15; ТЗМ=1,15",null,null,null,null,null,null,null,null,null,null,null,null,null,null,null,null,null,null,null,null,null,null,null,null,null,null,null,null,null,null,null,null,null,null,null,null,null,null,null,null,null,null,null,null,null,null,null,null,null,null,null,null,null,null,null,null,null,null,null,null,null,null,null,null," Производство работ осуществляется на территории действующего предприятия с наличием в зоне производства работ одного или нескольких из следующих факторов:\n- разветвленной сети транспортных и инженерных коммуникаций;\n- стесненных условий для складирования материалов;\n- действующего технологического оборудования;\n- движения технологического транспорта ОЗП=1,15; ЭМ=1,15 к расх.; ЗПМ=1,15; ТЗ=1,15; ТЗМ=1,15"]
[null,"1","ИНДЕКС К ПОЗИЦИИ: II кв. 2025 г. Минстрой письмо №29761-ИФ/09 от 23.05.2025 г. (ПРОЧИЕ, ТЕР-2001) ОЗП=29,1; ЭМ=11,55; ЗПМ=29,1; МАТ=8,66",null,null,null,null,null,null,null,null,null,null,null,null,null,null,null,null,null,null,null,null,null,null,null,null,null,null,null,null,null,null,null,null,null,null,null,null,null,null,null,null,null,null,null,null,null,null,null,null,null,null,null,null,null,null,null,null,null,null,null,null,null,null,null,null,null,"ИНДЕКС К ПОЗИЦИИ: II кв. 2025 г. Минстрой письмо №29761-ИФ/09 от 23.05.2025 г. (ПРОЧИЕ, ТЕР-2001) ОЗП=29,1; ЭМ=11,55; ЗПМ=29,1; МАТ=8,66"]
[null,null,null,null,"Накладные расходы 109% ФОТ (от 10 465,24)",null,null,null,null,null,null,11407.11]
[null,null,null,null,"Сметная прибыль 57% ФОТ (от 10 465,24)",null,null,null,null,null,null,5965.19]
["8","ТЦ_12.1.01.00_78_7804606806_25.01.2024_02\nАналог ТССЦ-203-0960 5219,18/5114,28=2%","Желоб водосточный D185х3000",null,null,"шт",20,"140,16\n1428/ндс/ИндМ225*1,02",null,null,null,24275.71,null,null,null,null,null,null,null,null,null,null,null,null,null,null,null,null,null,null,null,null,null,null,null,null,null,null,null,null,null,null,null,null,null,null,null,null,null,null,null,null,null,null,null,null,null,null,null,null,null,null,null,null,null,"Желоб водосточный D185х3000"]
[null,null,"Цена МАТ=1428/ндс/ИндМ225*1,02",null,null,null,null,null,null,null,null,null,null,null,null,null,null,null,null,null,null,null,null,null,null,null,null,null,null,null,null,null,null,null,null,null,null,null,null,null,null,null,null,null,null,null,null,null,null,null,null,null,null,null,null,null,null,null,null,null,null,null,null,null,null,null,null,null,null,"Цена МАТ=1428/ндс/ИндМ225*1,02"]
[null,"1","ИНДЕКС К ПОЗИЦИИ: II кв. 2025 г. Минстрой письмо №29761-ИФ/09 от 23.05.2025 г. (ПРОЧИЕ, ТЕР-2001) ОЗП=29,1; ЭМ=11,55; ЗПМ=29,1; МАТ=8,66",null,null,null,null,null,null,null,null,null,null,null,null,null,null,null,null,null,null,null,null,null,null,null,null,null,null,null,null,null,null,null,null,null,null,null,null,null,null,null,null,null,null,null,null,null,null,null,null,null,null,null,null,null,null,null,null,null,null,null,null,null,null,null,null,null,"ИНДЕКС К ПОЗИЦИИ: II кв. 2025 г. Минстрой письмо №29761-ИФ/09 от 23.05.2025 г. (ПРОЧИЕ, ТЕР-2001) ОЗП=29,1; ЭМ=11,55; ЗПМ=29,1; МАТ=8,66"]
["9","ТЕР12-01-008-01\nПриказ Администрации ЛО от 20.10.15 №28","Устройство обделок на фасадах (наружные подоконники, пояски, балконы и др.): включая водосточные трубы, с изготовлением элементов труб// прим.",null,null,"100 м2фасада (без вычета проемов)",6.9984000000000002,431.18,249.18,4.1399999999999997,null,61860.82,50746.77,334.64,null,null,null,null,null,null,null,null,null,null,null,null,null,null,null,null,null,null,null,null,null,null,null,null,null,null,null,null,null,null,null,null,null,null,null,null,null,null,null,null,null,null,null,null,null,null,null,null,null,null,null,"Устройство обделок на фасадах (наружные подоконники, пояски, балконы и др.): включая водосточные трубы, с изготовлением элементов труб// прим."]
[null,null,"398,14 = 1 096,31 - 0,072 x 9 696,76",null,null,null,null,null,null,null,null,null,null,null,null,null,null,null,null,null,null,null,null,null,null,null,null,null,null,null,null,null,null,null,null,null,null,null,null,null,null,null,null,null,null,null,null,null,null,null,null,null,null,null,null,null,null,null,null,null,null,null,null,null,null,null,"398,14 = 1 096,31 - 0,072 x 9 696,76"]
[null,"421/пр_2020_прил.10_т.1_п.2_гр.3"," Производство работ осуществляется на территории действующего предприятия с наличием в зоне производства работ одного или нескольких из следующих факторов:\n- разветвленной сети транспортных и инженерных коммуникаций;\n- стесненных условий для складирования материалов;\n- действующего технологического оборудования;\n- движения технологического транспорта ОЗП=1,15; ЭМ=1,15 к расх.; ЗПМ=1,15; ТЗ=1,15; ТЗМ=1,15",null,null,null,null,null,null,null,null,null,null,null,null,null,null,null,null,null,null,null,null,null,null,null,null,null,null,null,null,null,null,null,null,null,null,null,null,null,null,null,null,null,null,null,null,null,null,null,null,null,null,null,null,null,null,null,null,null,null,null,null,null,null,null,null," Производство работ осуществляется на территории действующего предприятия с наличием в зоне производства работ одного или нескольких из следующих факторов:\n- разветвленной сети транспортных и инженерных коммуникаций;\n- стесненных условий для складирования материалов;\n- действующего технологического оборудования;\n- движения технологического транспорта ОЗП=1,15; ЭМ=1,15 к расх.; ЗПМ=1,15; ТЗ=1,15; ТЗМ=1,15"]
[null,"1","ИНДЕКС К ПОЗИЦИИ: II кв. 2025 г. Минстрой письмо №29761-ИФ/09 от 23.05.2025 г. (ПРОЧИЕ, ТЕР-2001) ОЗП=29,1; ЭМ=11,55; ЗПМ=29,1; МАТ=8,66",null,null,null,null,null,null,null,null,null,null,null,null,null,null,null,null,null,null,null,null,null,null,null,null,null,null,null,null,null,null,null,null,null,null,null,null,null,null,null,null,null,null,null,null,null,null,null,null,null,null,null,null,null,null,null,null,null,null,null,null,null,null,null,null,null,"ИНДЕКС К ПОЗИЦИИ: II кв. 2025 г. Минстрой письмо №29761-ИФ/09 от 23.05.2025 г. (ПРОЧИЕ, ТЕР-2001) ОЗП=29,1; ЭМ=11,55; ЗПМ=29,1; МАТ=8,66"]
[null,null,null,null,"Накладные расходы 109% ФОТ (от 50 746,77)",null,null,null,null,null,null,55313.98]
[null,null,null,null,"Сметная прибыль 57% ФОТ (от 50 746,77)",null,null,null,null,null,null,28925.66]
["4","ТЕР12-01-008-02\nПриказ Администрации ЛО от 20.10.15 №28","Устройство обделок на фасадах (наружные подоконники, пояски, балконы и др.): без водосточных труб",null,null,"100 м2фасада (без вычета проемов)",-6.9984000000000002,105.74,91.11,1.38,null,-19470.36,-18555.78,-111.55,null,null,null,null,null,null,null,null,null,null,null,null,null,null,null,null,null,null,null,null,null,null,null,null,null,null,null,null,null,null,null,null,null,null,null,null,null,null,null,null,null,null,null,null,null,null,null,null,null,null,null,"Устройство обделок на фасадах (наружные подоконники, пояски, балконы и др.): без водосточных труб"]
[null,null,"93,68 = 394,28 - 0,031 x 9 696,76",null,null,null,null,null,null,null,null,null,null,null,null,null,null,null,null,null,null,null,null,null,null,null,null,null,null,null,null,null,null,null,null,null,null,null,null,null,null,null,null,null,null,null,null,null,null,null,null,null,null,null,null,null,null,null,null,null,null,null,null,null,null,null,"93,68 = 394,28 - 0,031 x 9 696,76"]
[null,"421/пр_2020_прил.10_т.1_п.2_гр.3"," Производство работ осуществляется на территории действующего предприятия с наличием в зоне производства работ одного или нескольких из следующих факторов:\n- разветвленной сети транспортных и инженерных коммуникаций;\n- стесненных условий для складирования материалов;\n- действующего технологического оборудования;\n- движения технологического транспорта ОЗП=1,15; ЭМ=1,15 к расх.; ЗПМ=1,15; ТЗ=1,15; ТЗМ=1,15",null,null,null,null,null,null,null,null,null,null,null,null,null,null,null,null,null,null,null,null,null,null,null,null,null,null,null,null,null,null,null,null,null,null,null,null,null,null,null,null,null,null,null,null,null,null,null,null,null,null,null,null,null,null,null,null,null,null,null,null,null,null,null,null," Производство работ осуществляется на территории действующего предприятия с наличием в зоне производства работ одного или нескольких из следующих факторов:\n- разветвленной сети транспортных и инженерных коммуникаций;\n- стесненных условий для складирования материалов;\n- действующего технологического оборудования;\n- движения технологического транспорта ОЗП=1,15; ЭМ=1,15 к расх.; ЗПМ=1,15; ТЗ=1,15; ТЗМ=1,15"]
[null,"1","ИНДЕКС К ПОЗИЦИИ: II кв. 2025 г. Минстрой письмо №29761-ИФ/09 от 23.05.2025 г. (ПРОЧИЕ, ТЕР-2001) ОЗП=29,1; ЭМ=11,55; ЗПМ=29,1; МАТ=8,66",null,null,null,null,null,null,null,null,null,null,null,null,null,null,null,null,null,null,null,null,null,null,null,null,null,null,null,null,null,null,null,null,null,null,null,null,null,null,null,null,null,null,null,null,null,null,null,null,null,null,null,null,null,null,null,null,null,null,null,null,null,null,null,null,null,"ИНДЕКС К ПОЗИЦИИ: II кв. 2025 г. Минстрой письмо №29761-ИФ/09 от 23.05.2025 г. (ПРОЧИЕ, ТЕР-2001) ОЗП=29,1; ЭМ=11,55; ЗПМ=29,1; МАТ=8,66"]
[null,null,null,null,"Накладные расходы 109% ФОТ (от -18 555,78)",null,null,null,null,null,null,-20225.8]
[null,null,null,null,"Сметная прибыль 57% ФОТ (от -18 555,78)",null,null,null,null,null,null,-10576.79]
["10","ТЦ_12.1.01.00_78_7804606806_25.01.2024_02\nАналог ТССЦ-301-5867 217,71/213,27=2%","Труба водосточная D150х3000мм",null,null,"шт",15,"170,88\n1741/ндс/ИндМ225*1,02",null,null,null,22197.31,null,null,null,null,null,null,null,null,null,null,null,null,null,null,null,null,null,null,null,null,null,null,null,null,null,null,null,null,null,null,null,null,null,null,null,null,null,null,null,null,null,null,null,null,null,null,null,null,null,null,null,null,null,"Труба водосточная D150х3000мм"]
[null,null,"Цена МАТ=1741/ндс/ИндМ225*1,02",null,null,null,null,null,null,null,null,null,null,null,null,null,null,null,null,null,null,null,null,null,null,null,null,null,null,null,null,null,null,null,null,null,null,null,null,null,null,null,null,null,null,null,null,null,null,null,null,null,null,null,null,null,null,null,null,null,null,null,null,null,null,null,null,null,null,"Цена МАТ=1741/ндс/ИндМ225*1,02"]
[null,"1","ИНДЕКС К ПОЗИЦИИ: II кв. 2025 г. Минстрой письмо №29761-ИФ/09 от 23.05.2025 г. (ПРОЧИЕ, ТЕР-2001) ОЗП=29,1; ЭМ=11,55; ЗПМ=29,1; МАТ=8,66",null,null,null,null,null,null,null,null,null,null,null,null,null,null,null,null,null,null,null,null,null,null,null,null,null,null,null,null,null,null,null,null,null,null,null,null,null,null,null,null,null,null,null,null,null,null,null,null,null,null,null,null,null,null,null,null,null,null,null,null,null,null,null,null,null,"ИНДЕКС К ПОЗИЦИИ: II кв. 2025 г. Минстрой письмо №29761-ИФ/09 от 23.05.2025 г. (ПРОЧИЕ, ТЕР-2001) ОЗП=29,1; ЭМ=11,55; ЗПМ=29,1; МАТ=8,66"]
["11","ТЦ_12.1.01.00_78_7804606806_25.01.2024_02\nАналог ТССЦ-115-0931  8,37/8,08=3%","Воронки выпускные D185/150",null,null,"шт",4,"66,25\n675/ндс/ИндМ225*1,02",null,null,null,2294.9,null,null,null,null,null,null,null,null,null,null,null,null,null,null,null,null,null,null,null,null,null,null,null,null,null,null,null,null,null,null,null,null,null,null,null,null,null,null,null,null,null,null,null,null,null,null,null,null,null,null,null,null,null,"Воронки выпускные D185/150"]
[null,null,"Цена МАТ=675/ндс/ИндМ225*1,02",null,null,null,null,null,null,null,null,null,null,null,null,null,null,null,null,null,null,null,null,null,null,null,null,null,null,null,null,null,null,null,null,null,null,null,null,null,null,null,null,null,null,null,null,null,null,null,null,null,null,null,null,null,null,null,null,null,null,null,null,null,null,null,null,null,null,"Цена МАТ=675/ндс/ИндМ225*1,02"]
[null,"1","ИНДЕКС К ПОЗИЦИИ: II кв. 2025 г. Минстрой письмо №29761-ИФ/09 от 23.05.2025 г. (ПРОЧИЕ, ТЕР-2001) ОЗП=29,1; ЭМ=11,55; ЗПМ=29,1; МАТ=8,66",null,null,null,null,null,null,null,null,null,null,null,null,null,null,null,null,null,null,null,null,null,null,null,null,null,null,null,null,null,null,null,null,null,null,null,null,null,null,null,null,null,null,null,null,null,null,null,null,null,null,null,null,null,null,null,null,null,null,null,null,null,null,null,null,null,"ИНДЕКС К ПОЗИЦИИ: II кв. 2025 г. Минстрой письмо №29761-ИФ/09 от 23.05.2025 г. (ПРОЧИЕ, ТЕР-2001) ОЗП=29,1; ЭМ=11,55; ЗПМ=29,1; МАТ=8,66"]
["12","ТЕР12-01-012-01\nПриказ Администрации ЛО от 20.10.15 №28","Ограждение кровель перилами // прим.",null,null,"100 м ограждения",0.61099999999999999,234.86,128.79,73.75,8.18,2981.33,2289.87,520.45000000000005,145.38,null,null,null,null,null,null,null,null,null,null,null,null,null,null,null,null,null,null,null,null,null,null,null,null,null,null,null,null,null,null,null,null,null,null,null,null,null,null,null,null,null,null,null,null,null,null,null,null,null,null,"Ограждение кровель перилами // прим."]
[null,null,"208,44 = 4 134,92 - 0,3 x 13 088,27",null,null,null,null,null,null,null,null,null,null,null,null,null,null,null,null,null,null,null,null,null,null,null,null,null,null,null,null,null,null,null,null,null,null,null,null,null,null,null,null,null,null,null,null,null,null,null,null,null,null,null,null,null,null,null,null,null,null,null,null,null,null,null,"208,44 = 4 134,92 - 0,3 x 13 088,27"]
[null,"421/пр_2020_прил.10_т.1_п.2_гр.3"," Производство работ осуществляется на территории действующего предприятия с наличием в зоне производства работ одного или нескольких из следующих факторов:\n- разветвленной сети транспортных и инженерных коммуникаций;\n- стесненных условий для складирования материалов;\n- действующего технологического оборудования;\n- движения технологического транспорта ОЗП=1,15; ЭМ=1,15 к расх.; ЗПМ=1,15; ТЗ=1,15; ТЗМ=1,15",null,null,null,null,null,null,null,null,null,null,null,null,null,null,null,null,null,null,null,null,null,null,null,null,null,null,null,null,null,null,null,null,null,null,null,null,null,null,null,null,null,null,null,null,null,null,null,null,null,null,null,null,null,null,null,null,null,null,null,null,null,null,null,null," Производство работ осуществляется на территории действующего предприятия с наличием в зоне производства работ одного или нескольких из следующих факторов:\n- разветвленной сети транспортных и инженерных коммуникаций;\n- стесненных условий для складирования материалов;\n- действующего технологического оборудования;\n- движения технологического транспорта ОЗП=1,15; ЭМ=1,15 к расх.; ЗПМ=1,15; ТЗ=1,15; ТЗМ=1,15"]
[null,"1","ИНДЕКС К ПОЗИЦИИ: II кв. 2025 г. Минстрой письмо №29761-ИФ/09 от 23.05.2025 г. (ПРОЧИЕ, ТЕР-2001) ОЗП=29,1; ЭМ=11,55; ЗПМ=29,1; МАТ=8,66",null,null,null,null,null,null,null,null,null,null,null,null,null,null,null,null,null,null,null,null,null,null,null,null,null,null,null,null,null,null,null,null,null,null,null,null,null,null,null,null,null,null,null,null,null,null,null,null,null,null,null,null,null,null,null,null,null,null,null,null,null,null,null,null,null,"ИНДЕКС К ПОЗИЦИИ: II кв. 2025 г. Минстрой письмо №29761-ИФ/09 от 23.05.2025 г. (ПРОЧИЕ, ТЕР-2001) ОЗП=29,1; ЭМ=11,55; ЗПМ=29,1; МАТ=8,66"]
[null,null,null,null,"Накладные расходы 109% ФОТ (от 2 435,25)",null,null,null,null,null,null,2654.42]
[null,null,null,null,"Сметная прибыль 57% ФОТ (от 2 435,25)",null,null,null,null,null,null,1388.09]
["13","ТЦ_12.1.01.00_78_7804606806_25.01.2024_02\nАналог ТССЦ-101-7317  128,60/126,01=2%","Снегозадержатель трубчатый (L=3 м. в комплекте с креплением)",null,null,"шт",20,"197,38\n2011/ндс/ИндМ225*1,02",null,null,null,34186.22,null,null,null,null,null,null,null,null,null,null,null,null,null,null,null,null,null,null,null,null,null,null,null,null,null,null,null,null,null,null,null,null,null,null,null,null,null,null,null,null,null,null,null,null,null,null,null,null,null,null,null,null,null,"Снегозадержатель трубчатый (L=3 м. в комплекте с креплением)"]
[null,null,"Цена МАТ=2011/ндс/ИндМ225*1,02",null,null,null,null,null,null,null,null,null,null,null,null,null,null,null,null,null,null,null,null,null,null,null,null,null,null,null,null,null,null,null,null,null,null,null,null,null,null,null,null,null,null,null,null,null,null,null,null,null,null,null,null,null,null,null,null,null,null,null,null,null,null,null,null,null,null,"Цена МАТ=2011/ндс/ИндМ225*1,02"]
[null,"1","ИНДЕКС К ПОЗИЦИИ: II кв. 2025 г. Минстрой письмо №29761-ИФ/09 от 23.05.2025 г. (ПРОЧИЕ, ТЕР-2001) ОЗП=29,1; ЭМ=11,55; ЗПМ=29,1; МАТ=8,66",null,null,null,null,null,null,null,null,null,null,null,null,null,null,null,null,null,null,null,null,null,null,null,null,null,null,null,null,null,null,null,null,null,null,null,null,null,null,null,null,null,null,null,null,null,null,null,null,null,null,null,null,null,null,null,null,null,null,null,null,null,null,null,null,null,"ИНДЕКС К ПОЗИЦИИ: II кв. 2025 г. Минстрой письмо №29761-ИФ/09 от 23.05.2025 г. (ПРОЧИЕ, ТЕР-2001) ОЗП=29,1; ЭМ=11,55; ЗПМ=29,1; МАТ=8,66"]
["Итого по разделу 1 Кровля",null,null,null,null,null,null,null,null,null,null,223099.43,null,null,null,null,null,null,null,null,null,null,null,null,null,null,null,null,null,null,null,null,null,null,null,null,null,null,null,null,null,null,null,null,null,null,null,null,null,null,null,null,null,null,null,null,null,null,null,null,null,null,null,null,null,null,null,null,null,null,"Итого по разделу 1 Кровля"]
["Раздел 2. Окна",null,null,null,null,null,null,null,null,null,null,null,null,null,null,null,null,null,null,null,null,null,null,null,null,null,null,null,null,null,null,null,null,null,null,null,null,null,null,null,null,null,null,null,null,null,null,null,null,null,null,null,null,null,null,null,null,null,null,null,null,null,null,"Раздел 2. Окна"]
["14","ТЕР09-04-010-02\nПриказ Администрации ЛО от 20.10.15 №28","Монтаж витражей, витрин: с одинарным остеклением в одноэтажных зданиях",null,null,"1 т конструкций",0.20899999999999999,9614.57,8837.19,549.83000000000004,3.38,55486,53746.879999999997,1327.25,20.56,null,null,null,null,null,null,null,null,null,null,null,null,null,null,null,null,null,null,null,null,null,null,null,null,null,null,null,null,null,null,null,null,null,null,null,null,null,null,null,null,null,null,null,null,null,null,null,null,null,null,"Монтаж витражей, витрин: с одинарным остеклением в одноэтажных зданиях"]
[null,"421/пр_2020_прил.10_т.1_п.2_гр.3"," Производство работ осуществляется на территории действующего предприятия с наличием в зоне производства работ одного или нескольких из следующих факторов:\n- разветвленной сети транспортных и инженерных коммуникаций;\n- стесненных условий для складирования материалов;\n- действующего технологического оборудования;\n- движения технологического транспорта ОЗП=1,15; ЭМ=1,15 к расх.; ЗПМ=1,15; ТЗ=1,15; ТЗМ=1,15",null,null,null,null,null,null,null,null,null,null,null,null,null,null,null,null,null,null,null,null,null,null,null,null,null,null,null,null,null,null,null,null,null,null,null,null,null,null,null,null,null,null,null,null,null,null,null,null,null,null,null,null,null,null,null,null,null,null,null,null,null,null,null,null," Производство работ осуществляется на территории действующего предприятия с наличием в зоне производства работ одного или нескольких из следующих факторов:\n- разветвленной сети транспортных и инженерных коммуникаций;\n- стесненных условий для складирования материалов;\n- действующего технологического оборудования;\n- движения технологического транспорта ОЗП=1,15; ЭМ=1,15 к расх.; ЗПМ=1,15; ТЗ=1,15; ТЗМ=1,15"]
[null,"1","ИНДЕКС К ПОЗИЦИИ: II кв. 2025 г. Минстрой письмо №29761-ИФ/09 от 23.05.2025 г. (ПРОЧИЕ, ТЕР-2001) ОЗП=29,1; ЭМ=11,55; ЗПМ=29,1; МАТ=8,66",null,null,null,null,null,null,null,null,null,null,null,null,null,null,null,null,null,null,null,null,null,null,null,null,null,null,null,null,null,null,null,null,null,null,null,null,null,null,null,null,null,null,null,null,null,null,null,null,null,null,null,null,null,null,null,null,null,null,null,null,null,null,null,null,null,"ИНДЕКС К ПОЗИЦИИ: II кв. 2025 г. Минстрой письмо №29761-ИФ/09 от 23.05.2025 г. (ПРОЧИЕ, ТЕР-2001) ОЗП=29,1; ЭМ=11,55; ЗПМ=29,1; МАТ=8,66"]
[null,null,null,null,"Накладные расходы 93% ФОТ (от 53 767,44)",null,null,null,null,null,null,50003.72]
[null,null,null,null,"Сметная прибыль 62% ФОТ (от 53 767,44)",null,null,null,null,null,null,33335.81]
["15","ТЦ_09.1.01.01_78_7820318146_25.01.2024_02","Витражи из алюминиевого комбинированного профиля",null,null,"м2",38,"933,41\n9700,00/ндс/ИндМ225",null,null,null,307166.56,null,null,null,null,null,null,null,null,null,null,null,null,null,null,null,null,null,null,null,null,null,null,null,null,null,null,null,null,null,null,null,null,null,null,null,null,null,null,null,null,null,null,null,null,null,null,null,null,null,null,null,null,null,"Витражи из алюминиевого комбинированного профиля"]
[null,null,"Цена МАТ=9700,00/ндс/ИндМ225",null,null,null,null,null,null,null,null,null,null,null,null,null,null,null,null,null,null,null,null,null,null,null,null,null,null,null,null,null,null,null,null,null,null,null,null,null,null,null,null,null,null,null,null,null,null,null,null,null,null,null,null,null,null,null,null,null,null,null,null,null,null,null,null,null,null,"Цена МАТ=9700,00/ндс/ИндМ225"]
[null,"1","ИНДЕКС К ПОЗИЦИИ: II кв. 2025 г. Минстрой письмо №29761-ИФ/09 от 23.05.2025 г. (ПРОЧИЕ, ТЕР-2001) ОЗП=29,1; ЭМ=11,55; ЗПМ=29,1; МАТ=8,66",null,null,null,null,null,null,null,null,null,null,null,null,null,null,null,null,null,null,null,null,null,null,null,null,null,null,null,null,null,null,null,null,null,null,null,null,null,null,null,null,null,null,null,null,null,null,null,null,null,null,null,null,null,null,null,null,null,null,null,null,null,null,null,null,null,"ИНДЕКС К ПОЗИЦИИ: II кв. 2025 г. Минстрой письмо №29761-ИФ/09 от 23.05.2025 г. (ПРОЧИЕ, ТЕР-2001) ОЗП=29,1; ЭМ=11,55; ЗПМ=29,1; МАТ=8,66"]
["Итого по разделу 2 Окна",null,null,null,null,null,null,null,null,null,null,445992.09,null,null,null,null,null,null,null,null,null,null,null,null,null,null,null,null,null,null,null,null,null,null,null,null,null,null,null,null,null,null,null,null,null,null,null,null,null,null,null,null,null,null,null,null,null,null,null,null,null,null,null,null,null,null,null,null,null,null,"Итого по разделу 2 Окна"]
["Раздел 3. Дверные проемы и ворота",null,null,null,null,null,null,null,null,null,null,null,null,null,null,null,null,null,null,null,null,null,null,null,null,null,null,null,null,null,null,null,null,null,null,null,null,null,null,null,null,null,null,null,null,null,null,null,null,null,null,null,null,null,null,null,null,null,null,null,null,null,null,"Раздел 3. Дверные проемы и ворота"]
["16","ТЕР09-04-012-01\nПриказ Администрации ЛО от 20.10.15 №28","Установка металлических дверных блоков в готовые проемы",null,null,"1 м2 проема",3.69,106.67,51.89,28.44,null,7625.47,5571.68,1212.08,null,null,null,null,null,null,null,null,null,null,null,null,null,null,null,null,null,null,null,null,null,null,null,null,null,null,null,null,null,null,null,null,null,null,null,null,null,null,null,null,null,null,null,null,null,null,null,null,null,null,null,"Установка металлических дверных блоков в готовые проемы"]
[null,"421/пр_2020_прил.10_т.1_п.2_гр.3"," Производство работ осуществляется на территории действующего предприятия с наличием в зоне производства работ одного или нескольких из следующих факторов:\n- разветвленной сети транспортных и инженерных коммуникаций;\n- стесненных условий для складирования материалов;\n- действующего технологического оборудования;\n- движения технологического транспорта ОЗП=1,15; ЭМ=1,15 к расх.; ЗПМ=1,15; ТЗ=1,15; ТЗМ=1,15",null,null,null,null,null,null,null,null,null,null,null,null,null,null,null,null,null,null,null,null,null,null,null,null,null,null,null,null,null,null,null,null,null,null,null,null,null,null,null,null,null,null,null,null,null,null,null,null,null,null,null,null,null,null,null,null,null,null,null,null,null,null,null,null," Производство работ осуществляется на территории действующего предприятия с наличием в зоне производства работ одного или нескольких из следующих факторов:\n- разветвленной сети транспортных и инженерных коммуникаций;\n- стесненных условий для складирования материалов;\n- действующего технологического оборудования;\n- движения технологического транспорта ОЗП=1,15; ЭМ=1,15 к расх.; ЗПМ=1,15; ТЗ=1,15; ТЗМ=1,15"]
[null,"1","ИНДЕКС К ПОЗИЦИИ: II кв. 2025 г. Минстрой письмо №29761-ИФ/09 от 23.05.2025 г. (ПРОЧИЕ, ТЕР-2001) ОЗП=29,1; ЭМ=11,55; ЗПМ=29,1; МАТ=8,66",null,null,null,null,null,null,null,null,null,null,null,null,null,null,null,null,null,null,null,null,null,null,null,null,null,null,null,null,null,null,null,null,null,null,null,null,null,null,null,null,null,null,null,null,null,null,null,null,null,null,null,null,null,null,null,null,null,null,null,null,null,null,null,null,null,"ИНДЕКС К ПОЗИЦИИ: II кв. 2025 г. Минстрой письмо №29761-ИФ/09 от 23.05.2025 г. (ПРОЧИЕ, ТЕР-2001) ОЗП=29,1; ЭМ=11,55; ЗПМ=29,1; МАТ=8,66"]
[null,null,null,null,"Накладные расходы 93% ФОТ (от 5 571,68)",null,null,null,null,null,null,5181.66]
[null,null,null,null,"Сметная прибыль 62% ФОТ (от 5 571,68)",null,null,null,null,null,null,3454.44]
["17","ТЦ_07.1.01.03_66_665801467545_25.01.2024_02","ДСН, Оп, Прг, Пр, Н, М2 (дверь стальная, наружная, однопольная, с порогом 50мм(h), правого открывания наружу, класс прочности - 2)  900х2050",null,null,"шт",2,"3 270,11\n33983/ндс/ИндМ225",null,null,null,56638.31,null,null,null,null,null,null,null,null,null,null,null,null,null,null,null,null,null,null,null,null,null,null,null,null,null,null,null,null,null,null,null,null,null,null,null,null,null,null,null,null,null,null,null,null,null,null,null,null,null,null,null,null,null,"ДСН, Оп, Прг, Пр, Н, М2 (дверь стальная, наружная, однопольная, с порогом 50мм(h), правого открывания наружу, класс прочности - 2)  900х2050"]
[null,null,"Цена МАТ=33983/ндс/ИндМ225",null,null,null,null,null,null,null,null,null,null,null,null,null,null,null,null,null,null,null,null,null,null,null,null,null,null,null,null,null,null,null,null,null,null,null,null,null,null,null,null,null,null,null,null,null,null,null,null,null,null,null,null,null,null,null,null,null,null,null,null,null,null,null,null,null,null,"Цена МАТ=33983/ндс/ИндМ225"]
[null,"1","ИНДЕКС К ПОЗИЦИИ: II кв. 2025 г. Минстрой письмо №29761-ИФ/09 от 23.05.2025 г. (ПРОЧИЕ, ТЕР-2001) ОЗП=29,1; ЭМ=11,55; ЗПМ=29,1; МАТ=8,66",null,null,null,null,null,null,null,null,null,null,null,null,null,null,null,null,null,null,null,null,null,null,null,null,null,null,null,null,null,null,null,null,null,null,null,null,null,null,null,null,null,null,null,null,null,null,null,null,null,null,null,null,null,null,null,null,null,null,null,null,null,null,null,null,null,"ИНДЕКС К ПОЗИЦИИ: II кв. 2025 г. Минстрой письмо №29761-ИФ/09 от 23.05.2025 г. (ПРОЧИЕ, ТЕР-2001) ОЗП=29,1; ЭМ=11,55; ЗПМ=29,1; МАТ=8,66"]
["Ворота",null,null,null,null,null,null,null,null,null,null,null,null,null,null,null,null,null,null,null,null,null,null,null,null,null,null,null,null,null,null,null,null,null,null,null,null,null,null,null,null,null,null,null,null,null,null,null,null,null,null,null,null,null,null,null,null,null,null,null,null,null,null,null,"Ворота"]
["18","ТЕР09-04-011-01\nПриказ Администрации ЛО от 20.10.15 №28","Монтаж каркасов ворот большепролетных зданий, ангаров и др. без механизмов открывания",null,null,"1 т конструкций",0.73,4714.05,1016.92,2977.64,254.14,51256.89,21602.47,25105.95,5398.66,null,null,null,null,null,null,null,null,null,null,null,null,null,null,null,null,null,null,null,null,null,null,null,null,null,null,null,null,null,null,null,null,null,null,null,null,null,null,null,null,null,null,null,null,null,null,null,null,null,null,"Монтаж каркасов ворот большепролетных зданий, ангаров и др. без механизмов открывания"]
[null,"421/пр_2020_прил.10_т.1_п.2_гр.3"," Производство работ осуществляется на территории действующего предприятия с наличием в зоне производства работ одного или нескольких из следующих факторов:\n- разветвленной сети транспортных и инженерных коммуникаций;\n- стесненных условий для складирования материалов;\n- действующего технологического оборудования;\n- движения технологического транспорта ОЗП=1,15; ЭМ=1,15 к расх.; ЗПМ=1,15; ТЗ=1,15; ТЗМ=1,15",null,null,null,null,null,null,null,null,null,null,null,null,null,null,null,null,null,null,null,null,null,null,null,null,null,null,null,null,null,null,null,null,null,null,null,null,null,null,null,null,null,null,null,null,null,null,null,null,null,null,null,null,null,null,null,null,null,null,null,null,null,null,null,null," Производство работ осуществляется на территории действующего предприятия с наличием в зоне производства работ одного или нескольких из следующих факторов:\n- разветвленной сети транспортных и инженерных коммуникаций;\n- стесненных условий для складирования материалов;\n- действующего технологического оборудования;\n- движения технологического транспорта ОЗП=1,15; ЭМ=1,15 к расх.; ЗПМ=1,15; ТЗ=1,15; ТЗМ=1,15"]
[null,"1","ИНДЕКС К ПОЗИЦИИ: II кв. 2025 г. Минстрой письмо №29761-ИФ/09 от 23.05.2025 г. (ПРОЧИЕ, ТЕР-2001) ОЗП=29,1; ЭМ=11,55; ЗПМ=29,1; МАТ=8,66",null,null,null,null,null,null,null,null,null,null,null,null,null,null,null,null,null,null,null,null,null,null,null,null,null,null,null,null,null,null,null,null,null,null,null,null,null,null,null,null,null,null,null,null,null,null,null,null,null,null,null,null,null,null,null,null,null,null,null,null,null,null,null,null,null,"ИНДЕКС К ПОЗИЦИИ: II кв. 2025 г. Минстрой письмо №29761-ИФ/09 от 23.05.2025 г. (ПРОЧИЕ, ТЕР-2001) ОЗП=29,1; ЭМ=11,55; ЗПМ=29,1; МАТ=8,66"]
[null,null,null,null,"Накладные расходы 93% ФОТ (от 27 001,13)",null,null,null,null,null,null,25111.05]
[null,null,null,null,"Сметная прибыль 62% ФОТ (от 27 001,13)",null,null,null,null,null,null,16740.7]
["19","ТЕРм11-05-001-01\nПриказ Администрации ЛО от 20.10.15 №28","Механизм исполнительный, масса: до 20 кг",null,null,"1 шт.",2,64.59,10.97,44.92,6.49,1826.82,638.51,1037.6300000000001,377.49,null,null,null,null,null,null,null,null,null,null,null,null,null,null,null,null,null,null,null,null,null,null,null,null,null,null,null,null,null,null,null,null,null,null,null,null,null,null,null,null,null,null,null,null,null,null,null,null,null,null,"Механизм исполнительный, масса: до 20 кг"]
[null,"421/пр_2020_прил.10_т.1_п.2_гр.3"," Производство работ осуществляется на территории действующего предприятия с наличием в зоне производства работ одного или нескольких из следующих факторов:\n- разветвленной сети транспортных и инженерных коммуникаций;\n- стесненных условий для складирования материалов;\n- действующего технологического оборудования;\n- движения технологического транспорта ОЗП=1,15; ЭМ=1,15 к расх.; ЗПМ=1,15; ТЗ=1,15; ТЗМ=1,15",null,null,null,null,null,null,null,null,null,null,null,null,null,null,null,null,null,null,null,null,null,null,null,null,null,null,null,null,null,null,null,null,null,null,null,null,null,null,null,null,null,null,null,null,null,null,null,null,null,null,null,null,null,null,null,null,null,null,null,null,null,null,null,null," Производство работ осуществляется на территории действующего предприятия с наличием в зоне производства работ одного или нескольких из следующих факторов:\n- разветвленной сети транспортных и инженерных коммуникаций;\n- стесненных условий для складирования материалов;\n- действующего технологического оборудования;\n- движения технологического транспорта ОЗП=1,15; ЭМ=1,15 к расх.; ЗПМ=1,15; ТЗ=1,15; ТЗМ=1,15"]
[null,"1","ИНДЕКС К ПОЗИЦИИ: II кв. 2025 г. Минстрой письмо №29761-ИФ/09 от 23.05.2025 г. (ПРОЧИЕ, ТЕР-2001) ОЗП=29,1; ЭМ=11,55; ЗПМ=29,1; МАТ=8,66",null,null,null,null,null,null,null,null,null,null,null,null,null,null,null,null,null,null,null,null,null,null,null,null,null,null,null,null,null,null,null,null,null,null,null,null,null,null,null,null,null,null,null,null,null,null,null,null,null,null,null,null,null,null,null,null,null,null,null,null,null,null,null,null,null,"ИНДЕКС К ПОЗИЦИИ: II кв. 2025 г. Минстрой письмо №29761-ИФ/09 от 23.05.2025 г. (ПРОЧИЕ, ТЕР-2001) ОЗП=29,1; ЭМ=11,55; ЗПМ=29,1; МАТ=8,66"]
[null,null,null,null,"Накладные расходы 90% ФОТ (от 1 016,00)",null,null,null,null,null,null,914.4]
[null,null,null,null,"Сметная прибыль 46% ФОТ (от 1 016,00)",null,null,null,null,null,null,467.36]
["2","ТЦ_08.1.06.01_54_5404314837_28.06.2024_02","Ворота складчатые, металлические  5000х4500мм (вес 13,5 кг/м2)",null,null,"шт",2,"58 041,42\nТЦ/ИндМ225*1,02",null,null,null,1005277.39,null,null,null,null,null,null,null,null,null,null,null,null,null,null,null,null,null,null,null,null,null,null,null,null,null,null,null,null,null,null,null,null,null,null,null,null,null,null,null,null,null,null,null,null,null,null,null,null,null,null,null,null,null,"Ворота складчатые, металлические  5000х4500мм (вес 13,5 кг/м2)"]
[null,null,"Цена МАТ=ТЦ/ИндМ225*1,02",null,null,null,null,null,null,null,null,null,null,null,null,null,null,null,null,null,null,null,null,null,null,null,null,null,null,null,null,null,null,null,null,null,null,null,null,null,null,null,null,null,null,null,null,null,null,null,null,null,null,null,null,null,null,null,null,null,null,null,null,null,null,null,null,null,null,"Цена МАТ=ТЦ/ИндМ225*1,02"]
[null,"1","ИНДЕКС К ПОЗИЦИИ: II кв. 2025 г. Минстрой письмо №29761-ИФ/09 от 23.05.2025 г. (ПРОЧИЕ, ТЕР-2001) ОЗП=29,1; ЭМ=11,55; ЗПМ=29,1; МАТ=8,66",null,null,null,null,null,null,null,null,null,null,null,null,null,null,null,null,null,null,null,null,null,null,null,null,null,null,null,null,null,null,null,null,null,null,null,null,null,null,null,null,null,null,null,null,null,null,null,null,null,null,null,null,null,null,null,null,null,null,null,null,null,null,null,null,null,"ИНДЕКС К ПОЗИЦИИ: II кв. 2025 г. Минстрой письмо №29761-ИФ/09 от 23.05.2025 г. (ПРОЧИЕ, ТЕР-2001) ОЗП=29,1; ЭМ=11,55; ЗПМ=29,1; МАТ=8,66"]
["Итого по разделу 3 Дверные проемы и ворота",null,null,null,null,null,null,null,null,null,null,1174494.49,null,null,null,null,null,null,null,null,null,null,null,null,null,null,null,null,null,null,null,null,null,null,null,null,null,null,null,null,null,null,null,null,null,null,null,null,null,null,null,null,null,null,null,null,null,null,null,null,null,null,null,null,null,null,null,null,null,null,"Итого по разделу 3 Дверные проемы и ворота"]
["Раздел 4. Полы",null,null,null,null,null,null,null,null,null,null,null,null,null,null,null,null,null,null,null,null,null,null,null,null,null,null,null,null,null,null,null,null,null,null,null,null,null,null,null,null,null,null,null,null,null,null,null,null,null,null,null,null,null,null,null,null,null,null,null,null,null,null,"Раздел 4. Полы"]
["21","ТЕР11-01-011-03\nПриказ Администрации ЛО от 20.10.15 №28","Устройство стяжек: бетонных толщиной 20 мм",null,null,"100 м2 стяжки",5.6020000000000003,762.62,691.39,63.66,35.82,117195.42,112709.4,4119.26,5839.72,null,null,null,null,null,null,null,null,null,null,null,null,null,null,null,null,null,null,null,null,null,null,null,null,null,null,null,null,null,null,null,null,null,null,null,null,null,null,null,null,null,null,null,null,null,null,null,null,null,null,"Устройство стяжек: бетонных толщиной 20 мм"]
[null,null,"664,13 = 1 456,22 - 2,04 x 388,28",null,null,null,null,null,null,null,null,null,null,null,null,null,null,null,null,null,null,null,null,null,null,null,null,null,null,null,null,null,null,null,null,null,null,null,null,null,null,null,null,null,null,null,null,null,null,null,null,null,null,null,null,null,null,null,null,null,null,null,null,null,null,null,"664,13 = 1 456,22 - 2,04 x 388,28"]
[null,"421/пр_2020_прил.10_т.1_п.2_гр.3"," Производство работ осуществляется на территории действующего предприятия с наличием в зоне производства работ одного или нескольких из следующих факторов:\n- разветвленной сети транспортных и инженерных коммуникаций;\n- стесненных условий для складирования материалов;\n- действующего технологического оборудования;\n- движения технологического транспорта ОЗП=1,15; ЭМ=1,15 к расх.; ЗПМ=1,15; ТЗ=1,15; ТЗМ=1,15",null,null,null,null,null,null,null,null,null,null,null,null,null,null,null,null,null,null,null,null,null,null,null,null,null,null,null,null,null,null,null,null,null,null,null,null,null,null,null,null,null,null,null,null,null,null,null,null,null,null,null,null,null,null,null,null,null,null,null,null,null,null,null,null," Производство работ осуществляется на территории действующего предприятия с наличием в зоне производства работ одного или нескольких из следующих факторов:\n- разветвленной сети транспортных и инженерных коммуникаций;\n- стесненных условий для складирования материалов;\n- действующего технологического оборудования;\n- движения технологического транспорта ОЗП=1,15; ЭМ=1,15 к расх.; ЗПМ=1,15; ТЗ=1,15; ТЗМ=1,15"]
[null,"1","ИНДЕКС К ПОЗИЦИИ: II кв. 2025 г. Минстрой письмо №29761-ИФ/09 от 23.05.2025 г. (ПРОЧИЕ, ТЕР-2001) ОЗП=29,1; ЭМ=11,55; ЗПМ=29,1; МАТ=8,66",null,null,null,null,null,null,null,null,null,null,null,null,null,null,null,null,null,null,null,null,null,null,null,null,null,null,null,null,null,null,null,null,null,null,null,null,null,null,null,null,null,null,null,null,null,null,null,null,null,null,null,null,null,null,null,null,null,null,null,null,null,null,null,null,null,"ИНДЕКС К ПОЗИЦИИ: II кв. 2025 г. Минстрой письмо №29761-ИФ/09 от 23.05.2025 г. (ПРОЧИЕ, ТЕР-2001) ОЗП=29,1; ЭМ=11,55; ЗПМ=29,1; МАТ=8,66"]
[null,null,null,null,"Накладные расходы 112% ФОТ (от 118 549,12)",null,null,null,null,null,null,132775.01]
[null,null,null,null,"Сметная прибыль 65% ФОТ (от 118 549,12)",null,null,null,null,null,null,77056.929999999993]
["22","ТЕР11-01-011-04\nПриказ Администрации ЛО от 20.10.15 №28","Устройство стяжек: на каждые 5 мм изменения толщины стяжки добавлять или исключать к расценке 11-01-011-03 // до толщ. 30 мм",null,null,"100 м2 стяжки",5.6020000000000003,39.880000000000003,17.02,22.86,11.85,4253.8100000000004,2774.57,1479.24,1930.95,null,null,null,null,null,null,null,null,null,null,null,null,null,null,null,null,null,null,null,null,null,null,null,null,null,null,null,null,null,null,null,null,null,null,null,null,null,null,null,null,null,null,null,null,null,null,null,null,null,null,"Устройство стяжек: на каждые 5 мм изменения толщины стяжки добавлять или исключать к расценке 11-01-011-03 // до толщ. 30 мм"]
[null,null,"17,34 = 215,36 - 0,51 x 388,28",null,null,null,null,null,null,null,null,null,null,null,null,null,null,null,null,null,null,null,null,null,null,null,null,null,null,null,null,null,null,null,null,null,null,null,null,null,null,null,null,null,null,null,null,null,null,null,null,null,null,null,null,null,null,null,null,null,null,null,null,null,null,null,"17,34 = 215,36 - 0,51 x 388,28"]
[null,null," толщ. 30 мм ПЗ=2 (ОЗП=2; ЭМ=2 к расх.; ЗПМ=2; МАТ=2 к расх.; ТЗ=2; ТЗМ=2)",null,null,null,null,null,null,null,null,null,null,null,null,null,null,null,null,null,null,null,null,null,null,null,null,null,null,null,null,null,null,null,null,null,null,null,null,null,null,null,null,null,null,null,null,null,null,null,null,null,null,null,null,null,null,null,null,null,null,null,null,null,null,null,null," толщ. 30 мм ПЗ=2 (ОЗП=2; ЭМ=2 к расх.; ЗПМ=2; МАТ=2 к расх.; ТЗ=2; ТЗМ=2)"]
[null,"421/пр_2020_прил.10_т.1_п.2_гр.3"," Производство работ осуществляется на территории действующего предприятия с наличием в зоне производства работ одного или нескольких из следующих факторов:\n- разветвленной сети транспортных и инженерных коммуникаций;\n- стесненных условий для складирования материалов;\n- действующего технологического оборудования;\n- движения технологического транспорта ОЗП=1,15; ЭМ=1,15 к расх.; ЗПМ=1,15; ТЗ=1,15; ТЗМ=1,15",null,null,null,null,null,null,null,null,null,null,null,null,null,null,null,null,null,null,null,null,null,null,null,null,null,null,null,null,null,null,null,null,null,null,null,null,null,null,null,null,null,null,null,null,null,null,null,null,null,null,null,null,null,null,null,null,null,null,null,null,null,null,null,null," Производство работ осуществляется на территории действующего предприятия с наличием в зоне производства работ одного или нескольких из следующих факторов:\n- разветвленной сети транспортных и инженерных коммуникаций;\n- стесненных условий для складирования материалов;\n- действующего технологического оборудования;\n- движения технологического транспорта ОЗП=1,15; ЭМ=1,15 к расх.; ЗПМ=1,15; ТЗ=1,15; ТЗМ=1,15"]
[null,"1","ИНДЕКС К ПОЗИЦИИ: II кв. 2025 г. Минстрой письмо №29761-ИФ/09 от 23.05.2025 г. (ПРОЧИЕ, ТЕР-2001) ОЗП=29,1; ЭМ=11,55; ЗПМ=29,1; МАТ=8,66",null,null,null,null,null,null,null,null,null,null,null,null,null,null,null,null,null,null,null,null,null,null,null,null,null,null,null,null,null,null,null,null,null,null,null,null,null,null,null,null,null,null,null,null,null,null,null,null,null,null,null,null,null,null,null,null,null,null,null,null,null,null,null,null,null,"ИНДЕКС К ПОЗИЦИИ: II кв. 2025 г. Минстрой письмо №29761-ИФ/09 от 23.05.2025 г. (ПРОЧИЕ, ТЕР-2001) ОЗП=29,1; ЭМ=11,55; ЗПМ=29,1; МАТ=8,66"]
[null,null,null,null,"Накладные расходы 112% ФОТ (от 4 705,52)",null,null,null,null,null,null,5270.18]
[null,null,null,null,"Сметная прибыль 65% ФОТ (от 4 705,52)",null,null,null,null,null,null,3058.59]
["23","ТЦ_59.1.04.01_78_4707009037_08.02.2024_02","Бетон  В30",null,null,"м3",17.141999999999999,"798,73\n(5292+1625)/ИндМ225",null,null,null,118571.24,null,null,null,null,null,null,null,null,null,null,null,null,null,null,null,null,null,null,null,null,null,null,null,null,null,null,null,null,null,null,null,null,null,null,null,null,null,null,null,null,null,null,null,null,null,null,null,null,null,null,null,null,null,"Бетон  В30"]
[null,null,"Цена МАТ=(5292+1625)/ИндМ225",null,null,null,null,null,null,null,null,null,null,null,null,null,null,null,null,null,null,null,null,null,null,null,null,null,null,null,null,null,null,null,null,null,null,null,null,null,null,null,null,null,null,null,null,null,null,null,null,null,null,null,null,null,null,null,null,null,null,null,null,null,null,null,null,null,null,"Цена МАТ=(5292+1625)/ИндМ225"]
[null,"1","ИНДЕКС К ПОЗИЦИИ: II кв. 2025 г. Минстрой письмо №29761-ИФ/09 от 23.05.2025 г. (ПРОЧИЕ, ТЕР-2001) ОЗП=29,1; ЭМ=11,55; ЗПМ=29,1; МАТ=8,66",null,null,null,null,null,null,null,null,null,null,null,null,null,null,null,null,null,null,null,null,null,null,null,null,null,null,null,null,null,null,null,null,null,null,null,null,null,null,null,null,null,null,null,null,null,null,null,null,null,null,null,null,null,null,null,null,null,null,null,null,null,null,null,null,null,"ИНДЕКС К ПОЗИЦИИ: II кв. 2025 г. Минстрой письмо №29761-ИФ/09 от 23.05.2025 г. (ПРОЧИЕ, ТЕР-2001) ОЗП=29,1; ЭМ=11,55; ЗПМ=29,1; МАТ=8,66"]
["24","ТЕР11-01-020-03\nПриказ Администрации ЛО от 20.10.15 №28","Устройство покрытий поливинилацетатных: толщиной 3 мм // прим. покрытие полимерное",null,null,"100 м2 покрытия",5.6020000000000003,13519.64,1411.81,266.62,163.86,821857.85,230150.56,17250.88,26712.73,null,null,null,null,null,null,null,null,null,null,null,null,null,null,null,null,null,null,null,null,null,null,null,null,null,null,null,null,null,null,null,null,null,null,null,null,null,null,null,null,null,null,null,null,null,null,null,null,null,null,"Устройство покрытий поливинилацетатных: толщиной 3 мм // прим. покрытие полимерное"]
[null,"421/пр_2020_прил.10_т.1_п.2_гр.3"," Производство работ осуществляется на территории действующего предприятия с наличием в зоне производства работ одного или нескольких из следующих факторов:\n- разветвленной сети транспортных и инженерных коммуникаций;\n- стесненных условий для складирования материалов;\n- действующего технологического оборудования;\n- движения технологического транспорта ОЗП=1,15; ЭМ=1,15 к расх.; ЗПМ=1,15; ТЗ=1,15; ТЗМ=1,15",null,null,null,null,null,null,null,null,null,null,null,null,null,null,null,null,null,null,null,null,null,null,null,null,null,null,null,null,null,null,null,null,null,null,null,null,null,null,null,null,null,null,null,null,null,null,null,null,null,null,null,null,null,null,null,null,null,null,null,null,null,null,null,null," Производство работ осуществляется на территории действующего предприятия с наличием в зоне производства работ одного или нескольких из следующих факторов:\n- разветвленной сети транспортных и инженерных коммуникаций;\n- стесненных условий для складирования материалов;\n- действующего технологического оборудования;\n- движения технологического транспорта ОЗП=1,15; ЭМ=1,15 к расх.; ЗПМ=1,15; ТЗ=1,15; ТЗМ=1,15"]
[null,"1","ИНДЕКС К ПОЗИЦИИ: II кв. 2025 г. Минстрой письмо №29761-ИФ/09 от 23.05.2025 г. (ПРОЧИЕ, ТЕР-2001) ОЗП=29,1; ЭМ=11,55; ЗПМ=29,1; МАТ=8,66",null,null,null,null,null,null,null,null,null,null,null,null,null,null,null,null,null,null,null,null,null,null,null,null,null,null,null,null,null,null,null,null,null,null,null,null,null,null,null,null,null,null,null,null,null,null,null,null,null,null,null,null,null,null,null,null,null,null,null,null,null,null,null,null,null,"ИНДЕКС К ПОЗИЦИИ: II кв. 2025 г. Минстрой письмо №29761-ИФ/09 от 23.05.2025 г. (ПРОЧИЕ, ТЕР-2001) ОЗП=29,1; ЭМ=11,55; ЗПМ=29,1; МАТ=8,66"]
[null,null,null,null,"Накладные расходы 112% ФОТ (от 256 863,29)",null,null,null,null,null,null,287686.88]
[null,null,null,null,"Сметная прибыль 65% ФОТ (от 256 863,29)",null,null,null,null,null,null,166961.14000000001]
["1","ТЕР11-01-020-04\nПриказ Администрации ЛО от 20.10.15 №28","Устройство покрытий поливинилацетатных: на каждый 1 мм изменения толщины добавлять или исключать к расценке 11-01-020-03",null,null,"100 м2 покрытия",5.6020000000000003,26797.57,1839.43,570.99,345.51,1519906.45,299859.75,36944.6,56323.77,null,null,null,null,null,null,null,null,null,null,null,null,null,null,null,null,null,null,null,null,null,null,null,null,null,null,null,null,null,null,null,null,null,null,null,null,null,null,null,null,null,null,null,null,null,null,null,null,null,null,"Устройство покрытий поливинилацетатных: на каждый 1 мм изменения толщины добавлять или исключать к расценке 11-01-020-03"]
[null,null," Кпз=7 (до 10 мм) ПЗ=7 (ОЗП=7; ЭМ=7 к расх.; ЗПМ=7; МАТ=7 к расх.; ТЗ=7; ТЗМ=7)",null,null,null,null,null,null,null,null,null,null,null,null,null,null,null,null,null,null,null,null,null,null,null,null,null,null,null,null,null,null,null,null,null,null,null,null,null,null,null,null,null,null,null,null,null,null,null,null,null,null,null,null,null,null,null,null,null,null,null,null,null,null,null,null," Кпз=7 (до 10 мм) ПЗ=7 (ОЗП=7; ЭМ=7 к расх.; ЗПМ=7; МАТ=7 к расх.; ТЗ=7; ТЗМ=7)"]
[null,"421/пр_2020_прил.10_т.1_п.2_гр.3"," Производство работ осуществляется на территории действующего предприятия с наличием в зоне производства работ одного или нескольких из следующих факторов:\n- разветвленной сети транспортных и инженерных коммуникаций;\n- стесненных условий для складирования материалов;\n- действующего технологического оборудования;\n- движения технологического транспорта ОЗП=1,15; ЭМ=1,15 к расх.; ЗПМ=1,15; ТЗ=1,15; ТЗМ=1,15",null,null,null,null,null,null,null,null,null,null,null,null,null,null,null,null,null,null,null,null,null,null,null,null,null,null,null,null,null,null,null,null,null,null,null,null,null,null,null,null,null,null,null,null,null,null,null,null,null,null,null,null,null,null,null,null,null,null,null,null,null,null,null,null," Производство работ осуществляется на территории действующего предприятия с наличием в зоне производства работ одного или нескольких из следующих факторов:\n- разветвленной сети транспортных и инженерных коммуникаций;\n- стесненных условий для складирования материалов;\n- действующего технологического оборудования;\n- движения технологического транспорта ОЗП=1,15; ЭМ=1,15 к расх.; ЗПМ=1,15; ТЗ=1,15; ТЗМ=1,15"]
[null,"1","ИНДЕКС К ПОЗИЦИИ: II кв. 2025 г. Минстрой письмо №29761-ИФ/09 от 23.05.2025 г. (ПРОЧИЕ, ТЕР-2001) ОЗП=29,1; ЭМ=11,55; ЗПМ=29,1; МАТ=8,66",null,null,null,null,null,null,null,null,null,null,null,null,null,null,null,null,null,null,null,null,null,null,null,null,null,null,null,null,null,null,null,null,null,null,null,null,null,null,null,null,null,null,null,null,null,null,null,null,null,null,null,null,null,null,null,null,null,null,null,null,null,null,null,null,null,"ИНДЕКС К ПОЗИЦИИ: II кв. 2025 г. Минстрой письмо №29761-ИФ/09 от 23.05.2025 г. (ПРОЧИЕ, ТЕР-2001) ОЗП=29,1; ЭМ=11,55; ЗПМ=29,1; МАТ=8,66"]
[null,null,null,null,"Накладные расходы 112% ФОТ (от 356 183,52)",null,null,null,null,null,null,398925.54]
[null,null,null,null,"Сметная прибыль 65% ФОТ (от 356 183,52)",null,null,null,null,null,null,231519.29]
["Итого по разделу 4 Полы",null,null,null,null,null,null,null,null,null,null,3885038.33,null,null,null,null,null,null,null,null,null,null,null,null,null,null,null,null,null,null,null,null,null,null,null,null,null,null,null,null,null,null,null,null,null,null,null,null,null,null,null,null,null,null,null,null,null,null,null,null,null,null,null,null,null,null,null,null,null,null,"Итого по разделу 4 Полы"]
["Раздел 5. Отделка",null,null,null,null,null,null,null,null,null,null,null,null,null,null,null,null,null,null,null,null,null,null,null,null,null,null,null,null,null,null,null,null,null,null,null,null,null,null,null,null,null,null,null,null,null,null,null,null,null,null,null,null,null,null,null,null,null,null,null,null,null,null,"Раздел 5. Отделка"]
["Цоколь",null,null,null,null,null,null,null,null,null,null,null,null,null,null,null,null,null,null,null,null,null,null,null,null,null,null,null,null,null,null,null,null,null,null,null,null,null,null,null,null,null,null,null,null,null,null,null,null,null,null,null,null,null,null,null,null,null,null,null,null,null,null,null,"Цоколь"]
["3","ТЕР13-06-003-01\nПриказ Администрации ЛО от 20.10.15 №28","Очистка поверхности щетками",null,null,"1 м2 очищаемой поверхности",57.6,16.73,16.73,null,null,28046.35,28046.35,null,null,null,null,null,null,null,null,null,null,null,null,null,null,null,null,null,null,null,null,null,null,null,null,null,null,null,null,null,null,null,null,null,null,null,null,null,null,null,null,null,null,null,null,null,null,null,null,null,null,null,null,"Очистка поверхности щетками"]
[null,"421/пр_2020_прил.10_т.1_п.2_гр.3"," Производство работ осуществляется на территории действующего предприятия с наличием в зоне производства работ одного или нескольких из следующих факторов:\n- разветвленной сети транспортных и инженерных коммуникаций;\n- стесненных условий для складирования материалов;\n- действующего технологического оборудования;\n- движения технологического транспорта ОЗП=1,15; ЭМ=1,15 к расх.; ЗПМ=1,15; ТЗ=1,15; ТЗМ=1,15",null,null,null,null,null,null,null,null,null,null,null,null,null,null,null,null,null,null,null,null,null,null,null,null,null,null,null,null,null,null,null,null,null,null,null,null,null,null,null,null,null,null,null,null,null,null,null,null,null,null,null,null,null,null,null,null,null,null,null,null,null,null,null,null," Производство работ осуществляется на территории действующего предприятия с наличием в зоне производства работ одного или нескольких из следующих факторов:\n- разветвленной сети транспортных и инженерных коммуникаций;\n- стесненных условий для складирования материалов;\n- действующего технологического оборудования;\n- движения технологического транспорта ОЗП=1,15; ЭМ=1,15 к расх.; ЗПМ=1,15; ТЗ=1,15; ТЗМ=1,15"]
[null,"1","ИНДЕКС К ПОЗИЦИИ: II кв. 2025 г. Минстрой письмо №29761-ИФ/09 от 23.05.2025 г. (ПРОЧИЕ, ТЕР-2001) ОЗП=29,1; ЭМ=11,55; ЗПМ=29,1; МАТ=8,66",null,null,null,null,null,null,null,null,null,null,null,null,null,null,null,null,null,null,null,null,null,null,null,null,null,null,null,null,null,null,null,null,null,null,null,null,null,null,null,null,null,null,null,null,null,null,null,null,null,null,null,null,null,null,null,null,null,null,null,null,null,null,null,null,null,"ИНДЕКС К ПОЗИЦИИ: II кв. 2025 г. Минстрой письмо №29761-ИФ/09 от 23.05.2025 г. (ПРОЧИЕ, ТЕР-2001) ОЗП=29,1; ЭМ=11,55; ЗПМ=29,1; МАТ=8,66"]
[null,null,null,null,"Накладные расходы 94% ФОТ (от 28 046,35)",null,null,null,null,null,null,26363.57]
[null,null,null,null,"Сметная прибыль 51% ФОТ (от 28 046,35)",null,null,null,null,null,null,14303.64]
["5","ТЕР13-06-004-01\nПриказ Администрации ЛО от 20.10.15 №28","Обеспыливание поверхности",null,null,"1 м2 обеспыливаемой поверхности",57.6,2.17,1.86,0.31,null,3329.26,3122.69,206.57,null,null,null,null,null,null,null,null,null,null,null,null,null,null,null,null,null,null,null,null,null,null,null,null,null,null,null,null,null,null,null,null,null,null,null,null,null,null,null,null,null,null,null,null,null,null,null,null,null,null,null,"Обеспыливание поверхности"]
[null,"421/пр_2020_прил.10_т.1_п.2_гр.3"," Производство работ осуществляется на территории действующего предприятия с наличием в зоне производства работ одного или нескольких из следующих факторов:\n- разветвленной сети транспортных и инженерных коммуникаций;\n- стесненных условий для складирования материалов;\n- действующего технологического оборудования;\n- движения технологического транспорта ОЗП=1,15; ЭМ=1,15 к расх.; ЗПМ=1,15; ТЗ=1,15; ТЗМ=1,15",null,null,null,null,null,null,null,null,null,null,null,null,null,null,null,null,null,null,null,null,null,null,null,null,null,null,null,null,null,null,null,null,null,null,null,null,null,null,null,null,null,null,null,null,null,null,null,null,null,null,null,null,null,null,null,null,null,null,null,null,null,null,null,null," Производство работ осуществляется на территории действующего предприятия с наличием в зоне производства работ одного или нескольких из следующих факторов:\n- разветвленной сети транспортных и инженерных коммуникаций;\n- стесненных условий для складирования материалов;\n- действующего технологического оборудования;\n- движения технологического транспорта ОЗП=1,15; ЭМ=1,15 к расх.; ЗПМ=1,15; ТЗ=1,15; ТЗМ=1,15"]
[null,"1","ИНДЕКС К ПОЗИЦИИ: II кв. 2025 г. Минстрой письмо №29761-ИФ/09 от 23.05.2025 г. (ПРОЧИЕ, ТЕР-2001) ОЗП=29,1; ЭМ=11,55; ЗПМ=29,1; МАТ=8,66",null,null,null,null,null,null,null,null,null,null,null,null,null,null,null,null,null,null,null,null,null,null,null,null,null,null,null,null,null,null,null,null,null,null,null,null,null,null,null,null,null,null,null,null,null,null,null,null,null,null,null,null,null,null,null,null,null,null,null,null,null,null,null,null,null,"ИНДЕКС К ПОЗИЦИИ: II кв. 2025 г. Минстрой письмо №29761-ИФ/09 от 23.05.2025 г. (ПРОЧИЕ, ТЕР-2001) ОЗП=29,1; ЭМ=11,55; ЗПМ=29,1; МАТ=8,66"]
[null,null,null,null,"Накладные расходы 94% ФОТ (от 3 122,69)",null,null,null,null,null,null,2935.33]
[null,null,null,null,"Сметная прибыль 51% ФОТ (от 3 122,69)",null,null,null,null,null,null,1592.57]
["6","ТЕР13-03-003-14\nПриказ Администрации ЛО от 20.10.15 №28","Окраска огрунтованных бетонных и оштукатуренных поверхностей: лаком ХП-734",null,null,"100 м2 окрашиваемой поверхности",0.57599999999999996,1099.79,147.36000000000001,9.09,0.21,7235.98,2470.0100000000002,60.44,3.47,null,null,null,null,null,null,null,null,null,null,null,null,null,null,null,null,null,null,null,null,null,null,null,null,null,null,null,null,null,null,null,null,null,null,null,null,null,null,null,null,null,null,null,null,null,null,null,null,null,null,"Окраска огрунтованных бетонных и оштукатуренных поверхностей: лаком ХП-734"]
[null,"421/пр_2020_прил.10_т.1_п.2_гр.3"," Производство работ осуществляется на территории действующего предприятия с наличием в зоне производства работ одного или нескольких из следующих факторов:\n- разветвленной сети транспортных и инженерных коммуникаций;\n- стесненных условий для складирования материалов;\n- действующего технологического оборудования;\n- движения технологического транспорта ОЗП=1,15; ЭМ=1,15 к расх.; ЗПМ=1,15; ТЗ=1,15; ТЗМ=1,15",null,null,null,null,null,null,null,null,null,null,null,null,null,null,null,null,null,null,null,null,null,null,null,null,null,null,null,null,null,null,null,null,null,null,null,null,null,null,null,null,null,null,null,null,null,null,null,null,null,null,null,null,null,null,null,null,null,null,null,null,null,null,null,null," Производство работ осуществляется на территории действующего предприятия с наличием в зоне производства работ одного или нескольких из следующих факторов:\n- разветвленной сети транспортных и инженерных коммуникаций;\n- стесненных условий для складирования материалов;\n- действующего технологического оборудования;\n- движения технологического транспорта ОЗП=1,15; ЭМ=1,15 к расх.; ЗПМ=1,15; ТЗ=1,15; ТЗМ=1,15"]
[null,"1","ИНДЕКС К ПОЗИЦИИ: II кв. 2025 г. Минстрой письмо №29761-ИФ/09 от 23.05.2025 г. (ПРОЧИЕ, ТЕР-2001) ОЗП=29,1; ЭМ=11,55; ЗПМ=29,1; МАТ=8,66",null,null,null,null,null,null,null,null,null,null,null,null,null,null,null,null,null,null,null,null,null,null,null,null,null,null,null,null,null,null,null,null,null,null,null,null,null,null,null,null,null,null,null,null,null,null,null,null,null,null,null,null,null,null,null,null,null,null,null,null,null,null,null,null,null,"ИНДЕКС К ПОЗИЦИИ: II кв. 2025 г. Минстрой письмо №29761-ИФ/09 от 23.05.2025 г. (ПРОЧИЕ, ТЕР-2001) ОЗП=29,1; ЭМ=11,55; ЗПМ=29,1; МАТ=8,66"]
[null,null,null,null,"Накладные расходы 94% ФОТ (от 2 473,48)",null,null,null,null,null,null,2325.0700000000002]
[null,null,null,null,"Сметная прибыль 51% ФОТ (от 2 473,48)",null,null,null,null,null,null,1261.47]
["20","ТЕР13-03-003-15\nПриказ Администрации ЛО от 20.10.15 №28","Окраска огрунтованных бетонных и оштукатуренных поверхностей: эмалью ХП-799",null,null,"100 м2 окрашиваемой поверхности",0.57599999999999996,863.67,64.09,9.09,0.21,5077.82,1074.24,60.44,3.47,null,null,null,null,null,null,null,null,null,null,null,null,null,null,null,null,null,null,null,null,null,null,null,null,null,null,null,null,null,null,null,null,null,null,null,null,null,null,null,null,null,null,null,null,null,null,null,null,null,null,"Окраска огрунтованных бетонных и оштукатуренных поверхностей: эмалью ХП-799"]
[null,"421/пр_2020_прил.10_т.1_п.2_гр.3"," Производство работ осуществляется на территории действующего предприятия с наличием в зоне производства работ одного или нескольких из следующих факторов:\n- разветвленной сети транспортных и инженерных коммуникаций;\n- стесненных условий для складирования материалов;\n- действующего технологического оборудования;\n- движения технологического транспорта ОЗП=1,15; ЭМ=1,15 к расх.; ЗПМ=1,15; ТЗ=1,15; ТЗМ=1,15",null,null,null,null,null,null,null,null,null,null,null,null,null,null,null,null,null,null,null,null,null,null,null,null,null,null,null,null,null,null,null,null,null,null,null,null,null,null,null,null,null,null,null,null,null,null,null,null,null,null,null,null,null,null,null,null,null,null,null,null,null,null,null,null," Производство работ осуществляется на территории действующего предприятия с наличием в зоне производства работ одного или нескольких из следующих факторов:\n- разветвленной сети транспортных и инженерных коммуникаций;\n- стесненных условий для складирования материалов;\n- действующего технологического оборудования;\n- движения технологического транспорта ОЗП=1,15; ЭМ=1,15 к расх.; ЗПМ=1,15; ТЗ=1,15; ТЗМ=1,15"]
[null,"1","ИНДЕКС К ПОЗИЦИИ: II кв. 2025 г. Минстрой письмо №29761-ИФ/09 от 23.05.2025 г. (ПРОЧИЕ, ТЕР-2001) ОЗП=29,1; ЭМ=11,55; ЗПМ=29,1; МАТ=8,66",null,null,null,null,null,null,null,null,null,null,null,null,null,null,null,null,null,null,null,null,null,null,null,null,null,null,null,null,null,null,null,null,null,null,null,null,null,null,null,null,null,null,null,null,null,null,null,null,null,null,null,null,null,null,null,null,null,null,null,null,null,null,null,null,null,"ИНДЕКС К ПОЗИЦИИ: II кв. 2025 г. Минстрой письмо №29761-ИФ/09 от 23.05.2025 г. (ПРОЧИЕ, ТЕР-2001) ОЗП=29,1; ЭМ=11,55; ЗПМ=29,1; МАТ=8,66"]
[null,null,null,null,"Накладные расходы 94% ФОТ (от 1 077,71)",null,null,null,null,null,null,1013.05]
[null,null,null,null,"Сметная прибыль 51% ФОТ (от 1 077,71)",null,null,null,null,null,null,549.63]
["Окраска конструкций стен и потолков из профлиста, учтена в сметах к разделу КМ",null,null,null,null,null,null,null,null,null,null,null,null,null,null,null,null,null,null,null,null,null,null,null,null,null,null,null,null,null,null,null,null,null,null,null,null,null,null,null,null,null,null,null,null,null,null,null,null,null,null,null,null,null,null,null,null,null,null,null,null,null,null,null,"Окраска конструкций стен и потолков из профлиста, учтена в сметах к разделу КМ"]
["Итого по разделу 5 Отделка",null,null,null,null,null,null,null,null,null,null,94033.75,null,null,null,null,null,null,null,null,null,null,null,null,null,null,null,null,null,null,null,null,null,null,null,null,null,null,null,null,null,null,null,null,null,null,null,null,null,null,null,null,null,null,null,null,null,null,null,null,null,null,null,null,null,null,null,null,null,null,"Итого по разделу 5 Отделка"]
["Раздел 6. Отмостка",null,null,null,null,null,null,null,null,null,null,null,null,null,null,null,null,null,null,null,null,null,null,null,null,null,null,null,null,null,null,null,null,null,null,null,null,null,null,null,null,null,null,null,null,null,null,null,null,null,null,null,null,null,null,null,null,null,null,null,null,null,null,"Раздел 6. Отмостка"]
["27","ТЕР27-04-001-04\nПриказ Администрации ЛО от 20.10.15 №28","Устройство подстилающих и выравнивающих слоев оснований: из щебня",null,null,"100 м3 материала основания (в плотном теле)",8.6400000000000005E-2,4657.6400000000003,426.45,4216.0600000000004,582.05999999999995,5290.81,1072.21,4207.29,1463.44,null,null,null,null,null,null,null,null,null,null,null,null,null,null,null,null,null,null,null,null,null,null,null,null,null,null,null,null,null,null,null,null,null,null,null,null,null,null,null,null,null,null,null,null,null,null,null,null,null,null,"Устройство подстилающих и выравнивающих слоев оснований: из щебня"]
[null,"421/пр_2020_прил.10_т.1_п.2_гр.3"," Производство работ осуществляется на территории действующего предприятия с наличием в зоне производства работ одного или нескольких из следующих факторов:\n- разветвленной сети транспортных и инженерных коммуникаций;\n- стесненных условий для складирования материалов;\n- действующего технологического оборудования;\n- движения технологического транспорта ОЗП=1,15; ЭМ=1,15 к расх.; ЗПМ=1,15; ТЗ=1,15; ТЗМ=1,15",null,null,null,null,null,null,null,null,null,null,null,null,null,null,null,null,null,null,null,null,null,null,null,null,null,null,null,null,null,null,null,null,null,null,null,null,null,null,null,null,null,null,null,null,null,null,null,null,null,null,null,null,null,null,null,null,null,null,null,null,null,null,null,null," Производство работ осуществляется на территории действующего предприятия с наличием в зоне производства работ одного или нескольких из следующих факторов:\n- разветвленной сети транспортных и инженерных коммуникаций;\n- стесненных условий для складирования материалов;\n- действующего технологического оборудования;\n- движения технологического транспорта ОЗП=1,15; ЭМ=1,15 к расх.; ЗПМ=1,15; ТЗ=1,15; ТЗМ=1,15"]
[null,"1","ИНДЕКС К ПОЗИЦИИ: II кв. 2025 г. Минстрой письмо №29761-ИФ/09 от 23.05.2025 г. (ПРОЧИЕ, ТЕР-2001) ОЗП=29,1; ЭМ=11,55; ЗПМ=29,1; МАТ=8,66",null,null,null,null,null,null,null,null,null,null,null,null,null,null,null,null,null,null,null,null,null,null,null,null,null,null,null,null,null,null,null,null,null,null,null,null,null,null,null,null,null,null,null,null,null,null,null,null,null,null,null,null,null,null,null,null,null,null,null,null,null,null,null,null,null,"ИНДЕКС К ПОЗИЦИИ: II кв. 2025 г. Минстрой письмо №29761-ИФ/09 от 23.05.2025 г. (ПРОЧИЕ, ТЕР-2001) ОЗП=29,1; ЭМ=11,55; ЗПМ=29,1; МАТ=8,66"]
[null,null,null,null,"Накладные расходы 147% ФОТ (от 2 535,65)",null,null,null,null,null,null,3727.41]
[null,null,null,null,"Сметная прибыль 134% ФОТ (от 2 535,65)",null,null,null,null,null,null,3397.77]
["26","ТЦ_02.2.05.00_78_7811628889_18.07.2024_02","Щебень из природного камня для строительных работ марка: 800, фракция 20-40 мм",null,null,"м3",10.8864,"307,93\nТЦ/ИндМ225",null,null,null,29030.48,null,null,null,null,null,null,null,null,null,null,null,null,null,null,null,null,null,null,null,null,null,null,null,null,null,null,null,null,null,null,null,null,null,null,null,null,null,null,null,null,null,null,null,null,null,null,null,null,null,null,null,null,null,"Щебень из природного камня для строительных работ марка: 800, фракция 20-40 мм"]
[null,null,"Цена МАТ=ТЦ/ИндМ225",null,null,null,null,null,null,null,null,null,null,null,null,null,null,null,null,null,null,null,null,null,null,null,null,null,null,null,null,null,null,null,null,null,null,null,null,null,null,null,null,null,null,null,null,null,null,null,null,null,null,null,null,null,null,null,null,null,null,null,null,null,null,null,null,null,null,"Цена МАТ=ТЦ/ИндМ225"]
[null,"1","ИНДЕКС К ПОЗИЦИИ: II кв. 2025 г. Минстрой письмо №29761-ИФ/09 от 23.05.2025 г. (ПРОЧИЕ, ТЕР-2001) ОЗП=29,1; ЭМ=11,55; ЗПМ=29,1; МАТ=8,66",null,null,null,null,null,null,null,null,null,null,null,null,null,null,null,null,null,null,null,null,null,null,null,null,null,null,null,null,null,null,null,null,null,null,null,null,null,null,null,null,null,null,null,null,null,null,null,null,null,null,null,null,null,null,null,null,null,null,null,null,null,null,null,null,null,"ИНДЕКС К ПОЗИЦИИ: II кв. 2025 г. Минстрой письмо №29761-ИФ/09 от 23.05.2025 г. (ПРОЧИЕ, ТЕР-2001) ОЗП=29,1; ЭМ=11,55; ЗПМ=29,1; МАТ=8,66"]
["29","ТЕР27-04-001-01\nПриказ Администрации ЛО от 20.10.15 №28","Устройство подстилающих и выравнивающих слоев оснований: из песка",null,null,"100 м3 материала основания (в плотном теле)",0.14399999999999999,2999.71,274.77999999999997,2714.13,370.96,5679.05,1151.44,4514.1400000000003,1554.45,null,null,null,null,null,null,null,null,null,null,null,null,null,null,null,null,null,null,null,null,null,null,null,null,null,null,null,null,null,null,null,null,null,null,null,null,null,null,null,null,null,null,null,null,null,null,null,null,null,null,"Устройство подстилающих и выравнивающих слоев оснований: из песка"]
[null,"421/пр_2020_прил.10_т.1_п.2_гр.3"," Производство работ осуществляется на территории действующего предприятия с наличием в зоне производства работ одного или нескольких из следующих факторов:\n- разветвленной сети транспортных и инженерных коммуникаций;\n- стесненных условий для складирования материалов;\n- действующего технологического оборудования;\n- движения технологического транспорта ОЗП=1,15; ЭМ=1,15 к расх.; ЗПМ=1,15; ТЗ=1,15; ТЗМ=1,15",null,null,null,null,null,null,null,null,null,null,null,null,null,null,null,null,null,null,null,null,null,null,null,null,null,null,null,null,null,null,null,null,null,null,null,null,null,null,null,null,null,null,null,null,null,null,null,null,null,null,null,null,null,null,null,null,null,null,null,null,null,null,null,null," Производство работ осуществляется на территории действующего предприятия с наличием в зоне производства работ одного или нескольких из следующих факторов:\n- разветвленной сети транспортных и инженерных коммуникаций;\n- стесненных условий для складирования материалов;\n- действующего технологического оборудования;\n- движения технологического транспорта ОЗП=1,15; ЭМ=1,15 к расх.; ЗПМ=1,15; ТЗ=1,15; ТЗМ=1,15"]
[null,"1","ИНДЕКС К ПОЗИЦИИ: II кв. 2025 г. Минстрой письмо №29761-ИФ/09 от 23.05.2025 г. (ПРОЧИЕ, ТЕР-2001) ОЗП=29,1; ЭМ=11,55; ЗПМ=29,1; МАТ=8,66",null,null,null,null,null,null,null,null,null,null,null,null,null,null,null,null,null,null,null,null,null,null,null,null,null,null,null,null,null,null,null,null,null,null,null,null,null,null,null,null,null,null,null,null,null,null,null,null,null,null,null,null,null,null,null,null,null,null,null,null,null,null,null,null,null,"ИНДЕКС К ПОЗИЦИИ: II кв. 2025 г. Минстрой письмо №29761-ИФ/09 от 23.05.2025 г. (ПРОЧИЕ, ТЕР-2001) ОЗП=29,1; ЭМ=11,55; ЗПМ=29,1; МАТ=8,66"]
[null,null,null,null,"Накладные расходы 147% ФОТ (от 2 705,89)",null,null,null,null,null,null,3977.66]
[null,null,null,null,"Сметная прибыль 134% ФОТ (от 2 705,89)",null,null,null,null,null,null,3625.89]
["30","ТЦ_02.3.01.00_77_7734465669_15.02.2024_02","Песок средний для строительных работ",null,null,"м3",15.84,"51,96\n450,0/ИндМ225",null,null,null,7127.58,null,null,null,null,null,null,null,null,null,null,null,null,null,null,null,null,null,null,null,null,null,null,null,null,null,null,null,null,null,null,null,null,null,null,null,null,null,null,null,null,null,null,null,null,null,null,null,null,null,null,null,null,null,"Песок средний для строительных работ"]
[null,null,"Цена МАТ=450,0/ИндМ225",null,null,null,null,null,null,null,null,null,null,null,null,null,null,null,null,null,null,null,null,null,null,null,null,null,null,null,null,null,null,null,null,null,null,null,null,null,null,null,null,null,null,null,null,null,null,null,null,null,null,null,null,null,null,null,null,null,null,null,null,null,null,null,null,null,null,"Цена МАТ=450,0/ИндМ225"]
[null,"1","ИНДЕКС К ПОЗИЦИИ: II кв. 2025 г. Минстрой письмо №29761-ИФ/09 от 23.05.2025 г. (ПРОЧИЕ, ТЕР-2001) ОЗП=29,1; ЭМ=11,55; ЗПМ=29,1; МАТ=8,66",null,null,null,null,null,null,null,null,null,null,null,null,null,null,null,null,null,null,null,null,null,null,null,null,null,null,null,null,null,null,null,null,null,null,null,null,null,null,null,null,null,null,null,null,null,null,null,null,null,null,null,null,null,null,null,null,null,null,null,null,null,null,null,null,null,"ИНДЕКС К ПОЗИЦИИ: II кв. 2025 г. Минстрой письмо №29761-ИФ/09 от 23.05.2025 г. (ПРОЧИЕ, ТЕР-2001) ОЗП=29,1; ЭМ=11,55; ЗПМ=29,1; МАТ=8,66"]
["31","ТЕР06-01-013-01\nПриказ Администрации ЛО от 20.10.15 №28","Устройство подливки толщиной  20 мм // прим. бетонное основание",null,null,"100 м2 подливки под оборудование",0.96,1135.4000000000001,895,19.899999999999999,2.25,27056.52,25002.69,220.6,62.97,null,null,null,null,null,null,null,null,null,null,null,null,null,null,null,null,null,null,null,null,null,null,null,null,null,null,null,null,null,null,null,null,null,null,null,null,null,null,null,null,null,null,null,null,null,null,null,null,null,null,"Устройство подливки толщиной  20 мм // прим. бетонное основание"]
[null,null,"1 016,07 = 1 940,48 - 2,04 x 453,14",null,null,null,null,null,null,null,null,null,null,null,null,null,null,null,null,null,null,null,null,null,null,null,null,null,null,null,null,null,null,null,null,null,null,null,null,null,null,null,null,null,null,null,null,null,null,null,null,null,null,null,null,null,null,null,null,null,null,null,null,null,null,null,"1 016,07 = 1 940,48 - 2,04 x 453,14"]
[null,"421/пр_2020_прил.10_т.1_п.2_гр.3"," Производство работ осуществляется на территории действующего предприятия с наличием в зоне производства работ одного или нескольких из следующих факторов:\n- разветвленной сети транспортных и инженерных коммуникаций;\n- стесненных условий для складирования материалов;\n- действующего технологического оборудования;\n- движения технологического транспорта ОЗП=1,15; ЭМ=1,15 к расх.; ЗПМ=1,15; ТЗ=1,15; ТЗМ=1,15",null,null,null,null,null,null,null,null,null,null,null,null,null,null,null,null,null,null,null,null,null,null,null,null,null,null,null,null,null,null,null,null,null,null,null,null,null,null,null,null,null,null,null,null,null,null,null,null,null,null,null,null,null,null,null,null,null,null,null,null,null,null,null,null," Производство работ осуществляется на территории действующего предприятия с наличием в зоне производства работ одного или нескольких из следующих факторов:\n- разветвленной сети транспортных и инженерных коммуникаций;\n- стесненных условий для складирования материалов;\n- действующего технологического оборудования;\n- движения технологического транспорта ОЗП=1,15; ЭМ=1,15 к расх.; ЗПМ=1,15; ТЗ=1,15; ТЗМ=1,15"]
[null,"1","ИНДЕКС К ПОЗИЦИИ: II кв. 2025 г. Минстрой письмо №29761-ИФ/09 от 23.05.2025 г. (ПРОЧИЕ, ТЕР-2001) ОЗП=29,1; ЭМ=11,55; ЗПМ=29,1; МАТ=8,66",null,null,null,null,null,null,null,null,null,null,null,null,null,null,null,null,null,null,null,null,null,null,null,null,null,null,null,null,null,null,null,null,null,null,null,null,null,null,null,null,null,null,null,null,null,null,null,null,null,null,null,null,null,null,null,null,null,null,null,null,null,null,null,null,null,"ИНДЕКС К ПОЗИЦИИ: II кв. 2025 г. Минстрой письмо №29761-ИФ/09 от 23.05.2025 г. (ПРОЧИЕ, ТЕР-2001) ОЗП=29,1; ЭМ=11,55; ЗПМ=29,1; МАТ=8,66"]
[null,null,null,null,"Накладные расходы 102% ФОТ (от 25 065,66)",null,null,null,null,null,null,25566.97]
[null,null,null,null,"Сметная прибыль 58% ФОТ (от 25 065,66)",null,null,null,null,null,null,14538.08]
["32","ТЕР06-01-013-02\nПриказ Администрации ЛО от 20.10.15 №28","На каждые 10 мм изменения толщины добавлять или исключать к расценке 06-01-013-01 // до 100 мм",null,null,"100 м2 подливки под оборудование",0.96,2548.42,2045.71,71.67,9.02,61527.15,57149.01,794.65,251.87,null,null,null,null,null,null,null,null,null,null,null,null,null,null,null,null,null,null,null,null,null,null,null,null,null,null,null,null,null,null,null,null,null,null,null,null,null,null,null,null,null,null,null,null,null,null,null,null,null,null,"На каждые 10 мм изменения толщины добавлять или исключать к расценке 06-01-013-01 // до 100 мм"]
[null,null,"284,03 = 746,23 - 1,02 x 453,14",null,null,null,null,null,null,null,null,null,null,null,null,null,null,null,null,null,null,null,null,null,null,null,null,null,null,null,null,null,null,null,null,null,null,null,null,null,null,null,null,null,null,null,null,null,null,null,null,null,null,null,null,null,null,null,null,null,null,null,null,null,null,null,"284,03 = 746,23 - 1,02 x 453,14"]
[null,null," толщ. 100 мм ПЗ=8 (ОЗП=8; ЭМ=8 к расх.; ЗПМ=8; МАТ=8 к расх.; ТЗ=8; ТЗМ=8)",null,null,null,null,null,null,null,null,null,null,null,null,null,null,null,null,null,null,null,null,null,null,null,null,null,null,null,null,null,null,null,null,null,null,null,null,null,null,null,null,null,null,null,null,null,null,null,null,null,null,null,null,null,null,null,null,null,null,null,null,null,null,null,null," толщ. 100 мм ПЗ=8 (ОЗП=8; ЭМ=8 к расх.; ЗПМ=8; МАТ=8 к расх.; ТЗ=8; ТЗМ=8)"]
[null,"421/пр_2020_прил.10_т.1_п.2_гр.3"," Производство работ осуществляется на территории действующего предприятия с наличием в зоне производства работ одного или нескольких из следующих факторов:\n- разветвленной сети транспортных и инженерных коммуникаций;\n- стесненных условий для складирования материалов;\n- действующего технологического оборудования;\n- движения технологического транспорта ОЗП=1,15; ЭМ=1,15 к расх.; ЗПМ=1,15; ТЗ=1,15; ТЗМ=1,15",null,null,null,null,null,null,null,null,null,null,null,null,null,null,null,null,null,null,null,null,null,null,null,null,null,null,null,null,null,null,null,null,null,null,null,null,null,null,null,null,null,null,null,null,null,null,null,null,null,null,null,null,null,null,null,null,null,null,null,null,null,null,null,null," Производство работ осуществляется на территории действующего предприятия с наличием в зоне производства работ одного или нескольких из следующих факторов:\n- разветвленной сети транспортных и инженерных коммуникаций;\n- стесненных условий для складирования материалов;\n- действующего технологического оборудования;\n- движения технологического транспорта ОЗП=1,15; ЭМ=1,15 к расх.; ЗПМ=1,15; ТЗ=1,15; ТЗМ=1,15"]
[null,"1","ИНДЕКС К ПОЗИЦИИ: II кв. 2025 г. Минстрой письмо №29761-ИФ/09 от 23.05.2025 г. (ПРОЧИЕ, ТЕР-2001) ОЗП=29,1; ЭМ=11,55; ЗПМ=29,1; МАТ=8,66",null,null,null,null,null,null,null,null,null,null,null,null,null,null,null,null,null,null,null,null,null,null,null,null,null,null,null,null,null,null,null,null,null,null,null,null,null,null,null,null,null,null,null,null,null,null,null,null,null,null,null,null,null,null,null,null,null,null,null,null,null,null,null,null,null,"ИНДЕКС К ПОЗИЦИИ: II кв. 2025 г. Минстрой письмо №29761-ИФ/09 от 23.05.2025 г. (ПРОЧИЕ, ТЕР-2001) ОЗП=29,1; ЭМ=11,55; ЗПМ=29,1; МАТ=8,66"]
[null,null,null,null,"Накладные расходы 102% ФОТ (от 57 400,88)",null,null,null,null,null,null,58548.9]
[null,null,null,null,"Сметная прибыль 58% ФОТ (от 57 400,88)",null,null,null,null,null,null,33292.51]
["33","ТЦ_59.1.04.01_78_4707009037_08.02.2024_02","Бетон  В15",null,null,"м3",9.7919999999999998,"706,81\n(4496+1625)/ИндМ225",null,null,null,59936.58,null,null,null,null,null,null,null,null,null,null,null,null,null,null,null,null,null,null,null,null,null,null,null,null,null,null,null,null,null,null,null,null,null,null,null,null,null,null,null,null,null,null,null,null,null,null,null,null,null,null,null,null,null,"Бетон  В15"]
[null,null,"Цена МАТ=(4496+1625)/ИндМ225",null,null,null,null,null,null,null,null,null,null,null,null,null,null,null,null,null,null,null,null,null,null,null,null,null,null,null,null,null,null,null,null,null,null,null,null,null,null,null,null,null,null,null,null,null,null,null,null,null,null,null,null,null,null,null,null,null,null,null,null,null,null,null,null,null,null,"Цена МАТ=(4496+1625)/ИндМ225"]
[null,"1","ИНДЕКС К ПОЗИЦИИ: II кв. 2025 г. Минстрой письмо №29761-ИФ/09 от 23.05.2025 г. (ПРОЧИЕ, ТЕР-2001) ОЗП=29,1; ЭМ=11,55; ЗПМ=29,1; МАТ=8,66",null,null,null,null,null,null,null,null,null,null,null,null,null,null,null,null,null,null,null,null,null,null,null,null,null,null,null,null,null,null,null,null,null,null,null,null,null,null,null,null,null,null,null,null,null,null,null,null,null,null,null,null,null,null,null,null,null,null,null,null,null,null,null,null,null,"ИНДЕКС К ПОЗИЦИИ: II кв. 2025 г. Минстрой письмо №29761-ИФ/09 от 23.05.2025 г. (ПРОЧИЕ, ТЕР-2001) ОЗП=29,1; ЭМ=11,55; ЗПМ=29,1; МАТ=8,66"]
["34","ТЕР06-01-015-10\nПриказ Администрации ЛО от 20.10.15 №28","Армирование подстилающих слоев и набетонок",null,null,"1 т",0.33310000000000001,539.47,244.06,53.49,4.51,3269.4,2365.77,205.78,43.7,null,null,null,null,null,null,null,null,null,null,null,null,null,null,null,null,null,null,null,null,null,null,null,null,null,null,null,null,null,null,null,null,null,null,null,null,null,null,null,null,null,null,null,null,null,null,null,null,null,null,"Армирование подстилающих слоев и набетонок"]
[null,null,"500,66 = 5 580,38 - 1 x 5 079,72",null,null,null,null,null,null,null,null,null,null,null,null,null,null,null,null,null,null,null,null,null,null,null,null,null,null,null,null,null,null,null,null,null,null,null,null,null,null,null,null,null,null,null,null,null,null,null,null,null,null,null,null,null,null,null,null,null,null,null,null,null,null,null,"500,66 = 5 580,38 - 1 x 5 079,72"]
[null,"421/пр_2020_прил.10_т.1_п.2_гр.3"," Производство работ осуществляется на территории действующего предприятия с наличием в зоне производства работ одного или нескольких из следующих факторов:\n- разветвленной сети транспортных и инженерных коммуникаций;\n- стесненных условий для складирования материалов;\n- действующего технологического оборудования;\n- движения технологического транспорта ОЗП=1,15; ЭМ=1,15 к расх.; ЗПМ=1,15; ТЗ=1,15; ТЗМ=1,15",null,null,null,null,null,null,null,null,null,null,null,null,null,null,null,null,null,null,null,null,null,null,null,null,null,null,null,null,null,null,null,null,null,null,null,null,null,null,null,null,null,null,null,null,null,null,null,null,null,null,null,null,null,null,null,null,null,null,null,null,null,null,null,null," Производство работ осуществляется на территории действующего предприятия с наличием в зоне производства работ одного или нескольких из следующих факторов:\n- разветвленной сети транспортных и инженерных коммуникаций;\n- стесненных условий для складирования материалов;\n- действующего технологического оборудования;\n- движения технологического транспорта ОЗП=1,15; ЭМ=1,15 к расх.; ЗПМ=1,15; ТЗ=1,15; ТЗМ=1,15"]
[null,"1","ИНДЕКС К ПОЗИЦИИ: II кв. 2025 г. Минстрой письмо №29761-ИФ/09 от 23.05.2025 г. (ПРОЧИЕ, ТЕР-2001) ОЗП=29,1; ЭМ=11,55; ЗПМ=29,1; МАТ=8,66",null,null,null,null,null,null,null,null,null,null,null,null,null,null,null,null,null,null,null,null,null,null,null,null,null,null,null,null,null,null,null,null,null,null,null,null,null,null,null,null,null,null,null,null,null,null,null,null,null,null,null,null,null,null,null,null,null,null,null,null,null,null,null,null,null,"ИНДЕКС К ПОЗИЦИИ: II кв. 2025 г. Минстрой письмо №29761-ИФ/09 от 23.05.2025 г. (ПРОЧИЕ, ТЕР-2001) ОЗП=29,1; ЭМ=11,55; ЗПМ=29,1; МАТ=8,66"]
[null,null,null,null,"Накладные расходы 102% ФОТ (от 2 409,47)",null,null,null,null,null,null,2457.66]
[null,null,null,null,"Сметная прибыль 58% ФОТ (от 2 409,47)",null,null,null,null,null,null,1397.49]
["35","ТЦ_08.4.02.05_78_7816723705_16.02.2024_02\nАналог ТССЦ-101-3891 21,17/20,58=2%","Сетка арм. 100х100 6Вр1",null,null,"м2",96,"47,85\n487,5/ндс/ИндМ225*1,02",null,null,null,39780.58,null,null,null,null,null,null,null,null,null,null,null,null,null,null,null,null,null,null,null,null,null,null,null,null,null,null,null,null,null,null,null,null,null,null,null,null,null,null,null,null,null,null,null,null,null,null,null,null,null,null,null,null,null,"Сетка арм. 100х100 6Вр1"]
[null,null,"Цена МАТ=487,5/ндс/ИндМ225*1,02",null,null,null,null,null,null,null,null,null,null,null,null,null,null,null,null,null,null,null,null,null,null,null,null,null,null,null,null,null,null,null,null,null,null,null,null,null,null,null,null,null,null,null,null,null,null,null,null,null,null,null,null,null,null,null,null,null,null,null,null,null,null,null,null,null,null,"Цена МАТ=487,5/ндс/ИндМ225*1,02"]
[null,"1","ИНДЕКС К ПОЗИЦИИ: II кв. 2025 г. Минстрой письмо №29761-ИФ/09 от 23.05.2025 г. (ПРОЧИЕ, ТЕР-2001) ОЗП=29,1; ЭМ=11,55; ЗПМ=29,1; МАТ=8,66",null,null,null,null,null,null,null,null,null,null,null,null,null,null,null,null,null,null,null,null,null,null,null,null,null,null,null,null,null,null,null,null,null,null,null,null,null,null,null,null,null,null,null,null,null,null,null,null,null,null,null,null,null,null,null,null,null,null,null,null,null,null,null,null,null,"ИНДЕКС К ПОЗИЦИИ: II кв. 2025 г. Минстрой письмо №29761-ИФ/09 от 23.05.2025 г. (ПРОЧИЕ, ТЕР-2001) ОЗП=29,1; ЭМ=11,55; ЗПМ=29,1; МАТ=8,66"]
["36","ТЕР06-01-013-01\nПриказ Администрации ЛО от 20.10.15 №28","Устройство подливки толщиной  20 мм // прим. бетонное покрытие отмостки",null,null,"100 м2 подливки под оборудование",0.96,1135.4000000000001,895,19.899999999999999,2.25,27056.52,25002.69,220.6,62.97,null,null,null,null,null,null,null,null,null,null,null,null,null,null,null,null,null,null,null,null,null,null,null,null,null,null,null,null,null,null,null,null,null,null,null,null,null,null,null,null,null,null,null,null,null,null,null,null,null,null,"Устройство подливки толщиной  20 мм // прим. бетонное покрытие отмостки"]
[null,null,"1 016,07 = 1 940,48 - 2,04 x 453,14",null,null,null,null,null,null,null,null,null,null,null,null,null,null,null,null,null,null,null,null,null,null,null,null,null,null,null,null,null,null,null,null,null,null,null,null,null,null,null,null,null,null,null,null,null,null,null,null,null,null,null,null,null,null,null,null,null,null,null,null,null,null,null,"1 016,07 = 1 940,48 - 2,04 x 453,14"]
[null,"421/пр_2020_прил.10_т.1_п.2_гр.3"," Производство работ осуществляется на территории действующего предприятия с наличием в зоне производства работ одного или нескольких из следующих факторов:\n- разветвленной сети транспортных и инженерных коммуникаций;\n- стесненных условий для складирования материалов;\n- действующего технологического оборудования;\n- движения технологического транспорта ОЗП=1,15; ЭМ=1,15 к расх.; ЗПМ=1,15; ТЗ=1,15; ТЗМ=1,15",null,null,null,null,null,null,null,null,null,null,null,null,null,null,null,null,null,null,null,null,null,null,null,null,null,null,null,null,null,null,null,null,null,null,null,null,null,null,null,null,null,null,null,null,null,null,null,null,null,null,null,null,null,null,null,null,null,null,null,null,null,null,null,null," Производство работ осуществляется на территории действующего предприятия с наличием в зоне производства работ одного или нескольких из следующих факторов:\n- разветвленной сети транспортных и инженерных коммуникаций;\n- стесненных условий для складирования материалов;\n- действующего технологического оборудования;\n- движения технологического транспорта ОЗП=1,15; ЭМ=1,15 к расх.; ЗПМ=1,15; ТЗ=1,15; ТЗМ=1,15"]
[null,"1","ИНДЕКС К ПОЗИЦИИ: II кв. 2025 г. Минстрой письмо №29761-ИФ/09 от 23.05.2025 г. (ПРОЧИЕ, ТЕР-2001) ОЗП=29,1; ЭМ=11,55; ЗПМ=29,1; МАТ=8,66",null,null,null,null,null,null,null,null,null,null,null,null,null,null,null,null,null,null,null,null,null,null,null,null,null,null,null,null,null,null,null,null,null,null,null,null,null,null,null,null,null,null,null,null,null,null,null,null,null,null,null,null,null,null,null,null,null,null,null,null,null,null,null,null,null,"ИНДЕКС К ПОЗИЦИИ: II кв. 2025 г. Минстрой письмо №29761-ИФ/09 от 23.05.2025 г. (ПРОЧИЕ, ТЕР-2001) ОЗП=29,1; ЭМ=11,55; ЗПМ=29,1; МАТ=8,66"]
[null,null,null,null,"Накладные расходы 102% ФОТ (от 25 065,66)",null,null,null,null,null,null,25566.97]
[null,null,null,null,"Сметная прибыль 58% ФОТ (от 25 065,66)",null,null,null,null,null,null,14538.08]
["37","ТЕР06-01-013-02\nПриказ Администрации ЛО от 20.10.15 №28","На каждые 10 мм изменения толщины добавлять или исключать к расценке 06-01-013-01 // до 50-110 мм",null,null,"100 м2 подливки под оборудование",0.96,1911.32,1534.28,53.75,6.76,46145.37,42861.760000000002,595.99,188.9,null,null,null,null,null,null,null,null,null,null,null,null,null,null,null,null,null,null,null,null,null,null,null,null,null,null,null,null,null,null,null,null,null,null,null,null,null,null,null,null,null,null,null,null,null,null,null,null,null,null,"На каждые 10 мм изменения толщины добавлять или исключать к расценке 06-01-013-01 // до 50-110 мм"]
[null,null,"284,03 = 746,23 - 1,02 x 453,14",null,null,null,null,null,null,null,null,null,null,null,null,null,null,null,null,null,null,null,null,null,null,null,null,null,null,null,null,null,null,null,null,null,null,null,null,null,null,null,null,null,null,null,null,null,null,null,null,null,null,null,null,null,null,null,null,null,null,null,null,null,null,null,"284,03 = 746,23 - 1,02 x 453,14"]
[null,null," толщ. 30-130 мм ПЗ=6 (ОЗП=6; ЭМ=6 к расх.; ЗПМ=6; МАТ=6 к расх.; ТЗ=6; ТЗМ=6)",null,null,null,null,null,null,null,null,null,null,null,null,null,null,null,null,null,null,null,null,null,null,null,null,null,null,null,null,null,null,null,null,null,null,null,null,null,null,null,null,null,null,null,null,null,null,null,null,null,null,null,null,null,null,null,null,null,null,null,null,null,null,null,null," толщ. 30-130 мм ПЗ=6 (ОЗП=6; ЭМ=6 к расх.; ЗПМ=6; МАТ=6 к расх.; ТЗ=6; ТЗМ=6)"]
[null,"421/пр_2020_прил.10_т.1_п.2_гр.3"," Производство работ осуществляется на территории действующего предприятия с наличием в зоне производства работ одного или нескольких из следующих факторов:\n- разветвленной сети транспортных и инженерных коммуникаций;\n- стесненных условий для складирования материалов;\n- действующего технологического оборудования;\n- движения технологического транспорта ОЗП=1,15; ЭМ=1,15 к расх.; ЗПМ=1,15; ТЗ=1,15; ТЗМ=1,15",null,null,null,null,null,null,null,null,null,null,null,null,null,null,null,null,null,null,null,null,null,null,null,null,null,null,null,null,null,null,null,null,null,null,null,null,null,null,null,null,null,null,null,null,null,null,null,null,null,null,null,null,null,null,null,null,null,null,null,null,null,null,null,null," Производство работ осуществляется на территории действующего предприятия с наличием в зоне производства работ одного или нескольких из следующих факторов:\n- разветвленной сети транспортных и инженерных коммуникаций;\n- стесненных условий для складирования материалов;\n- действующего технологического оборудования;\n- движения технологического транспорта ОЗП=1,15; ЭМ=1,15 к расх.; ЗПМ=1,15; ТЗ=1,15; ТЗМ=1,15"]
[null,"1","ИНДЕКС К ПОЗИЦИИ: II кв. 2025 г. Минстрой письмо №29761-ИФ/09 от 23.05.2025 г. (ПРОЧИЕ, ТЕР-2001) ОЗП=29,1; ЭМ=11,55; ЗПМ=29,1; МАТ=8,66",null,null,null,null,null,null,null,null,null,null,null,null,null,null,null,null,null,null,null,null,null,null,null,null,null,null,null,null,null,null,null,null,null,null,null,null,null,null,null,null,null,null,null,null,null,null,null,null,null,null,null,null,null,null,null,null,null,null,null,null,null,null,null,null,null,"ИНДЕКС К ПОЗИЦИИ: II кв. 2025 г. Минстрой письмо №29761-ИФ/09 от 23.05.2025 г. (ПРОЧИЕ, ТЕР-2001) ОЗП=29,1; ЭМ=11,55; ЗПМ=29,1; МАТ=8,66"]
[null,null,null,null,"Накладные расходы 102% ФОТ (от 43 050,66)",null,null,null,null,null,null,43911.67]
[null,null,null,null,"Сметная прибыль 58% ФОТ (от 43 050,66)",null,null,null,null,null,null,24969.38]
["38","ТЦ_59.1.04.01_78_4707009037_08.02.2024_02","Бетон  В15",null,null,"м3",7.8339999999999996,"706,81\n(4496+1625)/ИндМ225",null,null,null,47951.72,null,null,null,null,null,null,null,null,null,null,null,null,null,null,null,null,null,null,null,null,null,null,null,null,null,null,null,null,null,null,null,null,null,null,null,null,null,null,null,null,null,null,null,null,null,null,null,null,null,null,null,null,null,"Бетон  В15"]
[null,null,"Цена МАТ=(4496+1625)/ИндМ225",null,null,null,null,null,null,null,null,null,null,null,null,null,null,null,null,null,null,null,null,null,null,null,null,null,null,null,null,null,null,null,null,null,null,null,null,null,null,null,null,null,null,null,null,null,null,null,null,null,null,null,null,null,null,null,null,null,null,null,null,null,null,null,null,null,null,"Цена МАТ=(4496+1625)/ИндМ225"]
[null,"1","ИНДЕКС К ПОЗИЦИИ: II кв. 2025 г. Минстрой письмо №29761-ИФ/09 от 23.05.2025 г. (ПРОЧИЕ, ТЕР-2001) ОЗП=29,1; ЭМ=11,55; ЗПМ=29,1; МАТ=8,66",null,null,null,null,null,null,null,null,null,null,null,null,null,null,null,null,null,null,null,null,null,null,null,null,null,null,null,null,null,null,null,null,null,null,null,null,null,null,null,null,null,null,null,null,null,null,null,null,null,null,null,null,null,null,null,null,null,null,null,null,null,null,null,null,null,"ИНДЕКС К ПОЗИЦИИ: II кв. 2025 г. Минстрой письмо №29761-ИФ/09 от 23.05.2025 г. (ПРОЧИЕ, ТЕР-2001) ОЗП=29,1; ЭМ=11,55; ЗПМ=29,1; МАТ=8,66"]
["39","ТЕР11-01-015-07\nПриказ Администрации ЛО от 20.10.15 №28","Шлифовка бетонных или металлоцементных покрытий",null,null,"100 м2 покрытия",0.96,1893.64,1583.19,295.95999999999998,43.88,47630.12,44228.09,3281.65,1225.94,null,null,null,null,null,null,null,null,null,null,null,null,null,null,null,null,null,null,null,null,null,null,null,null,null,null,null,null,null,null,null,null,null,null,null,null,null,null,null,null,null,null,null,null,null,null,null,null,null,null,"Шлифовка бетонных или металлоцементных покрытий"]
[null,"421/пр_2020_прил.10_т.1_п.2_гр.3"," Производство работ осуществляется на территории действующего предприятия с наличием в зоне производства работ одного или нескольких из следующих факторов:\n- разветвленной сети транспортных и инженерных коммуникаций;\n- стесненных условий для складирования материалов;\n- действующего технологического оборудования;\n- движения технологического транспорта ОЗП=1,15; ЭМ=1,15 к расх.; ЗПМ=1,15; ТЗ=1,15; ТЗМ=1,15",null,null,null,null,null,null,null,null,null,null,null,null,null,null,null,null,null,null,null,null,null,null,null,null,null,null,null,null,null,null,null,null,null,null,null,null,null,null,null,null,null,null,null,null,null,null,null,null,null,null,null,null,null,null,null,null,null,null,null,null,null,null,null,null," Производство работ осуществляется на территории действующего предприятия с наличием в зоне производства работ одного или нескольких из следующих факторов:\n- разветвленной сети транспортных и инженерных коммуникаций;\n- стесненных условий для складирования материалов;\n- действующего технологического оборудования;\n- движения технологического транспорта ОЗП=1,15; ЭМ=1,15 к расх.; ЗПМ=1,15; ТЗ=1,15; ТЗМ=1,15"]
[null,"1","ИНДЕКС К ПОЗИЦИИ: II кв. 2025 г. Минстрой письмо №29761-ИФ/09 от 23.05.2025 г. (ПРОЧИЕ, ТЕР-2001) ОЗП=29,1; ЭМ=11,55; ЗПМ=29,1; МАТ=8,66",null,null,null,null,null,null,null,null,null,null,null,null,null,null,null,null,null,null,null,null,null,null,null,null,null,null,null,null,null,null,null,null,null,null,null,null,null,null,null,null,null,null,null,null,null,null,null,null,null,null,null,null,null,null,null,null,null,null,null,null,null,null,null,null,null,"ИНДЕКС К ПОЗИЦИИ: II кв. 2025 г. Минстрой письмо №29761-ИФ/09 от 23.05.2025 г. (ПРОЧИЕ, ТЕР-2001) ОЗП=29,1; ЭМ=11,55; ЗПМ=29,1; МАТ=8,66"]
[null,null,null,null,"Накладные расходы 112% ФОТ (от 45 454,03)",null,null,null,null,null,null,50908.51]
[null,null,null,null,"Сметная прибыль 65% ФОТ (от 45 454,03)",null,null,null,null,null,null,29545.119999999999]
["40","ТЕР11-01-015-08\nПриказ Администрации ЛО от 20.10.15 №28","Железнение цементных покрытий",null,null,"100 м2 покрытия",0.96,276.26,223.93,9.11,2.39,6715.95,6255.65,100.99,66.819999999999993,null,null,null,null,null,null,null,null,null,null,null,null,null,null,null,null,null,null,null,null,null,null,null,null,null,null,null,null,null,null,null,null,null,null,null,null,null,null,null,null,null,null,null,null,null,null,null,null,null,null,"Железнение цементных покрытий"]
[null,"421/пр_2020_прил.10_т.1_п.2_гр.3"," Производство работ осуществляется на территории действующего предприятия с наличием в зоне производства работ одного или нескольких из следующих факторов:\n- разветвленной сети транспортных и инженерных коммуникаций;\n- стесненных условий для складирования материалов;\n- действующего технологического оборудования;\n- движения технологического транспорта ОЗП=1,15; ЭМ=1,15 к расх.; ЗПМ=1,15; ТЗ=1,15; ТЗМ=1,15",null,null,null,null,null,null,null,null,null,null,null,null,null,null,null,null,null,null,null,null,null,null,null,null,null,null,null,null,null,null,null,null,null,null,null,null,null,null,null,null,null,null,null,null,null,null,null,null,null,null,null,null,null,null,null,null,null,null,null,null,null,null,null,null," Производство работ осуществляется на территории действующего предприятия с наличием в зоне производства работ одного или нескольких из следующих факторов:\n- разветвленной сети транспортных и инженерных коммуникаций;\n- стесненных условий для складирования материалов;\n- действующего технологического оборудования;\n- движения технологического транспорта ОЗП=1,15; ЭМ=1,15 к расх.; ЗПМ=1,15; ТЗ=1,15; ТЗМ=1,15"]
[null,"1","ИНДЕКС К ПОЗИЦИИ: II кв. 2025 г. Минстрой письмо №29761-ИФ/09 от 23.05.2025 г. (ПРОЧИЕ, ТЕР-2001) ОЗП=29,1; ЭМ=11,55; ЗПМ=29,1; МАТ=8,66",null,null,null,null,null,null,null,null,null,null,null,null,null,null,null,null,null,null,null,null,null,null,null,null,null,null,null,null,null,null,null,null,null,null,null,null,null,null,null,null,null,null,null,null,null,null,null,null,null,null,null,null,null,null,null,null,null,null,null,null,null,null,null,null,null,"ИНДЕКС К ПОЗИЦИИ: II кв. 2025 г. Минстрой письмо №29761-ИФ/09 от 23.05.2025 г. (ПРОЧИЕ, ТЕР-2001) ОЗП=29,1; ЭМ=11,55; ЗПМ=29,1; МАТ=8,66"]
[null,null,null,null,"Накладные расходы 112% ФОТ (от 6 322,47)",null,null,null,null,null,null,7081.17]
[null,null,null,null,"Сметная прибыль 65% ФОТ (от 6 322,47)",null,null,null,null,null,null,4109.6099999999997]
["41","ТЕР27-02-010-02\nПриказ Администрации ЛО от 20.10.15 №28","Установка бортовых камней бетонных: при других видах покрытий",null,null,"100 м бортового камня",0.96,5599.21,1402.49,103.83,19.18,74357.95,39180.07,1151.31,535.87,null,null,null,null,null,null,null,null,null,null,null,null,null,null,null,null,null,null,null,null,null,null,null,null,null,null,null,null,null,null,null,null,null,null,null,null,null,null,null,null,null,null,null,null,null,null,null,null,null,null,"Установка бортовых камней бетонных: при других видах покрытий"]
[null,"421/пр_2020_прил.10_т.1_п.2_гр.3"," Производство работ осуществляется на территории действующего предприятия с наличием в зоне производства работ одного или нескольких из следующих факторов:\n- разветвленной сети транспортных и инженерных коммуникаций;\n- стесненных условий для складирования материалов;\n- действующего технологического оборудования;\n- движения технологического транспорта ОЗП=1,15; ЭМ=1,15 к расх.; ЗПМ=1,15; ТЗ=1,15; ТЗМ=1,15",null,null,null,null,null,null,null,null,null,null,null,null,null,null,null,null,null,null,null,null,null,null,null,null,null,null,null,null,null,null,null,null,null,null,null,null,null,null,null,null,null,null,null,null,null,null,null,null,null,null,null,null,null,null,null,null,null,null,null,null,null,null,null,null," Производство работ осуществляется на территории действующего предприятия с наличием в зоне производства работ одного или нескольких из следующих факторов:\n- разветвленной сети транспортных и инженерных коммуникаций;\n- стесненных условий для складирования материалов;\n- действующего технологического оборудования;\n- движения технологического транспорта ОЗП=1,15; ЭМ=1,15 к расх.; ЗПМ=1,15; ТЗ=1,15; ТЗМ=1,15"]
[null,"1","ИНДЕКС К ПОЗИЦИИ: II кв. 2025 г. Минстрой письмо №29761-ИФ/09 от 23.05.2025 г. (ПРОЧИЕ, ТЕР-2001) ОЗП=29,1; ЭМ=11,55; ЗПМ=29,1; МАТ=8,66",null,null,null,null,null,null,null,null,null,null,null,null,null,null,null,null,null,null,null,null,null,null,null,null,null,null,null,null,null,null,null,null,null,null,null,null,null,null,null,null,null,null,null,null,null,null,null,null,null,null,null,null,null,null,null,null,null,null,null,null,null,null,null,null,null,"ИНДЕКС К ПОЗИЦИИ: II кв. 2025 г. Минстрой письмо №29761-ИФ/09 от 23.05.2025 г. (ПРОЧИЕ, ТЕР-2001) ОЗП=29,1; ЭМ=11,55; ЗПМ=29,1; МАТ=8,66"]
[null,null,null,null,"Накладные расходы 147% ФОТ (от 39 715,94)",null,null,null,null,null,null,58382.43]
[null,null,null,null,"Сметная прибыль 134% ФОТ (от 39 715,94)",null,null,null,null,null,null,53219.360000000001]
["42","ТЦ_04.13.00.00_78_7842083836_15.02.2024_02","Камни бортовые БР100.20.8",null,null,"шт",96,"24,83\n215,0/ИндМ225",null,null,null,20642.669999999998,null,null,null,null,null,null,null,null,null,null,null,null,null,null,null,null,null,null,null,null,null,null,null,null,null,null,null,null,null,null,null,null,null,null,null,null,null,null,null,null,null,null,null,null,null,null,null,null,null,null,null,null,null,"Камни бортовые БР100.20.8"]
[null,null,"Цена МАТ=215,0/ИндМ225",null,null,null,null,null,null,null,null,null,null,null,null,null,null,null,null,null,null,null,null,null,null,null,null,null,null,null,null,null,null,null,null,null,null,null,null,null,null,null,null,null,null,null,null,null,null,null,null,null,null,null,null,null,null,null,null,null,null,null,null,null,null,null,null,null,null,"Цена МАТ=215,0/ИндМ225"]
[null,"1","ИНДЕКС К ПОЗИЦИИ: II кв. 2025 г. Минстрой письмо №29761-ИФ/09 от 23.05.2025 г. (ПРОЧИЕ, ТЕР-2001) ОЗП=29,1; ЭМ=11,55; ЗПМ=29,1; МАТ=8,66",null,null,null,null,null,null,null,null,null,null,null,null,null,null,null,null,null,null,null,null,null,null,null,null,null,null,null,null,null,null,null,null,null,null,null,null,null,null,null,null,null,null,null,null,null,null,null,null,null,null,null,null,null,null,null,null,null,null,null,null,null,null,null,null,null,"ИНДЕКС К ПОЗИЦИИ: II кв. 2025 г. Минстрой письмо №29761-ИФ/09 от 23.05.2025 г. (ПРОЧИЕ, ТЕР-2001) ОЗП=29,1; ЭМ=11,55; ЗПМ=29,1; МАТ=8,66"]
["Итого по разделу 6 Отмостка",null,null,null,null,null,null,null,null,null,null,971961.11,null,null,null,null,null,null,null,null,null,null,null,null,null,null,null,null,null,null,null,null,null,null,null,null,null,null,null,null,null,null,null,null,null,null,null,null,null,null,null,null,null,null,null,null,null,null,null,null,null,null,null,null,null,null,null,null,null,null,"Итого по разделу 6 Отмостка"]
["Итого прямые затраты по смете в текущих ценах",null,null,null,null,null,null,null,null,null,null,4768197.6500000004,1050902.44,105067.79,102293.28,null,null,null,null,null,null,null,null,null,null,null,null,null,null,null,null,null,null,null,null,null,null,null,null,null,null,null,null,null,null,null,null,null,null,null,null,null,null,null,null,null,null,null,null,null,null,null,null,null,null,null,null,null,null,null,null,"Итого прямые затраты по смете в текущих ценах"]
["Накладные расходы",null,null,null,null,null,null,null,null,null,null,1267784.54,null,null,null,null,null,null,null,null,null,null,null,null,null,null,null,null,null,null,null,null,null,null,null,null,null,null,null,null,null,null,null,null,null,null,null,null,null,null,null,null,null,null,null,null,null,null,null,null,null,null,null,null,null,null,null,null,null,null,null,"Накладные расходы"]
["     В том числе, справочно:",null,null,null,null,null,null,null,null,null,null,null,null,null,null,null,null,null,null,null,null,null,null,null,null,null,null,null,null,null,null,null,null,null,null,null,null,null,null,null,null,null,null,null,null,null,null,null,null,null,null,null,null,null,null,null,null,null,null,null,null,null,null,null,null,null,null,null,null,null,null,null,"     В том числе, справочно:"]
["      90% ФОТ (от 1016) (Поз. 19, 2)",null,null,null,null,null,null,null,null,null,null,914.4,null,null,null,null,null,null,null,null,null,null,null,null,null,null,null,null,null,null,null,null,null,null,null,null,null,null,null,null,null,null,null,null,null,null,null,null,null,null,null,null,null,null,null,null,null,null,null,null,null,null,null,null,null,null,null,null,null,null,null,null,"      90% ФОТ (от 1016) (Поз. 19, 2)"]
["      93% ФОТ (от 86340,25) (Поз. 14, 16, 18)",null,null,null,null,null,null,null,null,null,null,80296.429999999993,null,null,null,null,null,null,null,null,null,null,null,null,null,null,null,null,null,null,null,null,null,null,null,null,null,null,null,null,null,null,null,null,null,null,null,null,null,null,null,null,null,null,null,null,null,null,null,null,null,null,null,null,null,null,null,null,null,null,null,null,"      93% ФОТ (от 86340,25) (Поз. 14, 16, 18)"]
["      94% ФОТ (от 34720,23) (Поз. 3, 5-6, 20)",null,null,null,null,null,null,null,null,null,null,32637.02,null,null,null,null,null,null,null,null,null,null,null,null,null,null,null,null,null,null,null,null,null,null,null,null,null,null,null,null,null,null,null,null,null,null,null,null,null,null,null,null,null,null,null,null,null,null,null,null,null,null,null,null,null,null,null,null,null,null,null,null,"      94% ФОТ (от 34720,23) (Поз. 3, 5-6, 20)"]
["      102% ФОТ (от 152992,33) (Поз. 31-32, 34, 36-37)",null,null,null,null,null,null,null,null,null,null,156052.18,null,null,null,null,null,null,null,null,null,null,null,null,null,null,null,null,null,null,null,null,null,null,null,null,null,null,null,null,null,null,null,null,null,null,null,null,null,null,null,null,null,null,null,null,null,null,null,null,null,null,null,null,null,null,null,null,null,null,null,null,"      102% ФОТ (от 152992,33) (Поз. 31-32, 34, 36-37)"]
["      109% ФОТ (от 45091,48) (Поз. 7, 9, 4, 12)",null,null,null,null,null,null,null,null,null,null,49149.71,null,null,null,null,null,null,null,null,null,null,null,null,null,null,null,null,null,null,null,null,null,null,null,null,null,null,null,null,null,null,null,null,null,null,null,null,null,null,null,null,null,null,null,null,null,null,null,null,null,null,null,null,null,null,null,null,null,null,null,null,"      109% ФОТ (от 45091,48) (Поз. 7, 9, 4, 12)"]
["      112% ФОТ (от 788077,95) (Поз. 21-22, 24, 1, 39-40)",null,null,null,null,null,null,null,null,null,null,882647.3,null,null,null,null,null,null,null,null,null,null,null,null,null,null,null,null,null,null,null,null,null,null,null,null,null,null,null,null,null,null,null,null,null,null,null,null,null,null,null,null,null,null,null,null,null,null,null,null,null,null,null,null,null,null,null,null,null,null,null,null,"      112% ФОТ (от 788077,95) (Поз. 21-22, 24, 1, 39-40)"]
["      147% ФОТ (от 44957,48) (Поз. 27, 26, 29, 41)",null,null,null,null,null,null,null,null,null,null,66087.5,null,null,null,null,null,null,null,null,null,null,null,null,null,null,null,null,null,null,null,null,null,null,null,null,null,null,null,null,null,null,null,null,null,null,null,null,null,null,null,null,null,null,null,null,null,null,null,null,null,null,null,null,null,null,null,null,null,null,null,null,"      147% ФОТ (от 44957,48) (Поз. 27, 26, 29, 41)"]
["Сметная прибыль",null,null,null,null,null,null,null,null,null,null,758637.02,null,null,null,null,null,null,null,null,null,null,null,null,null,null,null,null,null,null,null,null,null,null,null,null,null,null,null,null,null,null,null,null,null,null,null,null,null,null,null,null,null,null,null,null,null,null,null,null,null,null,null,null,null,null,null,null,null,null,null,"Сметная прибыль"]
["     В том числе, справочно:",null,null,null,null,null,null,null,null,null,null,null,null,null,null,null,null,null,null,null,null,null,null,null,null,null,null,null,null,null,null,null,null,null,null,null,null,null,null,null,null,null,null,null,null,null,null,null,null,null,null,null,null,null,null,null,null,null,null,null,null,null,null,null,null,null,null,null,null,null,null,null,"     В том числе, справочно:"]
["      46% ФОТ (от 1016) (Поз. 19, 2)",null,null,null,null,null,null,null,null,null,null,467.36,null,null,null,null,null,null,null,null,null,null,null,null,null,null,null,null,null,null,null,null,null,null,null,null,null,null,null,null,null,null,null,null,null,null,null,null,null,null,null,null,null,null,null,null,null,null,null,null,null,null,null,null,null,null,null,null,null,null,null,null,"      46% ФОТ (от 1016) (Поз. 19, 2)"]
["      51% ФОТ (от 34720,23) (Поз. 3, 5-6, 20)",null,null,null,null,null,null,null,null,null,null,17707.32,null,null,null,null,null,null,null,null,null,null,null,null,null,null,null,null,null,null,null,null,null,null,null,null,null,null,null,null,null,null,null,null,null,null,null,null,null,null,null,null,null,null,null,null,null,null,null,null,null,null,null,null,null,null,null,null,null,null,null,null,"      51% ФОТ (от 34720,23) (Поз. 3, 5-6, 20)"]
["      57% ФОТ (от 45091,48) (Поз. 7, 9, 4, 12)",null,null,null,null,null,null,null,null,null,null,25702.14,null,null,null,null,null,null,null,null,null,null,null,null,null,null,null,null,null,null,null,null,null,null,null,null,null,null,null,null,null,null,null,null,null,null,null,null,null,null,null,null,null,null,null,null,null,null,null,null,null,null,null,null,null,null,null,null,null,null,null,null,"      57% ФОТ (от 45091,48) (Поз. 7, 9, 4, 12)"]
["      58% ФОТ (от 152992,33) (Поз. 31-32, 34, 36-37)",null,null,null,null,null,null,null,null,null,null,88735.55,null,null,null,null,null,null,null,null,null,null,null,null,null,null,null,null,null,null,null,null,null,null,null,null,null,null,null,null,null,null,null,null,null,null,null,null,null,null,null,null,null,null,null,null,null,null,null,null,null,null,null,null,null,null,null,null,null,null,null,null,"      58% ФОТ (от 152992,33) (Поз. 31-32, 34, 36-37)"]
["      62% ФОТ (от 86340,25) (Поз. 14, 16, 18)",null,null,null,null,null,null,null,null,null,null,53530.96,null,null,null,null,null,null,null,null,null,null,null,null,null,null,null,null,null,null,null,null,null,null,null,null,null,null,null,null,null,null,null,null,null,null,null,null,null,null,null,null,null,null,null,null,null,null,null,null,null,null,null,null,null,null,null,null,null,null,null,null,"      62% ФОТ (от 86340,25) (Поз. 14, 16, 18)"]
["      65% ФОТ (от 788077,95) (Поз. 21-22, 24, 1, 39-40)",null,null,null,null,null,null,null,null,null,null,512250.67,null,null,null,null,null,null,null,null,null,null,null,null,null,null,null,null,null,null,null,null,null,null,null,null,null,null,null,null,null,null,null,null,null,null,null,null,null,null,null,null,null,null,null,null,null,null,null,null,null,null,null,null,null,null,null,null,null,null,null,null,"      65% ФОТ (от 788077,95) (Поз. 21-22, 24, 1, 39-40)"]
["      134% ФОТ (от 44957,48) (Поз. 27, 26, 29, 41)",null,null,null,null,null,null,null,null,null,null,60243.02,null,null,null,null,null,null,null,null,null,null,null,null,null,null,null,null,null,null,null,null,null,null,null,null,null,null,null,null,null,null,null,null,null,null,null,null,null,null,null,null,null,null,null,null,null,null,null,null,null,null,null,null,null,null,null,null,null,null,null,null,"      134% ФОТ (от 44957,48) (Поз. 27, 26, 29, 41)"]
["Итоги по смете:",null,null,null,null,null,null,null,null,null,null,null,null,null,null,null,null,null,null,null,null,null,null,null,null,null,null,null,null,null,null,null,null,null,null,null,null,null,null,null,null,null,null,null,null,null,null,null,null,null,null,null,null,null,null,null,null,null,null,null,null,null,null,null,null,null,null,null,null,null,null,"Итоги по смете:"]
["     Итоги по Строительным работам",null,null,null,null,null,null,null,null,null,null,null,null,null,null,null,null,null,null,null,null,null,null,null,null,null,null,null,null,null,null,null,null,null,null,null,null,null,null,null,null,null,null,null,null,null,null,null,null,null,null,null,null,null,null,null,null,null,null,null,null,null,null,null,null,null,null,null,null,null,null,null,"     Итоги по Строительным работам"]
["          Кровли:",null,null,null,null,null,null,null,null,null,null,null,null,null,null,null,null,null,null,null,null,null,null,null,null,null,null,null,null,null,null,null,null,null,null,null,null,null,null,null,null,null,null,null,null,null,null,null,null,null,null,null,null,null,null,null,null,null,null,null,null,null,null,null,null,null,null,null,null,null,null,null,"          Кровли:"]
["               Итого Поз. 7, 9, 4, 12",null,null,null,null,null,null,null,null,null,null,65293.440000000002,44865.95,970.45,225.53,null,null,null,null,null,null,null,null,null,null,null,null,null,null,null,null,null,null,null,null,null,null,null,null,null,null,null,null,null,null,null,null,null,null,null,null,null,null,null,null,null,null,null,null,null,null,null,null,null,null,null,null,null,null,null,null,null,"               Итого Поз. 7, 9, 4, 12"]
["               Накладные расходы 109% ФОТ (от 45 091,48)",null,null,null,null,null,null,null,null,null,null,49149.71,null,null,null,null,null,null,null,null,null,null,null,null,null,null,null,null,null,null,null,null,null,null,null,null,null,null,null,null,null,null,null,null,null,null,null,null,null,null,null,null,null,null,null,null,null,null,null,null,null,null,null,null,null,null,null,null,null,null,null,null,"               Накладные расходы 109% ФОТ (от 45 091,48)"]
["               Сметная прибыль 57% ФОТ (от 45 091,48)",null,null,null,null,null,null,null,null,null,null,25702.14,null,null,null,null,null,null,null,null,null,null,null,null,null,null,null,null,null,null,null,null,null,null,null,null,null,null,null,null,null,null,null,null,null,null,null,null,null,null,null,null,null,null,null,null,null,null,null,null,null,null,null,null,null,null,null,null,null,null,null,null,"               Сметная прибыль 57% ФОТ (от 45 091,48)"]
["               Итого c накладными и см. прибылью",null,null,null,null,null,null,null,null,null,null,140145.29,null,null,null,null,null,null,null,null,null,null,null,null,null,null,null,null,null,null,null,null,null,null,null,null,null,null,null,null,null,null,null,null,null,null,null,null,null,null,null,null,null,null,null,null,null,null,null,null,null,null,null,null,null,null,null,null,null,null,null,null,"               Итого c накладными и см. прибылью"]
["          Материалы для строительных работ:",null,null,null,null,null,null,null,null,null,null,null,null,null,null,null,null,null,null,null,null,null,null,null,null,null,null,null,null,null,null,null,null,null,null,null,null,null,null,null,null,null,null,null,null,null,null,null,null,null,null,null,null,null,null,null,null,null,null,null,null,null,null,null,null,null,null,null,null,null,null,null,"          Материалы для строительных работ:"]
["               Итого Поз. 8, 10-11, 13, 15, 17, 23, 30, 33, 35, 38, 42",null,null,null,null,null,null,null,null,null,null,740769.38,null,null,null,null,null,null,null,null,null,null,null,null,null,null,null,null,null,null,null,null,null,null,null,null,null,null,null,null,null,null,null,null,null,null,null,null,null,null,null,null,null,null,null,null,null,null,null,null,null,null,null,null,null,null,null,null,null,null,null,null,"               Итого Поз. 8, 10-11, 13, 15, 17, 23, 30, 33, 35, 38, 42"]
["          Строительные металлические конструкции:",null,null,null,null,null,null,null,null,null,null,null,null,null,null,null,null,null,null,null,null,null,null,null,null,null,null,null,null,null,null,null,null,null,null,null,null,null,null,null,null,null,null,null,null,null,null,null,null,null,null,null,null,null,null,null,null,null,null,null,null,null,null,null,null,null,null,null,null,null,null,null,"          Строительные металлические конструкции:"]
["               Итого Поз. 14, 16, 18",null,null,null,null,null,null,null,null,null,null,114368.36,80921.03,27645.279999999999,5419.22,null,null,null,null,null,null,null,null,null,null,null,null,null,null,null,null,null,null,null,null,null,null,null,null,null,null,null,null,null,null,null,null,null,null,null,null,null,null,null,null,null,null,null,null,null,null,null,null,null,null,null,null,null,null,null,null,null,"               Итого Поз. 14, 16, 18"]
["               Накладные расходы 93% ФОТ (от 86 340,25)",null,null,null,null,null,null,null,null,null,null,80296.429999999993,null,null,null,null,null,null,null,null,null,null,null,null,null,null,null,null,null,null,null,null,null,null,null,null,null,null,null,null,null,null,null,null,null,null,null,null,null,null,null,null,null,null,null,null,null,null,null,null,null,null,null,null,null,null,null,null,null,null,null,null,"               Накладные расходы 93% ФОТ (от 86 340,25)"]
["               Сметная прибыль 62% ФОТ (от 86 340,25)",null,null,null,null,null,null,null,null,null,null,53530.96,null,null,null,null,null,null,null,null,null,null,null,null,null,null,null,null,null,null,null,null,null,null,null,null,null,null,null,null,null,null,null,null,null,null,null,null,null,null,null,null,null,null,null,null,null,null,null,null,null,null,null,null,null,null,null,null,null,null,null,null,"               Сметная прибыль 62% ФОТ (от 86 340,25)"]
["               Итого c накладными и см. прибылью",null,null,null,null,null,null,null,null,null,null,248195.75,null,null,null,null,null,null,null,null,null,null,null,null,null,null,null,null,null,null,null,null,null,null,null,null,null,null,null,null,null,null,null,null,null,null,null,null,null,null,null,null,null,null,null,null,null,null,null,null,null,null,null,null,null,null,null,null,null,null,null,null,"               Итого c накладными и см. прибылью"]
["          Полы:",null,null,null,null,null,null,null,null,null,null,null,null,null,null,null,null,null,null,null,null,null,null,null,null,null,null,null,null,null,null,null,null,null,null,null,null,null,null,null,null,null,null,null,null,null,null,null,null,null,null,null,null,null,null,null,null,null,null,null,null,null,null,null,null,null,null,null,null,null,null,null,"          Полы:"]
["               Итого Поз. 21-22, 24, 1, 39-40",null,null,null,null,null,null,null,null,null,null,2517559.6,695978.02,63176.62,92099.93,null,null,null,null,null,null,null,null,null,null,null,null,null,null,null,null,null,null,null,null,null,null,null,null,null,null,null,null,null,null,null,null,null,null,null,null,null,null,null,null,null,null,null,null,null,null,null,null,null,null,null,null,null,null,null,null,null,"               Итого Поз. 21-22, 24, 1, 39-40"]
["               Накладные расходы 112% ФОТ (от 788 077,95)",null,null,null,null,null,null,null,null,null,null,882647.3,null,null,null,null,null,null,null,null,null,null,null,null,null,null,null,null,null,null,null,null,null,null,null,null,null,null,null,null,null,null,null,null,null,null,null,null,null,null,null,null,null,null,null,null,null,null,null,null,null,null,null,null,null,null,null,null,null,null,null,null,"               Накладные расходы 112% ФОТ (от 788 077,95)"]
["               Сметная прибыль 65% ФОТ (от 788 077,95)",null,null,null,null,null,null,null,null,null,null,512250.67,null,null,null,null,null,null,null,null,null,null,null,null,null,null,null,null,null,null,null,null,null,null,null,null,null,null,null,null,null,null,null,null,null,null,null,null,null,null,null,null,null,null,null,null,null,null,null,null,null,null,null,null,null,null,null,null,null,null,null,null,"               Сметная прибыль 65% ФОТ (от 788 077,95)"]
["               Итого c накладными и см. прибылью",null,null,null,null,null,null,null,null,null,null,3912457.57,null,null,null,null,null,null,null,null,null,null,null,null,null,null,null,null,null,null,null,null,null,null,null,null,null,null,null,null,null,null,null,null,null,null,null,null,null,null,null,null,null,null,null,null,null,null,null,null,null,null,null,null,null,null,null,null,null,null,null,null,"               Итого c накладными и см. прибылью"]
["          Защита строительных конструкций и оборудования от коррозии:",null,null,null,null,null,null,null,null,null,null,null,null,null,null,null,null,null,null,null,null,null,null,null,null,null,null,null,null,null,null,null,null,null,null,null,null,null,null,null,null,null,null,null,null,null,null,null,null,null,null,null,null,null,null,null,null,null,null,null,null,null,null,null,null,null,null,null,null,null,null,null,"          Защита строительных конструкций и оборудования от коррозии:"]
["               Итого Поз. 3, 5-6, 20",null,null,null,null,null,null,null,null,null,null,43689.41,34713.29,327.45,6.94,null,null,null,null,null,null,null,null,null,null,null,null,null,null,null,null,null,null,null,null,null,null,null,null,null,null,null,null,null,null,null,null,null,null,null,null,null,null,null,null,null,null,null,null,null,null,null,null,null,null,null,null,null,null,null,null,null,"               Итого Поз. 3, 5-6, 20"]
["               Накладные расходы 94% ФОТ (от 34 720,23)",null,null,null,null,null,null,null,null,null,null,32637.02,null,null,null,null,null,null,null,null,null,null,null,null,null,null,null,null,null,null,null,null,null,null,null,null,null,null,null,null,null,null,null,null,null,null,null,null,null,null,null,null,null,null,null,null,null,null,null,null,null,null,null,null,null,null,null,null,null,null,null,null,"               Накладные расходы 94% ФОТ (от 34 720,23)"]
["               Сметная прибыль 51% ФОТ (от 34 720,23)",null,null,null,null,null,null,null,null,null,null,17707.32,null,null,null,null,null,null,null,null,null,null,null,null,null,null,null,null,null,null,null,null,null,null,null,null,null,null,null,null,null,null,null,null,null,null,null,null,null,null,null,null,null,null,null,null,null,null,null,null,null,null,null,null,null,null,null,null,null,null,null,null,"               Сметная прибыль 51% ФОТ (от 34 720,23)"]
["               Итого c накладными и см. прибылью",null,null,null,null,null,null,null,null,null,null,94033.75,null,null,null,null,null,null,null,null,null,null,null,null,null,null,null,null,null,null,null,null,null,null,null,null,null,null,null,null,null,null,null,null,null,null,null,null,null,null,null,null,null,null,null,null,null,null,null,null,null,null,null,null,null,null,null,null,null,null,null,null,"               Итого c накладными и см. прибылью"]
["          Автомобильные дороги:",null,null,null,null,null,null,null,null,null,null,null,null,null,null,null,null,null,null,null,null,null,null,null,null,null,null,null,null,null,null,null,null,null,null,null,null,null,null,null,null,null,null,null,null,null,null,null,null,null,null,null,null,null,null,null,null,null,null,null,null,null,null,null,null,null,null,null,null,null,null,null,"          Автомобильные дороги:"]
["               Итого Поз. 27, 26, 29, 41",null,null,null,null,null,null,null,null,null,null,114358.29,41403.72,9872.74,3553.76,null,null,null,null,null,null,null,null,null,null,null,null,null,null,null,null,null,null,null,null,null,null,null,null,null,null,null,null,null,null,null,null,null,null,null,null,null,null,null,null,null,null,null,null,null,null,null,null,null,null,null,null,null,null,null,null,null,"               Итого Поз. 27, 26, 29, 41"]
["               Накладные расходы 147% ФОТ (от 44 957,48)",null,null,null,null,null,null,null,null,null,null,66087.5,null,null,null,null,null,null,null,null,null,null,null,null,null,null,null,null,null,null,null,null,null,null,null,null,null,null,null,null,null,null,null,null,null,null,null,null,null,null,null,null,null,null,null,null,null,null,null,null,null,null,null,null,null,null,null,null,null,null,null,null,"               Накладные расходы 147% ФОТ (от 44 957,48)"]
["               Сметная прибыль 134% ФОТ (от 44 957,48)",null,null,null,null,null,null,null,null,null,null,60243.02,null,null,null,null,null,null,null,null,null,null,null,null,null,null,null,null,null,null,null,null,null,null,null,null,null,null,null,null,null,null,null,null,null,null,null,null,null,null,null,null,null,null,null,null,null,null,null,null,null,null,null,null,null,null,null,null,null,null,null,null,"               Сметная прибыль 134% ФОТ (от 44 957,48)"]
["               Итого c накладными и см. прибылью",null,null,null,null,null,null,null,null,null,null,240688.81,null,null,null,null,null,null,null,null,null,null,null,null,null,null,null,null,null,null,null,null,null,null,null,null,null,null,null,null,null,null,null,null,null,null,null,null,null,null,null,null,null,null,null,null,null,null,null,null,null,null,null,null,null,null,null,null,null,null,null,null,"               Итого c накладными и см. прибылью"]
["          Бетонные и железобетонные монолитные конструкции и работы в строительстве:",null,null,null,null,null,null,null,null,null,null,null,null,null,null,null,null,null,null,null,null,null,null,null,null,null,null,null,null,null,null,null,null,null,null,null,null,null,null,null,null,null,null,null,null,null,null,null,null,null,null,null,null,null,null,null,null,null,null,null,null,null,null,null,null,null,null,null,null,null,null,null,"          Бетонные и железобетонные монолитные конструкции и работы в строительстве:"]
["               Итого Поз. 31-32, 34, 36-37",null,null,null,null,null,null,null,null,null,null,165054.96,152381.92000000001,2037.62,610.41,null,null,null,null,null,null,null,null,null,null,null,null,null,null,null,null,null,null,null,null,null,null,null,null,null,null,null,null,null,null,null,null,null,null,null,null,null,null,null,null,null,null,null,null,null,null,null,null,null,null,null,null,null,null,null,null,null,"               Итого Поз. 31-32, 34, 36-37"]
["               Накладные расходы 102% ФОТ (от 152 992,33)",null,null,null,null,null,null,null,null,null,null,156052.18,null,null,null,null,null,null,null,null,null,null,null,null,null,null,null,null,null,null,null,null,null,null,null,null,null,null,null,null,null,null,null,null,null,null,null,null,null,null,null,null,null,null,null,null,null,null,null,null,null,null,null,null,null,null,null,null,null,null,null,null,"               Накладные расходы 102% ФОТ (от 152 992,33)"]
["               Сметная прибыль 58% ФОТ (от 152 992,33)",null,null,null,null,null,null,null,null,null,null,88735.55,null,null,null,null,null,null,null,null,null,null,null,null,null,null,null,null,null,null,null,null,null,null,null,null,null,null,null,null,null,null,null,null,null,null,null,null,null,null,null,null,null,null,null,null,null,null,null,null,null,null,null,null,null,null,null,null,null,null,null,null,"               Сметная прибыль 58% ФОТ (от 152 992,33)"]
["               Итого c накладными и см. прибылью",null,null,null,null,null,null,null,null,null,null,409842.69,null,null,null,null,null,null,null,null,null,null,null,null,null,null,null,null,null,null,null,null,null,null,null,null,null,null,null,null,null,null,null,null,null,null,null,null,null,null,null,null,null,null,null,null,null,null,null,null,null,null,null,null,null,null,null,null,null,null,null,null,"               Итого c накладными и см. прибылью"]
["          Итого",null,null,null,null,null,null,null,null,null,null,5786133.2400000002,null,null,null,null,null,null,null,null,null,null,null,null,null,null,null,null,null,null,null,null,null,null,null,null,null,null,null,null,null,null,null,null,null,null,null,null,null,null,null,null,null,null,null,null,null,null,null,null,null,null,null,null,null,null,null,null,null,null,null,null,"          Итого"]
["     Итоги по Монтажным работам",null,null,null,null,null,null,null,null,null,null,null,null,null,null,null,null,null,null,null,null,null,null,null,null,null,null,null,null,null,null,null,null,null,null,null,null,null,null,null,null,null,null,null,null,null,null,null,null,null,null,null,null,null,null,null,null,null,null,null,null,null,null,null,null,null,null,null,null,null,null,null,"     Итоги по Монтажным работам"]
["          Приборы, средства автоматизации и вычислительной техники:",null,null,null,null,null,null,null,null,null,null,null,null,null,null,null,null,null,null,null,null,null,null,null,null,null,null,null,null,null,null,null,null,null,null,null,null,null,null,null,null,null,null,null,null,null,null,null,null,null,null,null,null,null,null,null,null,null,null,null,null,null,null,null,null,null,null,null,null,null,null,null,"          Приборы, средства автоматизации и вычислительной техники:"]
["               Итого Поз. 19, 2",null,null,null,null,null,null,null,null,null,null,1007104.21,638.51,1037.6300000000001,377.49,null,null,null,null,null,null,null,null,null,null,null,null,null,null,null,null,null,null,null,null,null,null,null,null,null,null,null,null,null,null,null,null,null,null,null,null,null,null,null,null,null,null,null,null,null,null,null,null,null,null,null,null,null,null,null,null,null,"               Итого Поз. 19, 2"]
["               Накладные расходы 90% ФОТ (от 1 016,00)",null,null,null,null,null,null,null,null,null,null,914.4,null,null,null,null,null,null,null,null,null,null,null,null,null,null,null,null,null,null,null,null,null,null,null,null,null,null,null,null,null,null,null,null,null,null,null,null,null,null,null,null,null,null,null,null,null,null,null,null,null,null,null,null,null,null,null,null,null,null,null,null,"               Накладные расходы 90% ФОТ (от 1 016,00)"]
["               Сметная прибыль 46% ФОТ (от 1 016,00)",null,null,null,null,null,null,null,null,null,null,467.36,null,null,null,null,null,null,null,null,null,null,null,null,null,null,null,null,null,null,null,null,null,null,null,null,null,null,null,null,null,null,null,null,null,null,null,null,null,null,null,null,null,null,null,null,null,null,null,null,null,null,null,null,null,null,null,null,null,null,null,null,"               Сметная прибыль 46% ФОТ (от 1 016,00)"]
["               Итого c накладными и см. прибылью",null,null,null,null,null,null,null,null,null,null,1008485.97,null,null,null,null,null,null,null,null,null,null,null,null,null,null,null,null,null,null,null,null,null,null,null,null,null,null,null,null,null,null,null,null,null,null,null,null,null,null,null,null,null,null,null,null,null,null,null,null,null,null,null,null,null,null,null,null,null,null,null,null,"               Итого c накладными и см. прибылью"]
["          Итого",null,null,null,null,null,null,null,null,null,null,1008485.97,null,null,null,null,null,null,null,null,null,null,null,null,null,null,null,null,null,null,null,null,null,null,null,null,null,null,null,null,null,null,null,null,null,null,null,null,null,null,null,null,null,null,null,null,null,null,null,null,null,null,null,null,null,null,null,null,null,null,null,null,"          Итого"]
["     Итого",null,null,null,null,null,null,null,null,null,null,6794619.21,null,null,null,null,null,null,null,null,null,null,null,null,null,null,null,null,null,null,null,null,null,null,null,null,null,null,null,null,null,null,null,null,null,null,null,null,null,null,null,null,null,null,null,null,null,null,null,null,null,null,null,null,null,null,null,null,null,null,null,null,"     Итого"]
["          В том числе:",null,null,null,null,null,null,null,null,null,null,null,null,null,null,null,null,null,null,null,null,null,null,null,null,null,null,null,null,null,null,null,null,null,null,null,null,null,null,null,null,null,null,null,null,null,null,null,null,null,null,null,null,null,null,null,null,null,null,null,null,null,null,null,null,null,null,null,null,null,null,null,"          В том числе:"]
["            Основная заработная плата",null,null,null,null,null,null,null,null,null,null,1050902.44,null,null,null,null,null,null,null,null,null,null,null,null,null,null,null,null,null,null,null,null,null,null,null,null,null,null,null,null,null,null,null,null,null,null,null,null,null,null,null,null,null,null,null,null,null,null,null,null,null,null,null,null,null,null,null,null,null,null,null,null,"            Основная заработная плата"]
["            Материалы",null,null,null,null,null,null,null,null,null,null,3612227.42,null,null,null,null,null,null,null,null,null,null,null,null,null,null,null,null,null,null,null,null,null,null,null,null,null,null,null,null,null,null,null,null,null,null,null,null,null,null,null,null,null,null,null,null,null,null,null,null,null,null,null,null,null,null,null,null,null,null,null,null,"            Материалы"]
["            Машины и механизмы",null,null,null,null,null,null,null,null,null,null,105067.79,null,null,null,null,null,null,null,null,null,null,null,null,null,null,null,null,null,null,null,null,null,null,null,null,null,null,null,null,null,null,null,null,null,null,null,null,null,null,null,null,null,null,null,null,null,null,null,null,null,null,null,null,null,null,null,null,null,null,null,null,"            Машины и механизмы"]
["                в том числе заработная плата машинистов",null,null,null,null,null,null,null,null,null,null,102293.28,null,null,null,null,null,null,null,null,null,null,null,null,null,null,null,null,null,null,null,null,null,null,null,null,null,null,null,null,null,null,null,null,null,null,null,null,null,null,null,null,null,null,null,null,null,null,null,null,null,null,null,null,null,null,null,null,null,null,null,null,"                в том числе заработная плата машинистов"]
["            Накладные расходы",null,null,null,null,null,null,null,null,null,null,1267784.54,null,null,null,null,null,null,null,null,null,null,null,null,null,null,null,null,null,null,null,null,null,null,null,null,null,null,null,null,null,null,null,null,null,null,null,null,null,null,null,null,null,null,null,null,null,null,null,null,null,null,null,null,null,null,null,null,null,null,null,null,"            Накладные расходы"]
["            Сметная прибыль",null,null,null,null,null,null,null,null,null,null,758637.02,null,null,null,null,null,null,null,null,null,null,null,null,null,null,null,null,null,null,null,null,null,null,null,null,null,null,null,null,null,null,null,null,null,null,null,null,null,null,null,null,null,null,null,null,null,null,null,null,null,null,null,null,null,null,null,null,null,null,null,null,"            Сметная прибыль"]
["     Временные здания и сооружения 5,2%",null,null,null,null,null,null,null,null,null,null,353320.2,null,null,null,null,null,null,null,null,null,null,null,null,null,null,null,null,null,null,null,null,null,null,null,null,null,null,null,null,null,null,null,null,null,null,null,null,null,null,null,null,null,null,null,null,null,null,null,null,null,null,null,null,null,null,null,null,null,null,null,null,"     Временные здания и сооружения 5,2%"]
["     Итого",null,null,null,null,null,null,null,null,null,null,7147939.4100000001,null,null,null,null,null,null,null,null,null,null,null,null,null,null,null,null,null,null,null,null,null,null,null,null,null,null,null,null,null,null,null,null,null,null,null,null,null,null,null,null,null,null,null,null,null,null,null,null,null,null,null,null,null,null,null,null,null,null,null,null,null,"     Итого"]
["     Производство работ в зимнее время 2,1%",null,null,null,null,null,null,null,null,null,null,150106.73000000001,null,null,null,null,null,null,null,null,null,null,null,null,null,null,null,null,null,null,null,null,null,null,null,null,null,null,null,null,null,null,null,null,null,null,null,null,null,null,null,null,null,null,null,null,null,null,null,null,null,null,null,null,null,null,null,null,null,null,null,null,"     Производство работ в зимнее время 2,1%"]
["     Вахтовый метод 3,5%",null,null,null,null,null,null,null,null,null,null,250177.88,null,null,null,null,null,null,null,null,null,null,null,null,null,null,null,null,null,null,null,null,null,null,null,null,null,null,null,null,null,null,null,null,null,null,null,null,null,null,null,null,null,null,null,null,null,null,null,null,null,null,null,null,null,null,null,null,null,null,null,null,"     Вахтовый метод 3,5%"]
["     Перевозка работников свыше 3 км 2,5%",null,null,null,null,null,null,null,null,null,null,178698.49,null,null,null,null,null,null,null,null,null,null,null,null,null,null,null,null,null,null,null,null,null,null,null,null,null,null,null,null,null,null,null,null,null,null,null,null,null,null,null,null,null,null,null,null,null,null,null,null,null,null,null,null,null,null,null,null,null,null,null,null,"     Перевозка работников свыше 3 км 2,5%"]
["     Перебазировка машин и механизмов 2%",null,null,null,null,null,null,null,null,null,null,142958.79,null,null,null,null,null,null,null,null,null,null,null,null,null,null,null,null,null,null,null,null,null,null,null,null,null,null,null,null,null,null,null,null,null,null,null,null,null,null,null,null,null,null,null,null,null,null,null,null,null,null,null,null,null,null,null,null,null,null,null,null,"     Перебазировка машин и механизмов 2%"]
["     Итого",null,null,null,null,null,null,null,null,null,null,7869881.2999999998,null,null,null,null,null,null,null,null,null,null,null,null,null,null,null,null,null,null,null,null,null,null,null,null,null,null,null,null,null,null,null,null,null,null,null,null,null,null,null,null,null,null,null,null,null,null,null,null,null,null,null,null,null,null,null,null,null,null,null,null,null,"     Итого"]
["     Непредвиденные затраты 3%",null,null,null,null,null,null,null,null,null,null,236096.44,null,null,null,null,null,null,null,null,null,null,null,null,null,null,null,null,null,null,null,null,null,null,null,null,null,null,null,null,null,null,null,null,null,null,null,null,null,null,null,null,null,null,null,null,null,null,null,null,null,null,null,null,null,null,null,null,null,null,null,null,"     Непредвиденные затраты 3%"]
["     Итого с непредвиденными",null,null,null,null,null,null,null,null,null,null,8105977.7400000002,null,null,null,null,null,null,null,null,null,null,null,null,null,null,null,null,null,null,null,null,null,null,null,null,null,null,null,null,null,null,null,null,null,null,null,null,null,null,null,null,null,null,null,null,null,null,null,null,null,null,null,null,null,null,null,null,null,null,null,null,null,"     Итого с непредвиденными"]
["     НДС 20%",null,null,null,null,null,null,null,null,null,null,1621195.55,null,null,null,null,null,null,null,null,null,null,null,null,null,null,null,null,null,null,null,null,null,null,null,null,null,null,null,null,null,null,null,null,null,null,null,null,null,null,null,null,null,null,null,null,null,null,null,null,null,null,null,null,null,null,null,null,null,null,null,null,"     НДС 20%"]
["  ВСЕГО по смете",null,null,null,null,null,null,null,null,null,null,9727173.2899999991,null,null,null,null,null,null,null,null,null,null,null,null,null,null,null,null,null,null,null,null,null,null,null,null,null,null,null,null,null,null,null,null,null,null,null,null,null,null,null,null,null,null,null,null,null,null,null,null,null,null,null,null,null,null,null,null,null,null,null,null,null,null,"  ВСЕГО по смете"]
[]
["Заказчик:  ____________________________ ООО \"ЕвроХим Терминал Усть-Луга\""]
["[должность, подпись (инициалы, фамилия)]"]